{"text_format":"3","workbook":"xlsx","n_sheets":1,"sheets":["Sheet1"],"read":"whole","date_system":"1900"}

{"sheet":"Sheet1","index":0,"n_rows":349,"n_cols":44,"rows_kept":349,"merged":[[0,0,0,1],[1,0,1,43]]}
["附件2"]
["新申报中成药公示清单"]
["序号","招采药品代码","药品名称","产品来源名称","剂型名称","规格名称","生产企业名称","包装","转换比","包装材质名称","最小使用单位名称","批准文号","第一省份","挂网药品1","包装价格1（元）","规格名称1","最小制剂价格1","包装数量1","第二省份","挂网药品2","包装价格2（元）","规格名称2","最小制剂价格2","包装数量2","第三省份","挂网药品3","包装价格3（元）","最小制剂价格3","材料附件1","材料附件2","材料附件3","规格名称3","包装数量3","日均使用费用","日均使用费用说明(说明附件材料)","最小日使用量","最大日使用量","申报企业名称","最小包装挂网申报价格（元）","同组最高日均费用（元）","最高日均费用*80%（元）","最高挂网价*80%（元）","最小制剂限价（元）","最小包装限价（元）"]
[1,"ZA17AAZ0155010105719","脂必妥片","国产","片剂","每片重0.35g","云南永安制药有限公司","每片重0.35g×36片/盒",36,"铝塑泡罩","片","国药准字Z20028011","河南省","ZA17AAZ0155010105719",11.88,"每片重0.35g",0.33,36,"河北省","ZA17AAZ0155010105719",28.42,"每片重0.35g",0.7894,36,"天津市","ZA17AAZ0155010105719",28.42,0.7894,"https://tps.ybj.hunan.gov.cn/tps-local/XMHXgroupYPCZ/M00/9D/AE/rBIBUGiRXdmAGJfTAAe6J-lS5Rw993.pdf","https://tps.ybj.hunan.gov.cn/tps-local/XMHXgroupYPCZ/M00/9D/B5/rBIBUGiRabaAJKVaAAf4KMLNfLo231.pdf","https://tps.ybj.hunan.gov.cn/tps-local/XMHXgroupYPCZ/M00/9D/B5/rBIBUGiRajaAew1IAAkl3u8vlKo302.pdf","每片重0.35g",36,1.98,"https://tps.ybj.hunan.gov.cn/tps-local/XMHXgroupYPCZ/M00/9D/B6/rBIBUGiRaqmAYKeYABXjvBKcTNo181.pdf",6,6,"云南永安制药有限公司",11.88,{"v":7.34833333333333,"d":"7.35"},{"v":5.87866666666667,"d":"5.88"},null,{"v":0.33,"d":"0.3300"},11.88]
[2,"ZA10DAB0400010201804","补脑安神片","国产","片剂","18片×2板","湖北广仁药业有限公司","18片×2板×36片/盒",36,"聚氯乙烯固体药用硬片/药用铝箔","片","国药准字Z42021164","天津市","ZA10DAB0400010201804",16.67,"18片×2板",0.4631,36,"山西省","ZA10DAB0400010201804",16.67,"18片×2板",0.4631,36,"山东省","ZA10DAB0400010201804",16.76,0.4656,"https://tps.ybj.hunan.gov.cn/tps-local/XMHXgroupYPCZ/M00/9E/71/rBIBUGiUTU2Ac21hAAEr3XUmSv4032.pdf","https://tps.ybj.hunan.gov.cn/tps-local/XMHXgroupYPCZ/M00/9E/71/rBIBUGiUTVuAcbsYAAFC3kZwhfU088.pdf","https://tps.ybj.hunan.gov.cn/tps-local/XMHXgroupYPCZ/M00/9E/71/rBIBUGiUTXeAKKJbAAGHKgXNrH4045.pdf","18片×2板",36,4.86,"https://tps.ybj.hunan.gov.cn/tps-local/XMHXgroupYPCZ/M00/9E/71/rBIBUGiUTJCAAhh4AAeWkQFja34390.jpg",9,12,"湖北广仁药业有限公司",16.67,11.13,{"v":8.904,"d":"8.90"},null,{"v":0.463055555555556,"d":"0.4631"},16.67]
[3,"ZH01AAF0560010100862","复方青黛片","国产","片剂","每片重0.54g","天津和治广平药业有限公司","每片重0.54g×24片/盒",24,"聚氯乙烯固体药用硬片/药用铝箔装","片","国药准字Z20150034","湖南省","ZH01AAF0560010100862",31,"每片重0.54g",1.2917,24,"内蒙古自治区","ZH01AAF0560010100862",31,"每片重0.54g",1.2917,24,"山东省","ZH01AAF0560010100862",31,1.2917,"https://tps.ybj.hunan.gov.cn/tps-local/XMHXgroupYPCZ/M00/9E/C0/rBIBUGiVpzuAC6ubAAKNQ5HJh-A006.pdf","https://tps.ybj.hunan.gov.cn/tps-local/XMHXgroupYPCZ/M00/9E/C0/rBIBUGiVp2eAO5h0AAJpstRTmWw199.pdf","https://tps.ybj.hunan.gov.cn/tps-local/XMHXgroupYPCZ/M00/9E/C0/rBIBUGiVp5aAfd8IAAOZSBDJQl8485.pdf","每片重0.54g",24,15.5,"https://tps.ybj.hunan.gov.cn/tps-local/XMHXgroupYPCZ/M00/9E/C0/rBIBUGiVptuAHYUxAAKQKjkTYqM820.pdf",12,12,"天津和治广平药业有限公司",31,{"$nulls":3},{"v":1.29166666666667,"d":"1.2917"},31]
[4,"ZA08BAQ0540010205667","秋泻灵合剂","国产","合剂","每瓶装10ml","云南龙发制药股份有限公司","每瓶装10ml×6瓶/盒",6,"玻璃瓶装","瓶","国药准字Z53021543","广西壮族自治区","ZA08BAQ0540010205667",59.8,"每瓶装10ml",9.9667,6,"黑龙江省","ZA08BAQ0540010205667",59.8,"每瓶装10ml",9.9667,6,"云南省","ZA08BAQ0540010205667",59.8,9.9667,"https://tps.ybj.hunan.gov.cn/tps-local/XMHXgroupYPCZ/M00/9E/CA/rBIBUGiVtS2Af6LcAAKaRD46DVk670.jpg","https://tps.ybj.hunan.gov.cn/tps-local/XMHXgroupYPCZ/M00/9E/CA/rBIBUGiVtW-AOy5RAAJ2CTTfGz8963.jpg","https://tps.ybj.hunan.gov.cn/tps-local/XMHXgroupYPCZ/M00/9E/CA/rBIBUGiVtaCAZwJ6AAJ9TB4iV1I053.jpg","每瓶装10ml",6,29.9,"https://tps.ybj.hunan.gov.cn/tps-local/XMHXgroupYPCZ/M00/9E/CA/rBIBUGiVtc6AXK07AANn05ezcN8137.jpg",2,4,"云南龙发制药股份有限公司",59.8,{"$nulls":3},{"v":9.96666666666667,"d":"9.9667"},59.8]
[5,"ZA07BAF0596010203425","复方麝香注射液","国产","注射液","每支装10ml","吉林省集安益盛药业股份有限公司","每支装10ml×1支",1,"低硼硅玻璃安瓿","支","国药准字Z20025454","吉林省","ZA07BAF0596010203425",34.71,"每支装10ml",34.71,1,"内蒙古自治区","ZA07BAF0596010203425",34.71,"每支装10ml",34.71,1,"四川省","ZA07BAF0596010203425",34.71,34.71,"https://tps.ybj.hunan.gov.cn/tps-local/XMHXgroupYPCZ/M00/9E/DC/rBIBUGiW9caAfRjnACFKUup4TBw061.jpg","https://tps.ybj.hunan.gov.cn/tps-local/XMHXgroupYPCZ/M00/9E/DC/rBIBUGiW9d6AYAv8AB8iZAlad9g780.jpg","https://tps.ybj.hunan.gov.cn/tps-local/XMHXgroupYPCZ/M00/9E/DC/rBIBUGiW9gGAefqSACtdc03kVxQ244.jpg","每支装10ml",1,52.07,"https://tps.ybj.hunan.gov.cn/tps-local/XMHXgroupYPCZ/M00/9E/DD/rBIBUGiW9iqAXqvWAAavDkyfeTs118.jpg",1,2,"吉林省集安益盛药业股份有限公司",34.71,{"v":126,"d":"126.00"},{"v":100.8,"d":"100.80"},null,{"v":34.71,"d":"34.7100"},34.71]
[6,"ZA09CCQ0124010103093","杞菊地黄丸","国产","丸剂(浓缩丸)","每8丸相当于原生药3g","河南时珍制药有限公司","每8丸相当于原生药3g×360丸/盒",360,"口服固体药用高密度聚乙烯瓶、电磁感应复合内垫","丸","国药准字Z41022278","黑龙江省","ZA09CCQ0124010103093",36.73,"每8丸相当于原生药3g",0.102,360,"重庆市","ZA09CCQ0124010103093",36.73,"每8丸相当于原生药3g",0.102,360,"江西省","ZA09CCQ0124010103093",36.73,0.102,"https://tps.ybj.hunan.gov.cn/tps-local/XMHXgroupYPCZ/M00/9C/B6/rBIBUGiMDK2AKq-0AAHbQRuHovE763.pdf","https://tps.ybj.hunan.gov.cn/tps-local/XMHXgroupYPCZ/M00/9C/B6/rBIBUGiMDLaAZlqRAAUrYT2Osu4229.pdf","https://tps.ybj.hunan.gov.cn/tps-local/XMHXgroupYPCZ/M00/9C/B6/rBIBUGiMDMmADvFwAAHNCzQ6nXE088.pdf","每8丸相当于原生药3g",360,2.45,"https://tps.ybj.hunan.gov.cn/tps-local/XMHXgroupYPCZ/M00/9C/B6/rBIBUGiMDQiASzLOAAxARtDGCXM376.pdf",24,24,"河南时珍制药有限公司",36.73,{"v":15.8333333333333,"d":"15.83"},{"v":12.6666666666667,"d":"12.67"},null,{"v":0.102027777777778,"d":"0.1020"},36.73]
[7,"ZA09CAL0264010303093","六味地黄丸","国产","丸剂(浓缩丸)","每8丸相当于原生药3g","河南时珍制药有限公司","每8丸相当于原生药3g×360丸/盒",360,"口服固体药用高密度聚乙烯瓶、电磁感应复合内垫。","丸","国药准字Z41022276","黑龙江省","ZA09CAL0264010303093",35.82,"每8丸相当于原生药3g",0.0995,360,"重庆市","ZA09CAL0264010303093",35.82,"每8丸相当于原生药3g",0.0995,360,"江西省","ZA09CAL0264010303093",35.82,0.0995,"https://tps.ybj.hunan.gov.cn/tps-local/XMHXgroupYPCZ/M00/9C/BA/rBIBUGiME7WAd9BKAAHbQRuHovE307.pdf","https://tps.ybj.hunan.gov.cn/tps-local/XMHXgroupYPCZ/M00/9C/BA/rBIBUGiME8KAA2wOAAUkpK8hbXo350.pdf","https://tps.ybj.hunan.gov.cn/tps-local/XMHXgroupYPCZ/M00/9C/BA/rBIBUGiME86AAv8nAAHNCzQ6nXE386.pdf","每8丸相当于原生药3g",360,2.39,"https://tps.ybj.hunan.gov.cn/tps-local/XMHXgroupYPCZ/M00/9C/BA/rBIBUGiMFFCARtaeAAy6GxqLtSA154.pdf",24,24,"河南时珍制药有限公司",35.82,{"v":16.1666666666667,"d":"16.17"},{"v":12.9333333333333,"d":"12.93"},null,0.0995,35.82]
[8,"ZA09CAM0044010103093","麦味地黄丸","国产","丸剂(浓缩丸)","每8丸相当于原生药3g","河南时珍制药有限公司","每8丸相当于原生药3g×360丸/盒",360,"口服固体药用高密度聚乙烯瓶、电磁感应复合内垫。","丸","国药准字Z41020509","黑龙江省","ZA09CAM0044010103093",70.99,"每8丸相当于原生药3g",0.1972,360,"重庆市","ZA09CAM0044010103093",70.99,"每8丸相当于原生药3g",0.1972,360,"江西省","ZA09CAM0044010103093",70.99,0.1972,"https://tps.ybj.hunan.gov.cn/tps-local/XMHXgroupYPCZ/M00/9C/BB/rBIBUGiMFQ6ACBghAAHbQRuHovE090.pdf","https://tps.ybj.hunan.gov.cn/tps-local/XMHXgroupYPCZ/M00/9C/BB/rBIBUGiMFRyANsAWAAVtZEDci3I024.pdf","https://tps.ybj.hunan.gov.cn/tps-local/XMHXgroupYPCZ/M00/9C/BB/rBIBUGiMFSaAEZWLAAHNCzQ6nXE757.pdf","每8丸相当于原生药3g",360,4.73,"https://tps.ybj.hunan.gov.cn/tps-local/XMHXgroupYPCZ/M00/9C/BB/rBIBUGiMFZGAPxQyAAz-cQw8OAY988.pdf",24,24,"河南时珍制药有限公司",70.99,12.45,9.96,null,{"v":0.197194444444444,"d":"0.1972"},70.99]
[9,"ZA09CAZ0151010103093","知柏地黄丸","国产","丸剂(浓缩丸)","每8丸相当于原生药3g","河南时珍制药有限公司","每8丸相当于原生药3g×360丸/盒",360,"口服固体药用高密度聚乙烯瓶、电磁感应复合内垫。","丸","国药准字Z41020510","黑龙江省","ZA09CAZ0151010103093",30.96,"每8丸相当于原生药3g",0.086,360,"重庆市","ZA09CAZ0151010103093",30.96,"每8丸相当于原生药3g",0.086,360,"江西省","ZA09CAZ0151010103093",30.96,0.086,"https://tps.ybj.hunan.gov.cn/tps-local/XMHXgroupYPCZ/M00/9C/BD/rBIBUGiMF0aATXIbAAHbQRuHovE917.pdf","https://tps.ybj.hunan.gov.cn/tps-local/XMHXgroupYPCZ/M00/9C/BD/rBIBUGiMF0yAB02SAAUtG2vpybs916.pdf","https://tps.ybj.hunan.gov.cn/tps-local/XMHXgroupYPCZ/M00/9C/BD/rBIBUGiMF1aAastvAAHNCzQ6nXE100.pdf","每8丸相当于原生药3g",360,2.06,"https://tps.ybj.hunan.gov.cn/tps-local/XMHXgroupYPCZ/M00/9C/BD/rBIBUGiMF4GAF2yjAA0GjZfsg1Y637.pdf",24,24,"河南时珍制药有限公司",30.96,{"v":8.53333333333333,"d":"8.53"},{"v":6.82666666666667,"d":"6.83"},null,{"v":0.086,"d":"0.0860"},30.96]
[10,"ZA04BAQ0442010105359","清热解毒颗粒","国产","颗粒剂","每袋装18g","湖南方盛制药股份有限公司","每袋装18g×6袋/盒",6,"复合膜","袋","国药准字Z36020170","北京市","ZA04BAQ0442010105359",59.4,"每袋装18g",9.9,6,"辽宁省","ZA04BAQ0442010105359",59.4,"每袋装18g",9.9,6,"海南省","ZA04BAQ0442010105359",59.4,9.9,"https://tps.ybj.hunan.gov.cn/tps-local/XMHXgroupYPCZ/M00/9C/B4/rBIBUGiMCFCAGTD1AAVgGweiXsg376.pdf","https://tps.ybj.hunan.gov.cn/tps-local/XMHXgroupYPCZ/M00/9C/B5/rBIBUGiMC6OAaHCsAAPlrt0a4rM506.pdf","https://tps.ybj.hunan.gov.cn/tps-local/XMHXgroupYPCZ/M00/9C/B5/rBIBUGiMC72AKT6JAAO3-oQjv9Q673.pdf","每袋装18g",6,29.7,"https://tps.ybj.hunan.gov.cn/tps-local/XMHXgroupYPCZ/M00/9C/B5/rBIBUGiMC-6ALax6AAclMAEOOPE753.pdf",3,3,"明顺医疗投资（深圳）有限公司",59.4,29.88,{"v":23.904,"d":"23.90"},null,{"v":7.968,"d":"7.9680"},47.81]
[11,"ZA14AAX0530030179305","小儿消食片","国产","片剂","每片重0.3克","华夏国药(菏泽)制药有限公司","每片重0.3克×54片/盒",54,"药用铝箔/聚氯乙烯固体药用硬片","片","国药准字Z20103057","安徽省","ZA14AAX0530030179305",33.9,"每片重0.3克",0.6278,54,"江西省","ZA14AAX0530030179305",33.9,"每片重0.3克",0.6278,54,"贵州省","ZA14AAX0530030179305",33.9,0.6278,"https://tps.ybj.hunan.gov.cn/tps-local/XMHXgroupYPCZ/M00/9C/B4/rBIBUGiMCkWATdDLAAQ7APkhtp8698.jpg","https://tps.ybj.hunan.gov.cn/tps-local/XMHXgroupYPCZ/M00/9C/B5/rBIBUGiMCmuARR7eAARxhuSJ5v8558.jpg","https://tps.ybj.hunan.gov.cn/tps-local/XMHXgroupYPCZ/M00/9C/B5/rBIBUGiMCoSAHtqrAAQ_BYbXKWs651.jpg","每片重0.3克",54,7.53,"https://tps.ybj.hunan.gov.cn/tps-local/XMHXgroupYPCZ/M00/9C/B5/rBIBUGiMCwOAeSuEAANGJyxy6Uw713.jpg",6,18,"华夏国药（菏泽）制药有限公司",33.9,{"v":6.6,"d":"6.60"},5.28,null,{"v":0.44,"d":"0.4400"},23.76]
[12,"ZC02AAW0362010100356","五参芪苓丸","国产","丸剂(水蜜丸)","每袋装8g","广东松下药业有限公司","每袋装8g×9袋/盒",9,"聚酯/铝/聚乙烯复合膜袋包装","袋","国药准字Z20090945","北京市","ZC02AAW0362010100356",2010,"每袋装8g",223.3333,9,"黑龙江省","ZC02AAW0362010100356",2010,"每袋装8g",223.3333,9,"江苏省","ZC02AAW0362010100356",2010,223.3333,"https://tps.ybj.hunan.gov.cn/tps-local/XMHXgroupYPCZ/M00/9C/E7/rBIBUGiMWtiANLOLAAM36_vKyL8880.pdf","https://tps.ybj.hunan.gov.cn/tps-local/XMHXgroupYPCZ/M00/9C/E8/rBIBUGiMWyaATPhKAAYqVwD3dpI258.pdf","https://tps.ybj.hunan.gov.cn/tps-local/XMHXgroupYPCZ/M00/9C/E8/rBIBUGiMW0-AP_UXABdBVBK2bp0523.pdf","每袋装8g",9,670,"https://tps.ybj.hunan.gov.cn/tps-local/XMHXgroupYPCZ/M00/9C/E8/rBIBUGiMW2eAXPhDAAieRXYH2kg760.pdf",3,3,"广东松下药业有限公司",2010,{"v":670,"d":"670.00"},{"v":536,"d":"536.00"},null,{"v":178.666666666667,"d":"178.6667"},1608]
[13,"ZA04BAQ0442020105359","清热解毒颗粒","国产","颗粒剂","每袋装18g","湖南方盛制药股份有限公司","每袋装18g×3袋/盒",3,"药用复合膜成袋包装","袋","国药准字Z36020170","广东省","ZA04BAQ0442020105359",29.7,"每袋装18g",9.9,3,"安徽省","ZA04BAQ0442020105359",29.7,"每袋装18g",9.9,3,"江西省","ZA04BAQ0442020105359",29.7,9.9,"https://tps.ybj.hunan.gov.cn/tps-local/XMHXgroupYPCZ/M00/9C/B6/rBIBUGiMDJ6ALXftAAPz6DZzDNY952.pdf","https://tps.ybj.hunan.gov.cn/tps-local/XMHXgroupYPCZ/M00/9C/B7/rBIBUGiMDw-AHmFNAANSxcjwxzs944.pdf","https://tps.ybj.hunan.gov.cn/tps-local/XMHXgroupYPCZ/M00/9C/B7/rBIBUGiMDxiADiECAAN4lOQDHGA789.pdf","每袋装18g",3,29.7,"https://tps.ybj.hunan.gov.cn/tps-local/XMHXgroupYPCZ/M00/9C/B7/rBIBUGiMDzSAEL7sAAclMAEOOPE949.pdf",3,3,"明顺医疗投资（深圳）有限公司",29.7,29.88,{"v":23.904,"d":"23.90"},null,{"v":7.968,"d":"7.9680"},23.9]
[14,"ZA04AAY0212020303053","一清颗粒","国产","颗粒剂","每袋装7.5克","河南明善堂药业有限公司","每袋装7.5克×14袋/盒",14,"药品包装用复合膜袋","袋","国药准字Z20063910","广西壮族自治区","ZA04AAY0212020303053",23.1,"每袋装7.5克",1.65,14,"江西省","ZA04AAY0212020303053",23.1,"每袋装7.5克",1.65,14,"广东省","ZA04AAY0212020303053",23.1,1.65,"https://tps.ybj.hunan.gov.cn/tps-local/XMHXgroupYPCZ/M00/9C/B6/rBIBUGiMDiyAWI01AALeEFmBxyc434.jpg","https://tps.ybj.hunan.gov.cn/tps-local/XMHXgroupYPCZ/M00/9C/B6/rBIBUGiMDqCALe1LAAbOZA5QPy4799.pdf","https://tps.ybj.hunan.gov.cn/tps-local/XMHXgroupYPCZ/M00/9C/B7/rBIBUGiMDtGAUPyCAAarfYYEjn4484.pdf","每袋装7.5克",14,5.78,"https://tps.ybj.hunan.gov.cn/tps-local/XMHXgroupYPCZ/M00/9C/B8/rBIBUGiMEK2AYRVzAAcDRYc30qA541.jpg",3,4,"河南明善堂药业有限公司",23.1,{"v":28.2916666666667,"d":"28.29"},{"v":22.6333333333333,"d":"22.63"},null,{"v":1.65,"d":"1.6500"},23.1]
[15,"ZD02BAK0174030104388","克痒舒洗液","国产","洗剂","每1ml相当于饮片0.20g,含薄荷脑1mg、度米芬1mg(150ml/瓶)","合肥华威药业有限公司","每1ml相当于饮片0.20g,含薄荷脑1mg、度米芬1mg(150ml/瓶)×1瓶/盒",1,"聚乙烯瓶","瓶","国药准字Z20020029","广西壮族自治区","ZD02BAK0174030104388",30.28,"每1ml相当于饮片0.20g,含薄荷脑1mg、度米芬1mg(150ml/瓶)",30.28,1,"贵州省","ZD02BAK0174030104388",30.28,"每1ml相当于饮片0.20g,含薄荷脑1mg、度米芬1mg(150ml/瓶)",30.28,1,"陕西省","ZD02BAK0174030104388",30.28,30.28,"https://tps.ybj.hunan.gov.cn/tps-local/XMHXgroupYPCZ/M00/9C/B6/rBIBUGiMDh6AfGdVAA3emj4E_Jg883.pdf","https://tps.ybj.hunan.gov.cn/tps-local/XMHXgroupYPCZ/M00/9C/B6/rBIBUGiMDjWAF0psAA2s8KJRzsw239.pdf","https://tps.ybj.hunan.gov.cn/tps-local/XMHXgroupYPCZ/M00/9C/B6/rBIBUGiMDlaAKdGDAA2vRPUzZsk261.pdf","每1ml相当于饮片0.20g,含薄荷脑1mg、度米芬1mg(150ml/瓶)",1,6.66,"https://tps.ybj.hunan.gov.cn/tps-local/XMHXgroupYPCZ/M00/9C/B7/rBIBUGiMDsyACit-ADCIyukKpLI832.pdf",0.22,0.22,"合肥华威药业有限公司",30.28,{"$nulls":3},{"v":30.28,"d":"30.2800"},30.28]
[16,"ZA04CAY0499020104134","银黄颗粒","国产","颗粒剂","每袋装4g","蓝耘智合生物科技有限责任公司","每袋装4g×8袋/盒",8,"复合膜","袋","国药准字Z37021097","重庆市","ZA04CAY0499020104134",20.61,"每袋装4g",2.5763,8,"黑龙江省","ZA04CAY0499020104134",20.61,"每袋装4g",2.5763,8,"广东省","ZA04CAY0499020104134",20.61,2.5763,"https://tps.ybj.hunan.gov.cn/tps-local/XMHXgroupYPCZ/M00/9C/B7/rBIBUGiMDuuAcdOeAAM2dZQtwCQ071.pdf","https://tps.ybj.hunan.gov.cn/tps-local/XMHXgroupYPCZ/M00/9C/B7/rBIBUGiMDvOAGUVbAAJsXmTu0XM463.pdf","https://tps.ybj.hunan.gov.cn/tps-local/XMHXgroupYPCZ/M00/9C/B7/rBIBUGiMDw6AEC_zAAiEPCnX2_k583.pdf","每袋装4g",8,7.73,"https://tps.ybj.hunan.gov.cn/tps-local/XMHXgroupYPCZ/M00/9C/B7/rBIBUGiMDyiAWmL3ABUCOxwE4rw945.pdf",2,4,"蓝耘智合生物科技有限责任公司",20.61,{"v":32.5,"d":"32.50"},{"v":26,"d":"26.00"},null,{"v":2.57625,"d":"2.5763"},20.61]
[17,"ZA05CAS0929020104134","四逆汤","国产","合剂","每支装10ml","蓝耘智合生物科技有限责任公司","每支装10ml×12支/盒",12,"钠钙玻璃管制口服液体瓶","支","国药准字Z37021256","重庆市","ZA05CAS0929020104134",117.6,"每支装10ml",9.8,12,"河北省","ZA05CAS0929020104134",117.6,"每支装10ml",9.8,12,"广西壮族自治区","ZA05CAS0929020104134",117.6,9.8,"https://tps.ybj.hunan.gov.cn/tps-local/XMHXgroupYPCZ/M00/9C/B6/rBIBUGiMDheAduNtAAOexKTEhKM090.jpg","https://tps.ybj.hunan.gov.cn/tps-local/XMHXgroupYPCZ/M00/9C/B6/rBIBUGiMDi-AEh6AAAG-X6IYD88231.jpg","https://tps.ybj.hunan.gov.cn/tps-local/XMHXgroupYPCZ/M00/9C/B6/rBIBUGiMDk2ALQzUAAHINtfLTzQ830.jpg","每支装10ml",12,44.1,"https://tps.ybj.hunan.gov.cn/tps-local/XMHXgroupYPCZ/M00/9C/B6/rBIBUGiMDmeAC9xWAAPcjVW-B7c665.pdf",3,6,"蓝耘智合生物科技有限责任公司",117.6,79.38,{"v":63.504,"d":"63.50"},null,{"v":9.8,"d":"9.8000"},117.6]
[18,"ZA04AAN0111010103328","牛黄解毒片","国产","片剂(糖衣片)","无(人工牛黄)","吉林真元制药有限公司","无(人工牛黄)×30片/盒",30,"铝塑包装","片","国药准字Z22024349","广西壮族自治区","ZA04AAN0111010103328",6,"无(人工牛黄)",0.2,30,"江西省","ZA04AAN0111010103328",6,"无(人工牛黄)",0.2,30,"贵州省","ZA04AAN0111010103328",6,0.2,"https://tps.ybj.hunan.gov.cn/tps-local/XMHXgroupYPCZ/M00/9C/BE/rBIBUGiMGGmAE2_AAAMHSWr4ESk726.jpg","https://tps.ybj.hunan.gov.cn/tps-local/XMHXgroupYPCZ/M00/9C/BD/rBIBUGiMF2KACnk6AAJm_M9QhqU923.jpg","https://tps.ybj.hunan.gov.cn/tps-local/XMHXgroupYPCZ/M00/9C/BD/rBIBUGiMF32AXDRsAAj1cGUsr_s923.jpg","无(人工牛黄)",30,1.5,"https://tps.ybj.hunan.gov.cn/tps-local/XMHXgroupYPCZ/M00/9C/BD/rBIBUGiMF-iAYOTWAARHYHA2EfA347.jpg",6,9,"吉林真元制药有限公司",6,{"v":14.551875,"d":"14.55"},{"v":11.6415,"d":"11.64"},null,{"v":0.2,"d":"0.2000"},6]
[19,"ZA04AAN0130010103328","牛黄上清片","国产","片剂(糖衣片)","无(人工牛黄)","吉林真元制药有限公司","无(人工牛黄)×24片/盒",24,"铝塑包装","片","国药准字Z22024350","广西壮族自治区","ZA04AAN0130010103328",12.5,"无(人工牛黄)",0.5208,24,"江西省","ZA04AAN0130010103328",12.5,"无(人工牛黄)",0.5208,24,"山东省","ZA04AAN0130010103328",12.5,0.5208,"https://tps.ybj.hunan.gov.cn/tps-local/XMHXgroupYPCZ/M00/9C/B8/rBIBUGiMEE2AMMnWAAL-eLd4ROQ441.jpg","https://tps.ybj.hunan.gov.cn/tps-local/XMHXgroupYPCZ/M00/9C/BB/rBIBUGiMFVeATdHEAAJpPcj1Tjs558.jpg","https://tps.ybj.hunan.gov.cn/tps-local/XMHXgroupYPCZ/M00/9C/B9/rBIBUGiMEgyAX3nUAAOjFxmdX9Q777.jpg","无(人工牛黄)",24,4.17,"https://tps.ybj.hunan.gov.cn/tps-local/XMHXgroupYPCZ/M00/9C/BA/rBIBUGiME1iAI-ipAAcmgJkPLUY580.jpg",8,8,"吉林真元制药有限公司",12.5,37.34,{"v":29.872,"d":"29.87"},null,{"v":0.520833333333333,"d":"0.5208"},12.5]
[20,"ZA06AAT0244020105291","通宣理肺颗粒","国产","颗粒剂","每袋装3克","江西海尔思药业股份有限公司","每袋装3克×10袋/盒",10,"聚酯/镀铝聚酯/聚乙烯药用复合膜","袋","国药准字Z20026273","上海市","ZA06AAT0244020105291",49,"每袋装3克",4.9,10,"黑龙江省","ZA06AAT0244020105291",49,"每袋装3克",4.9,10,"青海省","ZA06AAT0244020105291",49,4.9,"https://tps.ybj.hunan.gov.cn/tps-local/XMHXgroupYPCZ/M00/9C/B8/rBIBUGiMD86AT1PoAAMYQ7_HXQY303.jpg","https://tps.ybj.hunan.gov.cn/tps-local/XMHXgroupYPCZ/M00/9C/B8/rBIBUGiMD--AGMy-AAFOJf6Vee4219.jpg","https://tps.ybj.hunan.gov.cn/tps-local/XMHXgroupYPCZ/M00/9C/B8/rBIBUGiMD_WARbYjAAD-LMQ1DvQ110.jpg","每袋装3克",10,9.8,"https://tps.ybj.hunan.gov.cn/tps-local/XMHXgroupYPCZ/M00/9C/B8/rBIBUGiMERmAL9AoAATbuiIO5NU466.jpg",2,2,"江西海尔思药业股份有限公司",49,4.32,{"v":3.456,"d":"3.46"},null,{"v":1.728,"d":"1.7280"},17.28]
[21,"ZA09GAG0308020105898","固本丸","国产","丸剂(浓缩丸)","每12丸相当于总药材3g","兰州太宝制药有限公司","每12丸相当于总药材3g×96丸/盒",96,"铝塑泡罩包装","丸","国药准字Z62021255","辽宁省","ZA09GAG0308020105898",96.62,"每12丸相当于总药材3g",1.0065,96,"陕西省","ZA09GAG0308020105898",96.62,"每12丸相当于总药材3g",1.0065,96,"安徽省","ZA09GAG0308020105898",96.62,1.0065,"https://tps.ybj.hunan.gov.cn/tps-local/XMHXgroupYPCZ/M00/9C/BA/rBIBUGiME72AfHc-AAJVgE49c5U468.pdf","https://tps.ybj.hunan.gov.cn/tps-local/XMHXgroupYPCZ/M00/9C/BA/rBIBUGiME_GAZ4PtAAJt_QNcY9o816.pdf","https://tps.ybj.hunan.gov.cn/tps-local/XMHXgroupYPCZ/M00/9C/BA/rBIBUGiMFD6AT9MBAAJrYE2aY3c673.pdf","每12丸相当于总药材3g",96,33.21,"https://tps.ybj.hunan.gov.cn/tps-local/XMHXgroupYPCZ/M00/9C/BA/rBIBUGiMFIyAMDEdAAlA3dR3TrI528.jpg",30,36,"兰州太宝制药有限公司",96.62,{"v":33.213125,"d":"33.21"},{"v":26.5705,"d":"26.57"},null,{"v":0.805166666666667,"d":"0.8052"},77.3]
[22,"ZA09GAG0308020205898","固本丸","国产","丸剂(浓缩丸)","每12丸相当于总药材3g","兰州太宝制药有限公司","每12丸相当于总药材3g×288丸/盒",288,"铝塑泡罩包装","丸","国药准字Z62021255","陕西省","ZA09GAG0308020205898",289.86,"每12丸相当于总药材3g",1.0065,288,"内蒙古自治区","ZA09GAG0308020205898",289.86,"每12丸相当于总药材3g",1.0065,288,"安徽省","ZA09GAG0308020205898",289.86,1.0065,"https://tps.ybj.hunan.gov.cn/tps-local/XMHXgroupYPCZ/M00/9C/BB/rBIBUGiMFXiAMNjvAAJt_QNcY9o521.pdf","https://tps.ybj.hunan.gov.cn/tps-local/XMHXgroupYPCZ/M00/9C/BB/rBIBUGiMFZmAG3ATAAItJhKZWI4182.pdf","https://tps.ybj.hunan.gov.cn/tps-local/XMHXgroupYPCZ/M00/9C/BC/rBIBUGiMFcGAAU_vAAIE40Fe04E490.pdf","每12丸相当于总药材3g",288,33.21,"https://tps.ybj.hunan.gov.cn/tps-local/XMHXgroupYPCZ/M00/9C/BC/rBIBUGiMFdeACNz0AAlA3dR3TrI917.jpg",30,36,"兰州太宝制药有限公司",289.86,{"v":33.213125,"d":"33.21"},{"v":26.5705,"d":"26.57"},null,{"v":0.805166666666667,"d":"0.8052"},231.89]
[23,"ZF03AAS0863050100295","双料喉风散","国产","散剂","每瓶装1.5g","广东嘉应制药股份有限公司","每瓶装1.5g×1瓶/盒",1,"塑料瓶包装","瓶","国药准字Z44020314","江苏省","ZF03AAS0863050100295",29.9,"每瓶装1.5g",29.9,1,"河南省","ZF03AAS0863050100295",29.9,"每瓶装1.5g",29.9,1,"贵州省","ZF03AAS0863050100295",29.9,29.9,"https://tps.ybj.hunan.gov.cn/tps-local/XMHXgroupYPCZ/M00/9C/B8/rBIBUGiMEReAIdM7AAPv--haiy8701.pdf","https://tps.ybj.hunan.gov.cn/tps-local/XMHXgroupYPCZ/M00/9C/B8/rBIBUGiMES6ABKgGAANtO3DeRO8166.pdf","https://tps.ybj.hunan.gov.cn/tps-local/XMHXgroupYPCZ/M00/9C/B8/rBIBUGiMEU-ANooTAAO0Gz2k4Qk376.pdf","每瓶装1.5g",1,2.99,"https://tps.ybj.hunan.gov.cn/tps-local/XMHXgroupYPCZ/M00/9C/B8/rBIBUGiMEWSAHHxoAATGWehfPbE224.pdf",0.03,0.17,"广东嘉应制药股份有限公司",29.9,2.99,{"v":2.392,"d":"2.39"},null,{"v":23.92,"d":"23.9200"},23.92]
[24,"ZA09FBB0435010103113","补肾益脑胶囊","国产","胶囊剂","每粒装0.27g","千海始德堂(鹤壁)制药有限公司","每粒装0.27g×32粒/盒",32,"药品包装用PTP铝箔和聚氯乙烯固体药用硬片包装","粒","国药准字Z20083123","广东省","ZA09FBB0435010103113",68.9,"每粒装0.27g",2.1531,32,"陕西省","ZA09FBB0435010103113",68.9,"每粒装0.27g",2.1531,32,"湖北省","ZA09FBB0435010103113",68.9,2.1531,"https://tps.ybj.hunan.gov.cn/tps-local/XMHXgroupYPCZ/M00/9C/BA/rBIBUGiMEw2AZKJgAAEERn8RsLc932.pdf","https://tps.ybj.hunan.gov.cn/tps-local/XMHXgroupYPCZ/M00/9C/BA/rBIBUGiMExmAb_jlAAVb76b8iGo735.pdf","https://tps.ybj.hunan.gov.cn/tps-local/XMHXgroupYPCZ/M00/9C/BA/rBIBUGiMEyiAXNHAAAGRJKku80g338.pdf","每粒装0.27g",32,15.07,"https://tps.ybj.hunan.gov.cn/tps-local/XMHXgroupYPCZ/M00/9C/BA/rBIBUGiMFC-AZvpGAA0K_15xYHY078.pdf",6,8,"千海始德堂鹤壁制药有限公司",68.9,{"v":5.74875,"d":"5.75"},{"v":4.599,"d":"4.60"},null,{"v":0.657,"d":"0.6570"},21.02]
[25,"ZA04BAB0189010105223","板蓝根颗粒","国产","颗粒剂","每袋装10g(相当于饮片14g)","恒拓集团广西圣康制药有限公司","每袋装10g(相当于饮片14g)×20袋/包",20,"聚酯/镀铝聚酯/聚乙烯药品包装用复合膜","袋","国药准字Z45021352","广西壮族自治区","ZA04BAB0189010105223",15,"每袋装10g(相当于饮片14g)",0.75,20,"江西省","ZA04BAB0189010105223",15,"每袋装10g(相当于饮片14g)",0.75,20,"安徽省","ZA04BAB0189010105223",15,0.75,"https://tps.ybj.hunan.gov.cn/tps-local/XMHXgroupYPCZ/M00/9C/B9/rBIBUGiMEvqAEJybABWIeBxvC2Q444.pdf","https://tps.ybj.hunan.gov.cn/tps-local/XMHXgroupYPCZ/M00/9C/B9/rBIBUGiMEwCAaeGyAAJ3kvDpBTA611.pdf","https://tps.ybj.hunan.gov.cn/tps-local/XMHXgroupYPCZ/M00/9C/BA/rBIBUGiMEwaAUj1bABWYui_d2q4376.pdf","每袋装10g(相当于饮片14g)",20,2.06,"https://tps.ybj.hunan.gov.cn/tps-local/XMHXgroupYPCZ/M00/9C/BA/rBIBUGiME1SAMmQAAASntfpubYk623.pdf",1.5,4,"广西金康药业有限公司",15,{"v":24.0625,"d":"24.06"},19.25,null,{"v":0.75,"d":"0.7500"},15]
[26,"ZB01DAS0652010205095","石淋通颗粒","国产","颗粒剂","每袋装15g(相当于总药材15g)","恒拓集团南宁仁盛制药有限公司","每袋装15g(相当于总药材15g)×9袋/包",9,"聚酯/镀铝聚酯/聚乙烯药品包装用复合膜","袋","国药准字Z45021542","广西壮族自治区","ZB01DAS0652010205095",24.26,"每袋装15g(相当于总药材15g)",2.6956,9,"江西省","ZB01DAS0652010205095",24.26,"每袋装15g(相当于总药材15g)",2.6956,9,"安徽省","ZB01DAS0652010205095",24.26,2.6956,"https://tps.ybj.hunan.gov.cn/tps-local/XMHXgroupYPCZ/M00/9C/BD/rBIBUGiMFtqAAXurABWIeBxvC2Q825.pdf","https://tps.ybj.hunan.gov.cn/tps-local/XMHXgroupYPCZ/M00/9C/BD/rBIBUGiMFt-AToNkAAJ3kvDpBTA128.pdf","https://tps.ybj.hunan.gov.cn/tps-local/XMHXgroupYPCZ/M00/9C/BD/rBIBUGiMFuiAYLQaABWYui_d2q4884.pdf","每袋装15g(相当于总药材15g)",9,8.09,"https://tps.ybj.hunan.gov.cn/tps-local/XMHXgroupYPCZ/M00/9C/BD/rBIBUGiMFviAI2i-AANvvVI2tWU575.pdf",3,3,"广西金康药业有限公司",24.26,{"$nulls":3},{"v":2.69555555555556,"d":"2.6956"},24.26]
[27,"ZA04BAB0194020205095","板蓝根糖浆","国产","糖浆剂","15ml/支","恒拓集团南宁仁盛制药有限公司","15ml/支×10支/盒",10,"钠钙玻璃管制口服液体瓶","支","国药准字Z45020954","广西壮族自治区","ZA04BAB0194020205095",68,"15ml/支",6.8,10,"江西省","ZA04BAB0194020205095",68,"15ml/支",6.8,10,"安徽省","ZA04BAB0194020205095",68,6.8,"https://tps.ybj.hunan.gov.cn/tps-local/XMHXgroupYPCZ/M00/9C/BE/rBIBUGiMGOWAWGN_ABWIeBxvC2Q956.pdf","https://tps.ybj.hunan.gov.cn/tps-local/XMHXgroupYPCZ/M00/9C/BE/rBIBUGiMGOyAKJ5LAAJ3kvDpBTA155.pdf","https://tps.ybj.hunan.gov.cn/tps-local/XMHXgroupYPCZ/M00/9C/BE/rBIBUGiMGPGAFaeSABWYui_d2q4634.pdf","15ml/支",10,20.4,"https://tps.ybj.hunan.gov.cn/tps-local/XMHXgroupYPCZ/M00/9C/BE/rBIBUGiMGWiAVV7YABWIx55WBDc284.pdf",3,3,"广西金康药业有限公司",68,{"v":17.1,"d":"17.10"},13.68,null,{"v":4.56,"d":"4.5600"},45.6]
[28,"ZA04CAY0500010103882","银黄口服液","国产","口服液","每支装10ml","哈尔滨医大药业股份有限公司","每支装10ml×6支/盒",6,"钠钙玻璃管制口服液体瓶包装","支","国药准字Z15020579","浙江省","ZA04CAY0500010103882",39,"每支装10ml",6.5,6,"贵州省","ZA04CAY0500010103882",39,"每支装10ml",6.5,6,"黑龙江省","ZA04CAY0500010103882",39,6.5,"https://tps.ybj.hunan.gov.cn/tps-local/XMHXgroupYPCZ/M00/9C/BB/rBIBUGiMFY-AFliAAAaEogxt9V0930.jpg","https://tps.ybj.hunan.gov.cn/tps-local/XMHXgroupYPCZ/M00/9C/BC/rBIBUGiMFceAdJneAAXdqMA6jAg112.jpg","https://tps.ybj.hunan.gov.cn/tps-local/XMHXgroupYPCZ/M00/9C/BC/rBIBUGiMFfWAebmAAAek2chHhZg164.jpg","每支装10ml",6,29.25,"https://tps.ybj.hunan.gov.cn/tps-local/XMHXgroupYPCZ/M00/9C/BA/rBIBUGiMFByALmLuAAWlVf4t5J8392.jpg",3,6,"将铭(黑龙江)制药有限公司",39,{"v":405,"d":"405.00"},{"v":324,"d":"324.00"},null,{"v":6.5,"d":"6.5000"},39]
[29,"ZA04CAY0500010203882","银黄口服液","国产","口服液","每支装10ml","哈尔滨医大药业股份有限公司","每支装10ml×10支/盒",10,"钠钙玻璃管制口服液体瓶包装","支","国药准字Z15020579","北京市","ZA04CAY0500010203882",65,"每支装10ml",6.5,10,"山西省","ZA04CAY0500010203882",65,"每支装10ml",6.5,10,"安徽省","ZA04CAY0500010203882",65,6.5,"https://tps.ybj.hunan.gov.cn/tps-local/XMHXgroupYPCZ/M00/9C/BD/rBIBUGiMF66Ab1zpAATxZU8WXA4943.jpg","https://tps.ybj.hunan.gov.cn/tps-local/XMHXgroupYPCZ/M00/9C/BD/rBIBUGiMF7KABs0AAAT6XFuOLLE521.jpg","https://tps.ybj.hunan.gov.cn/tps-local/XMHXgroupYPCZ/M00/9C/BD/rBIBUGiMGBWAd7bOAAkokRmWFdQ222.jpg","每支装10ml",10,29.25,"https://tps.ybj.hunan.gov.cn/tps-local/XMHXgroupYPCZ/M00/9C/BE/rBIBUGiMGCqAY4vBAAWlVf4t5J8125.jpg",3,6,"将铭(黑龙江)制药有限公司",65,{"v":405,"d":"405.00"},{"v":324,"d":"324.00"},null,{"v":6.5,"d":"6.5000"},65]
[30,"ZB01BAW0016030104222","外用应急软膏","国产","软膏剂","每支20g","威海华洋药业有限公司","每支20g×1支/盒",1,"铝管","支","国药准字Z20023009","北京市","ZB01BAW0016030104222",76,"每支20g",76,1,"黑龙江省","ZB01BAW0016030104222",76,"每支20g",76,1,"江西省","ZB01BAW0016030104222",76,76,"https://tps.ybj.hunan.gov.cn/tps-local/XMHXgroupYPCZ/M00/9C/BA/rBIBUGiME1OAbEZDAAjexbctW28248.jpg","https://tps.ybj.hunan.gov.cn/tps-local/XMHXgroupYPCZ/M00/9C/BA/rBIBUGiME5mAXUY6AAGn27ae44Y855.jpg","https://tps.ybj.hunan.gov.cn/tps-local/XMHXgroupYPCZ/M00/9C/BA/rBIBUGiME-OAXuhEAAHdZzauOZw114.jpg","每支20g",1,2.28,"https://tps.ybj.hunan.gov.cn/tps-local/XMHXgroupYPCZ/M00/9C/BB/rBIBUGiMFWaACQbRAAh6dlB3C9U384.pdf",0.03,0.03,"威海华洋药业有限公司",76,{"v":2.4402,"d":"2.44"},{"v":1.95216,"d":"1.95"},null,{"v":65.072,"d":"65.0720"},65.07]
[31,"ZA02AAH0435020101855","藿香正气合剂","国产","合剂","10ml/支","湖北太子药业有限公司","10ml/支×5支/盒",5,"钠钙玻璃管制口服液体瓶","支","国药准字Z42020153","北京市","ZA02AAH0435020101855",20.67,"10ml/支",4.134,5,"广西壮族自治区","ZA02AAH0435020101855",20.67,"10ml/支",4.134,5,"重庆市","ZA02AAH0435020101855",20.67,4.134,"https://tps.ybj.hunan.gov.cn/tps-local/XMHXgroupYPCZ/M00/9C/C3/rBIBUGiMH9mAcQbiAAMP0zAGyIU856.pdf","https://tps.ybj.hunan.gov.cn/tps-local/XMHXgroupYPCZ/M00/9C/C4/rBIBUGiMH-OAbOcrAASfPokIVLs244.pdf","https://tps.ybj.hunan.gov.cn/tps-local/XMHXgroupYPCZ/M00/9C/C4/rBIBUGiMIAKAE5buAAM8gJvBUFY299.pdf","10ml/支",5,15.5,"https://tps.ybj.hunan.gov.cn/tps-local/XMHXgroupYPCZ/M00/9C/C3/rBIBUGiMH8mAapcjAAZUpObUOu8198.pdf",3,4.5,"湖北太子药业有限公司",20.67,{"v":18.625,"d":"18.63"},{"v":14.9,"d":"14.90"},null,{"v":3.97333333333333,"d":"3.9733"},19.87]
[32,"ZA02AAH0435030101855","藿香正气合剂","国产","合剂","10ml/支","湖北太子药业有限公司","10ml/支×6支/盒",6,"钠钙玻璃管制口服液体瓶","支","国药准字Z42020153","北京市","ZA02AAH0435030101855",24.8,"10ml/支",4.1333,6,"广西壮族自治区","ZA02AAH0435030101855",24.8,"10ml/支",4.1333,6,"重庆市","ZA02AAH0435030101855",24.8,4.1333,"https://tps.ybj.hunan.gov.cn/tps-local/XMHXgroupYPCZ/M00/9C/C0/rBIBUGiMG_eAQt-yAAMP0zAGyIU634.pdf","https://tps.ybj.hunan.gov.cn/tps-local/XMHXgroupYPCZ/M00/9C/C0/rBIBUGiMHFCAJkGKAASfPokIVLs309.pdf","https://tps.ybj.hunan.gov.cn/tps-local/XMHXgroupYPCZ/M00/9C/C1/rBIBUGiMHIaAS6yZAAM8gJvBUFY734.pdf","10ml/支",6,15.5,"https://tps.ybj.hunan.gov.cn/tps-local/XMHXgroupYPCZ/M00/9C/C2/rBIBUGiMHf2AZu2uAAZjRLc3EwU786.pdf",3,4.5,"湖北太子药业有限公司",24.8,{"v":18.625,"d":"18.63"},{"v":14.9,"d":"14.90"},null,{"v":3.97333333333333,"d":"3.9733"},23.84]
[33,"ZF03AAB0283020503844","北豆根胶囊","国产","胶囊剂","每粒含总生物碱30毫克","伊春药业有限公司","每粒含总生物碱30毫克×30粒/盒",30,"铝塑","粒","国药准字Z10960048","内蒙古自治区","ZF03AAB0283020503844",28.48,"每粒含总生物碱30毫克",0.9493,30,"安徽省","ZF03AAB0283020503844",28.48,"每粒含总生物碱30毫克",0.9493,30,"江苏省","ZF03AAB0283020503844",28.48,0.9493,"https://tps.ybj.hunan.gov.cn/tps-local/XMHXgroupYPCZ/M00/9C/BC/rBIBUGiMFnOASyIbAA7cfZDtc4o438.pdf","https://tps.ybj.hunan.gov.cn/tps-local/XMHXgroupYPCZ/M00/9C/BC/rBIBUGiMFpCAHGhsAAouEnb9ww0510.pdf","https://tps.ybj.hunan.gov.cn/tps-local/XMHXgroupYPCZ/M00/9C/BD/rBIBUGiMFt2AGRddABOK58T-Sg8135.pdf","每粒含总生物碱30毫克",30,5.7,"https://tps.ybj.hunan.gov.cn/tps-local/XMHXgroupYPCZ/M00/9C/BD/rBIBUGiMFw2AVocYAAVP1zhF18Q366.jpg",6,6,"伊春药业有限公司",28.48,{"v":8.4,"d":"8.40"},6.72,null,{"v":0.949333333333333,"d":"0.9493"},28.48]
[34,"ZA09BAB0047020105898","八珍丸","国产","丸剂(浓缩丸)","每8丸相当于原生药3g","兰州太宝制药有限公司","每8丸相当于原生药3g×192粒/盒",192,"铝塑泡罩包装","粒","国药准字Z62021244","广东省","ZA09BAB0047020105898",23.69,"每8丸相当于原生药3g",0.1234,192,"天津市","ZA09BAB0047020105898",23.7,"每8丸相当于原生药3g",0.1234,192,"上海市","ZA09BAB0047020105898",23.7,0.1234,"https://tps.ybj.hunan.gov.cn/tps-local/XMHXgroupYPCZ/M00/9C/BD/rBIBUGiMF2SALpjHAAH5gaE6lAs251.pdf","https://tps.ybj.hunan.gov.cn/tps-local/XMHXgroupYPCZ/M00/9C/BD/rBIBUGiMF4iAa8HWAAMQjK0ipvg427.pdf","https://tps.ybj.hunan.gov.cn/tps-local/XMHXgroupYPCZ/M00/9C/BD/rBIBUGiMF7GAWoEdAAKBGlXeL5A830.pdf","每8丸相当于原生药3g",192,2.96,"https://tps.ybj.hunan.gov.cn/tps-local/XMHXgroupYPCZ/M00/9C/BD/rBIBUGiMF8uAEXN_AAhL9e3-FQY303.jpg",24,24,"兰州太宝制药有限公司",23.69,13.35,10.68,null,{"v":0.123385416666667,"d":"0.1234"},23.69]
[35,"ZA09BAW0067010205898","维血宁颗粒","国产","颗粒剂","毎袋装8g(无蔗糖)","兰州太宝制药有限公司","毎袋装8g(无蔗糖)×9袋/盒",9,"药用复合膜包装","袋","国药准字Z20073042","辽宁省","ZA09BAW0067010205898",31.98,"毎袋装8g(无蔗糖)",3.5533,9,"江苏省","ZA09BAW0067010205898",31.98,"毎袋装8g(无蔗糖)",3.5533,9,"河北省","ZA09BAW0067010205898",31.98,3.5533,"https://tps.ybj.hunan.gov.cn/tps-local/XMHXgroupYPCZ/M00/9C/BE/rBIBUGiMGO6ASQm4AAI6IrPUz6M375.pdf","https://tps.ybj.hunan.gov.cn/tps-local/XMHXgroupYPCZ/M00/9C/BE/rBIBUGiMGReAXKPHAAKMV4QfT_Q116.pdf","https://tps.ybj.hunan.gov.cn/tps-local/XMHXgroupYPCZ/M00/9C/BE/rBIBUGiMGUqAM9KXAAIOT7yvmJM096.pdf","毎袋装8g(无蔗糖)",9,10.66,"https://tps.ybj.hunan.gov.cn/tps-local/XMHXgroupYPCZ/M00/9C/BE/rBIBUGiMGXyAO43_AAds2sNkyWM542.jpg",3,3,"兰州太宝制药有限公司",31.98,{"v":12,"d":"12.00"},{"v":9.6,"d":"9.60"},null,{"v":3.2,"d":"3.2000"},28.8]
[36,"ZH01AAF0136010105894","肤痒颗粒","国产","颗粒剂","每袋装9g","兰州和盛堂制药股份有限公司","每袋装9g×8袋/盒",8,"药用复合膜内包装","袋","国药准字Z62020025","广西壮族自治区","ZH01AAF0136010105894",19.9,"每袋装9g",2.4875,8,"江西省","ZH01AAF0136010105894",19.9,"每袋装9g",2.4875,8,"重庆市","ZH01AAF0136010105894",19.9,2.4875,"https://tps.ybj.hunan.gov.cn/tps-local/XMHXgroupYPCZ/M00/9C/BE/rBIBUGiMGHOAfrodAAOnkgs3bt8122.pdf","https://tps.ybj.hunan.gov.cn/tps-local/XMHXgroupYPCZ/M00/9C/BF/rBIBUGiMGlSAL73OAAEX4J1PgGo308.pdf","https://tps.ybj.hunan.gov.cn/tps-local/XMHXgroupYPCZ/M00/9C/BF/rBIBUGiMGmCAEtzKAAFkWEXP4sY235.pdf","每袋装9g",8,11.19,"https://tps.ybj.hunan.gov.cn/tps-local/XMHXgroupYPCZ/M00/9C/BF/rBIBUGiMGqyAH5wEAASNUqyyVoA268.pdf",3,6,"兰州和盛堂制药股份有限公司",19.9,{"v":11.925,"d":"11.93"},9.54,null,{"v":2.12,"d":"2.1200"},16.96]
[37,"ZB01AAD0158010207497","胆舒滴丸","国产","滴丸剂","每丸重25mg","四川新绿色药业科技发展有限公司","每丸重25mg×126丸/瓶",126,"陶瓷药瓶装","丸","国药准字Z20080036","山西省","ZB01AAD0158010207497",48,"每丸重25mg",0.381,126,"吉林省","ZB01AAD0158010207497",48,"每丸重25mg",0.381,126,"四川省","ZB01AAD0158010207497",48,0.381,"https://tps.ybj.hunan.gov.cn/tps-local/XMHXgroupYPCZ/M00/9C/BE/rBIBUGiMGP2AAjaAABP0KNfGs-E741.pdf","https://tps.ybj.hunan.gov.cn/tps-local/XMHXgroupYPCZ/M00/9C/BE/rBIBUGiMGR6ACmeZABP0KNfGs-E207.pdf","https://tps.ybj.hunan.gov.cn/tps-local/XMHXgroupYPCZ/M00/9C/BE/rBIBUGiMGUaASQ2WABP0KNfGs-E003.pdf","每丸重25mg",126,24,"https://tps.ybj.hunan.gov.cn/tps-local/XMHXgroupYPCZ/M00/9C/BF/rBIBUGiMGYeAJUQaACdFcR0naMA045.pdf",42,84,"四川新绿色药业科技发展有限公司",48,{"$nulls":3},{"v":0.380952380952381,"d":"0.3810"},48]
[38,"ZA04BAB0189010105391","板蓝根颗粒","国产","颗粒剂","每袋装10克","广西嘉进药业股份有限公司","每袋装10克×20袋/包",20,"双向拉伸聚丙烯/镀铝聚酯/低密度聚乙烯药用复合膜","袋","国药准字Z36020325","广西壮族自治区","ZA04BAB0189010105391",22,"每袋装10克",1.1,20,"广东省","ZA04BAB0189010105391",22,"每袋装10克",1.1,20,"陕西省","ZA04BAB0189010105391",22,1.1,"https://tps.ybj.hunan.gov.cn/tps-local/XMHXgroupYPCZ/M00/9C/BE/rBIBUGiMGNmAZNMqAAFEcmet1r8840.pdf","https://tps.ybj.hunan.gov.cn/tps-local/XMHXgroupYPCZ/M00/9C/BE/rBIBUGiMGMWAcYCqAAFhhBXf5n8865.pdf","https://tps.ybj.hunan.gov.cn/tps-local/XMHXgroupYPCZ/M00/9C/BE/rBIBUGiMGR-AEK_zAAFq3G3aWKc216.pdf","每袋装10克",20,3.03,"https://tps.ybj.hunan.gov.cn/tps-local/XMHXgroupYPCZ/M00/9C/BF/rBIBUGiMGYaAXpp4AAH7wHOpiVo522.pdf",1.5,4,"广西嘉进药业股份有限公司",22,{"v":24.0625,"d":"24.06"},19.25,null,{"v":1.1,"d":"1.1000"},22]
[39,"ZA12GAJ0177010202685","健心片","国产","片剂","/","河北百善药业有限公司","30片/盒",30,"药品包装用铝箔/聚氯乙烯固体药用硬片包装","片","国药准字Z20063724","安徽省","ZA12GAJ0177010202685",45,"/",1.5,30,"广西壮族自治区","ZA12GAJ0177010202685",45,"/",1.5,30,"贵州省","ZA12GAJ0177010202685",45,1.5,"https://tps.ybj.hunan.gov.cn/tps-local/XMHXgroupYPCZ/M00/9C/BF/rBIBUGiMGrCAZsnCAAxBvmaZcDo249.jpg","https://tps.ybj.hunan.gov.cn/tps-local/XMHXgroupYPCZ/M00/9C/BF/rBIBUGiMGtCAc9rjAAyQU5muzqM661.jpg","https://tps.ybj.hunan.gov.cn/tps-local/XMHXgroupYPCZ/M00/9C/C0/rBIBUGiMGveAMCC5AAyGGUc3eKA555.jpg","/",30,22.5,"https://tps.ybj.hunan.gov.cn/tps-local/XMHXgroupYPCZ/M00/9C/C0/rBIBUGiMG0qAIZAdAAlRWKT4uc0285.jpg",15,15,"河北百善药业有限公司",45,{"$nulls":3},{"v":1.5,"d":"1.5000"},45]
[40,"ZA09EAS1078010402795","参乌健脑胶囊(抗脑衰胶囊)","国产","胶囊剂","0.3g(相当于原药材1.78g)","河北百善药业有限公司","0.3g(相当于原药材1.78g)×90粒/盒",90,"药品包装用铝箔/聚氯乙烯固体药用硬片包装","粒","国药准字Z13020058","安徽省","ZA09EAS1078010402795",149.4,"0.3g(相当于原药材1.78g)",1.66,90,"河北省","ZA09EAS1078010402795",149.4,"0.3g(相当于原药材1.78g)",1.66,90,"云南省","ZA09EAS1078010402795",149.4,1.66,"https://tps.ybj.hunan.gov.cn/tps-local/XMHXgroupYPCZ/M00/9C/C0/rBIBUGiMHEeAWazGAAw6oCfNvcU079.jpg","https://tps.ybj.hunan.gov.cn/tps-local/XMHXgroupYPCZ/M00/9C/C0/rBIBUGiMHEuAR5jrAA0VRVO8eGU286.jpg","https://tps.ybj.hunan.gov.cn/tps-local/XMHXgroupYPCZ/M00/9C/C0/rBIBUGiMHGqAXFqsAAyuK7T7KwQ567.jpg","0.3g(相当于原药材1.78g)",90,27.39,"https://tps.ybj.hunan.gov.cn/tps-local/XMHXgroupYPCZ/M00/9C/C1/rBIBUGiMHJ-ARZwvAByih0VGimA514.jpg",15,18,"河北百善药业有限公司",149.4,{"v":27.0416666666667,"d":"27.04"},{"v":21.6333333333334,"d":"21.63"},null,{"v":1.31111111111111,"d":"1.3111"},118]
[41,"ZA02AAJ0044010100332","加味藿香正气丸","国产","丸剂(水蜜丸)","每袋装3克","广东省罗浮山白鹤制药厂","每袋装3克×10袋/盒",10,"聚酯/镀铝聚酯/聚乙烯药品包装用复合膜","袋","国药准字Z44023154","广东省","ZA02AAJ0044010100332",6,"每袋装3克",0.6,10,"江西省","ZA02AAJ0044010100332",6,"每袋装3克",0.6,10,"广西壮族自治区","ZA02AAJ0044010100332",6,0.6,"https://tps.ybj.hunan.gov.cn/tps-local/XMHXgroupYPCZ/M00/9E/C7/rBIBUGiVsiWAXqxZAAbB2mIxqDQ741.jpg","https://tps.ybj.hunan.gov.cn/tps-local/XMHXgroupYPCZ/M00/9E/C7/rBIBUGiVso-ALE9bAAVLbK2qbzk999.jpg","https://tps.ybj.hunan.gov.cn/tps-local/XMHXgroupYPCZ/M00/9E/C7/rBIBUGiVsv6ADKAPAAahJYT6Rgg489.jpg","每袋装3克",10,3.9,"https://tps.ybj.hunan.gov.cn/tps-local/XMHXgroupYPCZ/M00/9E/C8/rBIBUGiVs32AZeXfAAT_ywadKfg162.pdf",4,9,"广东省罗浮山白鹤制药厂",6,{"v":19.6,"d":"19.60"},15.68,null,{"v":0.6,"d":"0.6000"},6]
[42,"ZA09DBG0444020103425","桂附地黄胶囊","国产","胶囊剂","每粒装0.34g","吉林省集安益盛药业股份有限公司","每粒装0.34g×45粒/盒",45,"药品包装用PTP铝箔,聚氯乙烯固体药用硬片","粒","国药准字Z10970078","海南省","ZA09DBG0444020103425",193.91,"每粒装0.34g",4.3091,45,"江西省","ZA09DBG0444020103425",193.91,"每粒装0.34g",4.3091,45,"辽宁省","ZA09DBG0444020103425",193.91,4.3091,"https://tps.ybj.hunan.gov.cn/tps-local/XMHXgroupYPCZ/M00/9C/BE/rBIBUGiMGT2AGwr5AAidm65okbw815.jpg","https://tps.ybj.hunan.gov.cn/tps-local/XMHXgroupYPCZ/M00/9C/BE/rBIBUGiMGWuAMkEkAAZxDOi3CsI582.jpg","https://tps.ybj.hunan.gov.cn/tps-local/XMHXgroupYPCZ/M00/9C/BF/rBIBUGiMGb-AGU1dAAecP3X4V8Y246.jpg","每粒装0.34g",45,60.33,"https://tps.ybj.hunan.gov.cn/tps-local/XMHXgroupYPCZ/M00/9C/BF/rBIBUGiMGleAXwDeAAqfajpCzNY265.pdf",14,14,"吉林省集安益盛药业股份有限公司",193.91,{"$nulls":3},{"v":4.30911111111111,"d":"4.3091"},193.91]
[43,"ZD02AAS0525010202685","胜红清热片","国产","片剂","0.35g","河北百善药业有限公司","0.35g×36片/盒",36,"无","片","国药准字Z20090123","贵州省","ZD02AAS0525010202685",41.59,"0.35g",1.1553,36,"河北省","ZD02AAS0525010202685",41.59,"0.35g",1.1553,36,"内蒙古自治区","ZD02AAS0525010202685",41.59,1.1553,"https://tps.ybj.hunan.gov.cn/tps-local/XMHXgroupYPCZ/M00/9C/C2/rBIBUGiMHl2AXS4HAAyjAF7BvMk862.jpg","https://tps.ybj.hunan.gov.cn/tps-local/XMHXgroupYPCZ/M00/9C/C2/rBIBUGiMHmaAHDr8AAzgV4XOZnI251.jpg","https://tps.ybj.hunan.gov.cn/tps-local/XMHXgroupYPCZ/M00/9C/C2/rBIBUGiMHoWANT5FAAw2ghKHHX0739.jpg","0.35g",36,12.13,"https://tps.ybj.hunan.gov.cn/tps-local/XMHXgroupYPCZ/M00/9C/C3/rBIBUGiMHsWAAiyFAATQeosxjFQ564.jpg",9,12,"河北百善药业有限公司",41.59,{"$nulls":3},{"v":1.15527777777778,"d":"1.1553"},41.59]
[44,"ZB01AAX0289020100332","消炎利胆片","国产","片剂(糖衣)","片芯重0.25g,相当于饮片2.6g","广东省罗浮山白鹤制药厂","片芯重0.25g,相当于饮片2.6g×200片/盒",200,"口服固体药用高密度聚乙烯瓶","片","国药准字Z44021899","广东省","ZB01AAX0289020100332",14.28,"片芯重0.25g,相当于饮片2.6g",0.0714,200,"江西省","ZB01AAX0289020100332",14.28,"片芯重0.25g,相当于饮片2.6g",0.0714,200,"重庆市","ZB01AAX0289020100332",14.28,0.0714,"https://tps.ybj.hunan.gov.cn/tps-local/XMHXgroupYPCZ/M00/9E/CF/rBIBUGiVuxmALnhfAAioCFuOnQg993.jpg","https://tps.ybj.hunan.gov.cn/tps-local/XMHXgroupYPCZ/M00/9E/CF/rBIBUGiVu1eAKqPZAAXLblg0Okk245.jpg","https://tps.ybj.hunan.gov.cn/tps-local/XMHXgroupYPCZ/M00/9E/CF/rBIBUGiVu6GAXDhpAAiEeBhp6eY696.jpg","片芯重0.25g,相当于饮片2.6g",200,1.29,"https://tps.ybj.hunan.gov.cn/tps-local/XMHXgroupYPCZ/M00/9E/CF/rBIBUGiVu9GAUBg4AAT8HRYXR8E946.pdf",18,18,"广东省罗浮山白鹤制药厂",14.28,{"v":5.0004,"d":"5.00"},{"v":4.00032,"d":"4.00"},null,0.0714,14.28]
[45,"ZA14BAB0242020104423","保和颗粒","国产","颗粒剂","每袋相当于饮片8g(每袋装10g)","合肥利民制药有限公司","每袋相当于饮片8g(每袋装10g)×4袋/盒",4,"聚酯/铝/聚乙烯药用复合袋","袋","国药准字Z20020033","广东省","ZA14BAB0242020104423",28.96,"每袋相当于饮片8g(每袋装10g)",7.24,4,"黑龙江省","ZA14BAB0242020104423",28.96,"每袋相当于饮片8g(每袋装10g)",7.24,4,"江西省","ZA14BAB0242020104423",28.96,7.24,"https://tps.ybj.hunan.gov.cn/tps-local/XMHXgroupYPCZ/M00/9C/C0/rBIBUGiMG0eAInY0AAPyTC5fxf4467.jpg","https://tps.ybj.hunan.gov.cn/tps-local/XMHXgroupYPCZ/M00/9C/C0/rBIBUGiMG0yAI5VBAAKXNrEOPrU382.jpg","https://tps.ybj.hunan.gov.cn/tps-local/XMHXgroupYPCZ/M00/9C/C0/rBIBUGiMG1GAGpkqAAJJgK1tZoE058.jpg","每袋相当于饮片8g(每袋装10g)",4,14.48,"https://tps.ybj.hunan.gov.cn/tps-local/XMHXgroupYPCZ/M00/9C/C0/rBIBUGiMHGOAZMoRAAMIMi60pTA887.pdf",2,2,"合肥利民制药有限公司",28.96,{"v":4.346,"d":"4.35"},{"v":3.4768,"d":"3.48"},null,1.7384,6.95]
[46,"ZA14BAB0242020204423","保和颗粒","国产","颗粒剂","每袋相当于饮片8g(每袋装10g)","合肥利民制药有限公司","每袋相当于饮片8g(每袋装10g)×6袋/盒",6,"聚酯/铝/聚乙烯药用复合袋","袋","国药准字Z20020033","广东省","ZA14BAB0242020204423",43.44,"每袋相当于饮片8g(每袋装10g)",7.24,6,"贵州省","ZA14BAB0242020204423",43.44,"每袋相当于饮片8g(每袋装10g)",7.24,6,"黑龙江省","ZA14BAB0242020204423",43.44,7.24,"https://tps.ybj.hunan.gov.cn/tps-local/XMHXgroupYPCZ/M00/9C/C1/rBIBUGiMHICADH5IAAM51rz_-ZE708.jpg","https://tps.ybj.hunan.gov.cn/tps-local/XMHXgroupYPCZ/M00/9C/C1/rBIBUGiMHIiARmD0AAH-7B1s6OQ513.pdf","https://tps.ybj.hunan.gov.cn/tps-local/XMHXgroupYPCZ/M00/9C/C1/rBIBUGiMHIuADoUpAAJi802dvYI090.pdf","每袋相当于饮片8g(每袋装10g)",6,14.48,"https://tps.ybj.hunan.gov.cn/tps-local/XMHXgroupYPCZ/M00/9C/C1/rBIBUGiMHRmAF4BoAAMN1_yWPBk270.jpg",2,2,"合肥利民制药有限公司",43.44,{"v":4.346,"d":"4.35"},{"v":3.4768,"d":"3.48"},null,1.7384,10.43]
[47,"ZA06AAE0041010105898","二陈丸","国产","丸剂(浓缩丸)","每8丸相当于原生药3g","兰州太宝制药有限公司","每8丸相当于原生药3g×180丸/盒",180,"铝塑泡罩包装","丸","国药准字Z62021320","辽宁省","ZA06AAE0041010105898",73.49,"每8丸相当于原生药3g",0.4083,180,"江西省","ZA06AAE0041010105898",73.49,"每8丸相当于原生药3g",0.4083,180,"陕西省","ZA06AAE0041010105898",73.49,0.4083,"https://tps.ybj.hunan.gov.cn/tps-local/XMHXgroupYPCZ/M00/9C/C0/rBIBUGiMHHKAIV2SAAJVu80wBcE296.pdf","https://tps.ybj.hunan.gov.cn/tps-local/XMHXgroupYPCZ/M00/9C/C1/rBIBUGiMHJWAXuG2AAI2uwkFyxc699.pdf","https://tps.ybj.hunan.gov.cn/tps-local/XMHXgroupYPCZ/M00/9C/C1/rBIBUGiMHMGAKw9hAAI2uwkFyxc040.pdf","每8丸相当于原生药3g",180,17.15,"https://tps.ybj.hunan.gov.cn/tps-local/XMHXgroupYPCZ/M00/9C/C1/rBIBUGiMHPCAMPtUAAZ_5C1RlSY432.jpg",36,48,"兰州太宝制药有限公司",73.49,{"v":8.57675,"d":"8.58"},{"v":6.8614,"d":"6.86"},null,{"v":0.163366666666667,"d":"0.1634"},29.41]
[48,"ZA06AAE0041020205898","二陈丸","国产","丸剂(浓缩丸)","每8丸相当于原生药3g","兰州太宝制药有限公司","每8丸相当于原生药3g×240丸/盒",240,"铝塑泡罩包装","丸","国药准字Z62021320","辽宁省","ZA06AAE0041020205898",97.99,"每8丸相当于原生药3g",0.4083,240,"江西省","ZA06AAE0041020205898",97.99,"每8丸相当于原生药3g",0.4083,240,"陕西省","ZA06AAE0041020205898",97.99,0.4083,"https://tps.ybj.hunan.gov.cn/tps-local/XMHXgroupYPCZ/M00/9C/C4/rBIBUGiMH-mAGFbkAAJVu80wBcE325.pdf","https://tps.ybj.hunan.gov.cn/tps-local/XMHXgroupYPCZ/M00/9C/C4/rBIBUGiMIASAPqa0AAI2uwkFyxc790.pdf","https://tps.ybj.hunan.gov.cn/tps-local/XMHXgroupYPCZ/M00/9C/C4/rBIBUGiMICKAeQ2rAAI2tuA712Q081.pdf","每8丸相当于原生药3g",240,17.15,"https://tps.ybj.hunan.gov.cn/tps-local/XMHXgroupYPCZ/M00/9C/C4/rBIBUGiMIEiACaIWAAaHnLCDixA717.jpg",36,48,"兰州太宝制药有限公司",97.99,{"v":8.57675,"d":"8.58"},{"v":6.8614,"d":"6.86"},null,{"v":0.163366666666667,"d":"0.1634"},39.21]
[49,"ZA04BAB0190020103891","板蓝根口服液","国产","合剂","每支装10ml","内蒙古大唐药业股份有限公司","每支装10ml×6支/盒",6,"钠钙玻璃管制口服液体瓶","支","国药准字Z10930016","江西省","ZA04BAB0190020103891",38,"每支装10ml",6.3333,6,"贵州省","ZA04BAB0190020103891",38,"每支装10ml",6.3333,6,"广西壮族自治区","ZA04BAB0190020103891",38,6.3333,"https://tps.ybj.hunan.gov.cn/tps-local/XMHXgroupYPCZ/M00/9C/C2/rBIBUGiMHcGAfDapAA_MvkQ7FWA329.pdf","https://tps.ybj.hunan.gov.cn/tps-local/XMHXgroupYPCZ/M00/9C/C1/rBIBUGiMHbmARQbXABErUGQpGuE612.pdf","https://tps.ybj.hunan.gov.cn/tps-local/XMHXgroupYPCZ/M00/9C/C1/rBIBUGiMHbaAPCAJABFCNgkZcAQ807.pdf","每支装10ml",6,15.83,"https://tps.ybj.hunan.gov.cn/tps-local/XMHXgroupYPCZ/M00/9C/C1/rBIBUGiMHZ-AT0UxAAa_VL-8wN8344.pdf",1,4,"内蒙古大唐药业股份有限公司",38,{"v":24.935,"d":"24.94"},{"v":19.948,"d":"19.95"},null,{"v":6.33333333333333,"d":"6.3333"},38]
[50,"ZA01AAG0120020704198","感冒清热颗粒","国产","颗粒剂","每袋装6g(无蔗糖)","山东岳草堂药业有限公司","每袋装6g(无蔗糖)×8袋/盒",8,"药用复合膜","袋","国药准字Z37021409","山东省","ZA01AAG0120020704198",20,"每袋装6g(无蔗糖)",2.5,8,"广西壮族自治区","ZA01AAG0120020704198",28.8,"每袋装6g(无蔗糖)",3.6,8,"重庆市","ZA01AAG0120020704198",20,2.5,"https://tps.ybj.hunan.gov.cn/tps-local/XMHXgroupYPCZ/M00/9C/C3/rBIBUGiMH5iABSuXAAM9VJ6w9Os531.pdf","https://tps.ybj.hunan.gov.cn/tps-local/XMHXgroupYPCZ/M00/9C/C3/rBIBUGiMH6SAD9NRAAMKc5pvHlc329.pdf","https://tps.ybj.hunan.gov.cn/tps-local/XMHXgroupYPCZ/M00/9C/C3/rBIBUGiMH6mAKMn8AALhN2CqRYs950.pdf","每袋装6g(无蔗糖)",8,5,"https://tps.ybj.hunan.gov.cn/tps-local/XMHXgroupYPCZ/M00/9C/C4/rBIBUGiMH-uAatX5AAoEY1SWdug463.pdf",2,2,"山东岳草堂药业有限公司",20,{"v":9,"d":"9.00"},{"v":7.2,"d":"7.20"},null,{"v":2.5,"d":"2.5000"},20]
[51,"ZA04CDF0441010202351","复方黄连素片","国产","片剂","每片含盐酸小檗碱30mg","安康正大制药有限公司","每片含盐酸小檗碱30mg×24片/盒",24,"铝塑泡罩","片","国药准字Z61021453","山东省","ZA04CDF0441010202351",22,"每片含盐酸小檗碱30mg",0.9167,24,"宁夏回族自治区","ZA04CDF0441010202351",22,"每片含盐酸小檗碱30mg",0.9167,24,"江西省","ZA04CDF0441010202351",22,0.9167,"https://tps.ybj.hunan.gov.cn/tps-local/XMHXgroupYPCZ/M00/9C/C2/rBIBUGiMHdyAO2c8AAdZTwZlUyY775.pdf","https://tps.ybj.hunan.gov.cn/tps-local/XMHXgroupYPCZ/M00/9C/C2/rBIBUGiMHgGAB6pfAAhQy3OCqz4811.pdf","https://tps.ybj.hunan.gov.cn/tps-local/XMHXgroupYPCZ/M00/9C/C2/rBIBUGiMHiaARwoAAAXYtl57k2c524.pdf","每片含盐酸小檗碱30mg",24,11,"https://tps.ybj.hunan.gov.cn/tps-local/XMHXgroupYPCZ/M00/9C/C2/rBIBUGiMHpeAH0J2AArJOCEo1nI154.pdf",12,12,"安康正大制药有限公司",22,{"v":14.9,"d":"14.90"},11.92,null,{"v":0.916666666666667,"d":"0.9167"},22]
[52,"ZI02AAS0183020103891","沙棘糖浆","国产","糖浆剂","80ml","内蒙古大唐药业股份有限公司","80ml×1瓶/盒",1,"口服液体药用聚酯瓶","瓶","国药准字Z20025623","广西壮族自治区","ZI02AAS0183020103891",54.24,"80ml",54.24,1,"江西省","ZI02AAS0183020103891",54.24,"80ml",54.24,1,"江苏省","ZI02AAS0183020103891",54.24,54.24,"https://tps.ybj.hunan.gov.cn/tps-local/XMHXgroupYPCZ/M00/9D/35/rBIBUGiQCPiANu6GAAGQA21rphM765.pdf","https://tps.ybj.hunan.gov.cn/tps-local/XMHXgroupYPCZ/M00/9D/35/rBIBUGiQCP2AXseYAAFmDfZrOD4543.pdf","https://tps.ybj.hunan.gov.cn/tps-local/XMHXgroupYPCZ/M00/9D/35/rBIBUGiQCQSAYyPaAAGykYtxPEw514.pdf","80ml",1,18.71,"https://tps.ybj.hunan.gov.cn/tps-local/XMHXgroupYPCZ/M00/9D/35/rBIBUGiQCVyAOzmAAAZzV6jeDTg962.pdf",0.13,0.56,"内蒙古大唐药业股份有限公司",54.24,{"v":18.645,"d":"18.65"},{"v":14.916,"d":"14.92"},null,{"v":43.2347826086957,"d":"43.2348"},43.23]
[53,"ZA15GAH0056010100591","汉桃叶软胶囊","国产","软胶囊剂","每粒内容物重0.4g(含干浸膏0.2g)","金鸿药业股份有限公司","每粒内容物重0.4g(含干浸膏0.2g)×45粒/盒",45,"铝塑泡罩","粒","国药准字Z20158004","贵州省","ZA15GAH0056010100591",142.99,"每粒内容物重0.4g(含干浸膏0.2g)",3.1776,45,"河北省","ZA15GAH0056010100591",142.99,"每粒内容物重0.4g(含干浸膏0.2g)",3.1776,45,"北京市","ZA15GAH0056010100591",142.99,3.1776,"https://tps.ybj.hunan.gov.cn/tps-local/XMHXgroupYPCZ/M00/9C/C6/rBIBUGiMIw2Affm_AARaQWX2jG0783.pdf","https://tps.ybj.hunan.gov.cn/tps-local/XMHXgroupYPCZ/M00/9C/C6/rBIBUGiMIyyAEMx7AAQ9Jkm_VMU276.pdf","https://tps.ybj.hunan.gov.cn/tps-local/XMHXgroupYPCZ/M00/9C/C6/rBIBUGiMI2OAcqD1AAmoO1BDnEc434.pdf","每粒内容物重0.4g(含干浸膏0.2g)",45,47.66,"https://tps.ybj.hunan.gov.cn/tps-local/XMHXgroupYPCZ/M00/9C/C7/rBIBUGiMI6-AS77OAAQ0-GoX8JI364.pdf",15,15,"金鸿药业股份有限公司",142.99,{"$nulls":3},{"v":3.17755555555556,"d":"3.1776"},142.99]
[54,"ZA16FAF0044010103891","分清五淋丸","国产","水丸","每袋装6g","内蒙古大唐药业股份有限公司","每袋装6g×9袋/盒",9,"铝塑复合袋","袋","国药准字Z15020176","江西省","ZA16FAF0044010103891",80,"每袋装6g",8.8889,9,"广西壮族自治区","ZA16FAF0044010103891",80,"每袋装6g",8.8889,9,"新疆维吾尔自治区","ZA16FAF0044010103891",80,8.8889,"https://tps.ybj.hunan.gov.cn/tps-local/XMHXgroupYPCZ/M00/9E/9B/rBIBUGiVTDGAf9DtAAGNpSWIVEU980.jpg","https://tps.ybj.hunan.gov.cn/tps-local/XMHXgroupYPCZ/M00/9E/9B/rBIBUGiVTDWAUAtbAAGekv610yY830.jpg","https://tps.ybj.hunan.gov.cn/tps-local/XMHXgroupYPCZ/M00/9E/9B/rBIBUGiVTD6AeZylAAHDtx0cJ5c411.jpg","每袋装6g",9,17.78,"https://tps.ybj.hunan.gov.cn/tps-local/XMHXgroupYPCZ/M00/9E/9B/rBIBUGiVTKaAItGBABDnBO4BHtk176.pdf",1,3,"内蒙古大唐药业股份有限公司",80,{"v":14.375,"d":"14.38"},{"v":11.5,"d":"11.50"},null,{"v":5.75,"d":"5.7500"},51.75]
[55,"ZA09AAC0503020104316","刺五加片","国产","片剂(糖衣片)","无","安徽仁和药业有限公司","无×200片/盒",200,"口服固体药用高密度聚乙烯瓶装","片","国药准字Z34020485","浙江省","ZA09AAC0503020104316",257.89,"无",1.2895,200,"安徽省","ZA09AAC0503020104316",257.89,"无",1.2895,200,"黑龙江省","ZA09AAC0503020104316",257.89,1.2895,"https://tps.ybj.hunan.gov.cn/tps-local/XMHXgroupYPCZ/M00/9C/C3/rBIBUGiMH26AAISKAAWRzcVhubc580.pdf","https://tps.ybj.hunan.gov.cn/tps-local/XMHXgroupYPCZ/M00/9C/C3/rBIBUGiMH6-AanprAAK8dS8HexM605.pdf","https://tps.ybj.hunan.gov.cn/tps-local/XMHXgroupYPCZ/M00/9C/C4/rBIBUGiMH_GAVlMyAAL_ih1S50w921.pdf","无",200,6.45,"https://tps.ybj.hunan.gov.cn/tps-local/XMHXgroupYPCZ/M00/9C/C4/rBIBUGiMIHqAdHvoAAh44k6tx4Y945.pdf",4,6,"安徽仁和药业有限公司",257.89,26.75,{"v":21.4,"d":"21.40"},null,{"v":1.28945,"d":"1.2895"},257.89]
[56,"ZA01AAG0120010104198","感冒清热颗粒","国产","颗粒剂","每袋装12g","山东岳草堂药业有限公司","每袋装12g×10袋/盒",10,"药用复合膜","袋","国药准字Z37021409","山东省","ZA01AAG0120010104198",9.8,"每袋装12g",0.98,10,"广西壮族自治区","ZA01AAG0120010104198",9.8,"每袋装12g",0.98,10,"重庆市","ZA01AAG0120010104198",9.8,0.98,"https://tps.ybj.hunan.gov.cn/tps-local/XMHXgroupYPCZ/M00/9C/C6/rBIBUGiMI16ADOl1AAM-sBxIc1M774.jpg","https://tps.ybj.hunan.gov.cn/tps-local/XMHXgroupYPCZ/M00/9C/C7/rBIBUGiMI22ASrOXAAMKc5pvHlc037.pdf","https://tps.ybj.hunan.gov.cn/tps-local/XMHXgroupYPCZ/M00/9C/C7/rBIBUGiMI3SAP4XJAALhN2CqRYs941.pdf","每袋装12g",10,1.96,"https://tps.ybj.hunan.gov.cn/tps-local/XMHXgroupYPCZ/M00/9C/C6/rBIBUGiMI1OAeMhaAAVLAYc1ml4459.jpg",2,2,"山东岳草堂药业有限公司",9.8,{"v":9,"d":"9.00"},{"v":7.2,"d":"7.20"},null,{"v":0.98,"d":"0.9800"},9.8]
[57,"ZA01AAG0120020504198","感冒清热颗粒","国产","颗粒剂","每袋装6g(无蔗糖)","山东岳草堂药业有限公司","每袋装6g(无蔗糖)×6袋/盒",6,"药用复合膜","袋","国药准字Z37021409","山东省","ZA01AAG0120020504198",15,"每袋装6g(无蔗糖)",2.5,6,"广西壮族自治区","ZA01AAG0120020504198",15,"每袋装6g(无蔗糖)",2.5,6,"重庆市","ZA01AAG0120020504198",15,2.5,"https://tps.ybj.hunan.gov.cn/tps-local/XMHXgroupYPCZ/M00/9C/C7/rBIBUGiMI8WATwn1AAM9VJ6w9Os942.pdf","https://tps.ybj.hunan.gov.cn/tps-local/XMHXgroupYPCZ/M00/9C/C7/rBIBUGiMI8yAR5o_AAMLajic4fk426.jpg","https://tps.ybj.hunan.gov.cn/tps-local/XMHXgroupYPCZ/M00/9C/C7/rBIBUGiMI9aAXwZaAALhfM-eENY314.jpg","每袋装6g(无蔗糖)",6,5,"https://tps.ybj.hunan.gov.cn/tps-local/XMHXgroupYPCZ/M00/9C/C7/rBIBUGiMI--AeQJeAARbXC-G4p0094.jpg",2,2,"山东岳草堂药业有限公司",15,{"v":9,"d":"9.00"},{"v":7.2,"d":"7.20"},null,{"v":2.5,"d":"2.5000"},15]
[58,"ZA01AAG0120020804198","感冒清热颗粒","国产","颗粒剂","每袋装6g(无蔗糖)","山东岳草堂药业有限公司","每袋装6g(无蔗糖)×9袋/盒",9,"药用复合膜","袋","国药准字Z37021409","山东省","ZA01AAG0120020804198",22.5,"每袋装6g(无蔗糖)",2.5,9,"广西壮族自治区","ZA01AAG0120020804198",22.5,"每袋装6g(无蔗糖)",2.5,9,"重庆市","ZA01AAG0120020804198",22.5,2.5,"https://tps.ybj.hunan.gov.cn/tps-local/XMHXgroupYPCZ/M00/9C/C8/rBIBUGiMJcWAAJBVAAM-sBxIc1M929.jpg","https://tps.ybj.hunan.gov.cn/tps-local/XMHXgroupYPCZ/M00/9C/C8/rBIBUGiMJc2AMNbQAAMLajic4fk076.jpg","https://tps.ybj.hunan.gov.cn/tps-local/XMHXgroupYPCZ/M00/9C/C8/rBIBUGiMJdOAdwpxAALhfM-eENY155.jpg","每袋装6g(无蔗糖)",9,5,"https://tps.ybj.hunan.gov.cn/tps-local/XMHXgroupYPCZ/M00/9C/C9/rBIBUGiMJjqALR1-AAdj_xTkYZs320.jpg",2,2,"山东岳草堂药业有限公司",22.5,{"v":9,"d":"9.00"},{"v":7.2,"d":"7.20"},null,{"v":2.5,"d":"2.5000"},22.5]
[59,"ZA04BAB0189010104198","板蓝根颗粒","国产","颗粒剂","10g","山东岳草堂药业有限公司","10g×20袋/盒",20,"药用复合膜","袋","国药准字Z37021225","云南省","ZA04BAB0189010104198",14.2,"10g",0.71,20,"山东省","ZA04BAB0189010104198",14.2,"10g",0.71,20,"重庆市","ZA04BAB0189010104198",14.2,0.71,"https://tps.ybj.hunan.gov.cn/tps-local/XMHXgroupYPCZ/M00/9C/CD/rBIBUGiMKyiAHDj2AAHs2-i47nQ509.jpg","https://tps.ybj.hunan.gov.cn/tps-local/XMHXgroupYPCZ/M00/9C/CD/rBIBUGiMKz-Ad0htAAHTLtZqhxI315.jpg","https://tps.ybj.hunan.gov.cn/tps-local/XMHXgroupYPCZ/M00/9C/CE/rBIBUGiMLBiAaa2BAAJfsye9pMM325.jpg","10g",20,2.49,"https://tps.ybj.hunan.gov.cn/tps-local/XMHXgroupYPCZ/M00/9C/CF/rBIBUGiMLJ6AKDJ2AAT00LMPsio927.pdf",3,4,"山东岳草堂药业有限公司",14.2,{"v":24.0625,"d":"24.06"},19.25,null,{"v":0.71,"d":"0.7100"},14.2]
[60,"ZA06CAX0435010404198","小儿咳喘灵口服液","国产","合剂","每支装10ml","山东岳草堂药业有限公司","每支装10ml×6支/盒",6,"玻璃瓶","支","国药准字Z37021213","重庆市","ZA06CAX0435010404198",30,"每支装10ml",5,6,"广西壮族自治区","ZA06CAX0435010404198",30,"每支装10ml",5,6,"四川省","ZA06CAX0435010404198",30,5,"https://tps.ybj.hunan.gov.cn/tps-local/XMHXgroupYPCZ/M00/9C/D1/rBIBUGiMMM-AdIVgAAJ6YPvxM9k814.jpg","https://tps.ybj.hunan.gov.cn/tps-local/XMHXgroupYPCZ/M00/9C/D1/rBIBUGiMMNuAOYkyAALdYp5cbX4036.jpg","https://tps.ybj.hunan.gov.cn/tps-local/XMHXgroupYPCZ/M00/9C/D1/rBIBUGiMMPSAA314AAJq0Jejmxw701.jpg","每支装10ml",6,17.5,"https://tps.ybj.hunan.gov.cn/tps-local/XMHXgroupYPCZ/M00/9C/D2/rBIBUGiMMaaANP86ABsMf8uHU1M989.jpg",3,4,"山东岳草堂药业有限公司",30,{"v":57.618,"d":"57.62"},{"v":46.0944,"d":"46.09"},null,{"v":5,"d":"5.0000"},30]
[61,"ZA09ABX0898010204198","小儿腹泻宁糖浆","国产","糖浆剂","10ml","山东岳草堂药业有限公司","10ml×6支/盒",6,"玻璃瓶","支","国药准字Z37021212","江苏省","ZA09ABX0898010204198",36,"10ml",6,6,"四川省","ZA09ABX0898010204198",36,"10ml",6,6,"广西壮族自治区","ZA09ABX0898010204198",36,6,"https://tps.ybj.hunan.gov.cn/tps-local/XMHXgroupYPCZ/M00/9C/D2/rBIBUGiMMj6AYF9SAAImBe5Bv7c291.jpg","https://tps.ybj.hunan.gov.cn/tps-local/XMHXgroupYPCZ/M00/9C/D2/rBIBUGiMMlKAB4ltAAIQqqFjMIE779.jpg","https://tps.ybj.hunan.gov.cn/tps-local/XMHXgroupYPCZ/M00/9C/D3/rBIBUGiMMnuAQN3SAAPPSWPsUco788.jpg","10ml",6,12,"https://tps.ybj.hunan.gov.cn/tps-local/XMHXgroupYPCZ/M00/9C/D3/rBIBUGiMMuSAXRzQAAPGxvqNONs298.jpg",2,2,"山东岳草堂药业有限公司",36,{"v":290,"d":"290.00"},{"v":232,"d":"232.00"},null,{"v":6,"d":"6.0000"},36]
[62,"ZA09GAC0147010204316","参芪消渴颗粒","国产","颗粒剂","每袋装12g","安徽仁和药业有限公司","每袋装12g×6袋/盒",6,"聚酯、铝、聚乙烯药品包装用复合膜袋装","袋","国药准字Z20093022","内蒙古自治区","ZA09GAC0147010204316",198,"每袋装12g",33,6,"安徽省","ZA09GAC0147010204316",198,"每袋装12g",33,6,"黑龙江省","ZA09GAC0147010204316",198,33,"https://tps.ybj.hunan.gov.cn/tps-local/XMHXgroupYPCZ/M00/9C/C5/rBIBUGiMIXqAaPNVAAMfevtjMPs667.pdf","https://tps.ybj.hunan.gov.cn/tps-local/XMHXgroupYPCZ/M00/9C/C5/rBIBUGiMIbaAfi9eAAKY_FcYSbQ082.pdf","https://tps.ybj.hunan.gov.cn/tps-local/XMHXgroupYPCZ/M00/9C/C5/rBIBUGiMIeaANWDKAANVJ94Ylio345.pdf","每袋装12g",6,148.5,"https://tps.ybj.hunan.gov.cn/tps-local/XMHXgroupYPCZ/M00/9C/C5/rBIBUGiMIiSAQCpIAAKXEHXekV8513.jpg",3,6,"安徽仁和药业有限公司",198,{"v":21.6,"d":"21.60"},{"$f":"AN65*0.8","v":17.28},null,{"v":3.84,"d":"3.8400"},{"$f":"AQ65*I65","v":23.04}]
[63,"ZA01AAG0120050204198","感冒清热颗粒","国产","颗粒剂","每袋装12g","山东岳草堂药业有限公司","每袋装12g×6袋/盒",6,"药用复合膜","袋","国药准字Z37021409","山东省","ZA01AAG0120050204198",5.88,"每袋装12g",0.98,6,"广西壮族自治区","ZA01AAG0120050204198",5.88,"每袋装12g",0.98,6,"重庆市","ZA01AAG0120050204198",5.88,0.98,"https://tps.ybj.hunan.gov.cn/tps-local/XMHXgroupYPCZ/M00/9C/CF/rBIBUGiMLWCAGk1bAAM-sBxIc1M037.jpg","https://tps.ybj.hunan.gov.cn/tps-local/XMHXgroupYPCZ/M00/9C/CF/rBIBUGiMLXCAE1VuAAMLajic4fk259.jpg","https://tps.ybj.hunan.gov.cn/tps-local/XMHXgroupYPCZ/M00/9C/CF/rBIBUGiMLXiAJfnhAALhfM-eENY568.jpg","每袋装12g",6,1.96,"https://tps.ybj.hunan.gov.cn/tps-local/XMHXgroupYPCZ/M00/9C/CF/rBIBUGiMLPOAHqa7AAaWnpzvKQE613.pdf",2,2,"山东岳草堂药业有限公司",5.88,{"v":9,"d":"9.00"},{"v":7.2,"d":"7.20"},null,{"v":0.98,"d":"0.9800"},5.88]
[64,"ZA01AAG0120050304198","感冒清热颗粒","国产","颗粒剂","每袋装12g","山东岳草堂药业有限公司","每袋装12g×11袋/盒",11,"药用复合膜","袋","国药准字Z37021409","山东省","ZA01AAG0120050304198",10.78,"每袋装12g",0.98,11,"广西壮族自治区","ZA01AAG0120050304198",10.78,"每袋装12g",0.98,11,"重庆市","ZA01AAG0120050304198",10.78,0.98,"https://tps.ybj.hunan.gov.cn/tps-local/XMHXgroupYPCZ/M00/9C/C4/rBIBUGiMIJuAei2FAAM9VJ6w9Os876.pdf","https://tps.ybj.hunan.gov.cn/tps-local/XMHXgroupYPCZ/M00/9C/C4/rBIBUGiMIKKAGTgbAAMKc5pvHlc729.pdf","https://tps.ybj.hunan.gov.cn/tps-local/XMHXgroupYPCZ/M00/9C/C4/rBIBUGiMIKqAV33sAALhN2CqRYs828.pdf","每袋装12g",11,1.96,"https://tps.ybj.hunan.gov.cn/tps-local/XMHXgroupYPCZ/M00/9C/C4/rBIBUGiMIIOAUyjQAAnqXQ384qw021.pdf",2,2,"山东岳草堂药业有限公司",10.78,{"v":9,"d":"9.00"},{"v":7.2,"d":"7.20"},null,{"v":0.98,"d":"0.9800"},10.78]
[65,"ZA01BAS0837010302238","双黄连咀嚼片","国产","片剂(咀嚼片)","每片重1.0g","河北百善药业有限公司","每片重1.0g×18片/盒",18,"药用铝箔/聚氯乙烯固体药用硬片包装","片","国药准字Z10980061","贵州省","ZA01BAS0837010302238",54,"每片重1.0g",3,18,"黑龙江省","ZA01BAS0837010302238",54,"每片重1.0g",3,18,"内蒙古自治区","ZA01BAS0837010302238",54,3,"https://tps.ybj.hunan.gov.cn/tps-local/XMHXgroupYPCZ/M00/9C/C3/rBIBUGiMH5KAC8O8AAzhzlICOXI575.jpg","https://tps.ybj.hunan.gov.cn/tps-local/XMHXgroupYPCZ/M00/9C/C3/rBIBUGiMH6mAQzydAAyn2qitT4A004.jpg","https://tps.ybj.hunan.gov.cn/tps-local/XMHXgroupYPCZ/M00/9C/C3/rBIBUGiMH8CAby9aAA3n5hBR60M046.jpg","每片重1.0g",18,27,"https://tps.ybj.hunan.gov.cn/tps-local/XMHXgroupYPCZ/M00/9C/C4/rBIBUGiMIAyATw4mAA2pRswMEpc231.jpg",9,9,"河北百善药业有限公司",54,{"$nulls":3},{"v":3,"d":"3.0000"},54]
[66,"ZA05BAX0153030302110","香砂养胃颗粒","国产","颗粒剂","每袋装5g","四川天德制药有限公司","每袋装5g×5袋/盒",5,"药用复合膜袋装","袋","国药准字Z51022294","安徽省","ZA05BAX0153030302110",19.25,"每袋装5g",3.85,5,"广西壮族自治区","ZA05BAX0153030302110",19.25,"每袋装5g",3.85,5,"山东省","ZA05BAX0153030302110",19.25,3.85,"https://tps.ybj.hunan.gov.cn/tps-local/XMHXgroupYPCZ/M00/9C/C4/rBIBUGiMIJGARlAhAAWqfLb40_4623.pdf","https://tps.ybj.hunan.gov.cn/tps-local/XMHXgroupYPCZ/M00/9C/C4/rBIBUGiMIJWAIw34AAGM2OakcEw054.pdf","https://tps.ybj.hunan.gov.cn/tps-local/XMHXgroupYPCZ/M00/9C/C4/rBIBUGiMIJiAL25VAA9V74NL16w680.pdf","每袋装5g",5,7.7,"https://tps.ybj.hunan.gov.cn/tps-local/XMHXgroupYPCZ/M00/9C/C4/rBIBUGiMIE6AD1acAAMAyxMtUSk292.png",2,2,"四川天德制药有限公司",19.25,{"v":24,"d":"24.00"},{"v":19.2,"d":"19.20"},null,{"v":3.85,"d":"3.8500"},19.25]
[67,"ZA09GAX0021020102685","西洋参胶囊","国产","胶囊剂","每粒装0.5g","河北百善药业有限公司","每粒装0.5g×90粒/盒",90,"药品包装用铝箔/聚氯乙烯固体药用硬片包装。","粒","国药准字Z20063706","安徽省","ZA09GAX0021020102685",398,"每粒装0.5g",4.4222,90,"贵州省","ZA09GAX0021020102685",398,"每粒装0.5g",4.4222,90,"河北省","ZA09GAX0021020102685",398,4.4222,"https://tps.ybj.hunan.gov.cn/tps-local/XMHXgroupYPCZ/M00/9C/C4/rBIBUGiMILuAYRrNAAvSri7hngQ051.jpg","https://tps.ybj.hunan.gov.cn/tps-local/XMHXgroupYPCZ/M00/9C/C4/rBIBUGiMIN-ALBc_AAyz30jH5R4536.jpg","https://tps.ybj.hunan.gov.cn/tps-local/XMHXgroupYPCZ/M00/9C/C4/rBIBUGiMIPWAdPrBAAy4XmDjlUU809.jpg","每粒装0.5g",90,26.53,"https://tps.ybj.hunan.gov.cn/tps-local/XMHXgroupYPCZ/M00/9C/C5/rBIBUGiMISWAYXFyAAvUkgMKP2w324.jpg",6,6,"河北百善药业有限公司",398,{"v":42,"d":"42.00"},{"v":33.6,"d":"33.60"},null,{"v":4.42222222222222,"d":"4.4222"},398]
[68,"ZF03AAY0023010102685","咽炎片","国产","片剂","每片重0.25克","河北百善药业有限公司","每片重0.25克×45片/盒",45,"药品包装用铝箔/聚氯乙烯固体药用硬片包装","片","国药准字Z20063727","安徽省","ZF03AAY0023010102685",23.93,"每片重0.25克",0.5318,45,"贵州省","ZF03AAY0023010102685",23.93,"每片重0.25克",0.5318,45,"内蒙古自治区","ZF03AAY0023010102685",23.93,0.5318,"https://tps.ybj.hunan.gov.cn/tps-local/XMHXgroupYPCZ/M00/9C/C5/rBIBUGiMIhGAT7uuAAxCH2GDZ2A258.jpg","https://tps.ybj.hunan.gov.cn/tps-local/XMHXgroupYPCZ/M00/9C/C5/rBIBUGiMIeSAQItMAAySKDH3Vpg183.jpg","https://tps.ybj.hunan.gov.cn/tps-local/XMHXgroupYPCZ/M00/9C/C5/rBIBUGiMIgmAD9viAAvq55ywBiE703.jpg","每片重0.25克",45,7.98,"https://tps.ybj.hunan.gov.cn/tps-local/XMHXgroupYPCZ/M00/9C/C6/rBIBUGiMInKAI9dLAAoTkUuzvc4117.jpg",15,15,"河北百善药业有限公司",23.93,{"v":6.47083333333333,"d":"6.47"},{"v":5.17666666666667,"d":"5.18"},null,{"v":0.345111111111111,"d":"0.3451"},15.53]
[69,"ZA09AAS0923010102133","四君子颗粒","国产","颗粒剂","每袋装15g","四川绵德堂制药有限公司","每袋装15g×6袋/盒",6,"复合膜袋","袋","国药准字Z20064424","黑龙江省","ZA09AAS0923010102133",20.25,"每袋装15g",3.375,6,"广西壮族自治区","ZA09AAS0923010102133",20.25,"每袋装15g",3.375,6,"海南省","ZA09AAS0923010102133",20.25,3.375,"https://tps.ybj.hunan.gov.cn/tps-local/XMHXgroupYPCZ/M00/9C/C6/rBIBUGiMI1KAbQvMAAduW_4-a4M423.jpg","https://tps.ybj.hunan.gov.cn/tps-local/XMHXgroupYPCZ/M00/9C/C7/rBIBUGiMI5uANSnaAAjYIcAPZTQ810.jpg","https://tps.ybj.hunan.gov.cn/tps-local/XMHXgroupYPCZ/M00/9C/C7/rBIBUGiMI6eAIbMJAASuBNzuGEw460.jpg","每袋装15g",6,10.13,"https://tps.ybj.hunan.gov.cn/tps-local/XMHXgroupYPCZ/M00/9C/C7/rBIBUGiMI_KAZ4FGAAcju2ua-Zg564.jpg",3,3,"四川绵德堂制药有限公司",20.25,10.56,{"v":8.448,"d":"8.45"},null,{"v":2.816,"d":"2.8160"},16.9]
[70,"ZA09AAS0923010202133","四君子颗粒","国产","颗粒剂","每袋装15g","四川绵德堂制药有限公司","每袋装15g×9袋/盒",9,"复合膜袋","袋","国药准字Z20064424","黑龙江省","ZA09AAS0923010202133",30.38,"每袋装15g",3.3756,9,"海南省","ZA09AAS0923010202133",30.38,"每袋装15g",3.3756,9,"广西壮族自治区","ZA09AAS0923010202133",30.38,3.3756,"https://tps.ybj.hunan.gov.cn/tps-local/XMHXgroupYPCZ/M00/9C/C7/rBIBUGiMJLeAa9xYAAduW_4-a4M446.jpg","https://tps.ybj.hunan.gov.cn/tps-local/XMHXgroupYPCZ/M00/9C/C7/rBIBUGiMJNyAFCruAASuBNzuGEw877.jpg","https://tps.ybj.hunan.gov.cn/tps-local/XMHXgroupYPCZ/M00/9C/C7/rBIBUGiMJOeAKWXGAAjYIcAPZTQ371.jpg","每袋装15g",9,10.13,"https://tps.ybj.hunan.gov.cn/tps-local/XMHXgroupYPCZ/M00/9C/C7/rBIBUGiMJJyAE639AAcju2ua-Zg665.jpg",3,3,"四川绵德堂制药有限公司",30.38,10.56,{"v":8.448,"d":"8.45"},null,{"v":2.816,"d":"2.8160"},25.34]
[71,"ZA09AAS0923010302133","四君子颗粒","国产","颗粒剂","每袋装15g","四川绵德堂制药有限公司","每袋装15g×12袋/盒",12,"复合膜袋","袋","国药准字Z20064424","黑龙江省","ZA09AAS0923010302133",40.5,"每袋装15g",3.375,12,"广西壮族自治区","ZA09AAS0923010302133",40.5,"每袋装15g",3.375,12,"海南省","ZA09AAS0923010302133",40.5,3.375,"https://tps.ybj.hunan.gov.cn/tps-local/XMHXgroupYPCZ/M00/9C/C8/rBIBUGiMJVCAQmz0AAduW_4-a4M003.jpg","https://tps.ybj.hunan.gov.cn/tps-local/XMHXgroupYPCZ/M00/9C/C8/rBIBUGiMJVWAd16xAAjYIcAPZTQ705.jpg","https://tps.ybj.hunan.gov.cn/tps-local/XMHXgroupYPCZ/M00/9C/C8/rBIBUGiMJVuAGVkzAASuBNzuGEw268.jpg","每袋装15g",12,10.13,"https://tps.ybj.hunan.gov.cn/tps-local/XMHXgroupYPCZ/M00/9C/C8/rBIBUGiMJbKAHG6uAAcju2ua-Zg671.jpg",3,3,"四川绵德堂制药有限公司",40.5,10.56,{"v":8.448,"d":"8.45"},null,{"v":2.816,"d":"2.8160"},33.79]
[72,"ZA09AAS0923020102133","四君子颗粒","国产","颗粒剂","每袋装15g","四川绵德堂制药有限公司","每袋装15g×15袋/盒",15,"复合膜袋","袋","国药准字Z20064424","黑龙江省","ZA09AAS0923020102133",50.63,"每袋装15g",3.3753,15,"广西壮族自治区","ZA09AAS0923020102133",50.63,"每袋装15g",3.3753,15,"海南省","ZA09AAS0923020102133",50.63,3.3753,"https://tps.ybj.hunan.gov.cn/tps-local/XMHXgroupYPCZ/M00/9C/C9/rBIBUGiMJpCAXcB3AAduW_4-a4M241.jpg","https://tps.ybj.hunan.gov.cn/tps-local/XMHXgroupYPCZ/M00/9C/C9/rBIBUGiMJpaADnYFAAjYIcAPZTQ976.jpg","https://tps.ybj.hunan.gov.cn/tps-local/XMHXgroupYPCZ/M00/9C/C9/rBIBUGiMJpyABVlNAASuBNzuGEw374.jpg","每袋装15g",15,10.13,"https://tps.ybj.hunan.gov.cn/tps-local/XMHXgroupYPCZ/M00/9C/C9/rBIBUGiMJkCAUdzvAAcju2ua-Zg569.jpg",3,3,"四川绵德堂制药有限公司",50.63,10.56,{"v":8.448,"d":"8.45"},null,{"v":2.816,"d":"2.8160"},42.24]
[73,"ZA12GAX0606010102133","心安胶囊","国产","胶囊剂","每粒含总黄酮80mg","四川绵德堂制药有限公司","每粒含总黄酮80mg×30粒/盒",30,"铝塑泡罩包装","粒","国药准字Z20194064","江西省","ZA12GAX0606010102133",81,"每粒含总黄酮80mg",2.7,30,"山东省","ZA16BAF0098010102133",81,"每粒装0.3g",2.7,30,"广西壮族自治区","ZA16BAF0098010102133",81,2.7,"https://tps.ybj.hunan.gov.cn/tps-local/XMHXgroupYPCZ/M00/9C/CE/rBIBUGiMLFuAPdu4AAn1h7KPPao033.jpg","https://tps.ybj.hunan.gov.cn/tps-local/XMHXgroupYPCZ/M00/9C/CE/rBIBUGiMLGSAEBWPAA63UezUYRw119.jpg","https://tps.ybj.hunan.gov.cn/tps-local/XMHXgroupYPCZ/M00/9C/D0/rBIBUGiMLfiAeJ7RAA1XcbcpzUY283.jpg","每粒装0.3g",30,20.25,"https://tps.ybj.hunan.gov.cn/tps-local/XMHXgroupYPCZ/M00/9C/CE/rBIBUGiMK5iAAP4bAAeBirJZskM677.jpg",6,9,"四川绵德堂制药有限公司",81,{"v":27.0625,"d":"27.06"},21.65,null,{"v":2.7,"d":"2.7000"},81]
[74,"ZA09AAS0923030102133","四君子颗粒","国产","颗粒剂","每袋装15g","四川绵德堂制药有限公司","每袋装15g×90袋/盒",90,"复合膜袋","袋","国药准字Z20064424","黑龙江省","ZA09AAS0923030102133",303.75,"每袋装15g",3.375,90,"浙江省","ZA09AAS0923030102133",303.75,"每袋装15g",3.375,90,"广西壮族自治区","ZA09AAS0923030102133",303.75,3.375,"https://tps.ybj.hunan.gov.cn/tps-local/XMHXgroupYPCZ/M00/9C/D0/rBIBUGiMLn2AUBEhAAduW_4-a4M396.jpg","https://tps.ybj.hunan.gov.cn/tps-local/XMHXgroupYPCZ/M00/9C/D0/rBIBUGiMLoGACnLBAAebH036AOo305.jpg","https://tps.ybj.hunan.gov.cn/tps-local/XMHXgroupYPCZ/M00/9C/D0/rBIBUGiMLpCAO0a7AAjYIcAPZTQ429.jpg","每袋装15g",90,10.13,"https://tps.ybj.hunan.gov.cn/tps-local/XMHXgroupYPCZ/M00/9C/D0/rBIBUGiMLveAUWYyAA20N64yV9A697.pdf",3,3,"四川绵德堂制药有限公司",303.75,10.56,{"v":8.448,"d":"8.45"},null,{"v":2.816,"d":"2.8160"},253.44]
[75,"ZA16HAZ0439010102685","壮腰健肾片","国产","片剂","-","河北百善药业有限公司","-",72,"药品包装用铝箔/聚氯乙烯固体药用硬片包装","片","国药准字Z20063726","安徽省","ZA16HAZ0439010102685",141.88,"-",1.9706,72,"北京市","ZA16HAZ0439010102685",141.88,"-",1.9706,72,"内蒙古自治区","ZA16HAZ0439010102685",141.88,1.9706,"https://tps.ybj.hunan.gov.cn/tps-local/XMHXgroupYPCZ/M00/9C/C6/rBIBUGiMI0aAQ7UGAAxF-zkQIgA084.jpg","https://tps.ybj.hunan.gov.cn/tps-local/XMHXgroupYPCZ/M00/9C/C7/rBIBUGiMI4-ARg8wAA048ohktKQ267.jpg","https://tps.ybj.hunan.gov.cn/tps-local/XMHXgroupYPCZ/M00/9C/C7/rBIBUGiMI56AW44NAA0hfJ7H4d0238.jpg","-",72,19.71,"https://tps.ybj.hunan.gov.cn/tps-local/XMHXgroupYPCZ/M00/9C/C7/rBIBUGiMJE6AdiYuAAywK2juKaY148.jpg",8,12,"河北百善药业有限公司",141.88,{"v":20,"d":"20.00"},{"v":16,"d":"16.00"},null,{"v":1.6,"d":"1.6000"},115.2]
[76,"ZA06CAS0325020101855","蛇胆川贝液","国产","糖浆剂","每支装10ml","湖北太子药业有限公司","每支装10ml×6支/盒",6,"口服液体用聚氯乙烯/低密度聚乙烯药品包装用复合硬片","支","国药准字Z42020147","广西壮族自治区","ZA06CAS0325020101855",15,"每支装10ml",2.5,6,"内蒙古自治区","ZA06CAS0325020101855",15,"每支装10ml",2.5,6,"新疆维吾尔自治区","ZA06CAS0325020101855",15,2.5,"https://tps.ybj.hunan.gov.cn/tps-local/XMHXgroupYPCZ/M00/9D/03/rBIBUGiMet2AFZivAASuchG8onY550.pdf","https://tps.ybj.hunan.gov.cn/tps-local/XMHXgroupYPCZ/M00/9D/03/rBIBUGiMeuWAH2j6AAQ0FpGTgZE740.pdf","https://tps.ybj.hunan.gov.cn/tps-local/XMHXgroupYPCZ/M00/9D/03/rBIBUGiMeu6AGtD4AAQY7gblWlU235.pdf","每支装10ml",6,5,"https://tps.ybj.hunan.gov.cn/tps-local/XMHXgroupYPCZ/M00/9D/03/rBIBUGiMe1yAU1CIAAaAD5uUUBA925.pdf",2,2,"湖北太子药业有限公司",15,{"v":22.2,"d":"22.20"},17.76,null,{"v":2.5,"d":"2.5000"},15]
[77,"ZA06CAS0325020201855","蛇胆川贝液","国产","糖浆剂","每支装10ml","湖北太子药业有限公司","每支装10ml×10支/盒",10,"口服液体用聚氯乙烯/低密度聚乙烯药品包装用复合硬片","支","国药准字Z42020147","广西壮族自治区","ZA06CAS0325020201855",25,"每支装10ml",2.5,10,"内蒙古自治区","ZA06CAS0325020201855",25,"每支装10ml",2.5,10,"新疆维吾尔自治区","ZA06CAS0325020201855",25,2.5,"https://tps.ybj.hunan.gov.cn/tps-local/XMHXgroupYPCZ/M00/9D/04/rBIBUGiMfE-AJHRaAASuACLGzjE315.pdf","https://tps.ybj.hunan.gov.cn/tps-local/XMHXgroupYPCZ/M00/9D/04/rBIBUGiMfHeAdmSKAAQwRiJBtt0673.pdf","https://tps.ybj.hunan.gov.cn/tps-local/XMHXgroupYPCZ/M00/9D/04/rBIBUGiMfH6ATIfHAAQX3EElS-o159.pdf","每支装10ml",10,5,"https://tps.ybj.hunan.gov.cn/tps-local/XMHXgroupYPCZ/M00/9D/04/rBIBUGiMfCqAXIUGAAaAD5uUUBA393.pdf",2,2,"湖北太子药业有限公司",25,{"v":22.2,"d":"22.20"},17.76,null,{"v":2.5,"d":"2.5000"},25]
[78,"ZA06BBQ0240010101864","强力枇杷露","国产","糖浆剂","100ml","湖北太子药业有限公司","100ml×1瓶/盒",1,"口服液体药用聚酯瓶","瓶","国药准字Z42020301","广西壮族自治区","ZA06BBQ0240010101864",26.8,"100ml",26.8,1,"内蒙古自治区","ZA06BBQ0240010101864",26.8,"100ml",26.8,1,"吉林省","ZA06BBQ0240010101864",26.8,26.8,"https://tps.ybj.hunan.gov.cn/tps-local/XMHXgroupYPCZ/M00/9D/06/rBIBUGiMfdGAGCL2AASwKnwSIR0907.pdf","https://tps.ybj.hunan.gov.cn/tps-local/XMHXgroupYPCZ/M00/9D/06/rBIBUGiMfdqAT7UIAAKXcS34wug314.pdf","https://tps.ybj.hunan.gov.cn/tps-local/XMHXgroupYPCZ/M00/9D/06/rBIBUGiMfeGAXG0QAASC0mPs2Bw812.pdf","100ml",1,12.06,"https://tps.ybj.hunan.gov.cn/tps-local/XMHXgroupYPCZ/M00/9D/05/rBIBUGiMfROAcab8AAZq1tfl1y8097.pdf",0.45,0.45,"湖北太子药业有限公司",26.8,{"v":12.564,"d":"12.56"},{"v":10.0512,"d":"10.05"},null,{"v":22.336,"d":"22.3360"},22.34]
[79,"ZA06DAY0143010103891","养阴清肺膏","国产","煎膏剂(膏滋)","每瓶装100ml","内蒙古大唐药业股份有限公司","每瓶装100ml×1瓶/盒",1,"药用塑料瓶","瓶","国药准字Z15020130","江苏省","ZA06DAY0143010103891",128,"每瓶装100ml",128,1,"内蒙古自治区","ZA06DAY0143010103891",128,"每瓶装100ml",128,1,"贵州省","ZA06DAY0143010103891",128,128,"https://tps.ybj.hunan.gov.cn/tps-local/XMHXgroupYPCZ/M00/9E/9B/rBIBUGiVTQWADgQbAAEg2bHTNiw595.jpg","https://tps.ybj.hunan.gov.cn/tps-local/XMHXgroupYPCZ/M00/9E/9B/rBIBUGiVTQyASbXvAACu1BOAR4s599.pdf","https://tps.ybj.hunan.gov.cn/tps-local/XMHXgroupYPCZ/M00/9E/9B/rBIBUGiVTR6AJiLxAAGF8rIL9cg904.pdf","每瓶装100ml",1,51.2,"https://tps.ybj.hunan.gov.cn/tps-local/XMHXgroupYPCZ/M00/9E/9B/rBIBUGiVTYSAD5NgAAO8FsYsi9c793.pdf",0.2,0.6,"内蒙古大唐药业股份有限公司",128,{"v":52.664,"d":"52.66"},{"v":42.1312,"d":"42.13"},null,{"v":105.328,"d":"105.3280"},105.33]
[80,"ZA14BAB0245020102952","保和丸","国产","水丸","6g","山西万辉制药有限公司","6g×6袋/盒",6,"复合膜袋","袋","国药准字Z20123087","安徽省","ZA14BAB0245020102952",15,"6g",2.5,6,"北京市","ZA14BAB0245020102952",15,"6g",2.5,6,"内蒙古自治区","ZA14BAB0245020102952",15,2.5,"https://tps.ybj.hunan.gov.cn/tps-local/XMHXgroupYPCZ/M00/9C/CB/rBIBUGiMKTSAdFMWAAQRlq5gPmY851.jpg","https://tps.ybj.hunan.gov.cn/tps-local/XMHXgroupYPCZ/M00/9C/CB/rBIBUGiMKVqAdPePAATCovTqcbg398.jpg","https://tps.ybj.hunan.gov.cn/tps-local/XMHXgroupYPCZ/M00/9C/CC/rBIBUGiMKiaAcU3vAATpy_9I2iY684.jpg","6g",6,6.25,"https://tps.ybj.hunan.gov.cn/tps-local/XMHXgroupYPCZ/M00/9C/CC/rBIBUGiMKoqANqEhAAOF-1XVGZ4450.jpg",2,3,"山西万辉制药有限公司",15,24.75,{"v":19.8,"d":"19.80"},null,{"v":2.5,"d":"2.5000"},15]
[81,"ZA09FAR0053010103882","人参养荣丸","国产","丸剂(水蜜丸)","每袋装6g","山西万辉制药有限公司","每袋装6g×6袋/盒",6,"药用复合膜袋装","袋","国药准字Z15021123","安徽省","ZA09FAR0053010103882",127.5,"每袋装6g",21.25,6,"北京市","ZA09FAR0053010103882",127.5,"每袋装6g",21.25,6,"江西省","ZA09FAR0053010103882",127.5,21.25,"https://tps.ybj.hunan.gov.cn/tps-local/XMHXgroupYPCZ/M00/9C/D1/rBIBUGiMMO6AH7n9AAPyd5G2MeE052.jpg","https://tps.ybj.hunan.gov.cn/tps-local/XMHXgroupYPCZ/M00/9C/D1/rBIBUGiMMQmAT-kJAAUY0DpTq6k950.jpg","https://tps.ybj.hunan.gov.cn/tps-local/XMHXgroupYPCZ/M00/9C/D1/rBIBUGiMMROAMW4iAAQ2lwnwHqg738.jpg","每袋装6g",6,31.88,"https://tps.ybj.hunan.gov.cn/tps-local/XMHXgroupYPCZ/M00/9C/D2/rBIBUGiMMSaAB_vMAAM6c4rlJx0029.jpg",1,2,"山西万辉制药有限公司",127.5,10.53,{"v":8.424,"d":"8.42"},null,{"v":5.616,"d":"5.6160"},33.7]
[82,"ZA10AAB0174010102874","柏子养心丸","国产","水蜜丸","6g/袋(每100粒重20g)","山西万辉制药有限公司","6g/袋(每100粒重20g)×6袋/盒",6,"药用复合膜袋装","袋","国药准字Z14020910","广西壮族自治区","ZA10AAB0174010102874",59.6,"6g/袋(每100粒重20g)",9.9333,6,"黑龙江省","ZA10AAB0174010102874",59.6,"6g/袋(每100粒重20g)",9.9333,6,"北京市","ZA10AAB0174010102874",59.6,9.9333,"https://tps.ybj.hunan.gov.cn/tps-local/XMHXgroupYPCZ/M00/9C/D0/rBIBUGiMLwyAZ6gSAAT-meLwHeE778.jpg","https://tps.ybj.hunan.gov.cn/tps-local/XMHXgroupYPCZ/M00/9C/D0/rBIBUGiML0SAEBUZAAfUcrSdbP8577.jpg","https://tps.ybj.hunan.gov.cn/tps-local/XMHXgroupYPCZ/M00/9C/D0/rBIBUGiML2CALipSAAeT1sj9FE4464.jpg","6g/袋(每100粒重20g)",6,19.87,"https://tps.ybj.hunan.gov.cn/tps-local/XMHXgroupYPCZ/M00/9C/D0/rBIBUGiMLtuARxQoAAMQ_pY8VjI605.jpg",2,2,"山西万辉制药有限公司",59.6,{"v":113.8,"d":"113.80"},91.04,null,{"v":9.93333333333333,"d":"9.9333"},59.6]
[83,"ZA04BAC0452020102076","穿王消炎胶囊","国产","胶囊剂","每粒装0.45g","四川绵德堂制药有限公司","每粒装0.45g×36粒/盒",36,"药用PVC硬片／药品包装用PTP铝箔","粒","国药准字Z20153069","江西省","ZA04BAC0452020102076",42.85,"每粒装0.45g",1.1903,36,"山东省","ZA04BAC0452020102076",42.85,"每粒装0.45g",1.1903,36,"广西壮族自治区","ZA04BAC0452020102076",42.85,1.1903,"https://tps.ybj.hunan.gov.cn/tps-local/XMHXgroupYPCZ/M00/9C/D3/rBIBUGiMMo-AKVCOAAn1h7KPPao112.jpg","https://tps.ybj.hunan.gov.cn/tps-local/XMHXgroupYPCZ/M00/9C/D3/rBIBUGiMMpSAE8avAA63UezUYRw231.jpg","https://tps.ybj.hunan.gov.cn/tps-local/XMHXgroupYPCZ/M00/9C/D3/rBIBUGiMMpiAN1-zAA1XcbcpzUY005.jpg","每粒装0.45g",36,7.14,"https://tps.ybj.hunan.gov.cn/tps-local/XMHXgroupYPCZ/M00/9C/D3/rBIBUGiMMoCAfOIpABMNcjHXbMo306.jpg",6,6,"四川绵德堂制药有限公司",42.85,11.73,{"v":9.384,"d":"9.38"},null,{"v":1.19027777777778,"d":"1.1903"},42.85]
[84,"ZA09AAS0923030202133","四君子颗粒","国产","颗粒剂","每袋装15g","四川绵德堂制药有限公司","每袋装15g×24袋/盒",24,"复合膜袋","袋","国药准字Z20064424","黑龙江省","ZA09AAS0923030202133",81,"每袋装15g",3.375,24,"广西壮族自治区","ZA09AAS0923030202133",81,"每袋装15g",3.375,24,"海南省","ZA09AAS0923030202133",81,3.375,"https://tps.ybj.hunan.gov.cn/tps-local/XMHXgroupYPCZ/M00/9C/D5/rBIBUGiMNX-AUtc0AAduW_4-a4M986.jpg","https://tps.ybj.hunan.gov.cn/tps-local/XMHXgroupYPCZ/M00/9C/D5/rBIBUGiMNaSAAtCdAA1XcbcpzUY166.jpg","https://tps.ybj.hunan.gov.cn/tps-local/XMHXgroupYPCZ/M00/9C/D5/rBIBUGiMNYiAbzr4AASuBNzuGEw632.jpg","每袋装15g",24,10.13,"https://tps.ybj.hunan.gov.cn/tps-local/XMHXgroupYPCZ/M00/9C/D5/rBIBUGiMNWuAEdxqAAcju2ua-Zg487.jpg",3,3,"四川绵德堂制药有限公司",81,10.56,{"v":8.448,"d":"8.45"},null,{"v":2.816,"d":"2.8160"},67.58]
[85,"ZA03AAT0182020402133","通便灵胶囊","国产","胶囊剂","每粒装0.25g","四川绵德堂制药有限公司","每粒装0.25g×20粒/盒",20,"铝塑泡罩包装","粒","国药准字Z20194062","广西壮族自治区","ZA03AAT0182020402133",16.5,"每粒装0.25g",0.825,20,"江西省","ZA03AAT0182020402133",16.5,"每粒装0.25g",0.825,20,"山东省","ZA03AAT0182020402133",16.5,0.825,"https://tps.ybj.hunan.gov.cn/tps-local/XMHXgroupYPCZ/M00/9C/D3/rBIBUGiMMz-AFn8KAA1XcbcpzUY363.jpg","https://tps.ybj.hunan.gov.cn/tps-local/XMHXgroupYPCZ/M00/9C/D3/rBIBUGiMM0OAMBmpAAn1h7KPPao596.jpg","https://tps.ybj.hunan.gov.cn/tps-local/XMHXgroupYPCZ/M00/9C/D3/rBIBUGiMM1KAL5ihAA63UezUYRw800.jpg","每粒装0.25g",20,4.54,"https://tps.ybj.hunan.gov.cn/tps-local/XMHXgroupYPCZ/M00/9C/D5/rBIBUGiMNK-AUOW6AAdLm4jk6Ro205.jpg",5,6,"四川绵德堂制药有限公司",16.5,{"v":5.005,"d":"5.01"},{"v":4.004,"d":"4.00"},null,{"v":0.728,"d":"0.7280"},14.56]
[86,"ZA17AAS0981020104835","苏子油软胶囊","国产","软胶囊剂","每粒装0.5g","锦豪药业(山东)有限责任公司","每粒装0.5g×32粒/瓶",32,"高密度聚乙烯瓶","粒","国药准字Z20070052","山东省","ZA17AAS0981020104835",134,"每粒装0.5g",4.1875,32,"江苏省","ZA17AAS0981020104835",134,"每粒装0.5g",4.1875,32,"贵州省","ZA17AAS0981020104835",134,4.1875,"https://tps.ybj.hunan.gov.cn/tps-local/XMHXgroupYPCZ/M00/9C/D1/rBIBUGiMMQuANWBkAAL_xgnQSTw815.pdf","https://tps.ybj.hunan.gov.cn/tps-local/XMHXgroupYPCZ/M00/9C/D2/rBIBUGiMMYeABUsFAAUlafZFNEQ529.pdf","https://tps.ybj.hunan.gov.cn/tps-local/XMHXgroupYPCZ/M00/9C/D2/rBIBUGiMMX2AFnZlAAcywlUrQTc945.pdf","每粒装0.5g",32,33.5,"https://tps.ybj.hunan.gov.cn/tps-local/XMHXgroupYPCZ/M00/9C/D2/rBIBUGiMMcmAbqUwAAwpy8pAJMQ896.pdf",8,8,"锦豪药业（山东）有限责任公司",134,{"$nulls":3},4.1875,134]
[87,"ZA09CCQ0124010102874","杞菊地黄丸","国产","水蜜丸","6g/袋(每100粒重20g)","山西万辉制药有限公司","6g/袋(每100粒重20g)×6袋/盒",6,"药用复合膜袋装","袋","国药准字Z14021777","江西省","ZA09CCQ0124010102874",27,"6g/袋(每100粒重20g)",4.5,6,"重庆市","ZA09CCQ0124010102874",27,"6g/袋(每100粒重20g)",4.5,6,"广西壮族自治区","ZA09CCQ0124010102874",27,4.5,"https://tps.ybj.hunan.gov.cn/tps-local/XMHXgroupYPCZ/M00/9C/D2/rBIBUGiMMgGACZHAAAXl1Jck100089.jpg","https://tps.ybj.hunan.gov.cn/tps-local/XMHXgroupYPCZ/M00/9C/D3/rBIBUGiMMl-AAXa7AAgr1myhlKc389.jpg","https://tps.ybj.hunan.gov.cn/tps-local/XMHXgroupYPCZ/M00/9C/D2/rBIBUGiMMkuARUzcAAnJ-T0Xtb8846.jpg","6g/袋(每100粒重20g)",6,9,"https://tps.ybj.hunan.gov.cn/tps-local/XMHXgroupYPCZ/M00/9C/D2/rBIBUGiMMcWAGG7YAANDN14pOpk275.jpg",2,2,"山西万辉制药有限公司",27,{"v":15.8333333333333,"d":"15.83"},{"v":12.6666666666667,"d":"12.67"},null,{"v":4.5,"d":"4.5000"},27]
[88,"ZA10DAA0094020103357","安神补脑液","国产","合剂","每支装10ml(含维生素B15mg)","吉林敖东延边药业股份有限公司","每支装10ml(含维生素B15mg)×10袋/盒",10,"聚酯/铝/聚酯/聚乙烯口服液体药用复合膜","袋","国药准字Z22022453","黑龙江省","ZA10DAA0094020103357",18.2,"每支装10ml(含维生素B15mg)",1.82,10,"陕西省","ZA10DAA0094020103357",18.2,"每支装10ml(含维生素B15mg)",1.82,10,"内蒙古自治区","ZA10DAA0094020103357",18.2,1.82,"https://tps.ybj.hunan.gov.cn/tps-local/XMHXgroupYPCZ/M00/9C/D3/rBIBUGiMM0WAKbUlAAPnWX0cqYo408.pdf","https://tps.ybj.hunan.gov.cn/tps-local/XMHXgroupYPCZ/M00/9C/D3/rBIBUGiMM0-ACTQ5AAO13UBF6nQ332.pdf","https://tps.ybj.hunan.gov.cn/tps-local/XMHXgroupYPCZ/M00/9C/D3/rBIBUGiMM1SAc5hMAAO1Aciz7KU916.pdf","每支装10ml(含维生素B15mg)",10,3.64,"https://tps.ybj.hunan.gov.cn/tps-local/XMHXgroupYPCZ/M00/9C/D3/rBIBUGiMM2GAA0D3AAHU6eIoL6Y769.pdf",2,2,"吉林敖东延边药业股份有限公司",18.2,{"v":4.21333333333333,"d":"4.21"},{"v":3.37066666666667,"d":"3.37"},null,{"v":1.68533333333333,"d":"1.6853"},16.85]
[89,"ZA10DAA0094020303357","安神补脑液","国产","合剂","每支装10ml(含维生素B15mg)","吉林敖东延边药业股份有限公司","每支装10ml(含维生素B15mg)×20袋/盒",20,"聚酯/铝/聚酯/聚乙烯口服液体药用复合膜","袋","国药准字Z22022453","黑龙江省","ZA10DAA0094020303357",36.4,"每支装10ml(含维生素B15mg)",1.82,20,"浙江省","ZA10DAA0094020303357",36.4,"每支装10ml(含维生素B15mg)",1.82,20,"贵州省","ZA10DAA0094020303357",36.4,1.82,"https://tps.ybj.hunan.gov.cn/tps-local/XMHXgroupYPCZ/M00/9C/D4/rBIBUGiMNDyAZeohAAK-gOA0a6c042.pdf","https://tps.ybj.hunan.gov.cn/tps-local/XMHXgroupYPCZ/M00/9C/D4/rBIBUGiMND-ARm9vAAKxH92v3DI144.pdf","https://tps.ybj.hunan.gov.cn/tps-local/XMHXgroupYPCZ/M00/9C/D4/rBIBUGiMNEKAZK1KAAEi3_myGrE389.pdf","每支装10ml(含维生素B15mg)",20,3.64,"https://tps.ybj.hunan.gov.cn/tps-local/XMHXgroupYPCZ/M00/9C/D5/rBIBUGiMNHqANl7lACntEnjIqv0617.png",2,2,"吉林敖东延边药业股份有限公司",36.4,{"v":4.21333333333333,"d":"4.21"},{"v":3.37066666666667,"d":"3.37"},null,{"v":1.68533333333333,"d":"1.6853"},33.71]
[90,"ZA04AAX0759050102224","熊胆粉","国产","---","0.25g/瓶","四川省绿野生物制药有限公司","0.25g/瓶×10瓶/盒",10,"低硼硅玻璃管制注射剂瓶","瓶","国药准字Z20000106","广东省","ZA04AAX0759050102224",420,"0.25g/瓶",42,10,"广西壮族自治区","ZA04AAX0759050102224",420,"0.25g/瓶",42,10,"江西省","ZA04AAX0759050102224",420,42,"https://tps.ybj.hunan.gov.cn/tps-local/XMHXgroupYPCZ/M00/9C/E5/rBIBUGiMV1OAMlqhAAL-R1BMfSs450.jpg","https://tps.ybj.hunan.gov.cn/tps-local/XMHXgroupYPCZ/M00/9C/E5/rBIBUGiMV5eAKmRAAAKw27DeSSQ919.jpg","https://tps.ybj.hunan.gov.cn/tps-local/XMHXgroupYPCZ/M00/9C/E5/rBIBUGiMV8OAdd2jAAJIgwEOPWk350.jpg","0.25g/瓶",10,109.2,"https://tps.ybj.hunan.gov.cn/tps-local/XMHXgroupYPCZ/M00/9C/E6/rBIBUGiMWKKAeCW4AAdpUYO_gjQ023.png",1.2,4,"四川省绿野生物制药有限公司",420,{"v":185.757,"d":"185.76"},{"v":148.6056,"d":"148.61"},null,{"v":42,"d":"42.0000"},420]
[91,"ZA04AAY0212010104897","一清颗粒","国产","颗粒剂","每袋装7.5g","福寿堂制药有限公司","每袋装7.5g×12袋/盒",12,"聚酯铝/聚乙烯药用复合膜","袋","国药准字Z20093533","安徽省","ZA04AAY0212010104897",35.76,"每袋装7.5g",2.98,12,"黑龙江省","ZA04AAY0212010104897",35.76,"每袋装7.5g",2.98,12,"广西壮族自治区","ZA04AAY0212010104897",35.76,2.98,"https://tps.ybj.hunan.gov.cn/tps-local/XMHXgroupYPCZ/M00/9C/D4/rBIBUGiMM4-AEQv5AALambSNnzw377.jpg","https://tps.ybj.hunan.gov.cn/tps-local/XMHXgroupYPCZ/M00/9C/D4/rBIBUGiMM_GAeZmjAAJEYlvJuSU545.jpg","https://tps.ybj.hunan.gov.cn/tps-local/XMHXgroupYPCZ/M00/9C/D5/rBIBUGiMNFCAG3y-AAMMLQ6JCow023.jpg","每袋装7.5g",12,10.43,"https://tps.ybj.hunan.gov.cn/tps-local/XMHXgroupYPCZ/M00/9C/D5/rBIBUGiMNJiAe6iWAAqgotenOI8604.pdf",3,4,"福寿堂制药有限公司",35.76,{"v":28.2916666666667,"d":"28.29"},{"v":22.6333333333333,"d":"22.63"},null,{"v":2.98,"d":"2.9800"},35.76]
[92,"ZA04AAY0212030304897","一清颗粒","国产","颗粒剂","每袋装7.5g","福寿堂制药有限公司","每袋装7.5g×15袋/盒",15,"聚酯/铝/聚乙烯药品包装用复合膜、袋","袋","国药准字Z20093533","安徽省","ZA04AAY0212030304897",44.7,"每袋装7.5g",2.98,15,"黑龙江省","ZA04AAY0212030304897",44.7,"每袋装7.5g",2.98,15,"宁夏回族自治区","ZA04AAY0212030304897",44.7,2.98,"https://tps.ybj.hunan.gov.cn/tps-local/XMHXgroupYPCZ/M00/9C/D6/rBIBUGiMN6eABpWeAAFelrl6D-A469.jpg","https://tps.ybj.hunan.gov.cn/tps-local/XMHXgroupYPCZ/M00/9C/D6/rBIBUGiMN-eAa3uuAAF6SUN53rg112.jpg","https://tps.ybj.hunan.gov.cn/tps-local/XMHXgroupYPCZ/M00/9C/D6/rBIBUGiMOBSANeqWAAImETiwQqo735.jpg","每袋装7.5g",15,10.43,"https://tps.ybj.hunan.gov.cn/tps-local/XMHXgroupYPCZ/M00/9C/D6/rBIBUGiMOE-Ae_2wAAjAGb_YPzQ305.pdf",3,4,"福寿堂制药有限公司",44.7,{"v":28.2916666666667,"d":"28.29"},{"v":22.6333333333333,"d":"22.63"},null,{"v":2.98,"d":"2.9800"},44.7]
[93,"ZA04CAY0499010204903","银黄颗粒","国产","颗粒剂","每袋装4克","福寿堂制药有限公司","每袋装4克×8袋/盒",8,"聚酯/铝/聚乙烯药品包装用复合膜、袋。","袋","国药准字Z43020115","辽宁省","ZA04CAY0499010204903",37.15,"每袋装4克",4.6438,8,"吉林省","ZA04CAY0499010204903",37.15,"每袋装4克",4.6438,8,"重庆市","ZA04CAY0499010204903",37.15,4.6438,"https://tps.ybj.hunan.gov.cn/tps-local/XMHXgroupYPCZ/M00/9C/D8/rBIBUGiMPTyAHBfHAAWQE0AckKU450.pdf","https://tps.ybj.hunan.gov.cn/tps-local/XMHXgroupYPCZ/M00/9C/D8/rBIBUGiMPdiAcLvPAAHtsaeYBsI671.pdf","https://tps.ybj.hunan.gov.cn/tps-local/XMHXgroupYPCZ/M00/9C/D8/rBIBUGiMPieACQ2uAAa9QZp8KDQ585.pdf","每袋装4克",8,13.93,"https://tps.ybj.hunan.gov.cn/tps-local/XMHXgroupYPCZ/M00/9C/D8/rBIBUGiMPwuAH3MWAAbH2nmiXgs549.jpg",2,4,"福寿堂制药有限公司",37.15,{"v":32.5,"d":"32.50"},{"v":26,"d":"26.00"},null,{"v":4.64375,"d":"4.6438"},37.15]
[94,"ZA04CAY0499020804903","银黄颗粒","国产","颗粒剂","每袋装4g","福寿堂制药有限公司","每袋装4g×16袋/盒",16,"聚酯/铝/聚乙烯药品包装用复合膜、袋","袋","国药准字Z43020115","安徽省","ZA04CAY0499020804903",74.3,"每袋装4g",4.6438,16,"黑龙江省","ZA04CAY0499020804903",74.3,"每袋装4g",4.6438,16,"江西省","ZA04CAY0499020804903",74.3,4.6438,"https://tps.ybj.hunan.gov.cn/tps-local/XMHXgroupYPCZ/M00/9C/D9/rBIBUGiMP2CAfrBkAAfKPVNaFko818.pdf","https://tps.ybj.hunan.gov.cn/tps-local/XMHXgroupYPCZ/M00/9C/D9/rBIBUGiMQIOAK1IXADIZjYtcrkk257.pdf","https://tps.ybj.hunan.gov.cn/tps-local/XMHXgroupYPCZ/M00/9C/D9/rBIBUGiMQM6AWanYACwHmgfayS8242.pdf","每袋装4g",16,13.93,"https://tps.ybj.hunan.gov.cn/tps-local/XMHXgroupYPCZ/M00/9C/D9/rBIBUGiMQQGAB-F8AAjxRbrFU6M421.pdf",2,4,"福寿堂制药有限公司",74.3,{"v":32.5,"d":"32.50"},{"v":26,"d":"26.00"},null,{"v":4.64375,"d":"4.6438"},74.3]
[95,"ZA09BAA0005020104915","阿胶","国产","胶剂","250g/盒","湖南东健药业有限公司","250g/盒×1盒",1,"pvc硬片、药用铝箔","盒","国药准字Z43020568","湖南省","ZA09BAA0005020104915",840,"250g/盒",840,1,"重庆市","ZA09BAA0005020104915",815.37,"250g/盒",815.37,1,"山西省","ZA09BAA0005020104915",1276,1276,"https://tps.ybj.hunan.gov.cn/tps-local/XMHXgroupYPCZ/M00/9E/AE/rBIBUGiVfRuABBYMAAfq0L4T7dY826.jpg","https://tps.ybj.hunan.gov.cn/tps-local/XMHXgroupYPCZ/M00/9E/AE/rBIBUGiVfUeAfXLRAAKfMMx4In8698.jpg","https://tps.ybj.hunan.gov.cn/tps-local/XMHXgroupYPCZ/M00/9E/AE/rBIBUGiVfYSAB2F2AAGQUDw77ww384.jpg","250g/盒",1,16.3,"https://tps.ybj.hunan.gov.cn/tps-local/XMHXgroupYPCZ/M00/9E/AE/rBIBUGiVfO2AKH6eAAgHj1Oin54693.jpg",0.01,0.03,"湖南东健药业有限公司",815,{"v":30,"d":"30.00"},{"v":24,"d":"24.00"},null,{"v":815,"d":"815.0000"},815]
[96,"ZA09CAG0422040104915","龟甲胶","国产","胶剂","250克","湖南东健药业有限公司","250克×1盒",1,"PVC硬片、药用铝箔包装","盒","国药准字Z43020570","重庆市","ZA09CAG0422040104915",1477.65,"250克",1477.65,1,"山西省","ZA09CAG0422010104915",1203,"126克",1203,1,"广东省","ZA09CAG0422040104915",1725.4,1725.4,"https://tps.ybj.hunan.gov.cn/tps-local/XMHXgroupYPCZ/M00/9E/AE/rBIBUGiVfuaAAUBeAAKfMMx4In8292.jpg","https://tps.ybj.hunan.gov.cn/tps-local/XMHXgroupYPCZ/M00/9E/AE/rBIBUGiVf2CARJNpAAHTY7MnrxM409.jpg","https://tps.ybj.hunan.gov.cn/tps-local/XMHXgroupYPCZ/M00/9E/AE/rBIBUGiVgheAMHx0AAtAw91MOF8870.jpg","250克",1,24,"https://tps.ybj.hunan.gov.cn/tps-local/XMHXgroupYPCZ/M00/9E/AE/rBIBUGiVgSeATkhcAAItOwgcMuY502.jpg",0.01,0.03,"湖南东健药业有限公司",1200,{"v":80.5,"d":"80.50"},{"v":64.4,"d":"64.40"},null,{"v":1200,"d":"1200.0000"},1200]
[97,"ZA09DAL0367040104915","鹿角胶","国产","胶剂","250克","湖南东健药业有限公司","250克×1盒",1,"PVC硬片、药用铝箔包装","盒","国药准字Z43020572","重庆市","ZA09DAL0367040104915",1099.17,"250克",1099.17,1,"广东省","ZA09DAL0367040104915",1109.7,"250克",1109.7,1,"山西省","ZA09CAG0422010104915",1145.83,1145.83,"https://tps.ybj.hunan.gov.cn/tps-local/XMHXgroupYPCZ/M00/9E/AE/rBIBUGiVgnCAJG3qAAKfMMx4In8986.jpg","https://tps.ybj.hunan.gov.cn/tps-local/XMHXgroupYPCZ/M00/9E/AE/rBIBUGiVgqWAZd7TAAtAw91MOF8850.jpg","https://tps.ybj.hunan.gov.cn/tps-local/XMHXgroupYPCZ/M00/9E/AF/rBIBUGiVgxuAPQ_hAAHTY7MnrxM053.jpg","126克",1,21.98,"https://tps.ybj.hunan.gov.cn/tps-local/XMHXgroupYPCZ/M00/9E/AF/rBIBUGiVg2CAdASzAB9ez4i-8O4582.jpg",0.01,0.03,"湖南东健药业有限公司",1099,14.25,{"v":11.4,"d":"11.40"},null,{"v":570,"d":"570.0000"},570]
[98,"ZA16BAT0266020203312","痛风定片","国产","片剂(薄膜衣片)","每片重0.4g","长春海外制药集团有限公司","每片重0.4g×24片/盒",24,"铝塑板包装","片","国药准字Z20050344","内蒙古自治区","ZA16BAT0266020203312",78,"每片重0.4g",3.25,24,"安徽省","ZA16BAT0266020203312",78,"每片重0.4g",3.25,24,"云南省","ZA16BAT0266020203312",78,3.25,"https://tps.ybj.hunan.gov.cn/tps-local/XMHXgroupYPCZ/M00/9C/DD/rBIBUGiMSM6AIWAVAAhCTri28AY353.pdf","https://tps.ybj.hunan.gov.cn/tps-local/XMHXgroupYPCZ/M00/9C/DD/rBIBUGiMSR6AULndAAN4tcL-J9o906.pdf","https://tps.ybj.hunan.gov.cn/tps-local/XMHXgroupYPCZ/M00/9C/DD/rBIBUGiMSUmASF9HAAfPudfq3Co983.pdf","每片重0.4g",24,39,"https://tps.ybj.hunan.gov.cn/tps-local/XMHXgroupYPCZ/M00/9C/DD/rBIBUGiMSX2AV54HAAMrW3ve6A4441.jpg",12,12,"长春海外制药集团有限公司",78,{"$nulls":3},{"v":3.25,"d":"3.2500"},78]
[99,"ZA12BAN0016020103545","脑得生胶囊","国产","胶囊剂","每粒装0.3g","通化东宝五药有限公司","每粒装0.3g×48粒/盒",48,"药用PVC、铝塑泡罩","粒","国药准字Z19991109","内蒙古自治区","ZA12BAN0016020103545",18.95,"每粒装0.3g",0.3948,48,"黑龙江省","ZA12BAN0016020103545",18.95,"每粒装0.3g",0.3948,48,"广西壮族自治区","ZA12BAN0016020103545",18.95,0.3948,"https://tps.ybj.hunan.gov.cn/tps-local/XMHXgroupYPCZ/M00/9C/DE/rBIBUGiMS1uASGp3AAv9xDb__rQ349.pdf","https://tps.ybj.hunan.gov.cn/tps-local/XMHXgroupYPCZ/M00/9C/DE/rBIBUGiMTLOAROBNAAmP0OuVnHw528.pdf","https://tps.ybj.hunan.gov.cn/tps-local/XMHXgroupYPCZ/M00/9C/DE/rBIBUGiMTWGAc7v8AAJMBgoLfIU542.pdf","每粒装0.3g",48,7.11,"https://tps.ybj.hunan.gov.cn/tps-local/XMHXgroupYPCZ/M00/9C/DF/rBIBUGiMTe6AQXZ5AAY-uX7ieTA637.jpg",18,18,"通化东宝五药有限公司",18.95,19.95,15.96,null,{"v":0.394791666666667,"d":"0.3948"},18.95]
[100,"ZA12HAX0274030101343","消栓再造丸","国产","丸剂(水蜜丸)","每瓶装55g(每30粒重5.5g)","沈阳红药集团股份有限公司","每瓶装55g(每30粒重5.5g)×1瓶",1,"聚乙烯瓶","瓶","国药准字Z21021178","广西壮族自治区","ZA12HAX0274030101343",148,"每瓶装55g(每30粒重5.5g)",148,1,"贵州省","ZA12HAX0274030101343",148,"每瓶装55g(每30粒重5.5g)",148,1,"江西省","ZA12HAX0274030101343",148,148,"https://tps.ybj.hunan.gov.cn/tps-local/XMHXgroupYPCZ/M00/9C/DE/rBIBUGiMTAGATmMFAA2CEZhf_WE198.pdf","https://tps.ybj.hunan.gov.cn/tps-local/XMHXgroupYPCZ/M00/9C/DE/rBIBUGiMTE-AE_zbAAxxQ1gAm2k488.pdf","https://tps.ybj.hunan.gov.cn/tps-local/XMHXgroupYPCZ/M00/9C/DE/rBIBUGiMTPyAFOcDAAnYMchRfUQ596.pdf","每瓶装55g(每30粒重5.5g)",1,29.6,"https://tps.ybj.hunan.gov.cn/tps-local/XMHXgroupYPCZ/M00/9C/DE/rBIBUGiMTSmAUct2AAWODvEyehs815.pdf",0.2,0.2,"沈阳红药集团股份有限公司",148,{"v":588,"d":"588.00"},{"v":470.4,"d":"470.40"},null,{"v":148,"d":"148.0000"},148]
[101,"ZA04BAP0062011303369","蒲地蓝消炎片","国产","片剂(薄膜衣)","每片重0.3g","吉林福康药业股份有限公司","每片重0.3g×88片/盒",88,"铝塑包装","片","国药准字Z20063436","山东省","ZA04BAP0062011303369",19.96,"每片重0.3g",0.2268,88,"内蒙古自治区","ZA04BAP0062011303369",19.96,"每片重0.3g",0.2268,88,null,"ZA04BAP0062011303369",19.96,0.2268,"https://tps.ybj.hunan.gov.cn/tps-local/XMHXgroupYPCZ/M00/9C/E1/rBIBUGiMUEaAYw6IAAV2ANsLlUo895.doc","https://tps.ybj.hunan.gov.cn/tps-local/XMHXgroupYPCZ/M00/9C/E1/rBIBUGiMUT2ABiTsAAEj4b_pDhw82.docx","https://tps.ybj.hunan.gov.cn/tps-local/XMHXgroupYPCZ/M00/9C/E2/rBIBUGiMUdaAOIVWAAFGAKdP7MY391.doc","每片重0.3g",88,5.9,"https://tps.ybj.hunan.gov.cn/tps-local/XMHXgroupYPCZ/M00/9C/E2/rBIBUGiMUiCABFPnABrXv8PIBts902.pdf",20,32,"吉林福康药业股份有限公司",19.96,{"v":26,"d":"26.00"},{"v":20.8,"d":"20.80"},null,{"v":0.226818181818182,"d":"0.2268"},19.96]
[102,"ZA04BAP0062010503369","蒲地蓝消炎片","国产","片剂(薄膜衣)","每片重0.3g","吉林福康药业股份有限公司","每片重0.3g×54片/盒",54,"铝塑包装","片","国药准字Z20063436","山东省","ZA04BAP0062010503369",12.46,"每片重0.3g",0.2307,54,"江西省","ZA04BAP0062010503369",12.46,"每片重0.3g",0.2307,54,"广西壮族自治区","ZA04BAP0062010503369",12.46,0.2307,"https://tps.ybj.hunan.gov.cn/tps-local/XMHXgroupYPCZ/M00/9C/E3/rBIBUGiMUo2AGtCPAAV2ANsLlUo060.doc","https://tps.ybj.hunan.gov.cn/tps-local/XMHXgroupYPCZ/M00/9C/E3/rBIBUGiMU5GAAP8JAAE4SGe7fqg16.docx","https://tps.ybj.hunan.gov.cn/tps-local/XMHXgroupYPCZ/M00/9C/E3/rBIBUGiMU7SAagV7AAGw2tDHYZo07.docx","每片重0.3g",54,6,"https://tps.ybj.hunan.gov.cn/tps-local/XMHXgroupYPCZ/M00/9C/E3/rBIBUGiMU9OAH5bkAAT8oMTVXt0316.pdf",20,32,"吉林福康药业股份有限公司",12.46,{"v":26,"d":"26.00"},{"v":20.8,"d":"20.80"},null,{"v":0.230740740740741,"d":"0.2307"},12.46]
[103,"ZA16EAW0291020103503","五苓片","国产","片剂","每片重0.35g","吉林紫鑫药业股份有限公司","每片重0.35g×24片/瓶",24,"口服固体药用塑料瓶","片","国药准字Z22025022","黑龙江省","ZA16EAW0291020103503",57.6,"每片重0.35g",2.4,24,"江西省","ZA16EAW0291020103503",57.6,"每片重0.35g",2.4,24,"广西壮族自治区","ZA16EAW0291020103503",57.6,2.4,"https://tps.ybj.hunan.gov.cn/tps-local/XMHXgroupYPCZ/M00/9C/E2/rBIBUGiMUhaAO8ZDAAHgYB_jmIs588.jpg","https://tps.ybj.hunan.gov.cn/tps-local/XMHXgroupYPCZ/M00/9C/E2/rBIBUGiMUh2AP06cAAIclezor8Q247.jpg","https://tps.ybj.hunan.gov.cn/tps-local/XMHXgroupYPCZ/M00/9C/E3/rBIBUGiMUiyAIT9XAAMKlzyV-Js243.jpg","每片重0.35g",24,10.8,"https://tps.ybj.hunan.gov.cn/tps-local/XMHXgroupYPCZ/M00/9C/E3/rBIBUGiMUlCACeLfAAM6Zk8tn10491.jpg",4,5,"吉林紫鑫药业股份有限公司",57.6,{"v":36,"d":"36.00"},{"v":28.8,"d":"28.80"},null,{"v":2.4,"d":"2.4000"},57.6]
[104,"ZZ01AAF0155020105884","茯蒲洗液","国产","洗剂","60ml/瓶,每1ml相当于饮片1.205g","甘肃岐圣堂药业股份有限公司","60ml/瓶,每1ml相当于饮片1.205g×1瓶",1,"塑料瓶装(含冲洗器)","瓶","国药准字B20020321","河北省","ZZ01AAF0155020105884",59,"60ml/瓶,每1ml相当于饮片1.205g",59,1,"广东省","ZZ01AAF0155020105884",59,"60ml/瓶,每1ml相当于饮片1.205g",59,1,"广西壮族自治区","ZZ01AAF0155020105884",59,59,"https://tps.ybj.hunan.gov.cn/tps-local/XMHXgroupYPCZ/M00/9C/E3/rBIBUGiMUoWAHi0jABEOz8PqYLs084.jpg","https://tps.ybj.hunan.gov.cn/tps-local/XMHXgroupYPCZ/M00/9C/E3/rBIBUGiMUqCAKd0XAATVsX_cA9Y782.pdf","https://tps.ybj.hunan.gov.cn/tps-local/XMHXgroupYPCZ/M00/9C/E3/rBIBUGiMUwaAYEtcAAEOm4k_KcQ113.pdf","60ml/瓶,每1ml相当于饮片1.205g",1,19.47,"https://tps.ybj.hunan.gov.cn/tps-local/XMHXgroupYPCZ/M00/9C/E3/rBIBUGiMU0SAThAFAAHTjr9e1nU278.png",0.33,0.33,"甘肃岐圣堂药业股份有限公司",59,{"$nulls":3},{"v":59,"d":"59.0000"},59]
[105,"ZA12HAX0862010405774","血塞通分散片","国产","分散片","每片重0.36g(含三七总皂苷50mg)","海南海力制药有限公司","每片重0.36g(含三七总皂苷50mg)×60片/盒",60,"铝塑铝包装","片","国药准字Z20050024","辽宁省","ZA12HAX0862010405774",45.54,"每片重0.36g(含三七总皂苷50mg)",0.759,60,"重庆市","ZA12HAX0862010405774",45.54,"每片重0.36g(含三七总皂苷50mg)",0.759,60,null,"ZA12HAX0862010405774",45.54,0.759,"https://tps.ybj.hunan.gov.cn/tps-local/XMHXgroupYPCZ/M00/9D/69/rBIBUGiQVPuAMCXjAAHcrEm_P14165.jpg","https://tps.ybj.hunan.gov.cn/tps-local/XMHXgroupYPCZ/M00/9D/6A/rBIBUGiQVViAK6RYAAIkIsecJto347.jpg","https://tps.ybj.hunan.gov.cn/tps-local/XMHXgroupYPCZ/M00/9D/6C/rBIBUGiQV5-AURTpAAGf8GLzIPQ601.jpg","每片重0.36g(含三七总皂苷50mg)",60,3.42,"https://tps.ybj.hunan.gov.cn/tps-local/XMHXgroupYPCZ/M00/9D/6D/rBIBUGiQWQWAGRdaAAZyhv2Qiow053.jpg",3,6,"海南海力制药有限公司",45.54,{"v":7.8675,"d":"7.87"},{"v":6.294,"d":"6.29"},null,{"v":0.759,"d":"0.7590"},45.54]
[106,"ZA04AAH0305010102895","黄连上清丸","国产","丸剂(大蜜丸)","每丸重6g","好大夫制药有限公司","每丸重6g×6丸/盒",6,"聚乙烯中药丸球壳","丸","国药准字Z14020930","黑龙江省","ZA04AAH0305010102895",36,"每丸重6g",6,6,"安徽省","ZA04AAH0305010102895",36,"每丸重6g",6,6,"重庆市","ZA04AAH0305010102895",36,6,"https://tps.ybj.hunan.gov.cn/tps-local/XMHXgroupYPCZ/M00/9C/E8/rBIBUGiMWyWACqpkAAd3wzm3Iqo607.jpg","https://tps.ybj.hunan.gov.cn/tps-local/XMHXgroupYPCZ/M00/9C/E8/rBIBUGiMW1SAIah6AAfAOZ4wUAI284.jpg","https://tps.ybj.hunan.gov.cn/tps-local/XMHXgroupYPCZ/M00/9C/E8/rBIBUGiMW3mAHnTEAAU-qUnUiiM968.pdf","每丸重6g",6,18,"https://tps.ybj.hunan.gov.cn/tps-local/XMHXgroupYPCZ/M00/9C/E8/rBIBUGiMW-iACJ7EAAU3jZ9t9-k222.pdf",2,4,"好大夫制药有限公司",36,{"v":28.4925,"d":"28.49"},{"v":22.794,"d":"22.79"},null,{"v":6,"d":"6.0000"},36]
[107,"ZA05AAB0219010205098","宝宝乐","国产","颗粒剂","每袋重5g","广西华天宝制药有限公司","每袋重5g×9袋/盒",9,"复合铝塑膜袋","袋","国药准字Z45021142","广西壮族自治区","ZA05AAB0219010205098",18,"每袋重5g",2,9,"黑龙江省","ZA05AAB0219010205098",18,"每袋重5g",2,9,"贵州省","ZA05AAB0219010205098",18,2,"https://tps.ybj.hunan.gov.cn/tps-local/XMHXgroupYPCZ/M00/9C/E7/rBIBUGiMWeiABoEdAAWFjdCxbcY527.pdf","https://tps.ybj.hunan.gov.cn/tps-local/XMHXgroupYPCZ/M00/9C/E7/rBIBUGiMWgeAUKV_AAeBBONYDRw422.pdf","https://tps.ybj.hunan.gov.cn/tps-local/XMHXgroupYPCZ/M00/9C/E7/rBIBUGiMWlaASOmFAAYNAqtu51A356.pdf","每袋重5g",9,40,"https://tps.ybj.hunan.gov.cn/tps-local/XMHXgroupYPCZ/M00/9C/E7/rBIBUGiMWsuAGUTVAAxSp4rWSl8800.pdf",10,30,"广西华天宝药业有限公司",18,{"v":15.2,"d":"15.20"},12.16,null,{"v":0.608,"d":"0.6080"},5.47]
[108,"ZA04CDJ0382020405098","金菊五花茶颗粒","国产","颗粒剂","每袋装10g","广西华天宝制药有限公司","每袋装10g×8袋/盒",8,"复合铝塑膜袋","袋","国药准字Z20053219","广西壮族自治区","ZA04CDJ0382020405098",24,"每袋装10g",3,8,"贵州省","ZA04CDJ0382020405098",24,"每袋装10g",3,8,"江西省","ZA04CDJ0382020405098",24,3,"https://tps.ybj.hunan.gov.cn/tps-local/XMHXgroupYPCZ/M00/9C/E8/rBIBUGiMW4KAUHybAAYpJDE9rps816.pdf","https://tps.ybj.hunan.gov.cn/tps-local/XMHXgroupYPCZ/M00/9C/E8/rBIBUGiMW6SAdrFoAAKxu8TQLTU417.pdf","https://tps.ybj.hunan.gov.cn/tps-local/XMHXgroupYPCZ/M00/9C/E8/rBIBUGiMW92ASPx8AAT1YAt5gxc655.pdf","每袋装10g",8,45,"https://tps.ybj.hunan.gov.cn/tps-local/XMHXgroupYPCZ/M00/9C/E9/rBIBUGiMXBGATiY5AA0hfzmwUeI481.pdf",10,20,"广西华天宝药业有限公司",24,{"$nulls":3},{"v":3,"d":"3.0000"},24]
[109,"ZA04CDJ0382020305098","金菊五花茶颗粒","国产","颗粒剂","每袋装10g","广西华天宝制药有限公司","每袋装10g×10袋/盒",10,"复合铝塑膜袋","袋","国药准字Z20053219","广西壮族自治区","ZA04CDJ0382020305098",30,"每袋装10g",3,10,"贵州省","ZA04CDJ0382020305098",30,"每袋装10g",3,10,"黑龙江省","ZA04CDJ0382020305098",30,3,"https://tps.ybj.hunan.gov.cn/tps-local/XMHXgroupYPCZ/M00/9C/EB/rBIBUGiMXcKAZZFFAAYpJDE9rps435.pdf","https://tps.ybj.hunan.gov.cn/tps-local/XMHXgroupYPCZ/M00/9C/EB/rBIBUGiMXgqADa_RAAgzy-XOd8o427.pdf","https://tps.ybj.hunan.gov.cn/tps-local/XMHXgroupYPCZ/M00/9C/EB/rBIBUGiMXiuAQ_RCAAd_e11Gh6c021.pdf","每袋装10g",10,450,"https://tps.ybj.hunan.gov.cn/tps-local/XMHXgroupYPCZ/M00/9C/EB/rBIBUGiMXlmANUe3AAt4g912EXY985.pdf",100,200,"广西华天宝药业有限公司",30,{"$nulls":3},{"v":3,"d":"3.0000"},30]
[110,"ZA14AAX0455010205098","小儿七星茶颗粒","国产","颗粒剂","每袋装7g","广西华天宝制药有限公司","每袋装7g×9袋/盒",9,"聚酯/真空镀铝聚酯/低密度聚乙烯药品包装用复合膜、袋包装","袋","国药准字Z20053223","广西壮族自治区","ZA14AAX0455010205098",18,"每袋装7g",2,9,"贵州省","ZA14AAX0455010205098",18,"每袋装7g",2,9,"黑龙江省","ZA14AAX0455010205098",18,2,"https://tps.ybj.hunan.gov.cn/tps-local/XMHXgroupYPCZ/M00/9C/EB/rBIBUGiMXsGANrocAAYSZe3qMEs686.pdf","https://tps.ybj.hunan.gov.cn/tps-local/XMHXgroupYPCZ/M00/9C/EC/rBIBUGiMXuOAd6WUAAf0ipZH8WE244.pdf","https://tps.ybj.hunan.gov.cn/tps-local/XMHXgroupYPCZ/M00/9C/EC/rBIBUGiMXwCARs5ZAAe1ho9_cNo716.pdf","每袋装7g",9,31.5,"https://tps.ybj.hunan.gov.cn/tps-local/XMHXgroupYPCZ/M00/9C/EC/rBIBUGiMX1KAfxtYAAuiV04MJbw866.pdf",10.5,21,"广西华天宝药业有限公司",18,{"v":45,"d":"45.00"},{"v":36,"d":"36.00"},null,{"v":2,"d":"2.0000"},18]
[111,"ZA01AAX0737010205098","杏苏感冒颗粒","国产","颗粒剂","每袋重15g","广西华天宝制药有限公司","每袋重15g×5袋/盒",5,"复合铝塑膜袋装","袋","国药准字Z20063632","广西壮族自治区","ZA01AAX0737010205098",26,"每袋重15g",5.2,5,"贵州省","ZA01AAX0737010205098",26,"每袋重15g",5.2,5,"黑龙江省","ZA01AAX0737010205098",26,5.2,"https://tps.ybj.hunan.gov.cn/tps-local/XMHXgroupYPCZ/M00/9C/ED/rBIBUGiMYJeADpnLAAWPb6hDo74453.pdf","https://tps.ybj.hunan.gov.cn/tps-local/XMHXgroupYPCZ/M00/9C/ED/rBIBUGiMYLyAZQxlAAcZKLNOofI747.pdf","https://tps.ybj.hunan.gov.cn/tps-local/XMHXgroupYPCZ/M00/9C/ED/rBIBUGiMYNeAcyVNAAa83Tx9LgE087.pdf","每袋重15g",5,156,"https://tps.ybj.hunan.gov.cn/tps-local/XMHXgroupYPCZ/M00/9C/ED/rBIBUGiMYQiAItsgAA01TEyDQRc287.pdf",30,30,"广西华天宝药业有限公司",26,{"$nulls":3},{"v":5.2,"d":"5.2000"},26]
[112,"ZA05AAJ0195010205098","姜枣祛寒颗粒","国产","颗粒剂","每袋装15g","广西华天宝制药有限公司","每袋装15g×9袋/盒",9,"复合铝塑膜袋","袋","国药准字Z20063635","广西壮族自治区","ZA05AAJ0195010205098",18,"每袋装15g",2,9,"贵州省","ZA05AAJ0195010205098",18,"每袋装15g",2,9,"黑龙江省","ZA05AAJ0195010205098",18,2,"https://tps.ybj.hunan.gov.cn/tps-local/XMHXgroupYPCZ/M00/9C/EE/rBIBUGiMYXmAUzSYAAV9bJd7cuw204.pdf","https://tps.ybj.hunan.gov.cn/tps-local/XMHXgroupYPCZ/M00/9C/EE/rBIBUGiMYaKAfEOnAAjwcAPYItk982.pdf","https://tps.ybj.hunan.gov.cn/tps-local/XMHXgroupYPCZ/M00/9C/EE/rBIBUGiMYdaAbpOsAAcmJhKdb6E238.pdf","每袋装15g",9,75,"https://tps.ybj.hunan.gov.cn/tps-local/XMHXgroupYPCZ/M00/9C/EE/rBIBUGiMYkyALI9mAA1OcPX_YLM797.pdf",30,45,"广西华天宝药业有限公司",18,{"v":12.2,"d":"12.20"},9.76,null,{"v":0.260266666666667,"d":"0.2603"},2.34]
[113,"ZA06BBK0140010105098","咳特灵胶囊","国产","胶囊剂","每粒含小叶榕干浸膏360mg,马来酸氯苯那敏1.4mg。","广西华天宝制药有限公司","每粒含小叶榕干浸膏360mg,马来酸氯苯那敏1.4mg。×30粒/瓶",30,"口服固体药用高密度聚乙烯瓶","粒","国药准字Z45021259","广西壮族自治区","ZA06BBK0140010105098",15,"每粒含小叶榕干浸膏360mg,马来酸氯苯那敏1.4mg。",0.5,30,"贵州省","ZA06BBK0140010105098",15,"每粒含小叶榕干浸膏360mg,马来酸氯苯那敏1.4mg。",0.5,30,"黑龙江省","ZA06BBK0140010105098",15,0.5,"https://tps.ybj.hunan.gov.cn/tps-local/XMHXgroupYPCZ/M00/9C/EF/rBIBUGiMYs-ANd7gAAK0jozXQKg154.pdf","https://tps.ybj.hunan.gov.cn/tps-local/XMHXgroupYPCZ/M00/9C/EF/rBIBUGiMYvaADKpMAAXxsR17S3I786.pdf","https://tps.ybj.hunan.gov.cn/tps-local/XMHXgroupYPCZ/M00/9C/EF/rBIBUGiMYxSAWQPYAAY5CFkGvbQ640.pdf","每粒含小叶榕干浸膏360mg,马来酸氯苯那敏1.4mg。",30,1,"https://tps.ybj.hunan.gov.cn/tps-local/XMHXgroupYPCZ/M00/9C/EF/rBIBUGiMY3CAXY62AAbwZK_jAAw899.pdf",1,3,"广西华天宝药业有限公司",15,2.45,1.96,null,{"v":0.5,"d":"0.5000"},15]
[114,"ZG01AAG0298020203623","骨折挫伤胶囊","国产","胶囊剂","每粒装0.29g","哈尔滨大洋制药股份有限公司","每粒装0.29g×40粒/盒",40,"铝塑包装","粒","国药准字Z20053725","云南省","ZG01AAG0298020203623",86.8,"每粒装0.29g",2.17,40,"黑龙江省","ZG01AAG0298020203623",86.8,"每粒装0.29g",2.17,40,"内蒙古自治区","ZG01AAG0298020203623",86.8,2.17,"https://tps.ybj.hunan.gov.cn/tps-local/XMHXgroupYPCZ/M00/9C/E9/rBIBUGiMXMSAd0fSAD90cQzOWco929.jpg","https://tps.ybj.hunan.gov.cn/tps-local/XMHXgroupYPCZ/M00/9C/F7/rBIBUGiMbNWAL9_UAElsUN20rhc241.pdf","https://tps.ybj.hunan.gov.cn/tps-local/XMHXgroupYPCZ/M00/9C/F9/rBIBUGiMbo6AfgkYADpD3KOPYYI276.pdf","每粒装0.29g",40,32.55,"https://tps.ybj.hunan.gov.cn/tps-local/XMHXgroupYPCZ/M00/9C/FA/rBIBUGiMcDuAKxTWAARFf1wfOWw731.pdf",12,18,"哈尔滨大洋制药股份有限公司",86.8,{"v":29.0833333333333,"d":"29.08"},{"v":23.2666666666667,"d":"23.27"},null,{"v":1.55111111111111,"d":"1.5511"},62.04]
[115,"ZB01CAR0104010301352","如意金黄散","国产","散剂","每袋装9g","辽宁汉草堂中药有限公司","每袋装9g×3袋/盒",3,"药用复合膜","袋","国药准字Z21020063","北京市","ZB01CAR0104010301352",48,"每袋装9g",16,3,"天津市","ZB01CAR0104010301352",48,"每袋装9g",16,3,"辽宁省","ZB01CAR0104010301352",48,16,"https://tps.ybj.hunan.gov.cn/tps-local/XMHXgroupYPCZ/M00/9C/E7/rBIBUGiMWg6AF7f4AAQ2U1N_9GM798.jpg","https://tps.ybj.hunan.gov.cn/tps-local/XMHXgroupYPCZ/M00/9C/E7/rBIBUGiMWnaARADpAAPa-H21Ty4783.jpg","https://tps.ybj.hunan.gov.cn/tps-local/XMHXgroupYPCZ/M00/9C/E7/rBIBUGiMWp6AbLWgAANdbgUT7mk232.jpg","每袋装9g",3,24,"https://tps.ybj.hunan.gov.cn/tps-local/XMHXgroupYPCZ/M00/9C/E7/rBIBUGiMWoWAdN1PAAdlDSLofyc271.jpg",1,2,"辽宁汉草堂中药有限公司",48,{"v":1.342,"d":"1.34"},{"v":1.0736,"d":"1.07"},null,{"v":0.715733333333333,"d":"0.7157"},2.15]
[116,"ZB01CAR0104010401352","如意金黄散","国产","散剂","每袋装9g","辽宁汉草堂中药有限公司","每袋装9g×6袋/盒",6,"药用复合膜","袋","国药准字Z21020063","北京市","ZB01CAR0104010401352",96,"每袋装9g",16,6,"天津市","ZB01CAR0104010401352",96,"每袋装9g",16,6,"辽宁省","ZB01CAR0104010401352",96,16,"https://tps.ybj.hunan.gov.cn/tps-local/XMHXgroupYPCZ/M00/9C/E8/rBIBUGiMWzyAc1xdAAQ2U1N_9GM209.jpg","https://tps.ybj.hunan.gov.cn/tps-local/XMHXgroupYPCZ/M00/9C/E8/rBIBUGiMW7KAEIdKAAK0-5V8BR8899.jpg","https://tps.ybj.hunan.gov.cn/tps-local/XMHXgroupYPCZ/M00/9C/E9/rBIBUGiMXCyAaQGZAANdbgUT7mk579.jpg","每袋装9g",6,24,"https://tps.ybj.hunan.gov.cn/tps-local/XMHXgroupYPCZ/M00/9C/E9/rBIBUGiMXDWAUFEnAAdlDSLofyc025.jpg",1,2,"辽宁汉草堂中药有限公司",96,{"v":1.342,"d":"1.34"},{"v":1.0736,"d":"1.07"},null,{"v":0.715733333333333,"d":"0.7157"},4.29]
[117,"ZA12HAT0216030103623","通脉颗粒","国产","颗粒剂(无糖型)","每袋装6g(未添加蔗糖)","哈尔滨大洋制药股份有限公司","每袋装6g(未添加蔗糖)×16袋/盒",16,"药用复合膜","袋","国药准字Z20083087","云南省","ZA12HAT0216030103623",39.8,"每袋装6g(未添加蔗糖)",2.4875,16,"内蒙古自治区","ZA12HAT0216030103623",39.8,"每袋装6g(未添加蔗糖)",2.4875,16,"黑龙江省","ZA12HAT0216030103623",39.8,2.4875,"https://tps.ybj.hunan.gov.cn/tps-local/XMHXgroupYPCZ/M00/9C/FB/rBIBUGiMcYiAZqYyAD90cQzOWco400.jpg","https://tps.ybj.hunan.gov.cn/tps-local/XMHXgroupYPCZ/M00/9C/FB/rBIBUGiMceGAfHWCADpD3KOPYYI801.pdf","https://tps.ybj.hunan.gov.cn/tps-local/XMHXgroupYPCZ/M00/9C/FB/rBIBUGiMci6AfRbKAElsUN20rhc797.pdf","每袋装6g(未添加蔗糖)",16,6.22,"https://tps.ybj.hunan.gov.cn/tps-local/XMHXgroupYPCZ/M00/9C/FB/rBIBUGiMclCAW7K_AAmQyA_aB48231.pdf",2,3,"哈尔滨大洋制药股份有限公司",39.8,{"v":10,"d":"10.00"},{"v":8,"d":"8.00"},null,2.4875,39.8]
[118,"ZA04BAQ0445040103623","清热解毒片","国产","薄膜衣片","每片重0.315g(相当于饮片1.501g)","哈尔滨大洋制药股份有限公司","每片重0.315g(相当于饮片1.501g)×36片/盒",36,"铝塑包装","片","国药准字Z20043831","云南省","ZA04BAQ0445040103623",47.92,"每片重0.315g(相当于饮片1.501g)",1.3311,36,"内蒙古自治区","ZA04BAQ0445040103623",47.92,"每片重0.315g(相当于饮片1.501g)",1.3311,36,"黑龙江省","ZA04BAQ0445040103623",47.92,1.3311,"https://tps.ybj.hunan.gov.cn/tps-local/XMHXgroupYPCZ/M00/9C/FC/rBIBUGiMc1CAAdiDAD90cQzOWco890.jpg","https://tps.ybj.hunan.gov.cn/tps-local/XMHXgroupYPCZ/M00/9C/FC/rBIBUGiMc5KADQvRADpD3KOPYYI943.pdf","https://tps.ybj.hunan.gov.cn/tps-local/XMHXgroupYPCZ/M00/9C/FC/rBIBUGiMc_SAGqpUAElsUN20rhc316.pdf","每片重0.315g(相当于饮片1.501g)",36,15.97,"https://tps.ybj.hunan.gov.cn/tps-local/XMHXgroupYPCZ/M00/9C/FC/rBIBUGiMdBKAKCaqAArTq3tcjTc485.pdf",12,12,"哈尔滨大洋制药股份有限公司",47.92,{"v":32,"d":"32.00"},{"v":25.6,"d":"25.60"},null,{"v":1.33111111111111,"d":"1.3311"},47.92]
[119,"ZA17AAJ0217020103623","降脂减肥片","国产","薄膜衣片","每片重0.31g(相当于饮片2.51g)","哈尔滨大洋制药股份有限公司","每片重0.31g(相当于饮片2.51g)×72片/盒",72,"铝塑包装","片","国药准字Z20053320","云南省","ZA17AAJ0217020103623",46.5,"每片重0.31g(相当于饮片2.51g)",0.6458,72,"内蒙古自治区","ZA17AAJ0217020103623",46.5,"每片重0.31g(相当于饮片2.51g)",0.6458,72,"黑龙江省","ZA17AAJ0217020103623",46.5,0.6458,"https://tps.ybj.hunan.gov.cn/tps-local/XMHXgroupYPCZ/M00/9C/FE/rBIBUGiMda2ADg1sAD90cQzOWco525.jpg","https://tps.ybj.hunan.gov.cn/tps-local/XMHXgroupYPCZ/M00/9C/FE/rBIBUGiMdeOASxBTADpD3KOPYYI999.pdf","https://tps.ybj.hunan.gov.cn/tps-local/XMHXgroupYPCZ/M00/9C/FE/rBIBUGiMdiKASac0AElsUN20rhc460.pdf","每片重0.31g(相当于饮片2.51g)",72,9.69,"https://tps.ybj.hunan.gov.cn/tps-local/XMHXgroupYPCZ/M00/9C/FE/rBIBUGiMdi-AKEu7AArE_dmR-3g007.pdf",12,18,"哈尔滨大洋制药股份有限公司",46.5,{"$nulls":3},{"v":0.645833333333333,"d":"0.6458"},46.5]
[120,"ZD02AAP0023020103623","盆炎净胶囊","国产","胶囊剂","每粒装0.25g","哈尔滨大洋制药股份有限公司","每粒装0.25g×48粒/盒",48,"铝塑包装","粒","国药准字Z20050460","云南省","ZD02AAP0023020103623",33.3,"每粒装0.25g",0.6938,48,"内蒙古自治区","ZD02AAP0023020103623",33.3,"每粒装0.25g",0.6938,48,"黑龙江省","ZD02AAP0023020103623",33.3,0.6938,"https://tps.ybj.hunan.gov.cn/tps-local/XMHXgroupYPCZ/M00/9C/FE/rBIBUGiMdsaAf_rZAD90cQzOWco138.jpg","https://tps.ybj.hunan.gov.cn/tps-local/XMHXgroupYPCZ/M00/9C/FE/rBIBUGiMdxiABXebADpD3KOPYYI581.pdf","https://tps.ybj.hunan.gov.cn/tps-local/XMHXgroupYPCZ/M00/9C/FF/rBIBUGiMeACAHJdEAElsUN20rhc510.pdf","每粒装0.25g",48,8.32,"https://tps.ybj.hunan.gov.cn/tps-local/XMHXgroupYPCZ/M00/9C/FE/rBIBUGiMdmyAVY73AAoJtq3Pdi8514.pdf",12,12,"哈尔滨大洋制药股份有限公司",33.3,{"v":14,"d":"14.00"},{"v":11.2,"d":"11.20"},null,{"v":0.69375,"d":"0.6938"},33.3]
[121,"ZA09DBJ0332020103623","金刚胶囊","国产","胶囊剂","每粒装0.43g(相当于原药材1.164g)","哈尔滨大洋制药股份有限公司","每粒装0.43g(相当于原药材1.164g)×40粒/盒",40,"铝塑","粒","国药准字Z20050774","云南省","ZA09DBJ0332020103623",70.8,"每粒装0.43g(相当于原药材1.164g)",1.77,40,"内蒙古自治区","ZA09DBJ0332020103623",70.8,"每粒装0.43g(相当于原药材1.164g)",1.77,40,"黑龙江省","ZA09DBJ0332020103623",70.8,1.77,"https://tps.ybj.hunan.gov.cn/tps-local/XMHXgroupYPCZ/M00/9D/1A/rBIBUGiNUDKAbKb8AD90cQzOWco035.jpg","https://tps.ybj.hunan.gov.cn/tps-local/XMHXgroupYPCZ/M00/9D/1A/rBIBUGiNUH6AZL0ZADpD3KOPYYI159.pdf","https://tps.ybj.hunan.gov.cn/tps-local/XMHXgroupYPCZ/M00/9D/1A/rBIBUGiNULCAHj9wAElsUN20rhc599.pdf","每粒装0.43g(相当于原药材1.164g)",40,17.7,"https://tps.ybj.hunan.gov.cn/tps-local/XMHXgroupYPCZ/M00/9D/1A/rBIBUGiNUNiATCYpAAPNvRIkFZk884.png",10,10,"哈尔滨大洋制药股份有限公司",70.8,{"$nulls":3},{"v":1.77,"d":"1.7700"},70.8]
[122,"ZB01AAJ0323030103623","金胆片","国产","薄膜衣片","每片重0.32g","哈尔滨大洋制药股份有限公司","每片重0.32g×60片/盒",60,"铝塑包装","片","国药准字Z20044210","云南省","ZB01AAJ0323030103623",31.98,"每片重0.32g",0.533,60,"内蒙古自治区","ZB01AAJ0323030103623",31.98,"每片重0.32g",0.533,60,"江西省","ZB01AAJ0323030103623",31.98,0.533,"https://tps.ybj.hunan.gov.cn/tps-local/XMHXgroupYPCZ/M00/9D/1A/rBIBUGiNUUGAPazgAD90cQzOWco545.jpg","https://tps.ybj.hunan.gov.cn/tps-local/XMHXgroupYPCZ/M00/9D/1A/rBIBUGiNUWWAWQRQADpD3KOPYYI301.pdf","https://tps.ybj.hunan.gov.cn/tps-local/XMHXgroupYPCZ/M00/9D/1A/rBIBUGiNUc2AXeJPAEV_QaFPKwU928.pdf","每片重0.32g",60,6.66,"https://tps.ybj.hunan.gov.cn/tps-local/XMHXgroupYPCZ/M00/9D/1A/rBIBUGiNUgGAS95xAAlfnNxkV1I603.pdf",10,15,"哈尔滨大洋制药股份有限公司",31.98,{"$nulls":3},{"v":0.533,"d":"0.5330"},31.98]
[123,"ZH01AAB0080010203623","白癜风胶囊","国产","胶囊剂","每粒装0.45g","哈尔滨大洋制药股份有限公司","每粒装0.45g×60粒/盒",60,"铝塑包装","粒","国药准字Z20053739","云南省","ZH01AAB0080010203623",56,"每粒装0.45g",0.9333,60,"内蒙古自治区","ZH01AAB0080010203623",56,"每粒装0.45g",0.9333,60,"黑龙江省","ZH01AAB0080010203623",56,0.9333,"https://tps.ybj.hunan.gov.cn/tps-local/XMHXgroupYPCZ/M00/9D/1A/rBIBUGiNUpyAIB2AAD90cQzOWco606.jpg","https://tps.ybj.hunan.gov.cn/tps-local/XMHXgroupYPCZ/M00/9D/1A/rBIBUGiNUtqAKyhnADpD3KOPYYI891.pdf","https://tps.ybj.hunan.gov.cn/tps-local/XMHXgroupYPCZ/M00/9D/1A/rBIBUGiNUwSAUTkWAElsUN20rhc529.pdf","每粒装0.45g",60,6.53,"https://tps.ybj.hunan.gov.cn/tps-local/XMHXgroupYPCZ/M00/9D/1A/rBIBUGiNUymARB7ZAEAcl1N-vbA221.pdf",6,8,"哈尔滨大洋制药股份有限公司",56,{"$nulls":3},{"v":0.933333333333333,"d":"0.9333"},56]
[124,"ZA12FAH0287010105164","黄根片","国产","片剂","每片含干浸膏0.2g(相当于原药材6g)","广西白云山盈康药业有限公司","每片含干浸膏0.2g(相当于原药材6g)×80片/盒",80,"口服固体药用高密度聚乙烯瓶","片","国药准字Z45020305","云南省","ZA12FAH0287010105164",43.3,"每片含干浸膏0.2g(相当于原药材6g)",0.5413,80,"广东省","ZA12FAH0287010105164",43.3,"每片含干浸膏0.2g(相当于原药材6g)",0.5413,80,"广西壮族自治区","ZA12FAH0287010105164",43.3,0.5413,"https://tps.ybj.hunan.gov.cn/tps-local/XMHXgroupYPCZ/M00/9C/F7/rBIBUGiMbOaAIWzkAAFHDioGhH4084.pdf","https://tps.ybj.hunan.gov.cn/tps-local/XMHXgroupYPCZ/M00/9C/F8/rBIBUGiMbfaAHT0gAAEJFAhQAaM342.pdf","https://tps.ybj.hunan.gov.cn/tps-local/XMHXgroupYPCZ/M00/9C/F8/rBIBUGiMbheAa9N0AAL7P1PcVp0489.pdf","每片含干浸膏0.2g(相当于原药材6g)",80,0.07,"https://tps.ybj.hunan.gov.cn/tps-local/XMHXgroupYPCZ/M00/9C/F8/rBIBUGiMbjmAajRdABdoFgBqCcM844.jpg",0.11,0.15,"广西白云山盈康药业有限公司",43.3,{"$nulls":3},{"v":0.54125,"d":"0.5413"},43.3]
[125,"ZG02BAZ0420010301061","壮骨麝香止痛膏","国产","橡胶膏剂","每张7×10cm","重庆希尔安药业有限公司","每张7×10cm×6片/盒",6,"药用复合袋","片","国药准字Z50020461","黑龙江省","ZG02BAZ0420010301061",32.8,"每张7×10cm",5.4667,6,"贵州省","ZG02BAZ0420010301061",32.8,"每张7×10cm",5.4667,6,"广西壮族自治区","ZG02BAZ0420010301061",32.8,5.4667,"https://tps.ybj.hunan.gov.cn/tps-local/XMHXgroupYPCZ/M00/9D/44/rBIBUGiQIEqAN-5pAAFqDtMJIoE125.pdf","https://tps.ybj.hunan.gov.cn/tps-local/XMHXgroupYPCZ/M00/9D/44/rBIBUGiQIHeAYVRZAAFq_EDUDhU710.pdf","https://tps.ybj.hunan.gov.cn/tps-local/XMHXgroupYPCZ/M00/9D/44/rBIBUGiQIJyALnveAAG9sTKI5LU520.pdf","每张7×10cm",6,5.47,"https://tps.ybj.hunan.gov.cn/tps-local/XMHXgroupYPCZ/M00/9D/44/rBIBUGiQINmAU6JHAA0GlmVfock363.pdf",1,1,"重庆希尔安药业有限公司",32.8,7.35,5.88,null,{"v":5.46666666666667,"d":"5.4667"},32.8]
[126,"ZA15GAX0565020601061","小活络丸","国产","大蜜丸","每丸重3g","重庆希尔安药业有限公司","每丸重3g×12丸/盒",12,"聚乙烯中药丸球壳包装","丸","国药准字Z19970002","江西省","ZA15GAX0565020601061",29.94,"每丸重3g",2.495,12,"黑龙江省","ZA15GAX0565020601061",29.94,"每丸重3g",2.495,12,"广西壮族自治区","ZA15GAX0565020601061",29.94,2.495,"https://tps.ybj.hunan.gov.cn/tps-local/XMHXgroupYPCZ/M00/9D/45/rBIBUGiQIlqAMLXuAASUJZc84uw516.pdf","https://tps.ybj.hunan.gov.cn/tps-local/XMHXgroupYPCZ/M00/9D/45/rBIBUGiQImCAX761AAREZZ9vEtM849.pdf","https://tps.ybj.hunan.gov.cn/tps-local/XMHXgroupYPCZ/M00/9D/45/rBIBUGiQImeARGcVAAHu00_UhQM558.pdf","每丸重3g",12,4.99,"https://tps.ybj.hunan.gov.cn/tps-local/XMHXgroupYPCZ/M00/9D/45/rBIBUGiQIjGActWaAApWqk-15dA302.pdf",2,2,"重庆希尔安药业有限公司",29.94,{"v":34,"d":"34.00"},{"v":27.2,"d":"27.20"},null,{"v":2.495,"d":"2.4950"},29.94]
[127,"ZA06EAH0039020101343","海珠喘息定片","国产","薄膜衣片","0.5g","沈阳红药集团股份有限公司","0.5g×50片/盒",50,"聚乙烯瓶","片","国药准字Z20073134","广西壮族自治区","ZA06EAH0039020101343",25.14,"0.5g",0.5028,50,"贵州省","ZA06EAH0039020101343",25.14,"0.5g",0.5028,50,"江西省","ZA06EAH0039020101343",25.14,0.5028,"https://tps.ybj.hunan.gov.cn/tps-local/XMHXgroupYPCZ/M00/9C/EF/rBIBUGiMYsGAPhQRAAio8DkeDgM755.jpg","https://tps.ybj.hunan.gov.cn/tps-local/XMHXgroupYPCZ/M00/9C/EF/rBIBUGiMYxCALCelAAwVUJrvHFc887.jpg","https://tps.ybj.hunan.gov.cn/tps-local/XMHXgroupYPCZ/M00/9C/EF/rBIBUGiMY0-ARcuuAAo0kwwtoBg098.jpg","0.5g",50,4.53,"https://tps.ybj.hunan.gov.cn/tps-local/XMHXgroupYPCZ/M00/9C/EF/rBIBUGiMY4KAVLcbAAjedcdmHEA893.pdf",6,12,"沈阳红药集团股份有限公司",25.14,{"v":3.53571428571429,"d":"3.54"},{"v":2.82857142857143,"d":"2.83"},null,{"v":0.314285714285714,"d":"0.3143"},15.71]
[128,"ZA12GAX0606010802575","心安胶囊","国产","胶囊剂","每粒含总黄酮80mg","承德御室金丹药业有限公司","每粒含总黄酮80mg×48粒/盒",48,"铝塑板","粒","国药准字Z13020982","河北省","ZA12GAX0606010802575",64,"每粒含总黄酮80mg",1.3333,48,"浙江省","ZA12GAX0606010802575",62.39,"每粒含总黄酮80mg",1.2998,48,"江西省","ZA12GAX0606010802575",64,1.3333,"https://tps.ybj.hunan.gov.cn/tps-local/XMHXgroupYPCZ/M00/9C/F3/rBIBUGiMaRWAfYDPAAr2DrV0g5U252.pdf","https://tps.ybj.hunan.gov.cn/tps-local/XMHXgroupYPCZ/M00/9C/F3/rBIBUGiMaRqAMwKMAAm05B7mNn8068.pdf","https://tps.ybj.hunan.gov.cn/tps-local/XMHXgroupYPCZ/M00/9C/F3/rBIBUGiMaR6AHj5wAAhrKHlpjSc425.pdf","每粒含总黄酮80mg",48,9.75,"https://tps.ybj.hunan.gov.cn/tps-local/XMHXgroupYPCZ/M00/9C/F3/rBIBUGiMaUqAIdawAAgGKmBIE6A158.pdf",6,9,"承德御室金丹药业有限公司",62.39,{"v":27.0625,"d":"27.06"},21.65,null,{"v":1.29979166666667,"d":"1.2998"},62.39]
[129,"ZA06CAS0325010101942","蛇胆川贝液","国产","糖浆剂","每支装10ml(每1毫升相当于饮片0.085克)","湖北端正药业股份有限公司","每支装10ml(每1毫升相当于饮片0.085克)×6支/盒",6,"聚氯乙烯/低密度聚乙烯药品包装用复合硬片","支","国药准字Z20163097","广西壮族自治区","ZA06CAS0325010101942",18,"每支装10ml(每1毫升相当于饮片0.085克)",3,6,"黑龙江省","ZA06CAS0325010101942",18,"每支装10ml(每1毫升相当于饮片0.085克)",3,6,"安徽省","ZA06CAS0325010101942",18,3,"https://tps.ybj.hunan.gov.cn/tps-local/XMHXgroupYPCZ/M00/9C/F1/rBIBUGiMZ1KATc1JAAEIcAP4Kb0223.jpg","https://tps.ybj.hunan.gov.cn/tps-local/XMHXgroupYPCZ/M00/9C/F1/rBIBUGiMZ2uAIk7NABKjcECeAc8397.jpg","https://tps.ybj.hunan.gov.cn/tps-local/XMHXgroupYPCZ/M00/9C/F1/rBIBUGiMZ4KAArLwABAmMOJOXKQ735.jpg","每支装10ml(每1毫升相当于饮片0.085克)",6,6,"https://tps.ybj.hunan.gov.cn/tps-local/XMHXgroupYPCZ/M00/9C/F1/rBIBUGiMZ5eACaVNAAI7Ar2unr8962.jpg",2,2,"湖北端正药业股份有限公司",18,{"v":22.2,"d":"22.20"},17.76,null,{"v":3,"d":"3.0000"},18]
[130,"ZA06CAS0325030801942","蛇胆川贝液","国产","糖浆剂","每支装10ml(每1毫升相当于饮片0.085克)","湖北端正药业股份有限公司","每支装10ml(每1毫升相当于饮片0.085克)×18支/盒",18,"聚氯乙烯/低密度聚乙烯药品包装用复合硬片","支","国药准字Z20163097","广西壮族自治区","ZA06CAS0325030801942",54,"每支装10ml(每1毫升相当于饮片0.085克)",3,18,"黑龙江省","ZA06CAS0325030801942",54,"每支装10ml(每1毫升相当于饮片0.085克)",3,18,"陕西省","ZA06CAS0325030801942",54,3,"https://tps.ybj.hunan.gov.cn/tps-local/XMHXgroupYPCZ/M00/9C/F2/rBIBUGiMaJiACVxVAAEIcAP4Kb0925.jpg","https://tps.ybj.hunan.gov.cn/tps-local/XMHXgroupYPCZ/M00/9C/F3/rBIBUGiMaMmAMuWHABKjcECeAc8148.jpg","https://tps.ybj.hunan.gov.cn/tps-local/XMHXgroupYPCZ/M00/9C/F3/rBIBUGiMaOiAPn5yABDzLJziI6c820.jpg","每支装10ml(每1毫升相当于饮片0.085克)",18,6,"https://tps.ybj.hunan.gov.cn/tps-local/XMHXgroupYPCZ/M00/9C/F3/rBIBUGiMaP2ADemxAAcbqEkpV-Y950.jpg",2,2,"湖北端正药业股份有限公司",54,{"v":22.2,"d":"22.20"},17.76,null,{"v":3,"d":"3.0000"},54]
[131,"ZA06CAS0325030301942","蛇胆川贝液","国产","糖浆剂","每支装10ml(每1毫升相当于饮片0.085克)","湖北端正药业股份有限公司","每支装10ml(每1毫升相当于饮片0.085克)×8支/盒",8,"聚氯乙烯/低密度聚乙烯药品包装用复合硬片","支","国药准字Z20163097","黑龙江省","ZA06CAS0325030301942",24,"每支装10ml(每1毫升相当于饮片0.085克)",3,8,"吉林省","ZA06CAS0325030301942",24,"每支装10ml(每1毫升相当于饮片0.085克)",3,8,"广西壮族自治区","ZA06CAS0325030301942",24,3,"https://tps.ybj.hunan.gov.cn/tps-local/XMHXgroupYPCZ/M00/9C/F3/rBIBUGiMaW-AbGChABKjcECeAc8098.jpg","https://tps.ybj.hunan.gov.cn/tps-local/XMHXgroupYPCZ/M00/9C/F4/rBIBUGiMag6ASg_eACvALbqrEBI385.jpg","https://tps.ybj.hunan.gov.cn/tps-local/XMHXgroupYPCZ/M00/9C/F4/rBIBUGiMaa6AO7hKAAEIcAP4Kb0415.jpg","每支装10ml(每1毫升相当于饮片0.085克)",8,6,"https://tps.ybj.hunan.gov.cn/tps-local/XMHXgroupYPCZ/M00/9C/F4/rBIBUGiMaeOAHUwNACp9ZHLwOvg973.jpg",2,2,"湖北端正药业股份有限公司",24,{"v":22.2,"d":"22.20"},17.76,null,{"v":3,"d":"3.0000"},24]
[132,"ZA06CAS0325030901942","蛇胆川贝液","国产","糖浆剂","每支装10ml(每1毫升相当于饮片0.085克)","湖北端正药业股份有限公司","每支装10ml(每1毫升相当于饮片0.085克)×20支/盒",20,"聚氯乙烯/低密度聚乙烯药品包装用复合硬片","支","国药准字Z20163097","江西省","ZA06CAS0325030901942",60,"每支装10ml(每1毫升相当于饮片0.085克)",3,20,"北京市","ZA06CAS0325030901942",60,"每支装10ml(每1毫升相当于饮片0.085克)",3,20,"宁夏回族自治区","ZA06CAS0325030901942",60,3,"https://tps.ybj.hunan.gov.cn/tps-local/XMHXgroupYPCZ/M00/9C/F5/rBIBUGiMapKAWNXLADKeXd6GdSc340.jpg","https://tps.ybj.hunan.gov.cn/tps-local/XMHXgroupYPCZ/M00/9C/F5/rBIBUGiMaviADvbmAC6GepwJpWI745.jpg","https://tps.ybj.hunan.gov.cn/tps-local/XMHXgroupYPCZ/M00/9C/F5/rBIBUGiMateATZBUABBfr-1LwWI746.jpg","每支装10ml(每1毫升相当于饮片0.085克)",20,6,"https://tps.ybj.hunan.gov.cn/tps-local/XMHXgroupYPCZ/M00/9C/F5/rBIBUGiMaw2AM89kAAQX_z01Fcg660.jpg",2,2,"湖北端正药业股份有限公司",60,{"v":22.2,"d":"22.20"},17.76,null,{"v":3,"d":"3.0000"},60]
[133,"ZA09DBJ0030010102764","济生肾气丸","国产","丸剂(水蜜丸)","每瓶装60g","河北康美制药股份有限公司","每瓶装60g×1瓶/盒",1,"聚乙烯瓶","瓶","国药准字Z13020325","江西省","ZA09DBJ0030010102764",78,"每瓶装60g",78,1,"重庆市","ZA09DBJ0030010102764",78,"每瓶装60g",78,1,"黑龙江省","ZA09DBJ0030010102764",78,78,"https://tps.ybj.hunan.gov.cn/tps-local/XMHXgroupYPCZ/M00/9C/F4/rBIBUGiMafeAebgSAAdmuqRlXJ4910.jpg","https://tps.ybj.hunan.gov.cn/tps-local/XMHXgroupYPCZ/M00/9C/F5/rBIBUGiMaiqAUjNzAAjsdQgxg1s643.jpg","https://tps.ybj.hunan.gov.cn/tps-local/XMHXgroupYPCZ/M00/9C/F5/rBIBUGiMajCAHc_FAAOkzkEKzhU414.jpg","每瓶装60g",1,19.5,"https://tps.ybj.hunan.gov.cn/tps-local/XMHXgroupYPCZ/M00/9C/F5/rBIBUGiMalGAL2wzAAkdjYa7nyE523.jpg",0.2,0.3,"河北康美制药股份有限公司",78,{"v":35.8333333333333,"d":"35.83"},{"v":28.6666666666667,"d":"28.67"},null,{"v":78,"d":"78.0000"},78]
[134,"ZA14BAB0245010102764","保和丸","国产","丸剂(水丸)","每袋装6g","河北康美制药股份有限公司","每袋装6g×6袋/盒",6,"复合膜","袋","国药准字Z13021909","江西省","ZA14BAB0245010102764",22.95,"每袋装6g",3.825,6,"重庆市","ZA14BAB0245010102764",22.95,"每袋装6g",3.825,6,"黑龙江省","ZA14BAB0245010102764",22.95,3.825,"https://tps.ybj.hunan.gov.cn/tps-local/XMHXgroupYPCZ/M00/9C/F7/rBIBUGiMa_GAcrYMAAdDhFKiYok855.jpg","https://tps.ybj.hunan.gov.cn/tps-local/XMHXgroupYPCZ/M00/9C/F6/rBIBUGiMazGAQUncAAjIMT_cia8121.jpg","https://tps.ybj.hunan.gov.cn/tps-local/XMHXgroupYPCZ/M00/9C/F6/rBIBUGiMa0aAePf0AAOVA079Kk0454.jpg","每袋装6g",6,9.56,"https://tps.ybj.hunan.gov.cn/tps-local/XMHXgroupYPCZ/M00/9C/F6/rBIBUGiMa3uAK9icAAfVxI_trbY861.jpg",2,3,"河北康美制药股份有限公司",22.95,24.75,{"v":19.8,"d":"19.80"},null,{"v":3.825,"d":"3.8250"},22.95]
[135,"ZA04BAQ0443010105390","清热解毒口服液","国产","合剂","每支装10ml","江西钟山药业有限责任公司","每支装10ml×6支/盒",6,"玻璃瓶","支","国药准字Z36020417","广西壮族自治区","ZA04BAQ0443010105390",21,"每支装10ml",3.5,6,"陕西省","ZA04BAQ0443010105390",21,"每支装10ml",3.5,6,"浙江省","ZA04BAQ0443010105390",21,3.5,"https://tps.ybj.hunan.gov.cn/tps-local/XMHXgroupYPCZ/M00/9C/F9/rBIBUGiMbvyAavGjAA420enmijg614.jpg","https://tps.ybj.hunan.gov.cn/tps-local/XMHXgroupYPCZ/M00/9C/F9/rBIBUGiMbyCAGAqoAA0o1722lwc258.jpg","https://tps.ybj.hunan.gov.cn/tps-local/XMHXgroupYPCZ/M00/9C/F9/rBIBUGiMbzuAXHJcAA4RDpWk2zI664.jpg","每支装10ml",6,15.75,"https://tps.ybj.hunan.gov.cn/tps-local/XMHXgroupYPCZ/M00/9C/F9/rBIBUGiMb26ALCX1AAdcJR13Gkk078.jpg",3,6,"江西钟山药业有限责任公司",21,{"v":157.5,"d":"157.50"},{"v":126,"d":"126.00"},null,{"v":3.5,"d":"3.5000"},21]
[136,"ZA06CAC0418010105390","川贝枇杷糖浆","国产","糖浆剂","每瓶装100ml","江西钟山药业有限责任公司","每瓶装100ml×1瓶/盒",1,"口服液体药用聚酯瓶","瓶","国药准字Z36020410","广西壮族自治区","ZA06CAC0418010105390",38.5,"每瓶装100ml",38.5,1,"内蒙古自治区","ZA06CAC0418010105390",38.5,"每瓶装100ml",38.5,1,"黑龙江省","ZA06CAC0418010105390",38.5,38.5,"https://tps.ybj.hunan.gov.cn/tps-local/XMHXgroupYPCZ/M00/9C/FA/rBIBUGiMcAWAf8kkACAuD0-HaCs519.jpg","https://tps.ybj.hunan.gov.cn/tps-local/XMHXgroupYPCZ/M00/9C/FA/rBIBUGiMcDKAXohkABnBR-hftk0776.jpg","https://tps.ybj.hunan.gov.cn/tps-local/XMHXgroupYPCZ/M00/9C/FA/rBIBUGiMcF2AHBvCAB1BD-N79nM335.jpg","每瓶装100ml",1,11.55,"https://tps.ybj.hunan.gov.cn/tps-local/XMHXgroupYPCZ/M00/9C/FA/rBIBUGiMcIuAZAn3AA8XuAc-mow443.jpg",0.3,0.3,"江西钟山药业有限责任公司",38.5,14.18,{"v":11.344,"d":"11.34"},null,{"v":37.8133333333333,"d":"37.8133"},37.81]
[137,"ZA02AAH0436010105470","藿香正气胶囊","国产","胶囊剂","每粒装0.25g","贵州宏宇药业有限公司","每粒装0.25g×9粒/盒",9,"铝塑包装","粒","国药准字Z52020256","广西壮族自治区","ZA02AAH0436010105470",48.6,"每粒装0.25g",5.4,9,"陕西省","ZA02AAH0436010105470",48.6,"每粒装0.25g",5.4,9,"江西省","ZA02AAH0436010105470",48.6,5.4,"https://tps.ybj.hunan.gov.cn/tps-local/XMHXgroupYPCZ/M00/9C/FB/rBIBUGiMcRqAQ4_8ACAlGZ_9zl8540.jpg","https://tps.ybj.hunan.gov.cn/tps-local/XMHXgroupYPCZ/M00/9C/FB/rBIBUGiMcUOAA5rlABpxNIWiJSo368.jpg","https://tps.ybj.hunan.gov.cn/tps-local/XMHXgroupYPCZ/M00/9C/FB/rBIBUGiMcWuAdWGkABzeesMQHHQ645.jpg","每粒装0.25g",9,10.8,"https://tps.ybj.hunan.gov.cn/tps-local/XMHXgroupYPCZ/M00/9C/FA/rBIBUGiMcL6AY-o7ABGxlueu6fg541.jpg",2,2,"江西钟山药业有限责任公司",48.6,{"v":3.16666666666667,"d":"3.17"},{"v":2.53333333333333,"d":"2.53"},null,{"v":1.26666666666667,"d":"1.2667"},11.4]
[138,"ZA04CDF0441010205176","复方黄连素片","国产","片剂","每片含盐酸小檗碱30mg","广西正堂药业有限责任公司","每片含盐酸小檗碱30mg×24片/盒",24,"PVC硬片和铝箔包装","片","国药准字Z45021364","广西壮族自治区","ZA04CDF0441010205176",39.8,"每片含盐酸小檗碱30mg",1.6583,24,"江西省","ZA04CDF0441010205176",39.8,"每片含盐酸小檗碱30mg",1.6583,24,"北京市","ZA04CDF0441010205176",39.8,1.6583,"https://tps.ybj.hunan.gov.cn/tps-local/XMHXgroupYPCZ/M00/9D/6B/rBIBUGiQVs2AcFUWAAX66T338qM187.pdf","https://tps.ybj.hunan.gov.cn/tps-local/XMHXgroupYPCZ/M00/9D/6C/rBIBUGiQVwOAdLYWAAdPUVMsGyA899.pdf","https://tps.ybj.hunan.gov.cn/tps-local/XMHXgroupYPCZ/M00/9D/6C/rBIBUGiQWFKAbwvcAAhdqfTa264516.pdf","每片含盐酸小檗碱30mg",24,19.9,"https://tps.ybj.hunan.gov.cn/tps-local/XMHXgroupYPCZ/M00/9D/6C/rBIBUGiQWIKAcygkAAek3TPnGrY457.pdf",12,12,"广西正堂药业有限责任公司",39.8,{"v":14.9,"d":"14.90"},11.92,null,{"v":0.993333333333334,"d":"0.9933"},23.84]
[139,"ZA06CAS0325010205176","蛇胆川贝液","国产","糖浆剂","每支10ml","广西正堂药业有限责任公司","每支10ml×8支/盒",8,"聚酯/铝/聚乙烯口服液提药用复合膜","支","国药准字Z45020758","广西壮族自治区","ZA06CAS0325010205176",19.73,"每支10ml",2.4663,8,"江西省","ZA06CAS0325010205176",19.73,"每支10ml",2.4663,8,"贵州省","ZA06CAS0325010205176",19.73,2.4663,"https://tps.ybj.hunan.gov.cn/tps-local/XMHXgroupYPCZ/M00/9D/6A/rBIBUGiQVcKAb8MKAAwaZK-ds2Q102.pdf","https://tps.ybj.hunan.gov.cn/tps-local/XMHXgroupYPCZ/M00/9D/6B/rBIBUGiQVfGAVrSSACBzGn8dMa8232.pdf","https://tps.ybj.hunan.gov.cn/tps-local/XMHXgroupYPCZ/M00/9D/6B/rBIBUGiQVh2AaskZAAf1-YXCGcA679.pdf","每支10ml",8,49.33,"https://tps.ybj.hunan.gov.cn/tps-local/XMHXgroupYPCZ/M00/9D/6B/rBIBUGiQVkyAGuNuAAW9kKfEKIo058.pdf",20,20,"广西正堂药业有限责任公司",19.73,{"v":22.2,"d":"22.20"},17.76,null,{"v":0.888,"d":"0.8880"},7.1]
[140,"ZA14AAE0031010205176","儿滞灵冲剂","国产","茶剂","每块重7g(相当于总药材11g)","广西正堂药业有限责任公司","每块重7g(相当于总药材11g)×8块/盒",8,"复合膜(BOPP/镀铝PET/PE)包装","块","国药准字Z45020756","吉林省","ZA14AAE0031010205176",67.47,"每块重7g(相当于总药材11g)",8.4338,8,"江苏省","ZA14AAE0031010205176",67.47,"每块重7g(相当于总药材11g)",8.4338,8,"海南省","ZA14AAE0031010205176",67.47,8.4338,"https://tps.ybj.hunan.gov.cn/tps-local/XMHXgroupYPCZ/M00/9C/FF/rBIBUGiMeAWAXxxhAAkPf1MPCD0047.pdf","https://tps.ybj.hunan.gov.cn/tps-local/XMHXgroupYPCZ/M00/9C/FF/rBIBUGiMeDGAHN1vAAoWm2ibjjs330.pdf","https://tps.ybj.hunan.gov.cn/tps-local/XMHXgroupYPCZ/M00/9D/00/rBIBUGiMeHKAF_UnAAi_GEDIn90793.pdf","每块重7g(相当于总药材11g)",8,27.41,"https://tps.ybj.hunan.gov.cn/tps-local/XMHXgroupYPCZ/M00/9D/00/rBIBUGiMeMCABajTAAgBVhPHuVU530.pdf",2,4.5,"广西正堂药业有限责任公司",67.47,{"$nulls":3},{"v":8.43375,"d":"8.4338"},67.47]
[141,"ZA12BAF0354020305689","复方丹参片","国产","薄膜衣片","每片重0.32g(相当于饮片0.6g)","云南省曲靖药业有限公司","每片重0.32g(相当于饮片0.6g)×100片/瓶",100,"口服固体药用高密度聚乙烯热封垫片瓶","片","国药准字Z20123011","江西省","ZA12BAF0354020305689",9.35,"每片重0.32g(相当于饮片0.6g)",0.0935,100,"山东省","ZA12BAF0354020305689",9.18,"每片重0.32g(相当于饮片0.6g)",0.0918,100,"云南省","ZA12BAF0354020305689",9.35,0.0935,"https://tps.ybj.hunan.gov.cn/tps-local/XMHXgroupYPCZ/M00/9C/FF/rBIBUGiMeAGAMTa7AACvyQXsQsY049.pdf","https://tps.ybj.hunan.gov.cn/tps-local/XMHXgroupYPCZ/M00/9D/00/rBIBUGiMeE6AVCd7AAnlM7DT8Xg495.pdf","https://tps.ybj.hunan.gov.cn/tps-local/XMHXgroupYPCZ/M00/9D/00/rBIBUGiMeFOAAGkcAAR_3WQuuss524.pdf","每片重0.32g(相当于饮片0.6g)",100,0.83,"https://tps.ybj.hunan.gov.cn/tps-local/XMHXgroupYPCZ/M00/9D/00/rBIBUGiMeL6ACmSHAAyCgIlP0Yg345.pdf",9,9,"云南省曲靖药业有限公司",9.18,{"v":2.9988,"d":"3.00"},{"v":2.39904,"d":"2.40"},null,0.0918,9.18]
[142,"ZA06BBQ0240020105291","强力枇杷露","国产","糖浆剂","150ml","江西海尔思药业股份有限公司","150ml×1瓶",1,"棕色塑料瓶","瓶","国药准字Z36021064","广西壮族自治区","ZA06BBQ0240020105291",10.8,"150ml",10.8,1,"江苏省","ZA06BBQ0240020105291",10.8,"150ml",10.8,1,"江西省","ZA06BBQ0240020105291",10.8,10.8,"https://tps.ybj.hunan.gov.cn/tps-local/XMHXgroupYPCZ/M00/9D/08/rBIBUGiMgbqAarNtAAMdq5jSXgI472.jpg","https://tps.ybj.hunan.gov.cn/tps-local/XMHXgroupYPCZ/M00/9D/08/rBIBUGiMgfOAfmABAAOe9DiJHu8215.jpg","https://tps.ybj.hunan.gov.cn/tps-local/XMHXgroupYPCZ/M00/9D/08/rBIBUGiMghSAfcVyAAJ0fCkjafE874.jpg","150ml",1,4.86,"https://tps.ybj.hunan.gov.cn/tps-local/XMHXgroupYPCZ/M00/9D/09/rBIBUGiMgsuASDvtAAn1-8OGhRw520.pdf",0.45,0.45,"江西海尔思药业股份有限公司",10.8,{"v":12.564,"d":"12.56"},{"v":10.0512,"d":"10.05"},null,{"v":10.8,"d":"10.8000"},10.8]
[143,"ZA12FAX0622020103586","心可宁胶囊","国产","胶囊剂","每粒装0.4g","吉林京辉药业股份有限公司","每粒装0.4g×24粒/盒",24,"药用PVC,铝箔包装","粒","国药准字Z20053746","新疆维吾尔自治区","ZA12FAX0622020103586",96.5,"每粒装0.4g",4.0208,24,"贵州省","ZA12FAX0622020103586",96.5,"每粒装0.4g",4.0208,24,"吉林省","ZA12FAX0622020103586",96.5,4.0208,"https://tps.ybj.hunan.gov.cn/tps-local/XMHXgroupYPCZ/M00/9D/0F/rBIBUGiMkFuAUGLjAAgj2UMTu-U731.jpg","https://tps.ybj.hunan.gov.cn/tps-local/XMHXgroupYPCZ/M00/9D/0F/rBIBUGiMkHmAS1xeAArHNkyvILU440.jpg","https://tps.ybj.hunan.gov.cn/tps-local/XMHXgroupYPCZ/M00/9D/0F/rBIBUGiMkI6AEl-5AApedwPZiCU960.jpg","每粒装0.4g",24,24.13,"https://tps.ybj.hunan.gov.cn/tps-local/XMHXgroupYPCZ/M00/9D/0F/rBIBUGiMkSCAC2Z6ABjkiwxkmVY607.pdf",6,6,"吉林京辉药业股份有限公司",96.5,{"v":122.5,"d":"122.50"},{"v":98,"d":"98.00"},null,{"v":4.02083333333333,"d":"4.0208"},96.5]
[144,"ZA13AAX0179010303586","逍遥丸(水丸)","国产","水丸","每100丸重6g,每袋装6g","吉林京辉药业股份有限公司","每100丸重6g,每袋装6g×6袋/盒",6,"药用复合膜包装","袋","国药准字Z20054897","安徽省","ZA13AAX0179010303586",14.8,"每100丸重6g,每袋装6g",2.4667,6,"广西壮族自治区","ZA13AAX0179010303586",14.8,"每100丸重6g,每袋装6g",2.4667,6,"贵州省","ZA13AAX0179010303586",14.8,2.4667,"https://tps.ybj.hunan.gov.cn/tps-local/XMHXgroupYPCZ/M00/9D/0F/rBIBUGiMklOAdRocAAZUl-LaBhk272.jpg","https://tps.ybj.hunan.gov.cn/tps-local/XMHXgroupYPCZ/M00/9D/10/rBIBUGiMlA2AMc4JAAY4-ygwqMQ511.jpg","https://tps.ybj.hunan.gov.cn/tps-local/XMHXgroupYPCZ/M00/9D/0F/rBIBUGiMksmAER4dAAYPSW_X4Qs747.jpg","每100丸重6g,每袋装6g",6,4.93,"https://tps.ybj.hunan.gov.cn/tps-local/XMHXgroupYPCZ/M00/9D/10/rBIBUGiMk8yAW4RwAC6DDHZBJ9E196.jpg",1,3,"吉林京辉药业股份有限公司",14.8,{"v":5.67466666666667,"d":"5.67"},{"v":4.53973333333333,"d":"4.54"},null,{"v":2.26986666666667,"d":"2.2699"},13.62]
[145,"ZC01AAX0186010103586","通关藤片(消癌平片)","国产","片剂","糖衣片(片心重0.3g)","吉林京辉药业股份有限公司","糖衣片(片心重0.3g)×30片/盒",30,"药用PVC、铝箔包装","片","国药准字Z20054951","安徽省","ZC01AAX0186010103586",39,"糖衣片(片心重0.3g)",1.3,30,"广西壮族自治区","ZC01AAX0186010103586",39,"糖衣片(片心重0.3g)",1.3,30,"贵州省","ZC01AAX0186010103586",39,1.3,"https://tps.ybj.hunan.gov.cn/tps-local/XMHXgroupYPCZ/M00/9D/11/rBIBUGiMlSqAMJkoAAZsqyRaE9c480.jpg","https://tps.ybj.hunan.gov.cn/tps-local/XMHXgroupYPCZ/M00/9D/11/rBIBUGiMlVOAW48zAAYOQXWJrNs701.jpg","https://tps.ybj.hunan.gov.cn/tps-local/XMHXgroupYPCZ/M00/9D/12/rBIBUGiMlYKAZM-pAAdXqpwYQIg781.jpg","糖衣片(片心重0.3g)",30,35.1,"https://tps.ybj.hunan.gov.cn/tps-local/XMHXgroupYPCZ/M00/9D/12/rBIBUGiMlhiAAeOGACo31hgV2KU535.jpg",24,30,"吉林京辉药业股份有限公司",39,{"v":40.5,"d":"40.50"},{"v":32.4,"d":"32.40"},null,{"v":1.2,"d":"1.2000"},36]
[146,"ZA12AAY0417010404199","益心舒颗粒","国产","颗粒剂","每袋装4g(未添加蔗糖)","山东中泰药业有限公司","每袋装4g(未添加蔗糖)×18袋/盒",18,"铝塑复合膜包装","袋","国药准字Z20090716","福建省","ZA12AAY0417010404199",21.48,"每袋装4g(未添加蔗糖)",1.1933,18,"甘肃省","ZA12AAY0417010404199",21.48,"每袋装4g(未添加蔗糖)",1.1933,18,"河南省","ZA12AAY0417010404199",21.48,1.1933,"https://tps.ybj.hunan.gov.cn/tps-local/XMHXgroupYPCZ/M00/9D/1E/rBIBUGiNc92Ad5KFAAGnEUNTaJo735.jpg","https://tps.ybj.hunan.gov.cn/tps-local/XMHXgroupYPCZ/M00/9D/1E/rBIBUGiNdASAEl2wAAHXu5SzHXQ742.jpg","https://tps.ybj.hunan.gov.cn/tps-local/XMHXgroupYPCZ/M00/9D/1E/rBIBUGiNdCiAEXEyAAGEKSoW168015.jpg","每袋装4g(未添加蔗糖)",18,3.58,"https://tps.ybj.hunan.gov.cn/tps-local/XMHXgroupYPCZ/M00/9D/1E/rBIBUGiNdHKAd4NDAALDZoQQhqI940.jpg",3,3,"山东中泰药业有限公司",21.48,{"v":5,"d":"5.00"},{"v":4,"d":"4.00"},null,{"v":1.19333333333333,"d":"1.1933"},21.48]
[147,"ZA09AAB0472010102874","补中益气丸","国产","水丸","每袋装6g","山西万辉制药有限公司","每袋装6g×6袋/盒",6,"药用复合膜袋装","袋","国药准字Z14020911","北京市","ZA09AAB0472010102874",79.8,"每袋装6g",13.3,6,"江西省","ZA09AAB0472010102874",79.8,"每袋装6g",13.3,6,"贵州省","ZA09AAB0472010102874",79.8,13.3,"https://tps.ybj.hunan.gov.cn/tps-local/XMHXgroupYPCZ/M00/9D/1F/rBIBUGiNeUOAYRmlAAVvRnWK7jw353.jpg","https://tps.ybj.hunan.gov.cn/tps-local/XMHXgroupYPCZ/M00/9D/1F/rBIBUGiNeU6AWMloAAQ4Nm0ZsVY698.jpg","https://tps.ybj.hunan.gov.cn/tps-local/XMHXgroupYPCZ/M00/9D/1F/rBIBUGiNeW6AI9zaAAQD1_p4EIc775.jpg","每袋装6g",6,33.25,"https://tps.ybj.hunan.gov.cn/tps-local/XMHXgroupYPCZ/M00/9D/1F/rBIBUGiNeZqANtYcAANeyOm_JlQ775.jpg",2,3,"山西万辉制药有限公司",79.8,{"v":16.6111111111111,"d":"16.61"},{"v":13.2888888888889,"d":"13.29"},null,{"v":5.31555555555556,"d":"5.3156"},31.89]
[148,"ZA09DBJ0389050103882","金匮肾气丸","国产","丸剂(水蜜丸)","5g/袋","山西万辉制药有限公司","5g/袋×6袋/盒",6,"药用复合膜袋装","袋","国药准字Z15020621","黑龙江省","ZA09DBJ0389050103882",68.4,"5g/袋",11.4,6,"山东省","ZA09DBJ0389050103882",68.4,"5g/袋",11.4,6,"重庆市","ZA09DBJ0389050103882",68.4,11.4,"https://tps.ybj.hunan.gov.cn/tps-local/XMHXgroupYPCZ/M00/9D/20/rBIBUGiNgAGAQqF-AAbL6-BcBZQ394.jpg","https://tps.ybj.hunan.gov.cn/tps-local/XMHXgroupYPCZ/M00/9D/20/rBIBUGiNgCaAU2OCAAhQ0MDj408317.jpg","https://tps.ybj.hunan.gov.cn/tps-local/XMHXgroupYPCZ/M00/9D/20/rBIBUGiNgDuAEWLTAAi8Mu1qqdM023.jpg","5g/袋",6,22.8,"https://tps.ybj.hunan.gov.cn/tps-local/XMHXgroupYPCZ/M00/9D/20/rBIBUGiNf5aAZKX-AAMIQBuyqCA562.jpg",2,2,"山西万辉制药有限公司",68.4,{"v":9.5,"d":"9.50"},{"v":7.6,"d":"7.60"},null,{"v":3.8,"d":"3.8000"},22.8]
[149,"ZA02CAL0235010103882","六合定中丸","国产","水丸","6g/袋","山西万辉制药有限公司","6g/袋×6袋/盒",6,"复合膜袋装","袋","国药准字Z15020570","北京市","ZA02CAL0235010103882",49.6,"6g/袋",8.2667,6,"广西壮族自治区","ZA02CAL0235010103882",49.6,"6g/袋",8.2667,6,"江西省","ZA02CAL0235010103882",49.6,8.2667,"https://tps.ybj.hunan.gov.cn/tps-local/XMHXgroupYPCZ/M00/9D/20/rBIBUGiNgnKAUOYKAAS3KwrDBkc867.jpg","https://tps.ybj.hunan.gov.cn/tps-local/XMHXgroupYPCZ/M00/9D/20/rBIBUGiNgtmAbHgUAAiA4XGuOD8069.jpg","https://tps.ybj.hunan.gov.cn/tps-local/XMHXgroupYPCZ/M00/9D/20/rBIBUGiNgvCAR773AAQ7Ru-m5-o610.jpg","6g/袋",6,16.53,"https://tps.ybj.hunan.gov.cn/tps-local/XMHXgroupYPCZ/M00/9D/20/rBIBUGiNgxKALvW3AANXePhroOE979.jpg",1,3,"山西万辉制药有限公司",49.6,3.15,2.52,null,{"v":1.26,"d":"1.2600"},7.56]
[150,"ZA04AAN0130020103728","牛黄上清片","国产","片剂(糖衣)","无(人工牛黄)","黑龙江鼎恒升药业有限公司","无(人工牛黄)×24片/盒",24,"聚氯乙烯固体药用硬片和药品包装用铝箔","片","国药准字Z23021743","广西壮族自治区","ZA04AAN0130020103728",13.2,"无(人工牛黄)",0.55,24,"贵州省","ZA04AAN0130020103728",13.2,"无(人工牛黄)",0.55,24,"江西省","ZA04AAN0130020103728",13.2,0.55,"https://tps.ybj.hunan.gov.cn/tps-local/XMHXgroupYPCZ/M00/9D/20/rBIBUGiNhKCAAXJ2AAINouLAkQo362.pdf","https://tps.ybj.hunan.gov.cn/tps-local/XMHXgroupYPCZ/M00/9D/21/rBIBUGiNhPmAZ821AAKCA82TbZI709.pdf","https://tps.ybj.hunan.gov.cn/tps-local/XMHXgroupYPCZ/M00/9D/21/rBIBUGiNhRuAWsVTAAKXFpw8DAc441.pdf","无(人工牛黄)",24,4.4,"https://tps.ybj.hunan.gov.cn/tps-local/XMHXgroupYPCZ/M00/9D/21/rBIBUGiNhbuAe_QNAAHkGnNZrzU698.jpg",8,8,"恒拓集团广西圣康制药有限公司",13.2,37.34,{"v":29.872,"d":"29.87"},null,{"v":0.55,"d":"0.5500"},13.2]
[151,"ZA03AAT0182040204968","通便灵胶囊","国产","胶囊剂","每粒装0.25g","恒拓集团广西圣康制药有限公司","每粒装0.25g×40粒/盒",40,"聚氯乙烯固体药用硬片和药品包装用铝箔","粒","国药准字Z43020365","湖南省","ZA03AAT0182030104968",12.33,"每粒装0.25g",0.6165,20,"广西壮族自治区","ZA03AAT0182030104968",12.33,"每粒装0.25g",0.6165,20,"江西省","ZA03AAT0182030104968",12.33,0.6165,"https://tps.ybj.hunan.gov.cn/tps-local/XMHXgroupYPCZ/M00/9D/21/rBIBUGiNh2yAHeK8AARZh9A2_Es653.jpg","https://tps.ybj.hunan.gov.cn/tps-local/XMHXgroupYPCZ/M00/9D/21/rBIBUGiNh4CAW0jTAAIPrlv2NeA538.jpg","https://tps.ybj.hunan.gov.cn/tps-local/XMHXgroupYPCZ/M00/9D/21/rBIBUGiNh6OAROXFAAG6P7PDrdw453.jpg","每粒装0.25g",20,3.39,"https://tps.ybj.hunan.gov.cn/tps-local/XMHXgroupYPCZ/M00/9D/21/rBIBUGiNh8yAVjqHABKuHFPwfHo307.pdf",5,6,"恒拓集团广西圣康制药有限公司",24.66,{"v":5.005,"d":"5.01"},{"v":4.004,"d":"4.00"},null,0.6165,24.66]
[152,"ZE02AAM0144010102874","明目地黄丸","国产","丸剂(水蜜丸)","6g/袋(每100粒重20g)","山西万辉制药有限公司","6g/袋(每100粒重20g)×6袋/盒",6,"药用复合膜袋装","袋","国药准字Z14020916","黑龙江省","ZE02AAM0144010102874",38.4,"6g/袋(每100粒重20g)",6.4,6,"江西省","ZE02AAM0144010102874",38.4,"6g/袋(每100粒重20g)",6.4,6,"山东省","ZE02AAM0144010102874",38.4,6.4,"https://tps.ybj.hunan.gov.cn/tps-local/XMHXgroupYPCZ/M00/9D/23/rBIBUGiNuveAarpTAAbvoVe0DXM374.jpg","https://tps.ybj.hunan.gov.cn/tps-local/XMHXgroupYPCZ/M00/9D/23/rBIBUGiNuxyAGYMCAAVn5-F6cQY072.jpg","https://tps.ybj.hunan.gov.cn/tps-local/XMHXgroupYPCZ/M00/9D/23/rBIBUGiNuyqAemu7AAhbEvtUE2g046.jpg","6g/袋(每100粒重20g)",6,12.8,"https://tps.ybj.hunan.gov.cn/tps-local/XMHXgroupYPCZ/M00/9D/23/rBIBUGiNusSAJV5oAANshc5u1O4507.jpg",2,2,"山西万辉制药有限公司",38.4,{"v":11.6,"d":"11.60"},9.28,null,{"v":4.64,"d":"4.6400"},27.84]
[153,"ZA09ABR0036010102952","人参健脾丸","国产","水蜜丸","每袋装8g(每10丸重1g)","山西万辉制药有限公司","每袋装8g(每10丸重1g)×6袋/盒",6,"药用复合膜","袋","国药准字Z20123095","北京市","ZA09ABR0036010102952",86,"每袋装8g(每10丸重1g)",14.3333,6,"广西壮族自治区","ZA09ABR0036010102952",86,"每袋装8g(每10丸重1g)",14.3333,6,"辽宁省","ZA09ABR0036010102952",86,14.3333,"https://tps.ybj.hunan.gov.cn/tps-local/XMHXgroupYPCZ/M00/9D/23/rBIBUGiNvFSAYtx2AAS7QvPC36U461.jpg","https://tps.ybj.hunan.gov.cn/tps-local/XMHXgroupYPCZ/M00/9D/23/rBIBUGiNvH2AAQudAAQIkyv4n_0270.jpg","https://tps.ybj.hunan.gov.cn/tps-local/XMHXgroupYPCZ/M00/9D/23/rBIBUGiNvKaANf68ABJMgh5kuKQ444.jpg","每袋装8g(每10丸重1g)",6,28.67,"https://tps.ybj.hunan.gov.cn/tps-local/XMHXgroupYPCZ/M00/9D/24/rBIBUGiNvLOAcruwAANrvL9Kbsw518.jpg",2,2,"山西万辉制药有限公司",86,34.52,{"v":27.616,"d":"27.62"},null,{"v":13.808,"d":"13.8080"},82.85]
[154,"ZA13BAS0699010202874","舒肝健胃丸","国产","丸剂(水丸)","每袋装6g","山西万辉制药有限公司","每袋装6g×6袋/盒",6,"复合膜袋装","袋","国药准字Z14021650","黑龙江省","ZA13BAS0699010202874",64.37,"每袋装6g",10.7283,6,"江西省","ZA13BAS0699010202874",64.37,"每袋装6g",10.7283,6,"重庆市","ZA13BAS0699010202874",64.37,10.7283,"https://tps.ybj.hunan.gov.cn/tps-local/XMHXgroupYPCZ/M00/9D/24/rBIBUGiNvgeAHABjAAcw7gg8dA0717.jpg","https://tps.ybj.hunan.gov.cn/tps-local/XMHXgroupYPCZ/M00/9D/24/rBIBUGiNvhSAMjLIAAVfQLaEgog354.jpg","https://tps.ybj.hunan.gov.cn/tps-local/XMHXgroupYPCZ/M00/9D/24/rBIBUGiNvjeAAm16AAhovVpw4DI894.jpg","每袋装6g",6,24.14,"https://tps.ybj.hunan.gov.cn/tps-local/XMHXgroupYPCZ/M00/9D/24/rBIBUGiNvdqAT-3DAAOU-AgsgVY465.jpg",1.5,3,"山西万辉制药有限公司",64.37,4.95,3.96,null,{"v":1.76,"d":"1.7600"},10.56]
[155,"ZA13AAS0711010103882","舒肝丸","国产","水蜜丸","4g/袋(每100丸重20g)","山西万辉制药有限公司","4g/袋(每100丸重20g)×6袋/盒",6,"药用复合膜袋装","袋","国药准字Z15020589","北京市","ZA13AAS0711010103882",79.8,"4g/袋(每100丸重20g)",13.3,6,"江西省","ZA13AAS0711010103882",79.8,"4g/袋(每100丸重20g)",13.3,6,"山东省","ZA13AAS0711010103882",79.8,13.3,"https://tps.ybj.hunan.gov.cn/tps-local/XMHXgroupYPCZ/M00/9D/24/rBIBUGiNwdaARiY4AAV3RhbSseY186.jpg","https://tps.ybj.hunan.gov.cn/tps-local/XMHXgroupYPCZ/M00/9D/24/rBIBUGiNwemATaW7AAQ04r0LF6w278.jpg","https://tps.ybj.hunan.gov.cn/tps-local/XMHXgroupYPCZ/M00/9D/24/rBIBUGiNwf-AQy9iAAcg9CVX1gc724.jpg","4g/袋(每100丸重20g)",6,33.25,"https://tps.ybj.hunan.gov.cn/tps-local/XMHXgroupYPCZ/M00/9D/24/rBIBUGiNwhWAaJAcAALm1_H0lUk864.jpg",2,3,"山西万辉制药有限公司",79.8,{"v":28.875,"d":"28.88"},{"v":23.1,"d":"23.10"},null,{"v":9.24,"d":"9.2400"},55.44]
[156,"ZA10AAT0106010102874","天王补心丸","国产","水蜜丸","6g/袋(每100粒重20g)","山西万辉制药有限公司","6g/袋(每100粒重20g)×6袋/盒",6,"复合膜袋","袋","国药准字Z14020918","北京市","ZA10AAT0106010102874",63,"6g/袋(每100粒重20g)",10.5,6,"广西壮族自治区","ZA10AAT0106010102874",63,"6g/袋(每100粒重20g)",10.5,6,"江西省","ZA10AAT0106010102874",63,10.5,"https://tps.ybj.hunan.gov.cn/tps-local/XMHXgroupYPCZ/M00/9D/29/rBIBUGiO0B-AKTPbAAVbwKqfXjY084.jpg","https://tps.ybj.hunan.gov.cn/tps-local/XMHXgroupYPCZ/M00/9D/29/rBIBUGiO0DqATb6MAAQWvvex0jg670.jpg","https://tps.ybj.hunan.gov.cn/tps-local/XMHXgroupYPCZ/M00/9D/29/rBIBUGiO0F-AdosBAAQ4GNxx0nk724.jpg","6g/袋(每100粒重20g)",6,21,"https://tps.ybj.hunan.gov.cn/tps-local/XMHXgroupYPCZ/M00/9D/29/rBIBUGiOz96ACJb_AALkeKddBOg606.jpg",2,2,"山西万辉制药有限公司",63,{"v":22.5,"d":"22.50"},{"v":18,"d":"18.00"},null,{"v":9,"d":"9.0000"},54]
[157,"ZA01BAY0525010303882","银翘解毒丸","国产","水蜜丸","6g/袋","山西万辉制药有限公司","6g/袋×6袋/盒",6,"药用复合膜","袋","国药准字Z15021130","黑龙江省","ZA01BAY0525010303882",49.8,"6g/袋",8.3,6,"江西省","ZA01BAY0525010303882",49.8,"6g/袋",8.3,6,"重庆市","ZA01BAY0525010303882",49.8,8.3,"https://tps.ybj.hunan.gov.cn/tps-local/XMHXgroupYPCZ/M00/9D/29/rBIBUGiO0PeAGT2cAAfdderxR90500.jpg","https://tps.ybj.hunan.gov.cn/tps-local/XMHXgroupYPCZ/M00/9D/29/rBIBUGiO0QyAHbzsAAZxFRi3ly4677.jpg","https://tps.ybj.hunan.gov.cn/tps-local/XMHXgroupYPCZ/M00/9D/29/rBIBUGiO0Z6ATkzeAAlZKuJ-2Qk409.jpg","6g/袋",6,20.75,"https://tps.ybj.hunan.gov.cn/tps-local/XMHXgroupYPCZ/M00/9D/29/rBIBUGiO0cSAbiYTAAONp-YEEts963.jpg",2,3,"山西万辉制药有限公司",49.8,20.75,{"v":16.6,"d":"16.60"},null,{"v":6.64,"d":"6.6400"},39.84]
[158,"ZA10EAZ0373010103882","朱砂安神丸","国产","水蜜丸","6g/袋","山西万辉制药有限公司","6g/袋×6袋/盒",6,"药用复合膜袋装","袋","国药准字Z15021131","北京市","ZA10EAZ0373010103882",89.7,"6g/袋",14.95,6,"广西壮族自治区","ZA10EAZ0373010103882",89.7,"6g/袋",14.95,6,"江西省","ZA10EAZ0373010103882",89.7,14.95,"https://tps.ybj.hunan.gov.cn/tps-local/XMHXgroupYPCZ/M00/9D/29/rBIBUGiO0kaAKa-FAATn3MV_uSc893.jpg","https://tps.ybj.hunan.gov.cn/tps-local/XMHXgroupYPCZ/M00/9D/29/rBIBUGiO0lSAG6T2AARzWA8dRCI763.jpg","https://tps.ybj.hunan.gov.cn/tps-local/XMHXgroupYPCZ/M00/9D/29/rBIBUGiO0niAVePbAAQ4bkWVFfU806.jpg","6g/袋",6,22.43,"https://tps.ybj.hunan.gov.cn/tps-local/XMHXgroupYPCZ/M00/9D/29/rBIBUGiO0e2AKfo5AALU6Y0y0Zc736.jpg",1,2,"山西万辉制药有限公司",89.7,14.85,11.88,null,{"v":7.92,"d":"7.9200"},47.52]
[159,"ZD03AAN0177010103882","女金丸","国产","丸剂(水蜜丸)","5g/袋(每10丸重2g)","山西万辉制药有限公司","5g/袋(每10丸重2g)×6袋/盒",6,"药用复合膜袋装","袋","国药准字Z15021121","北京市","ZD03AAN0177010103882",59.6,"5g/袋(每10丸重2g)",9.9333,6,"广西壮族自治区","ZD03AAN0177010103882",59.6,"5g/袋(每10丸重2g)",9.9333,6,"江西省","ZD03AAN0177010103882",59.6,9.9333,"https://tps.ybj.hunan.gov.cn/tps-local/XMHXgroupYPCZ/M00/9D/29/rBIBUGiO0w6AOAY_AAg4SCm037o936.jpg","https://tps.ybj.hunan.gov.cn/tps-local/XMHXgroupYPCZ/M00/9D/29/rBIBUGiO0x2AByOpAAKT5rDO08w269.jpg","https://tps.ybj.hunan.gov.cn/tps-local/XMHXgroupYPCZ/M00/9D/29/rBIBUGiO0zGARg_3AAZFgyZPmD0386.jpg","5g/袋(每10丸重2g)",6,19.87,"https://tps.ybj.hunan.gov.cn/tps-local/XMHXgroupYPCZ/M00/9D/29/rBIBUGiO01iAX2y-AASOXkGvpBQ353.jpg",2,2,"山西万辉制药有限公司",59.6,13.96,{"v":11.168,"d":"11.17"},null,{"v":5.584,"d":"5.5840"},33.5]
[160,"ZA04AAH0304010804284","黄连上清片","国产","片剂","无","安徽东盛友邦制药有限公司","无×24片/盒",24,"铝箔板装","片","国药准字Z34021003","安徽省","ZA04AAH0304010804284",18,"无",0.75,24,"广西壮族自治区","ZA04AAH0304010804284",18,"无",0.75,24,"重庆市","ZA04AAH0304010804284",18,0.75,"https://tps.ybj.hunan.gov.cn/tps-local/XMHXgroupYPCZ/M00/9D/32/rBIBUGiQBXuAAcw1AAEYf_B4K48673.jpg","https://tps.ybj.hunan.gov.cn/tps-local/XMHXgroupYPCZ/M00/9D/32/rBIBUGiQBaKAEzKCAADDzexI2OE514.jpg","https://tps.ybj.hunan.gov.cn/tps-local/XMHXgroupYPCZ/M00/9D/33/rBIBUGiQBeSAZK7EAAEXTKkOEIg157.jpg","无",24,9,"https://tps.ybj.hunan.gov.cn/tps-local/XMHXgroupYPCZ/M00/9D/33/rBIBUGiQBhKAPkokAAQSuGeygs0233.pdf",12,12,"安徽东盛友邦制药有限公司",18,{"v":16.2333333333333,"d":"16.23"},{"v":12.9866666666667,"d":"12.99"},null,{"v":0.75,"d":"0.7500"},18]
[161,"ZA06BBQ0240010104220","强力枇杷露","国产","糖浆剂","每瓶装100毫升","吉林华康药业股份有限公司","每瓶装100毫升×1瓶/盒",1,"口服液体药用聚酯瓶","瓶","国药准字Z37020073","河北省","ZA06BBQ0240010104220",11,"每瓶装100毫升",11,1,"辽宁省","ZA06BBQ0240010104220",11,"每瓶装100毫升",11,1,"黑龙江省","ZA06BBQ0240020104220",11,11,"https://tps.ybj.hunan.gov.cn/tps-local/XMHXgroupYPCZ/M00/9D/32/rBIBUGiQBKGAMy1VAAOANYZNvUk810.pdf","https://tps.ybj.hunan.gov.cn/tps-local/XMHXgroupYPCZ/M00/9D/32/rBIBUGiQBKiAZzRuAARlv8_mDno839.pdf","https://tps.ybj.hunan.gov.cn/tps-local/XMHXgroupYPCZ/M00/9D/32/rBIBUGiQBLeAY6Q9AANzsCZLKTE112.pdf","每瓶装330毫升",1,4.95,"https://tps.ybj.hunan.gov.cn/tps-local/XMHXgroupYPCZ/M00/9D/32/rBIBUGiQBB6AGEyWAAukqvWeLl0965.pdf",0.45,0.45,"吉林华康药业股份有限公司",11,{"v":12.564,"d":"12.56"},{"v":10.0512,"d":"10.05"},null,{"v":11,"d":"11.0000"},11]
[162,"ZA04AAH0304010704284","黄连上清片","国产","片剂","无","安徽东盛友邦制药有限公司","无×36片/盒",36,"铝箔板","片","国药准字Z34021003","广西壮族自治区","ZA04AAH0304010704284",27,"无",0.75,36,"重庆市","ZA04AAH0304010704284",27,"无",0.75,36,"安徽省","ZA04AAH0304010704284",27,0.75,"https://tps.ybj.hunan.gov.cn/tps-local/XMHXgroupYPCZ/M00/9D/35/rBIBUGiQCMWAKElOAAC_Qkk6YYg781.jpg","https://tps.ybj.hunan.gov.cn/tps-local/XMHXgroupYPCZ/M00/9D/35/rBIBUGiQCPWAFPBFAAEXTKkOEIg873.jpg","https://tps.ybj.hunan.gov.cn/tps-local/XMHXgroupYPCZ/M00/9D/35/rBIBUGiQCRCAVHvsAAEYf_B4K48156.jpg","无",36,9,"https://tps.ybj.hunan.gov.cn/tps-local/XMHXgroupYPCZ/M00/9D/34/rBIBUGiQCJ6AR3dTAASjxhQRAKk665.pdf",12,12,"安徽东盛友邦制药有限公司",27,{"v":16.2333333333333,"d":"16.23"},{"v":12.9866666666667,"d":"12.99"},null,{"v":0.75,"d":"0.7500"},27]
[163,"ZA04BAB0189010104284","板蓝根颗粒","国产","颗粒剂","每袋装5g","安徽东盛友邦制药有限公司","每袋装5g×10袋/盒",10,"复合膜袋","袋","国药准字Z34020454","广东省","ZA04BAB0189010104284",7.6,"每袋装5g",0.76,10,"广西壮族自治区","ZA04BAB0189010104284",7.6,"每袋装5g",0.76,10,"贵州省","ZA04BAB0189010104284",7.6,0.76,"https://tps.ybj.hunan.gov.cn/tps-local/XMHXgroupYPCZ/M00/9D/37/rBIBUGiQDBiAc0m0AAE4KOX3cBc917.jpg","https://tps.ybj.hunan.gov.cn/tps-local/XMHXgroupYPCZ/M00/9D/37/rBIBUGiQDB6AfeyfAAD7L2Vwvb0329.jpg","https://tps.ybj.hunan.gov.cn/tps-local/XMHXgroupYPCZ/M00/9D/37/rBIBUGiQDCqAeRAwAADT7YH27gA676.jpg","每袋装5g",10,4.18,"https://tps.ybj.hunan.gov.cn/tps-local/XMHXgroupYPCZ/M00/9D/37/rBIBUGiQDKyAHV1HAANFBknJKuw481.jpg",3,8,"安徽东盛友邦制药有限公司",7.6,{"v":24.0625,"d":"24.06"},19.25,null,{"v":0.76,"d":"0.7600"},7.6]
[164,"ZA06BBX0548010104284","小儿止咳糖浆","国产","糖浆剂","10ml","安徽东盛友邦制药有限公司","10ml×6瓶/盒",6,"口服液玻璃瓶装","瓶","国药准字Z34020459","广西壮族自治区","ZA06BBX0548010104284",9,"10ml",1.5,6,"江西省","ZA06BBX0548010104284",9,"10ml",1.5,6,"黑龙江省","ZA06BBX0548010104284",9,1.5,"https://tps.ybj.hunan.gov.cn/tps-local/XMHXgroupYPCZ/M00/9D/43/rBIBUGiQH-qAKrazAADw2XzTnzE551.jpg","https://tps.ybj.hunan.gov.cn/tps-local/XMHXgroupYPCZ/M00/9D/43/rBIBUGiQH_uAQRbkAAC5Eysy3VA682.pdf","https://tps.ybj.hunan.gov.cn/tps-local/XMHXgroupYPCZ/M00/9D/43/rBIBUGiQIAOAD7iFAAD8JsJKcDs929.pdf","10ml",6,4.13,"https://tps.ybj.hunan.gov.cn/tps-local/XMHXgroupYPCZ/M00/9D/44/rBIBUGiQIIWASSoOAAYqlL5IiQ4334.png",1.5,4,"安徽东盛友邦制药有限公司",9,{"v":39.6,"d":"39.60"},31.68,null,{"v":1.5,"d":"1.5000"},9]
[165,"ZA06BBX0548020104284","小儿止咳糖浆","国产","糖浆剂","100ml","安徽东盛友邦制药有限公司","100ml×1瓶/盒",1,"塑料瓶","瓶","国药准字Z34020459","广西壮族自治区","ZA06BBX0548020104284",23.5,"100ml",23.5,1,"黑龙江省","ZA06BBX0548020104284",23.5,"100ml",23.5,1,"江西省","ZA06BBX0548020104284",23.5,23.5,"https://tps.ybj.hunan.gov.cn/tps-local/XMHXgroupYPCZ/M00/9D/44/rBIBUGiQISeACTHDAADw2XzTnzE649.jpg","https://tps.ybj.hunan.gov.cn/tps-local/XMHXgroupYPCZ/M00/9D/44/rBIBUGiQISqALwB3AAD8JsJKcDs221.pdf","https://tps.ybj.hunan.gov.cn/tps-local/XMHXgroupYPCZ/M00/9D/44/rBIBUGiQITaASkGtAAC5Eysy3VA942.pdf","100ml",1,6.46,"https://tps.ybj.hunan.gov.cn/tps-local/XMHXgroupYPCZ/M00/9D/45/rBIBUGiQIb-AY6vxAALaBZP4nOQ247.jpg",0.15,0.4,"安徽东盛友邦制药有限公司",23.5,{"v":39.6,"d":"39.60"},31.68,null,{"v":23.5,"d":"23.5000"},23.5]
[166,"ZA01CAF0010010302683","防风通圣丸","国产","丸剂(水丸)","每20丸重1克,6g/袋","河北永丰药业有限公司","每20丸重1克,6g/袋×14袋/盒",14,"复合膜","袋","国药准字Z13020419","陕西省","ZA01CAF0010010202683",39.97,"每20丸重1克,6g/袋",3.997,10,"山西省","ZA01CAF0010010202683",39.97,"每20丸重1克,6g/袋",3.997,10,"云南省","ZA01CAF0010010202683",39.97,3.997,"https://tps.ybj.hunan.gov.cn/tps-local/XMHXgroupYPCZ/M00/9D/3A/rBIBUGiQEciAM1mjAAabrWnOsL0354.jpg","https://tps.ybj.hunan.gov.cn/tps-local/XMHXgroupYPCZ/M00/9D/3A/rBIBUGiQEhOAfTqiAAUY0gVq14s356.jpg","https://tps.ybj.hunan.gov.cn/tps-local/XMHXgroupYPCZ/M00/9D/3A/rBIBUGiQEjOAGAgVAAcPKROeeEk811.jpg","每20丸重1克,6g/袋",10,7.99,"https://tps.ybj.hunan.gov.cn/tps-local/XMHXgroupYPCZ/M00/9D/3A/rBIBUGiQEmeAbt8LAAaYsh5GZOY633.pdf",2,2,"河北永丰药业有限公司",55.95,{"v":16.6675,"d":"16.67"},{"v":13.334,"d":"13.33"},null,{"v":3.99642857142857,"d":"3.9964"},55.95]
[167,"ZA14BAB0245020302683","保和丸","国产","水丸","每袋装9g","河北永丰药业有限公司","每袋装9g×14袋/盒",14,"复合膜","袋","国药准字Z13021944","宁夏回族自治区","ZA14BAB0245010102683",48.6,"每袋装9g",8.1,6,"山东省","ZA14BAB0245010102683",48.6,"每袋装9g",8.1,6,"陕西省","ZA14BAB0245010102683",48.6,8.1,"https://tps.ybj.hunan.gov.cn/tps-local/XMHXgroupYPCZ/M00/9D/3E/rBIBUGiQGPOAWXf_AAkuBuHksUs736.jpg","https://tps.ybj.hunan.gov.cn/tps-local/XMHXgroupYPCZ/M00/9D/3F/rBIBUGiQGlSAVHVBAAbach9GlKI834.jpg","https://tps.ybj.hunan.gov.cn/tps-local/XMHXgroupYPCZ/M00/9D/3F/rBIBUGiQGleAF7pHAAUsfBXDNc4107.jpg","每袋装9g",6,11.82,"https://tps.ybj.hunan.gov.cn/tps-local/XMHXgroupYPCZ/M00/9D/40/rBIBUGiQGnKAJ1p1AAaYsh5GZOY722.pdf",1.33,2,"河北永丰药业有限公司",99.4,24.75,{"v":19.8,"d":"19.80"},null,{"v":7.1,"d":"7.1000"},99.4]
[168,"ZA06BBQ0240170101934","强力枇杷露","国产","糖浆剂","100ml/瓶","湖北炎黄本草药业有限公司","100ml/瓶×1瓶/盒",1,"药用聚酯瓶装","瓶","国药准字Z42021994","广西壮族自治区","ZA06BBQ0240170101934",19.5,"100ml/瓶",19.5,1,"重庆市","ZA06BBQ0240170101934",19.5,"100ml/瓶",19.5,1,"贵州省","ZA06BBQ0240170101934",19.5,19.5,"https://tps.ybj.hunan.gov.cn/tps-local/XMHXgroupYPCZ/M00/9D/3C/rBIBUGiQFVyAOqX9AAC7P-eOv24905.pdf","https://tps.ybj.hunan.gov.cn/tps-local/XMHXgroupYPCZ/M00/9D/3C/rBIBUGiQFWSAGeoUAADOOPYAsLA028.pdf","https://tps.ybj.hunan.gov.cn/tps-local/XMHXgroupYPCZ/M00/9D/3C/rBIBUGiQFWuAebKpAACt0-Bqms8640.pdf","100ml/瓶",1,877.5,"https://tps.ybj.hunan.gov.cn/tps-local/XMHXgroupYPCZ/M00/9D/3C/rBIBUGiQFUeAY7T3AAN320gcodo360.jpg",45,45,"湖北炎黄本草药业有限公司",19.5,{"v":12.564,"d":"12.56"},{"v":10.0512,"d":"10.05"},null,{"v":0.22336,"d":"0.2234"},0.22]
[169,"ZA16CAF0631020203767","复方天麻颗粒","国产","颗粒剂","每袋相当于饮片3.75g(每袋装4g)","黑龙江省济仁药业有限公司","每袋相当于饮片3.75g(每袋装4g)×6袋/盒",6,"药用复合膜袋","袋","国药准字Z20063364","北京市","ZA16CAF0631020203767",16.28,"每袋相当于饮片3.75g(每袋装4g)",2.7133,6,"河北省","ZA16CAF0631020203767",16.28,"每袋相当于饮片3.75g(每袋装4g)",2.7133,6,"江西省","ZA16CAF0631020203767",16.28,2.7133,"https://tps.ybj.hunan.gov.cn/tps-local/XMHXgroupYPCZ/M00/9D/3C/rBIBUGiQFkmAbMy9AALUABsY5E8024.pdf","https://tps.ybj.hunan.gov.cn/tps-local/XMHXgroupYPCZ/M00/9D/3C/rBIBUGiQFlWAb_H8AAIrYIUNIiI510.pdf","https://tps.ybj.hunan.gov.cn/tps-local/XMHXgroupYPCZ/M00/9D/3C/rBIBUGiQFluAff3wAAIezUMpKPc380.pdf","每袋相当于饮片3.75g(每袋装4g)",6,5.43,"https://tps.ybj.hunan.gov.cn/tps-local/XMHXgroupYPCZ/M00/9D/3D/rBIBUGiQFtCAUIeYAAjaWsRrUWY048.pdf",2,2,"黑龙江省济仁药业有限公司",16.28,{"v":5.875,"d":"5.88"},{"v":4.7,"d":"4.70"},null,{"v":2.35,"d":"2.3500"},14.1]
[170,"ZA16CAF0631020103767","复方天麻颗粒","国产","颗粒剂","每袋相当于饮片3.75g(每袋装4g)","黑龙江省济仁药业有限公司","每袋相当于饮片3.75g(每袋装4g)×8袋/盒",8,"药用复合膜袋","袋","国药准字Z20063364","河北省","ZA16CAF0631020103767",21.71,"每袋相当于饮片3.75g(每袋装4g)",2.7138,8,"广东省","ZA16CAF0631020103767",21.71,"每袋相当于饮片3.75g(每袋装4g)",2.7138,8,"贵州省","ZA16CAF0631020103767",21.71,2.7138,"https://tps.ybj.hunan.gov.cn/tps-local/XMHXgroupYPCZ/M00/9D/3D/rBIBUGiQF8KATmFeAAJDxPrYPpk410.pdf","https://tps.ybj.hunan.gov.cn/tps-local/XMHXgroupYPCZ/M00/9D/3D/rBIBUGiQF8eAUfqSAALQi2PmNdU716.pdf","https://tps.ybj.hunan.gov.cn/tps-local/XMHXgroupYPCZ/M00/9D/3D/rBIBUGiQF8uAeTviAAJfyL8gGx8976.pdf","每袋相当于饮片3.75g(每袋装4g)",8,5.43,"https://tps.ybj.hunan.gov.cn/tps-local/XMHXgroupYPCZ/M00/9D/3D/rBIBUGiQF-OAUR_PAAiCW_WYLRg148.pdf",2,2,"黑龙江省济仁药业有限公司",21.71,{"v":5.875,"d":"5.88"},{"v":4.7,"d":"4.70"},null,{"v":2.35,"d":"2.3500"},18.8]
[171,"ZG02AAG0266010303767","骨筋丸胶囊","国产","胶囊剂","每粒装0.3g","黑龙江省济仁药业有限公司","每粒装0.3g×48粒/盒",48,"铝塑包装","粒","国药准字Z20054523","安徽省","ZG02AAG0266010303767",49.6,"每粒装0.3g",1.0333,48,"贵州省","ZG02AAG0266010303767",49.6,"每粒装0.3g",1.0333,48,"江西省","ZG02AAG0266010303767",49.6,1.0333,"https://tps.ybj.hunan.gov.cn/tps-local/XMHXgroupYPCZ/M00/9D/40/rBIBUGiQGw2AO78hAAIhYdhLE8g482.pdf","https://tps.ybj.hunan.gov.cn/tps-local/XMHXgroupYPCZ/M00/9D/40/rBIBUGiQGxGAIEx_AAJCzlBA4C8138.pdf","https://tps.ybj.hunan.gov.cn/tps-local/XMHXgroupYPCZ/M00/9D/40/rBIBUGiQGxWAcF_ZAAIbI_AgTPY861.pdf","每粒装0.3g",48,10.85,"https://tps.ybj.hunan.gov.cn/tps-local/XMHXgroupYPCZ/M00/9D/41/rBIBUGiQG-qAE4a7AAjmIpfwZew799.pdf",9,12,"黑龙江省济仁药业有限公司",49.6,{"v":4.020625,"d":"4.02"},{"v":3.2165,"d":"3.22"},null,{"v":0.306333333333333,"d":"0.3063"},14.7]
[172,"ZA13AAK0048010203767","康媛颗粒","国产","颗粒剂","每袋装18g","黑龙江省济仁药业有限公司","每袋装18g×9袋/盒",9,"药品包装用复合膜","袋","国药准字Z20053338","贵州省","ZA13AAK0048010203767",98,"每袋装18g",10.8889,9,"内蒙古自治区","ZA13AAK0048010203767",98,"每袋装18g",10.8889,9,"天津市","ZA13AAK0048010203767",98,10.8889,"https://tps.ybj.hunan.gov.cn/tps-local/XMHXgroupYPCZ/M00/9D/42/rBIBUGiQHSWAJH5TAAI6TpGKg04427.pdf","https://tps.ybj.hunan.gov.cn/tps-local/XMHXgroupYPCZ/M00/9D/42/rBIBUGiQHSmAbfV7AAI7nLXCpKo081.pdf","https://tps.ybj.hunan.gov.cn/tps-local/XMHXgroupYPCZ/M00/9D/42/rBIBUGiQHS-AP53DAALQ8uP0Q6U004.pdf","每袋装18g",9,32.67,"https://tps.ybj.hunan.gov.cn/tps-local/XMHXgroupYPCZ/M00/9D/42/rBIBUGiQHVyAbX4GAAdAz8awSh8360.pdf",3,3,"黑龙江省济仁药业有限公司",98,{"$nulls":3},{"v":10.8888888888889,"d":"10.8889"},98]
[173,"ZI01AAS0622010105936","十五味赛尔斗丸","国产","水丸","0.5g","青海久美藏药药业有限公司","0.5g×24丸/盒",24,"铝箔和聚氯乙烯固体药用硬片","丸","国药准字Z20026038","黑龙江省","ZI01AAS0622010105936",99,"0.5g",4.125,24,"广西壮族自治区","ZI01AAS0622010105936",99,"0.5g",4.125,24,"重庆市","ZI01AAS0622010105936",99,4.125,"https://tps.ybj.hunan.gov.cn/tps-local/XMHXgroupYPCZ/M00/9D/43/rBIBUGiQHlWAclunAAXt8gxCiWk557.jpg","https://tps.ybj.hunan.gov.cn/tps-local/XMHXgroupYPCZ/M00/9D/43/rBIBUGiQHliAXgwYAAOTYif4Ai4092.jpg","https://tps.ybj.hunan.gov.cn/tps-local/XMHXgroupYPCZ/M00/9D/43/rBIBUGiQHl-AG-ojAATwzS3hE-c054.jpg","0.5g",24,37.13,"https://tps.ybj.hunan.gov.cn/tps-local/XMHXgroupYPCZ/M00/9D/43/rBIBUGiQHniAEPznADDJSTvZwLs327.pdf",9,9,"青海久美藏药药业有限公司",99,{"$nulls":3},{"v":4.125,"d":"4.1250"},99]
[174,"ZI01AAD0003010105936","达斯玛保丸","国产","丸剂","每丸重0.3g","青海久美藏药药业有限公司","每丸重0.3g×30丸/盒",30,"铝箔和聚氯乙烯固体药用硬片","丸","国药准字Z20063501","黑龙江省","ZI01AAD0003010105936",78,"每丸重0.3g",2.6,30,"广西壮族自治区","ZI01AAD0003010105936",78,"每丸重0.3g",2.6,30,"重庆市","ZI01AAD0003010105936",78,2.6,"https://tps.ybj.hunan.gov.cn/tps-local/XMHXgroupYPCZ/M00/9D/42/rBIBUGiQHTqAbGklAAXt8gxCiWk850.jpg","https://tps.ybj.hunan.gov.cn/tps-local/XMHXgroupYPCZ/M00/9D/42/rBIBUGiQHT2AHiDpAAOTYif4Ai4094.jpg","https://tps.ybj.hunan.gov.cn/tps-local/XMHXgroupYPCZ/M00/9D/42/rBIBUGiQHUGAPQjUAATwzS3hE-c082.jpg","每丸重0.3g",30,15.6,"https://tps.ybj.hunan.gov.cn/tps-local/XMHXgroupYPCZ/M00/9D/42/rBIBUGiQHWiACgudABC_5dDZ-3s210.pdf",4,8,"青海久美藏药药业有限公司",78,{"$nulls":3},{"v":2.6,"d":"2.6000"},78]
[175,"ZI01AAQ0336010105936","清肺止咳丸","国产","水丸","0.25g","青海久美藏药药业有限公司","0.25g×30丸/盒",30,"铝箔和聚氯乙烯固体药用硬片","丸","国药准字Z63020207","黑龙江省","ZI01AAQ0336010105936",78,"0.25g",2.6,30,"广西壮族自治区","ZI01AAQ0336010105936",78,"0.25g",2.6,30,"重庆市","ZI01AAQ0336010105936",78,2.6,"https://tps.ybj.hunan.gov.cn/tps-local/XMHXgroupYPCZ/M00/9D/42/rBIBUGiQHfGAaLxHAAXt8gxCiWk524.jpg","https://tps.ybj.hunan.gov.cn/tps-local/XMHXgroupYPCZ/M00/9D/42/rBIBUGiQHfuABHU5AAOTYif4Ai4024.jpg","https://tps.ybj.hunan.gov.cn/tps-local/XMHXgroupYPCZ/M00/9D/42/rBIBUGiQHfiAQ4TzAATwzS3hE-c657.jpg","0.25g",30,35.1,"https://tps.ybj.hunan.gov.cn/tps-local/XMHXgroupYPCZ/M00/9D/42/rBIBUGiQHeiAdAzVADOiI56OQLg637.pdf",12,15,"青海久美藏药药业有限公司",78,{"$nulls":3},{"v":2.6,"d":"2.6000"},78]
[176,"ZI01AAE0058010105936","二十六味通经胶囊","国产","胶囊剂","0.3g","青海久美藏药药业有限公司","0.3g×20粒/盒",20,"铝箔和聚氯乙烯固体药用硬片","粒","国药准字Z20026511","黑龙江省","ZI01AAE0058010105936",86.05,"0.3g",4.3025,20,"广西壮族自治区","ZI01AAE0058010105936",86.05,"0.3g",4.3025,20,"重庆市","ZI01AAE0058010105936",86.05,4.3025,"https://tps.ybj.hunan.gov.cn/tps-local/XMHXgroupYPCZ/M00/9D/43/rBIBUGiQHuSAItBSAAXt8gxCiWk072.jpg","https://tps.ybj.hunan.gov.cn/tps-local/XMHXgroupYPCZ/M00/9D/43/rBIBUGiQHueAbvsnAAOTYif4Ai4822.jpg","https://tps.ybj.hunan.gov.cn/tps-local/XMHXgroupYPCZ/M00/9D/43/rBIBUGiQHuqADV07AATwzS3hE-c297.jpg","0.3g",20,30.12,"https://tps.ybj.hunan.gov.cn/tps-local/XMHXgroupYPCZ/M00/9D/43/rBIBUGiQHs6AI4Z2ABCBHp0OnpE376.jpg",6,8,"青海久美藏药药业有限公司",86.05,{"$nulls":3},4.3025,86.05]
[177,"ZA15GAX0565010101061","小活络丸","国产","大蜜丸","每丸重3g","重庆希尔安药业有限公司","每丸重3g×20丸/盒",20,"聚乙烯中药丸球壳包装","丸","国药准字Z19970002","江苏省","ZA15GAX0565010101061",49.9,"每丸重3g",2.495,20,"江西省","ZA15GAX0565010101061",49.9,"每丸重3g",2.495,20,"黑龙江省","ZA15GAX0565020601061",29.94,2.495,"https://tps.ybj.hunan.gov.cn/tps-local/XMHXgroupYPCZ/M00/9D/46/rBIBUGiQItWAT4kSAAX3uu-dRhk814.pdf","https://tps.ybj.hunan.gov.cn/tps-local/XMHXgroupYPCZ/M00/9D/46/rBIBUGiQIuGAUYCQAASLJ1bu_8s418.pdf","https://tps.ybj.hunan.gov.cn/tps-local/XMHXgroupYPCZ/M00/9D/47/rBIBUGiQI7yADRZKAAREZZ9vEtM122.pdf","每丸重3g",12,4.99,"https://tps.ybj.hunan.gov.cn/tps-local/XMHXgroupYPCZ/M00/9D/46/rBIBUGiQIzCAD9brAApWqk-15dA841.pdf",2,2,"重庆希尔安药业有限公司",49.9,{"v":34,"d":"34.00"},{"v":27.2,"d":"27.20"},null,{"v":2.495,"d":"2.4950"},49.9]
[178,"ZA04BAC0460010203767","穿心莲内酯片","国产","薄膜衣片","每片含穿心莲内酯50mg","黑龙江省济仁药业有限公司","每片含穿心莲内酯50mg×24片/盒",24,"铝塑包装","片","国药准字Z20073138","广东省","ZA04BAC0460010203767",58,"每片含穿心莲内酯50mg",2.4167,24,"贵州省","ZA04BAC0460010203767",58,"每片含穿心莲内酯50mg",2.4167,24,"江苏省","ZA04BAC0460010203767",58,2.4167,"https://tps.ybj.hunan.gov.cn/tps-local/XMHXgroupYPCZ/M00/9D/44/rBIBUGiQIU2ADgzyAAK54Stu4tQ007.pdf","https://tps.ybj.hunan.gov.cn/tps-local/XMHXgroupYPCZ/M00/9D/44/rBIBUGiQIVWAUvU8AAJY37kJ7I8036.pdf","https://tps.ybj.hunan.gov.cn/tps-local/XMHXgroupYPCZ/M00/9D/44/rBIBUGiQIVqAcNkiAAK9Dh2A0AY947.pdf","每片含穿心莲内酯50mg",24,21.75,"https://tps.ybj.hunan.gov.cn/tps-local/XMHXgroupYPCZ/M00/9D/45/rBIBUGiQIeKADOCUABebnIMX098188.jpg",6,12,"黑龙江省济仁药业有限公司",58,{"v":4.145,"d":"4.15"},{"v":3.316,"d":"3.32"},null,{"v":0.368444444444444,"d":"0.3684"},8.84]
[179,"ZA12HAD0011010201204","大川芎口服液","国产","合剂","每支装10ml","辽宁东方人药业有限公司","每支装10ml×6支/盒",6,"玻璃瓶","支","国药准字Z10920043","河北省","ZA12HAD0011010201204",51.38,"每支装10ml",8.5633,6,"江苏省","ZA12HAD0011010201204",51.38,"每支装10ml",8.5633,6,"广西壮族自治区","ZA12HAD0011010201204",51.38,8.5633,"https://tps.ybj.hunan.gov.cn/tps-local/XMHXgroupYPCZ/M00/9D/61/rBIBUGiQSwmARIh3AAL6YXWapRI538.pdf","https://tps.ybj.hunan.gov.cn/tps-local/XMHXgroupYPCZ/M00/9D/61/rBIBUGiQSzqAGJ7oAAsjvi42T1U623.pdf","https://tps.ybj.hunan.gov.cn/tps-local/XMHXgroupYPCZ/M00/9D/61/rBIBUGiQS2KAYaouAA-bf-egY9c094.pdf","每支装10ml",6,25.69,"https://tps.ybj.hunan.gov.cn/tps-local/XMHXgroupYPCZ/M00/9D/61/rBIBUGiQS3uAEu-dAASMq_OMGGg370.pdf",3,3,"辽宁东方人药业有限公司",51.38,{"v":25.689,"d":"25.69"},{"v":20.5512,"d":"20.55"},null,6.8504,41.1]
[180,"ZB02AAX0007010302651","西黄胶囊","国产","硬胶囊","每粒装0.25g(体外培育牛黄、人工麝香)","河北万邦复临药业有限公司","每粒装0.25g(体外培育牛黄、人工麝香)×48粒/盒",48,"药用铝箔、聚氯乙烯固体药用硬片","粒","国药准字Z20153041","黑龙江省","ZB02AAX0007010302651",168.46,"每粒装0.25g(体外培育牛黄、人工麝香)",3.5096,48,"江苏省","ZB02AAX0007010302651",168.46,"每粒装0.25g(体外培育牛黄、人工麝香)",3.5096,48,"浙江省","ZB02AAX0007010302651",168.46,3.5096,"https://tps.ybj.hunan.gov.cn/tps-local/XMHXgroupYPCZ/M00/9D/61/rBIBUGiQSyqAB2tvAAtgMwOEOlQ359.jpg","https://tps.ybj.hunan.gov.cn/tps-local/XMHXgroupYPCZ/M00/9D/61/rBIBUGiQS0WAcAc-AA4jHSbDdm8031.jpg","https://tps.ybj.hunan.gov.cn/tps-local/XMHXgroupYPCZ/M00/9D/61/rBIBUGiQS2CAVj_XAAufw4dh4pk994.jpg","每粒装0.25g(体外培育牛黄、人工麝香)",48,42.12,"https://tps.ybj.hunan.gov.cn/tps-local/XMHXgroupYPCZ/M00/9D/62/rBIBUGiQTNeADmekAAqZHnRPi-0794.jpg",8,16,"河北万邦复临药业有限公司",168.46,{"v":43.195,"d":"43.20"},{"v":34.556,"d":"34.56"},null,{"v":2.87966666666667,"d":"2.8797"},138.22]
[181,"ZA09CAL0264020101243","六味地黄丸","国产","丸剂(浓缩丸)","每8丸相当于原药材3克","山西复盛公大药厂有限公司","每8丸相当于原药材3克×760丸/盒",760,"口服固体药用高密度聚乙烯瓶","丸","国药准字Z21020552","黑龙江省","ZA09CAL0264010201243",39.89,"每8丸相当于原药材3g",0.1108,360,"江苏省","ZA09CAL0264010201243",39.89,"每8丸相当于原药材3g",0.1108,360,"贵州省","ZA09CAL0264010201243",39.89,0.1108,"https://tps.ybj.hunan.gov.cn/tps-local/XMHXgroupYPCZ/M00/9D/62/rBIBUGiQTJaASjMVAANdUkxe0zo059.pdf","https://tps.ybj.hunan.gov.cn/tps-local/XMHXgroupYPCZ/M00/9D/62/rBIBUGiQTNOAM6vwAAPYuWUQBSU489.jpg","https://tps.ybj.hunan.gov.cn/tps-local/XMHXgroupYPCZ/M00/9D/62/rBIBUGiQTRGAYZcOAALVZE3Kmp0313.pdf","每8丸相当于原药材3g",360,2.66,"https://tps.ybj.hunan.gov.cn/tps-local/XMHXgroupYPCZ/M00/9D/62/rBIBUGiQTZWAEW3ZAAtiPY2X0jc561.pdf",24,24,"山西复盛公大药厂有限公司",84.21,{"v":16.1666666666667,"d":"16.17"},{"v":12.9333333333333,"d":"12.93"},null,{"v":0.110802631578947,"d":"0.1108"},84.21]
[182,"ZA09DBG0448010402536","桂附地黄丸","国产","丸剂(浓缩丸","每8丸相当于原生药3g","山西复盛公大药厂有限公司","每8丸相当于原生药3g×360丸/盒",360,"口服固体药用高密度聚乙烯瓶","丸","国药准字Z61020153","广西壮族自治区","ZA09DBG0448010402536",48.24,"每8丸相当于原生药3g",0.134,360,"黑龙江省","ZA09DBG0448010402536",48.24,"每8丸相当于原生药3g",0.134,360,"江苏省","ZA09DBG0448010402536",48.24,0.134,"https://tps.ybj.hunan.gov.cn/tps-local/XMHXgroupYPCZ/M00/9D/63/rBIBUGiQTi2Ae-86AALxMkcIXZk381.pdf","https://tps.ybj.hunan.gov.cn/tps-local/XMHXgroupYPCZ/M00/9D/63/rBIBUGiQTmuAP0UfAAQAxiAyl3w671.pdf","https://tps.ybj.hunan.gov.cn/tps-local/XMHXgroupYPCZ/M00/9D/63/rBIBUGiQToeALKDqAAPY8mAH3bc285.jpg","每8丸相当于原生药3g",360,3.22,"https://tps.ybj.hunan.gov.cn/tps-local/XMHXgroupYPCZ/M00/9D/64/rBIBUGiQTt-ASc_aABU8OD4GbJY195.png",24,24,"山西复盛公大药厂有限公司",48.24,{"v":35.6,"d":"35.60"},28.48,null,{"v":0.134,"d":"0.1340"},48.24]
[183,"ZA09AAB0472020201843","补中益气丸","国产","丸剂(浓缩丸)","每8丸相当于原生药3g","山西复盛公大药厂有限公司","每8丸相当于原生药3g×760丸/盒",760,"口服固体药用高密度聚乙烯瓶","丸","国药准字Z42020687","黑龙江省","ZA09AAB0472020201843",72.96,"每8丸相当于原生药3g",0.096,760,"贵州省","ZA09AAB0472020201843",72.96,"每8丸相当于原生药3g",0.096,760,"内蒙古自治区","ZA09AAB0472020201843",72.96,0.096,"https://tps.ybj.hunan.gov.cn/tps-local/XMHXgroupYPCZ/M00/9D/64/rBIBUGiQT0yAUw7-AAO4WPNgnYY427.jpg","https://tps.ybj.hunan.gov.cn/tps-local/XMHXgroupYPCZ/M00/9D/64/rBIBUGiQT46AOMbDAAlq67QWNFQ383.pdf","https://tps.ybj.hunan.gov.cn/tps-local/XMHXgroupYPCZ/M00/9D/64/rBIBUGiQT7GAbI91AAODtxPI_JA767.jpg","每8丸相当于原生药3g",760,2.59,"https://tps.ybj.hunan.gov.cn/tps-local/XMHXgroupYPCZ/M00/9D/64/rBIBUGiQT_6AAeZXAAGL5PVzSJc442.pdf",24,30,"山西复盛公大药厂有限公司",72.96,{"v":16.6111111111111,"d":"16.61"},{"v":13.2888888888889,"d":"13.29"},null,{"v":0.096,"d":"0.0960"},72.96]
[184,"ZA09AAB0472020101843","补中益气丸","国产","丸剂(浓缩丸)","每8丸相当于原生药3g","山西复盛公大药厂有限公司","每8丸相当于原生药3g×360丸/盒",360,"口服固体药用高密度聚乙烯瓶","丸","国药准字Z42020687","黑龙江省","ZA09AAB0472020201843",72.96,"每8丸相当于原生药3g",0.096,760,"江苏省","ZA09AAB0472020101843",34.56,"每8丸相当于原生药3g",0.096,360,"内蒙古自治区","ZA09AAB0472020201843",72.96,0.096,"https://tps.ybj.hunan.gov.cn/tps-local/XMHXgroupYPCZ/M00/9D/65/rBIBUGiQUEGAJiyIAAO4WPNgnYY518.jpg","https://tps.ybj.hunan.gov.cn/tps-local/XMHXgroupYPCZ/M00/9D/65/rBIBUGiQUIGAFA4cAAPYALI7g_U730.jpg","https://tps.ybj.hunan.gov.cn/tps-local/XMHXgroupYPCZ/M00/9D/65/rBIBUGiQUMCAFYKKAAODtxPI_JA652.jpg","每8丸相当于原生药3g",760,2.59,"https://tps.ybj.hunan.gov.cn/tps-local/XMHXgroupYPCZ/M00/9D/65/rBIBUGiQUOSAQePcAArd3cDV1NU619.png",24,30,"山西复盛公大药厂有限公司",34.56,{"v":16.6111111111111,"d":"16.61"},{"v":13.2888888888889,"d":"13.29"},null,{"v":0.096,"d":"0.0960"},34.56]
[185,"ZA05AAF0280010202750","附子理中丸","国产","浓缩丸","每8丸相当于原生药3g","山西复盛公大药厂有限公司","每8丸相当于原生药3g×200丸/瓶",200,"口服固体药用高密度聚乙烯瓶","丸","国药准字Z13021692","黑龙江省","ZA05AAF0280010202750",18,"每8丸相当于原生药3g",0.09,200,"贵州省","ZA05AAF0280010202750",18,"每8丸相当于原生药3g",0.09,200,"内蒙古自治区","ZA05AAF0280010202750",18,0.09,"https://tps.ybj.hunan.gov.cn/tps-local/XMHXgroupYPCZ/M00/9D/67/rBIBUGiQUviAdGpnAARJ4KyD2DA420.jpg","https://tps.ybj.hunan.gov.cn/tps-local/XMHXgroupYPCZ/M00/9D/67/rBIBUGiQUw2AG-hcAAlgjhPviRg968.pdf","https://tps.ybj.hunan.gov.cn/tps-local/XMHXgroupYPCZ/M00/9D/67/rBIBUGiQU1iABXyEAAOCDfLAe1c203.jpg","每8丸相当于原生药3g",200,2.7,"https://tps.ybj.hunan.gov.cn/tps-local/XMHXgroupYPCZ/M00/9D/67/rBIBUGiQU5mAbS_XAAm-YtE5JHM605.png",24,36,"山西复盛公大药厂有限公司",18,{"v":12,"d":"12.00"},{"v":9.6,"d":"9.60"},null,{"v":0.09,"d":"0.0900"},18]
[186,"ZA05AAF0280010302750","附子理中丸","国产","丸剂(浓缩丸)","每8丸相当于原生药3g","山西复盛公大药厂有限公司","每8丸相当于原生药3g×360丸/盒",360,"口服固体药用高密度聚乙烯瓶","丸","国药准字Z13021692","黑龙江省","ZA05AAF0280010302750",32.4,"每8丸相当于原生药3g",0.09,360,"内蒙古自治区","ZA05AAF0280010202750",18,"每8丸相当于原生药3g",0.09,200,"江苏省","ZA05AAF0280010302750",32.4,0.09,"https://tps.ybj.hunan.gov.cn/tps-local/XMHXgroupYPCZ/M00/9D/68/rBIBUGiQVEeAG63EAARJ4KyD2DA022.jpg","https://tps.ybj.hunan.gov.cn/tps-local/XMHXgroupYPCZ/M00/9D/6A/rBIBUGiQVYSAe9geAAOCDfLAe1c144.jpg","https://tps.ybj.hunan.gov.cn/tps-local/XMHXgroupYPCZ/M00/9D/6B/rBIBUGiQVjaAeOA1AAuVTuMKAqg158.pdf","每8丸相当于原生药3g",360,2.7,"https://tps.ybj.hunan.gov.cn/tps-local/XMHXgroupYPCZ/M00/9D/6B/rBIBUGiQVraAGtynAAfk3rZJ4Wo988.pdf",24,36,"山西复盛公大药厂有限公司",32.4,{"v":12,"d":"12.00"},{"v":9.6,"d":"9.60"},null,{"v":0.09,"d":"0.0900"},32.4]
[187,"ZA10AAA0100010103147","安神补心丸","国产","丸剂","每15丸重2g","山西复盛公大药厂有限公司","每15丸重2g×200丸/盒",200,"口服固体药用高密度聚乙烯瓶","丸","国药准字Z41022161","黑龙江省","ZA10AAA0100010103147",34.62,"每15丸重2g",0.1731,200,"广西壮族自治区","ZA10AAA0100010103147",34.62,"每15丸重2g",0.1731,200,"贵州省","ZA10AAA0100010103147",34.62,0.1731,"https://tps.ybj.hunan.gov.cn/tps-local/XMHXgroupYPCZ/M00/9D/6C/rBIBUGiQVyOAE2ylAAKVsfrz52Q707.pdf","https://tps.ybj.hunan.gov.cn/tps-local/XMHXgroupYPCZ/M00/9D/6C/rBIBUGiQV1KAdWWhAAJwB2ePf7U458.pdf","https://tps.ybj.hunan.gov.cn/tps-local/XMHXgroupYPCZ/M00/9D/6C/rBIBUGiQV3yAU0RjAArBOidRJe0579.pdf","每15丸重2g",200,7.79,"https://tps.ybj.hunan.gov.cn/tps-local/XMHXgroupYPCZ/M00/9D/6C/rBIBUGiQV8KACvrhAAkUlRTH91c216.png",45,45,"山西复盛公大药厂有限公司",34.62,{"v":4.198,"d":"4.20"},{"v":3.3584,"d":"3.36"},null,{"v":0.0746311111111111,"d":"0.0746"},14.93]
[188,"ZA10AAA0100020403147","安神补心丸","国产","丸剂","每15丸重2g","山西复盛公大药厂有限公司","每15丸重2g×360丸/盒",360,"口服固体药用高密度聚乙烯瓶","丸","国药准字Z41022161","江苏省","ZA10AAA0100020403147",62.32,"每15丸重2g",0.1731,360,"黑龙江省","ZA10AAA0100010103147",34.62,"每15丸重2g",0.1731,200,"广东省","ZA10AAA0100010103147",34.62,0.1731,"https://tps.ybj.hunan.gov.cn/tps-local/XMHXgroupYPCZ/M00/9D/6D/rBIBUGiQWNuAazWHAAuhWkGzjGw807.pdf","https://tps.ybj.hunan.gov.cn/tps-local/XMHXgroupYPCZ/M00/9D/6D/rBIBUGiQWR-ACRnmAAKVsfrz52Q822.pdf","https://tps.ybj.hunan.gov.cn/tps-local/XMHXgroupYPCZ/M00/9D/6D/rBIBUGiQWVGABbNeAAObmLVi4CY104.jpg","每15丸重2g",200,7.79,"https://tps.ybj.hunan.gov.cn/tps-local/XMHXgroupYPCZ/M00/9D/6D/rBIBUGiQWZyADDT0AAthAyM13YY761.png",45,45,"山西复盛公大药厂有限公司",62.32,{"v":4.198,"d":"4.20"},{"v":3.3584,"d":"3.36"},null,{"v":0.0746311111111111,"d":"0.0746"},26.87]
[189,"ZA09CAZ0151010202750","知柏地黄丸","国产","丸剂(浓缩丸)","每8丸相当于原生药3g","山西复盛公大药厂有限公司","每8丸相当于原生药3g×200丸/盒",200,"口服固体药用高密度聚乙烯瓶","丸","国药准字Z13021673","黑龙江省","ZA09CAZ0151010202750",18.36,"每8丸相当于原生药3g",0.0918,200,"贵州省","ZA09CAZ0151010202750",18.36,"每8丸相当于原生药3g",0.0918,200,"内蒙古自治区","ZA09CAZ0151010202750",18.36,0.0918,"https://tps.ybj.hunan.gov.cn/tps-local/XMHXgroupYPCZ/M00/9D/6E/rBIBUGiQWraAfstQAAP6xECZQm8309.jpg","https://tps.ybj.hunan.gov.cn/tps-local/XMHXgroupYPCZ/M00/9D/6F/rBIBUGiQW4OAHAufAApM-wZyj2s827.pdf","https://tps.ybj.hunan.gov.cn/tps-local/XMHXgroupYPCZ/M00/9D/6F/rBIBUGiQW7OAOKc1AAOAJDVBsdc158.jpg","每8丸相当于原生药3g",200,2.2,"https://tps.ybj.hunan.gov.cn/tps-local/XMHXgroupYPCZ/M00/9D/6F/rBIBUGiQXP6AZklkAAkNtN5Uhpc821.png",24,24,"山西复盛公大药厂有限公司",18.36,{"v":8.53333333333333,"d":"8.53"},{"v":6.82666666666667,"d":"6.83"},null,0.0918,18.36]
[190,"ZA09CAZ0151040302750","知柏地黄丸","国产","丸剂(浓缩丸)","每8丸相当于原生药3g","山西复盛公大药厂有限公司","每8丸相当于原生药3g×360丸/盒",360,"口服固体药用高密度聚乙烯瓶","丸","国药准字Z13021673","黑龙江省","ZA09CAZ0151040302750",33.05,"每8丸相当于原生药3g",0.0918,360,"江苏省","ZA09CAZ0151040302750",33.05,"每8丸相当于原生药3g",0.0918,360,"贵州省","ZA09CAZ0151010202750",18.36,0.0918,"https://tps.ybj.hunan.gov.cn/tps-local/XMHXgroupYPCZ/M00/9D/70/rBIBUGiQXmqAUFtHAAP6xECZQm8490.jpg","https://tps.ybj.hunan.gov.cn/tps-local/XMHXgroupYPCZ/M00/9D/72/rBIBUGiQX2uAGOEaAAu-gq4BYh4675.pdf","https://tps.ybj.hunan.gov.cn/tps-local/XMHXgroupYPCZ/M00/9D/72/rBIBUGiQX6CAMi4DAApM-wZyj2s785.pdf","每8丸相当于原生药3g",200,2.2,"https://tps.ybj.hunan.gov.cn/tps-local/XMHXgroupYPCZ/M00/9D/72/rBIBUGiQX9eAIhtYABCHmYdbeSg040.png",24,24,"山西复盛公大药厂有限公司",33.05,{"v":8.53333333333333,"d":"8.53"},{"v":6.82666666666667,"d":"6.83"},null,{"v":0.0918055555555555,"d":"0.0918"},33.05]
[191,"ZA09GAS0610010302665","十味玉泉胶囊","国产","胶囊剂","每粒装0.5g","保定中药制药股份有限公司","每粒装0.5g×48粒/盒",48,"铝塑板","粒","国药准字Z20020091","上海市","ZA09GAS0610010302665",49.15,"每粒装0.5g",1.024,48,"广西壮族自治区","ZA09GAS0610010302665",49.15,"每粒装0.5g",1.024,48,"河南省","ZA09GAS0610010302665",49.15,1.024,"https://tps.ybj.hunan.gov.cn/tps-local/XMHXgroupYPCZ/M00/9D/69/rBIBUGiQVO2ALZnJACTlL-A0SmI050.pdf","https://tps.ybj.hunan.gov.cn/tps-local/XMHXgroupYPCZ/M00/9D/69/rBIBUGiQVRuATzSWAAMbhbiAicA724.pdf","https://tps.ybj.hunan.gov.cn/tps-local/XMHXgroupYPCZ/M00/9D/69/rBIBUGiQVSyANNU7AAP2ielqUvg813.pdf","每粒装0.5g",48,16.38,"https://tps.ybj.hunan.gov.cn/tps-local/XMHXgroupYPCZ/M00/9D/68/rBIBUGiQVGyALaepABINfjmKmJU451.pdf",16,16,"河北华仁堂药业有限公司",49.15,{"$nulls":3},{"v":1.02395833333333,"d":"1.0240"},49.15]
[192,"ZA12BAN0019010203806","脑得生片","国产","片剂(糖衣片)","无","黑龙江未名天人制药有限公司","无×36片/盒",36,"铝塑板","片","国药准字Z23020218","江西省","ZA12BAN0019010203806",30.14,"无",0.8372,36,"广西壮族自治区","ZA12BAN0019010203806",30.14,"无",0.8372,36,"贵州省","ZA12BAN0019010203806",30.14,0.8372,"https://tps.ybj.hunan.gov.cn/tps-local/XMHXgroupYPCZ/M00/9D/67/rBIBUGiQUsKAWPJ-AAPS30-FZsM735.pdf","https://tps.ybj.hunan.gov.cn/tps-local/XMHXgroupYPCZ/M00/9D/67/rBIBUGiQUyKAdbz9AAW6xryf2FU201.pdf","https://tps.ybj.hunan.gov.cn/tps-local/XMHXgroupYPCZ/M00/9D/67/rBIBUGiQU0-ActJeAAWeX_j3YeU848.pdf","无",36,5.02,"https://tps.ybj.hunan.gov.cn/tps-local/XMHXgroupYPCZ/M00/9D/67/rBIBUGiQU4CABkDGAAMblefg2bg701.pdf",6,6,"黑龙江省布家唐药业有限公司",30.14,{"v":39,"d":"39.00"},{"v":31.2,"d":"31.20"},null,{"v":0.837222222222222,"d":"0.8372"},30.14]
[193,"ZA04CBL0089010203806","利肝隆片","国产","片剂(糖衣片)","每片重0.37g","黑龙江未名天人制药有限公司","每片重0.37g×45片/盒",45,"铝塑板","片","国药准字Z23020307","江西省","ZA04CBL0089010203806",43.9,"每片重0.37g",0.9756,45,"广西壮族自治区","ZA04CBL0089010203806",43.9,"每片重0.37g",0.9756,45,"贵州省","ZA04CBL0089010203806",43.9,0.9756,"https://tps.ybj.hunan.gov.cn/tps-local/XMHXgroupYPCZ/M00/9D/6D/rBIBUGiQWI2AS0t9AAPVyO7mpqQ568.pdf","https://tps.ybj.hunan.gov.cn/tps-local/XMHXgroupYPCZ/M00/9D/6D/rBIBUGiQWQSAFKTpAAXC40l-VbE009.pdf","https://tps.ybj.hunan.gov.cn/tps-local/XMHXgroupYPCZ/M00/9D/6D/rBIBUGiQWTiARxKyAAWOgpycYh0148.pdf","每片重0.37g",45,4.88,"https://tps.ybj.hunan.gov.cn/tps-local/XMHXgroupYPCZ/M00/9D/6D/rBIBUGiQWWuAcV-yAAJfkI7ZO8w585.pdf",5,5,"黑龙江省布家唐药业有限公司",43.9,{"v":15,"d":"15.00"},{"v":12,"d":"12.00"},null,{"v":0.975555555555556,"d":"0.9756"},43.9]
[194,"ZA09BAG0394030105325","归脾合剂","国产","合剂","每支装10毫升","江西民济药业有限公司","每支装10毫升×20支/盒",20,"玻璃瓶","支","国药准字Z36020962","广西壮族自治区","ZA09BAG0394030105325",151.1,"每支装10毫升",7.555,20,"黑龙江省","ZA09BAG0394030105325",151.1,"每支装10毫升",7.555,20,"江西省","ZA09BAG0394030105325",151.1,7.555,"https://tps.ybj.hunan.gov.cn/tps-local/XMHXgroupYPCZ/M00/9D/65/rBIBUGiQUFGAF_F5AALg3TIcZlM322.pdf","https://tps.ybj.hunan.gov.cn/tps-local/XMHXgroupYPCZ/M00/9D/65/rBIBUGiQUNKARUhqAALwgf89thk195.pdf","https://tps.ybj.hunan.gov.cn/tps-local/XMHXgroupYPCZ/M00/9D/65/rBIBUGiQUTGAb1_iAAK0dKfY8mc253.pdf","每支装10毫升",20,34,"https://tps.ybj.hunan.gov.cn/tps-local/XMHXgroupYPCZ/M00/9D/65/rBIBUGiQUV2AVy9MAAKYbu1M5sw681.pdf",3,6,"江西民济药业有限公司",151.1,{"v":61.1955,"d":"61.20"},{"v":48.9564,"d":"48.96"},null,{"v":7.555,"d":"7.5550"},151.1]
[195,"ZA09CAM0042010204117","麦味地黄口服液","国产","合剂","每支10ml","山东孔府制药有限公司","每支10ml×36支/盒",36,"管制口服液瓶","支","国药准字Z37020229","广西壮族自治区","ZA09CAM0042010204117",381.6,"每支10ml",10.6,36,"贵州省","ZA09CAM0042010204117",381.6,"每支10ml",10.6,36,"江西省","ZA09CAM0042010204117",381.6,10.6,"https://tps.ybj.hunan.gov.cn/tps-local/XMHXgroupYPCZ/M00/9D/67/rBIBUGiQUr2AAV9fABhd3eVotcg750.pdf","https://tps.ybj.hunan.gov.cn/tps-local/XMHXgroupYPCZ/M00/9D/67/rBIBUGiQUsuAdaIJAAN9xr2G1a0223.pdf","https://tps.ybj.hunan.gov.cn/tps-local/XMHXgroupYPCZ/M00/9D/67/rBIBUGiQUtyANc1VAAT6VZuIYtU631.pdf","每支10ml",36,21.2,"https://tps.ybj.hunan.gov.cn/tps-local/XMHXgroupYPCZ/M00/9D/67/rBIBUGiQUwqAEdM3AAOLEXXiC7I439.pdf",2,2,"山东孔府制药有限公司",381.6,{"v":25.6,"d":"25.60"},20.48,null,{"v":10.24,"d":"10.2400"},368.64]
[196,"ZA09CAM0042010304117","麦味地黄口服液","国产","合剂","每支10ml","山东孔府制药有限公司","每支10ml×18支/盒",18,"管制口服液瓶","支","国药准字Z37020229","广西壮族自治区","ZA09CAM0042010304117",190.8,"每支10ml",10.6,18,"江西省","ZA09CAM0042010304117",190.8,"每支10ml",10.6,18,"贵州省","ZA09CAM0042010304117",190.8,10.6,"https://tps.ybj.hunan.gov.cn/tps-local/XMHXgroupYPCZ/M00/9D/65/rBIBUGiQUU6Aem8LABhd3eVotcg192.pdf","https://tps.ybj.hunan.gov.cn/tps-local/XMHXgroupYPCZ/M00/9D/65/rBIBUGiQUXeAXYG7AAT6VZuIYtU633.pdf","https://tps.ybj.hunan.gov.cn/tps-local/XMHXgroupYPCZ/M00/9D/66/rBIBUGiQUYKAODEZAAN9xr2G1a0746.pdf","每支10ml",18,21.2,"https://tps.ybj.hunan.gov.cn/tps-local/XMHXgroupYPCZ/M00/9D/66/rBIBUGiQUh2Abm8lAAOSKghhM-I545.pdf",2,2,"山东孔府制药有限公司",190.8,{"v":25.6,"d":"25.60"},20.48,null,{"v":10.24,"d":"10.2400"},184.32]
[197,"ZF03AAQ0369010104117","清喉咽颗粒","国产","颗粒剂","每袋装18g","山东孔府制药有限公司","每袋装18g×10袋/盒",10,"铝塑","袋","国药准字Z37020225","江苏省","ZF03AAQ0369010104117",62,"每袋装18g",6.2,10,"广西壮族自治区","ZF03AAQ0369010104117",68.82,"每袋装18g",6.882,10,"浙江省","ZF03AAQ0369010104117",68.82,6.882,"https://tps.ybj.hunan.gov.cn/tps-local/XMHXgroupYPCZ/M00/9D/6C/rBIBUGiQVvWAf0dAAARhUWRND0A189.pdf","https://tps.ybj.hunan.gov.cn/tps-local/XMHXgroupYPCZ/M00/9D/6C/rBIBUGiQVwmAKRzpAAP6JCeUQgE093.pdf","https://tps.ybj.hunan.gov.cn/tps-local/XMHXgroupYPCZ/M00/9D/6C/rBIBUGiQV7SAdXTAAAQFgSCZ5xQ977.pdf","每袋装18g",10,21.7,"https://tps.ybj.hunan.gov.cn/tps-local/XMHXgroupYPCZ/M00/9D/6C/rBIBUGiQWCmAHrYvAAHWYkvWP5s477.pdf",3,4,"山东孔府制药有限公司",62,{"v":56.6666666666667,"d":"56.67"},{"v":45.3333333333333,"d":"45.33"},null,{"v":6.2,"d":"6.2000"},62]
[198,"ZA01AAJ0546020105010","荆防颗粒","国产","颗粒剂","每袋装15g","湖南杏林春药业有限公司","每袋装15g×12袋/盒",12,"药品包装用复合袋","袋","国药准字Z43020668","内蒙古自治区","ZA01AAJ0546020105010",67.2,"每袋装15g",5.6,12,"江苏省","ZA01AAJ0546020105010",67.2,"每袋装15g",5.6,12,"吉林省","ZA01AAJ0546020105010",66.75,5.5625,"https://tps.ybj.hunan.gov.cn/tps-local/XMHXgroupYPCZ/M00/9D/72/rBIBUGiQX5iAMGRQAASiz2iGZiA027.pdf","https://tps.ybj.hunan.gov.cn/tps-local/XMHXgroupYPCZ/M00/9D/72/rBIBUGiQX8yAXzzaAAOPiLtNtp0455.pdf","https://tps.ybj.hunan.gov.cn/tps-local/XMHXgroupYPCZ/M00/9D/73/rBIBUGiQYCOAEjyyABhg31iFBzI860.pdf","每袋装15g",12,11.13,"https://tps.ybj.hunan.gov.cn/tps-local/XMHXgroupYPCZ/M00/9D/73/rBIBUGiQYD2AX1BhABwzZtYWZu4956.jpg",1,3,"湖南杏林春药业有限公司",66.75,{"v":16.8,"d":"16.80"},13.44,null,5.5625,66.75]
[199,"ZA09GAT0025020102082","糖脉康胶囊","国产","胶囊剂","每粒装0.5g","成都倍特得诺药业有限公司","每粒装0.5g×48粒/盒",48,"药用铝箔/聚氯乙烯固体药用硬片","粒","国药准字Z20090557","贵州省","ZA09GAT0025020102082",78,"每粒装0.5g",1.625,48,"海南省","ZA09GAT0025020102082",78,"每粒装0.5g",1.625,48,"内蒙古自治区","ZA09GAT0025020102082",78,1.625,"https://tps.ybj.hunan.gov.cn/tps-local/XMHXgroupYPCZ/M00/9D/C7/rBIBUGiRjliANNOFAAHHAZSJT3o596.pdf","https://tps.ybj.hunan.gov.cn/tps-local/XMHXgroupYPCZ/M00/9D/C7/rBIBUGiRjlyAMRSmAAGdPdT-OJk004.pdf","https://tps.ybj.hunan.gov.cn/tps-local/XMHXgroupYPCZ/M00/9D/C7/rBIBUGiRjmCASJtlAAG5u4WpUy0316.pdf","每粒装0.5g",48,29.25,"https://tps.ybj.hunan.gov.cn/tps-local/XMHXgroupYPCZ/M00/9D/C7/rBIBUGiRjxKAf5c0AB4WWN3FsZs851.pdf",18,18,"成都倍特得诺药业有限公司",78,{"$nulls":3},{"v":1.625,"d":"1.6250"},78]
[200,"ZA05AAQ0322030181060","清艾条","国产","灸剂","每支重5g","河北药王集团股份有限公司","每支重5g×40支/盒",40,"聚乙烯塑料袋","支","国药准字Z20194050","内蒙古自治区","ZA05AAQ0322030181060",172,"每支重5g",4.3,40,"江西省","ZA05AAQ0322030181060",172,"每支重5g",4.3,40,"广西壮族自治区","ZA05AAQ0322030181060",172,4.3,"https://tps.ybj.hunan.gov.cn/tps-local/XMHXgroupYPCZ/M00/9D/7E/rBIBUGiQaomADNUbAAJPMdf9oEk136.jpg","https://tps.ybj.hunan.gov.cn/tps-local/XMHXgroupYPCZ/M00/9D/7E/rBIBUGiQasWAUXGcAAIhsBDzA4M636.jpg","https://tps.ybj.hunan.gov.cn/tps-local/XMHXgroupYPCZ/M00/9D/7E/rBIBUGiQau-AQG0zAAIrzRecAqQ147.jpg","每支重5g",40,12.9,"https://tps.ybj.hunan.gov.cn/tps-local/XMHXgroupYPCZ/M00/9D/7F/rBIBUGiQa8iAD_V8AAfdjYmPgt0116.pdf",2,4,"河北药王集团股份有限公司",172,{"$nulls":3},{"v":4.3,"d":"4.3000"},172]
[201,"ZD03AAA0073010181049","安坤赞育丸","国产","丸剂(大蜜丸)","每丸重9g","石家庄御和堂药业股份有限公司","每丸重9g×10丸/盒",10,"铝塑包装","丸","国药准字Z20204062","辽宁省","ZD03AAA0073010181049",998,"每丸重9g",99.8,10,"浙江省","ZD03AAA0073010181049",998,"每丸重9g",99.8,10,"江苏省","ZD03AAA0073010181049",998,99.8,"https://tps.ybj.hunan.gov.cn/tps-local/XMHXgroupYPCZ/M00/9D/B8/rBIBUGiRbouAdgTYAAY13NVDXRw318.jpg","https://tps.ybj.hunan.gov.cn/tps-local/XMHXgroupYPCZ/M00/9D/B8/rBIBUGiRbq2AHFaYAAWaZMQQ-Bk160.jpg","https://tps.ybj.hunan.gov.cn/tps-local/XMHXgroupYPCZ/M00/9D/B8/rBIBUGiRbvWAColtAAaJU1As1EU125.jpg","每丸重9g",10,199.6,"https://tps.ybj.hunan.gov.cn/tps-local/XMHXgroupYPCZ/M00/9D/B8/rBIBUGiRbxWAWzOpAAf0T4nEDcY714.jpg",2,2,"石家庄御和堂药业股份有限公司",998,{"v":196,"d":"196.00"},{"v":156.8,"d":"156.80"},null,{"v":78.4,"d":"78.4000"},784]
[202,"ZA04CAY0499010205719","银黄颗粒","国产","颗粒剂","4g","云南永安制药有限公司","4g×12袋/盒",12,"药用复合膜","袋","国药准字Z53021212","海南省","ZA04CAY0499010205719",14.16,"4g",1.18,12,"江西省","ZA04CAY0499010205719",14.16,"4g",1.18,12,"云南省","ZA04CAY0499010205719",14.16,1.18,"https://tps.ybj.hunan.gov.cn/tps-local/XMHXgroupYPCZ/M00/9D/AD/rBIBUGiRWvuARRbcAAcxZcSZFeg334.pdf","https://tps.ybj.hunan.gov.cn/tps-local/XMHXgroupYPCZ/M00/9D/AD/rBIBUGiRWuuACh3cAAgH6Yx1e24118.pdf","https://tps.ybj.hunan.gov.cn/tps-local/XMHXgroupYPCZ/M00/9D/AD/rBIBUGiRWxaAaT78AAjEtXtSdPk235.pdf","4g",12,3.54,"https://tps.ybj.hunan.gov.cn/tps-local/XMHXgroupYPCZ/M00/9D/AD/rBIBUGiRW3eAftUKAAh5YR0OPvw021.pdf",2,4,"云南永安制药有限公司",14.16,{"v":32.5,"d":"32.50"},{"v":26,"d":"26.00"},null,{"v":1.18,"d":"1.1800"},14.16]
[203,"ZF03AAX0793010105719","玄麦甘桔颗粒","国产","颗粒剂","10g","云南永安制药有限公司","10g×10袋/盒",10,"药用复合膜","袋","国药准字Z53021211","江苏省","ZF03AAX0793010105719",11,"10g",1.1,10,"山西省","ZF03AAX0793010105719",11,"10g",1.1,10,"云南省","ZF03AAX0793010105719",11,1.1,"https://tps.ybj.hunan.gov.cn/tps-local/XMHXgroupYPCZ/M00/9D/AE/rBIBUGiRXFiAP0vAAAjcyjJb3mU156.pdf","https://tps.ybj.hunan.gov.cn/tps-local/XMHXgroupYPCZ/M00/9D/AE/rBIBUGiRXIqASkGEAAex6MRARc4744.pdf","https://tps.ybj.hunan.gov.cn/tps-local/XMHXgroupYPCZ/M00/9D/AE/rBIBUGiRXPCAWS4fAAjVigZcZMY043.pdf","10g",10,3.85,"https://tps.ybj.hunan.gov.cn/tps-local/XMHXgroupYPCZ/M00/9D/AE/rBIBUGiRXM-ARBnRAAmW1tAgCDE218.pdf",3,4,"云南永安制药有限公司",11,{"v":4.9875,"d":"4.99"},3.99,null,{"v":1.1,"d":"1.1000"},11]
[204,"ZA06AAX0575010100324","小青龙颗粒","国产","颗粒剂","每袋装13g","康芝药业股份有限公司","每袋装13g×10袋/盒",10,"铝箔袋","袋","国药准字Z44021042","广东省","ZA06AAX0575010100324",98,"每袋装13g",9.8,10,"广西壮族自治区","ZA06AAX0575010100324",98,"每袋装13g",9.8,10,"安徽省","ZA06AAX0575010100324",98,9.8,"https://tps.ybj.hunan.gov.cn/tps-local/XMHXgroupYPCZ/M00/9D/B2/rBIBUGiRYzOAajM_AALQXAf_Y9Q600.pdf","https://tps.ybj.hunan.gov.cn/tps-local/XMHXgroupYPCZ/M00/9D/B2/rBIBUGiRY26ANwbQABNtk7M3yN4128.pdf","https://tps.ybj.hunan.gov.cn/tps-local/XMHXgroupYPCZ/M00/9D/B2/rBIBUGiRY7iAX-lEAAMy6r2OtQo765.pdf","每袋装13g",10,29.4,"https://tps.ybj.hunan.gov.cn/tps-local/XMHXgroupYPCZ/M00/9D/B2/rBIBUGiRZR2AXsMBAAfwuEdLKp4484.pdf",3,3,"康芝药业股份有限公司",98,{"v":32.4,"d":"32.40"},25.92,null,{"v":8.64,"d":"8.6400"},86.4]
[205,"ZD01BAW0372010104034","温经汤颗粒","国产","颗粒剂","每袋相当于饮片20g(每袋装10g)","上海医药集团青岛国风药业股份有限公司","每袋相当于饮片20g(每袋装10g)×12袋/盒",12,"聚酯/铝/聚乙烯药用复合膜","袋","国药准字C20250007","贵州省","ZD01BAW0372010104034",144,"每袋相当于饮片20g(每袋装10g)",12,12,"湖北省","ZD01BAW0372010104034",144,"每袋相当于饮片20g(每袋装10g)",12,12,"重庆市","ZD01BAW0372010104034",144,12,"https://tps.ybj.hunan.gov.cn/tps-local/XMHXgroupYPCZ/M00/9D/B0/rBIBUGiRYICAezZNAAZeOuKtjPQ581.jpg","https://tps.ybj.hunan.gov.cn/tps-local/XMHXgroupYPCZ/M00/9D/B0/rBIBUGiRYMuAW5pQAATcoQgvk_o696.jpg","https://tps.ybj.hunan.gov.cn/tps-local/XMHXgroupYPCZ/M00/9D/B0/rBIBUGiRYRSAKP_rAAS7VuArjV4224.jpg","每袋相当于饮片20g(每袋装10g)",12,24,"https://tps.ybj.hunan.gov.cn/tps-local/XMHXgroupYPCZ/M00/9D/B1/rBIBUGiRYWCAVJDaAAikQeu-BZw356.pdf",2,2,"上海医药集团青岛国风药业股份有限公司",144,{"v":24,"d":"24.00"},{"v":19.2,"d":"19.20"},null,{"v":9.6,"d":"9.6000"},115.2]
[206,"ZA04BAD0330010103223","冬凌草糖浆","国产","糖浆剂","每支装10ml","新乡市新辉药业有限公司","每支装10ml×10支/盒",10,"低硼硅玻璃管制口服液体瓶","支","国药准字Z41020928","黑龙江省","ZA04BAD0330010103223",26.8,"每支装10ml",2.68,10,"四川省","ZA04BAD0330010103223",26.8,"每支装10ml",2.68,10,"湖北省","ZA04BAD0330010103223",26.8,2.68,"https://tps.ybj.hunan.gov.cn/tps-local/XMHXgroupYPCZ/M00/9E/DA/rBIBUGiWtbuAOzBaAAQA4nuyajw734.jpg","https://tps.ybj.hunan.gov.cn/tps-local/XMHXgroupYPCZ/M00/9E/DA/rBIBUGiWtduADQv0AANWqY_kHgM569.jpg","https://tps.ybj.hunan.gov.cn/tps-local/XMHXgroupYPCZ/M00/9E/DA/rBIBUGiWtkWAZ4D3AAPYrM5n2qo568.jpg","每支装10ml",10,8.04,"https://tps.ybj.hunan.gov.cn/tps-local/XMHXgroupYPCZ/M00/9E/DA/rBIBUGiWtoaAFI1GAAXfaykeJuI122.jpg",2,4,"新乡市新辉药业有限公司",26.8,{"v":39.5,"d":"39.50"},{"v":31.6,"d":"31.60"},null,{"v":2.68,"d":"2.6800"},26.8]
[207,"ZA09GAS0502010103223","生脉饮(党参方)","国产","合剂","每支装10毫升","新乡市新辉药业有限公司","每支装10毫升×10支/盒",10,"低硼硅玻璃管制口服液体瓶","支","国药准字Z41020935","黑龙江省","ZA09GAS0502010103223",15.26,"每支装10毫升",1.526,10,"辽宁省","ZA09GAS0502010103223",15.26,"每支装10毫升",1.526,10,"湖北省","ZA09GAS0502010103223",15.26,1.526,"https://tps.ybj.hunan.gov.cn/tps-local/XMHXgroupYPCZ/M00/9E/DB/rBIBUGiWvKCAVqLuAAQA4nuyajw086.jpg","https://tps.ybj.hunan.gov.cn/tps-local/XMHXgroupYPCZ/M00/9E/DB/rBIBUGiWvMiAcDILAAR71Ur41pE230.jpg","https://tps.ybj.hunan.gov.cn/tps-local/XMHXgroupYPCZ/M00/9E/DB/rBIBUGiWvL-AT3zKAAPYrM5n2qo496.jpg","每支装10毫升",10,4.58,"https://tps.ybj.hunan.gov.cn/tps-local/XMHXgroupYPCZ/M00/9E/DB/rBIBUGiWvTyAX_7jAAOkKbXY1L0941.jpg",3,3,"新乡市新辉药业有限公司",15.26,{"v":43.8,"d":"43.80"},35.04,null,{"v":1.526,"d":"1.5260"},15.26]
[208,"ZA12GAF0795010103223","复心胶囊","国产","胶囊剂","0.5g","新乡市新辉药业有限公司","0.5g×24粒/盒",24,"药用铝箔/聚氯乙烯固体药用硬片包装；","粒","国药准字Z20080531","湖北省","ZA12GAF0795010103223",86,"0.5g",3.5833,24,"江苏省","ZA12GAF0795010103223",86,"0.5g",3.5833,24,"广西壮族自治区","ZA12GAF0795010103223",86,3.5833,"https://tps.ybj.hunan.gov.cn/tps-local/XMHXgroupYPCZ/M00/9E/DB/rBIBUGiWvXOAXUIZAAPYrM5n2qo186.jpg","https://tps.ybj.hunan.gov.cn/tps-local/XMHXgroupYPCZ/M00/9E/DB/rBIBUGiWvamAI2RUAARCjCuoPeo600.jpg","https://tps.ybj.hunan.gov.cn/tps-local/XMHXgroupYPCZ/M00/9E/DB/rBIBUGiWvemAEj4GAAQDZ8ppxyY976.jpg","0.5g",24,32.25,"https://tps.ybj.hunan.gov.cn/tps-local/XMHXgroupYPCZ/M00/9E/DB/rBIBUGiWvieAH-LhAAYFVGhgrlU189.jpg",6,12,"新乡市新辉药业有限公司",86,{"$nulls":3},{"v":3.58333333333333,"d":"3.5833"},86]
[209,"ZA09CAM0042010103223","麦味地黄口服液","国产","合剂","每支装10ml","新乡市新辉药业有限公司","每支装10ml×10支/盒",10,"玻璃管制口服液体瓶","支","国药准字Z41020930","黑龙江省","ZA09CAM0042010103223",128,"每支装10ml",12.8,10,"广西壮族自治区","ZA09CAM0042010103223",128,"每支装10ml",12.8,10,"江西省","ZA09CAM0042010103223",128,12.8,"https://tps.ybj.hunan.gov.cn/tps-local/XMHXgroupYPCZ/M00/9E/DB/rBIBUGiWvnCAXoY-AAQA4nuyajw558.jpg","https://tps.ybj.hunan.gov.cn/tps-local/XMHXgroupYPCZ/M00/9E/DB/rBIBUGiWvtyAFHVpAAQDZ8ppxyY435.jpg","https://tps.ybj.hunan.gov.cn/tps-local/XMHXgroupYPCZ/M00/9E/DB/rBIBUGiWvqKAGoBjAAOMCNPXKFU847.jpg","每支装10ml",10,25.6,"https://tps.ybj.hunan.gov.cn/tps-local/XMHXgroupYPCZ/M00/9E/DB/rBIBUGiWv0CAC38JAAVxr411LBc901.jpg",2,2,"新乡市新辉药业有限公司",128,{"v":25.6,"d":"25.60"},20.48,null,{"v":10.24,"d":"10.2400"},102.4]
[210,"ZA09CAM0042010303223","麦味地黄口服液","国产","合剂","每支装10ml","新乡市新辉药业有限公司","每支装10ml×30支/盒",30,"玻璃管制口服液体瓶","支","国药准字Z41020930","黑龙江省","ZA09CAM0042010303223",384,"每支装10ml",12.8,30,"湖北省","ZA09CAM0042010303223",384,"每支装10ml",12.8,30,"江西省","ZA09CAM0042010303223",384,12.8,"https://tps.ybj.hunan.gov.cn/tps-local/XMHXgroupYPCZ/M00/9E/DB/rBIBUGiWv2-AP0n9AAQA4nuyajw064.jpg","https://tps.ybj.hunan.gov.cn/tps-local/XMHXgroupYPCZ/M00/9E/DB/rBIBUGiWv4OARKHjAAPYrM5n2qo522.jpg","https://tps.ybj.hunan.gov.cn/tps-local/XMHXgroupYPCZ/M00/9E/DB/rBIBUGiWv4yAALQ-AAOMCNPXKFU899.jpg","每支装10ml",30,25.6,"https://tps.ybj.hunan.gov.cn/tps-local/XMHXgroupYPCZ/M00/9E/DB/rBIBUGiWwA-AB3KhAA5mlQBxu_8374.jpg",2,2,"新乡市新辉药业有限公司",384,{"v":25.6,"d":"25.60"},20.48,null,{"v":10.24,"d":"10.2400"},307.2]
[211,"ZA06CAX0435010285037","小儿咳喘灵口服液","国产","合剂","每1ml相当于饮片1.28g(每支装1.25ml)","北京同仁堂科技发展(唐山)有限公司,安国亚东生物制药有限公司","每1ml相当于饮片1.28g(每支装1.25ml)×10支/盒",10,"钠钙玻璃管制口服液体瓶","支","国药准字Z11020717","江苏省","ZA06CAX0435010285037",59,"每1ml相当于饮片1.28g(每支装1.25ml)",5.9,10,"广西壮族自治区","ZA06CAX0435010285037",59,"每1ml相当于饮片1.28g(每支装1.25ml)",5.9,10,"辽宁省","ZA06CAX0435010285037",59,5.9,"https://tps.ybj.hunan.gov.cn/tps-local/XMHXgroupYPCZ/M00/9D/CA/rBIBUGiRlp2AK-WIAAqGX5NgXcY765.pdf","https://tps.ybj.hunan.gov.cn/tps-local/XMHXgroupYPCZ/M00/9D/CA/rBIBUGiRlsyAbEDqAAnqqFU89ZQ879.pdf","https://tps.ybj.hunan.gov.cn/tps-local/XMHXgroupYPCZ/M00/9D/CA/rBIBUGiRlvKATdy_AAndkGh3nEQ141.pdf","每1ml相当于饮片1.28g(每支装1.25ml)",10,64.9,"https://tps.ybj.hunan.gov.cn/tps-local/XMHXgroupYPCZ/M00/9D/CB/rBIBUGiRl1iAH-q0AAwsNOG-fj8579.pdf",6,16,"北京亚东生物制药有限公司",59,{"v":57.618,"d":"57.62"},{"v":46.0944,"d":"46.09"},null,4.1904,41.9]
[212,"ZA13BAY0674010102230","元胡止痛胶囊","国产","胶囊剂","0.25g","四川省仁德制药有限公司","0.25g×24粒/盒",24,"药用PVC硬片/药品包装用PTP铝箔","粒","国药准字Z20064325","广西壮族自治区","ZA13BAY0674010102230",10,"0.25g",0.4167,24,"四川省","ZA13BAY0674010102230",10,"0.25g",0.4167,24,"贵州省","ZA13BAY0674010102230",10,0.4167,"https://tps.ybj.hunan.gov.cn/tps-local/XMHXgroupYPCZ/M00/9D/B8/rBIBUGiRb9uAaL0mAAM0nTxIR3I829.jpg","https://tps.ybj.hunan.gov.cn/tps-local/XMHXgroupYPCZ/M00/9D/B8/rBIBUGiRb_iAL-6FAAEtn--OXh8898.JPG","https://tps.ybj.hunan.gov.cn/tps-local/XMHXgroupYPCZ/M00/9D/B9/rBIBUGiRcDeAcNLOAANfC0aebTE789.jpg","0.25g",24,6.25,"https://tps.ybj.hunan.gov.cn/tps-local/XMHXgroupYPCZ/M00/9D/B9/rBIBUGiRcIeAd9ajAAQjeEbqe5U447.jpg",12,18,"四川省仁德制药有限公司",10,{"v":6.875,"d":"6.88"},{"v":5.5,"d":"5.50"},null,{"v":0.366666666666667,"d":"0.3667"},8.8]
[213,"ZA13BAY0674010202230","元胡止痛胶囊","国产","胶囊剂","0.25g","四川省仁德制药有限公司","0.25g×48粒/盒",48,"药用PVC硬片/药品包装用PTP铝箔","粒","国药准字Z20064325","四川省","ZA13BAY0674010202230",20,"0.25g",0.4167,48,"广西壮族自治区","ZA13BAY0674010202230",20,"0.25g",0.4167,48,"贵州省","ZA13BAY0674010202230",20,0.4167,"https://tps.ybj.hunan.gov.cn/tps-local/XMHXgroupYPCZ/M00/9D/B9/rBIBUGiRcOiAUxo3AAEtn--OXh8346.JPG","https://tps.ybj.hunan.gov.cn/tps-local/XMHXgroupYPCZ/M00/9D/B9/rBIBUGiRcP2ANiDKAAM0nTxIR3I633.jpg","https://tps.ybj.hunan.gov.cn/tps-local/XMHXgroupYPCZ/M00/9D/B9/rBIBUGiRcSmAWgtlAANfC0aebTE238.jpg","0.25g",48,6.25,"https://tps.ybj.hunan.gov.cn/tps-local/XMHXgroupYPCZ/M00/9D/B9/rBIBUGiRcUuAUd2OAAQjeEbqe5U392.jpg",12,18,"四川省仁德制药有限公司",20,{"v":6.875,"d":"6.88"},{"v":5.5,"d":"5.50"},null,{"v":0.366666666666667,"d":"0.3667"},17.6]
[214,"ZA01AAG0120010104096","感冒清热颗粒","国产","颗粒剂","每袋装12g","山东昊福药业集团制药有限公司","每袋装12g×10袋/盒",10,"塑料复合膜","袋","国药准字Z20055627","山东省","ZA01AAG0120010104096",8.5,"每袋装12g",0.85,10,"黑龙江省","ZA01AAG0120010104096",8.5,"每袋装12g",0.85,10,"江苏省","ZA01AAG0120010104096",8.5,0.85,"https://tps.ybj.hunan.gov.cn/tps-local/XMHXgroupYPCZ/M00/9D/BB/rBIBUGiRdZyAbrPXAAgRu9i-uys796.jpg","https://tps.ybj.hunan.gov.cn/tps-local/XMHXgroupYPCZ/M00/9D/BB/rBIBUGiRdcuAYtTQAAbu5OronJM167.jpg","https://tps.ybj.hunan.gov.cn/tps-local/XMHXgroupYPCZ/M00/9D/BB/rBIBUGiRdfiAHNHKAAgIhfJzD9o697.pdf","每袋装12g",10,1.7,"https://tps.ybj.hunan.gov.cn/tps-local/XMHXgroupYPCZ/M00/9D/BC/rBIBUGiRdqqAIuvMAAU8LMQRcOc201.pdf",2,2,"山东昊福药业集团制药有限公司",8.5,{"v":9,"d":"9.00"},{"v":7.2,"d":"7.20"},null,{"v":0.85,"d":"0.8500"},8.5]
[215,"ZA06CAX0434010104178","小儿咳喘灵颗粒","国产","颗粒剂","每袋装2g","山东昊福药业集团制药有限公司","每袋装2g×12袋/盒",12,"聚酯/镀铝聚酯/聚乙烯药品包装用复合膜","袋","国药准字Z37021193","海南省","ZA06CAX0434010104178",12.5,"每袋装2g",1.0417,12,"黑龙江省","ZA06CAX0434010104178",12.5,"每袋装2g",1.0417,12,"江苏省","ZA06CAX0434010104178",12.5,1.0417,"https://tps.ybj.hunan.gov.cn/tps-local/XMHXgroupYPCZ/M00/9D/BD/rBIBUGiReBKAXBYTAAbnPBEbq1k198.pdf","https://tps.ybj.hunan.gov.cn/tps-local/XMHXgroupYPCZ/M00/9D/BD/rBIBUGiReC-AbmYHAAb1J44bkGw964.jpg","https://tps.ybj.hunan.gov.cn/tps-local/XMHXgroupYPCZ/M00/9D/BD/rBIBUGiReGGAVcWTAAfhgd1g9CM016.jpg","每袋装2g",12,2.86,"https://tps.ybj.hunan.gov.cn/tps-local/XMHXgroupYPCZ/M00/9D/BE/rBIBUGiReSiAOEsiAAVqF_6D5PU438.pdf",1.5,4,"山东昊福药业集团制药有限公司",12.5,36.41,{"v":29.128,"d":"29.13"},null,{"v":1.04166666666667,"d":"1.0417"},12.5]
[216,"ZA08BAS0121010106000","三味泻痢颗粒","国产","颗粒剂","每袋装0.6g","新疆天山制药工业有限公司","每袋装0.6g×9袋/盒",9,"聚酯/铝/聚乙烯药品包装用复合袋","袋","国药准字Z20026384","广西壮族自治区","ZA08BAS0121010106000",49,"每袋装0.6g",5.4444,9,"河北省","ZA08BAS0121010106000",49,"每袋装0.6g",5.4444,9,"黑龙江省","ZA08BAS0121010106000",49,5.4444,"https://tps.ybj.hunan.gov.cn/tps-local/XMHXgroupYPCZ/M00/9D/C2/rBIBUGiRgJ2Afg8kAAoK_4ep1Xg318.pdf","https://tps.ybj.hunan.gov.cn/tps-local/XMHXgroupYPCZ/M00/9D/C2/rBIBUGiRgJ-AGTYUAA0Gsw0PdEo152.pdf","https://tps.ybj.hunan.gov.cn/tps-local/XMHXgroupYPCZ/M00/9D/C2/rBIBUGiRgKSAAVt3AAiHjqPqKkI891.pdf","每袋装0.6g",9,32.67,"https://tps.ybj.hunan.gov.cn/tps-local/XMHXgroupYPCZ/M00/9D/C2/rBIBUGiRf6eANMCIAAuMXFR0l94131.pdf",3,9,"新疆天山制药工业有限公司",49,{"$nulls":3},{"v":5.44444444444444,"d":"5.4444"},49]
[217,"ZA04BAF0298010102153","复方板蓝根颗粒","国产","颗粒剂","15g(相当原生药15g)","四川省三星堆制药有限公司","15g(相当原生药15g)×21袋",21,"药用复合膜","袋","国药准字Z51020512","四川省","ZA04BAF0298010102153",29.4,"15g(相当原生药15g)",1.4,21,"江西省","ZA04BAF0298010102153",29.4,"15g(相当原生药15g)",1.4,21,"吉林省","ZA04BAF0298010102153",29.4,1.4,"https://tps.ybj.hunan.gov.cn/tps-local/XMHXgroupYPCZ/M00/9D/C7/rBIBUGiRjneAQzQQABKsKcDCFkY428.jpg","https://tps.ybj.hunan.gov.cn/tps-local/XMHXgroupYPCZ/M00/9D/C7/rBIBUGiRjoGAId2jAA-WJgkiri4202.jpg","https://tps.ybj.hunan.gov.cn/tps-local/XMHXgroupYPCZ/M00/9D/C7/rBIBUGiRjoaASDcpABBA70FK_Cw275.jpg","15g(相当原生药15g)",21,4.2,"https://tps.ybj.hunan.gov.cn/tps-local/XMHXgroupYPCZ/M00/9D/C7/rBIBUGiRjvuAEclhABDNZy-J8qA475.pdf",3,3,"四川省三星堆制药有限公司",29.4,{"v":29.9,"d":"29.90"},23.92,null,{"v":1.4,"d":"1.4000"},29.4]
[218,"ZA06EAX0301010102232","消炎止咳片","国产","薄膜衣片","每片重0.41g(相当于饮片0.812g)","四川省三星堆制药有限公司","每片重0.41g(相当于饮片0.812g)×24片/盒",24,"聚氯乙烯固体药用硬片/药用铝箔","片","国药准字Z22020874","四川省","ZA06EAX0301010102232",6.48,"每片重0.41g(相当于饮片0.812g)",0.27,24,"重庆市","ZA06EAX0301010102232",6.48,"每片重0.41g(相当于饮片0.812g)",0.27,24,"云南省","ZA06EAX0301010102232",6.48,0.27,"https://tps.ybj.hunan.gov.cn/tps-local/XMHXgroupYPCZ/M00/9D/C8/rBIBUGiRkQyANXwPAAsIR4BKpxk737.jpg","https://tps.ybj.hunan.gov.cn/tps-local/XMHXgroupYPCZ/M00/9D/C8/rBIBUGiRkX6AajzAAAlLO1HSH-8642.jpg","https://tps.ybj.hunan.gov.cn/tps-local/XMHXgroupYPCZ/M00/9D/C8/rBIBUGiRkaOAaTCJAAkAHRrbp-s864.jpg","每片重0.41g(相当于饮片0.812g)",24,1.62,"https://tps.ybj.hunan.gov.cn/tps-local/XMHXgroupYPCZ/M00/9D/C8/rBIBUGiRkg-AfzD1ABFI8iCuA0E995.pdf",6,6,"四川省三星堆制药有限公司",6.48,{"v":2.2125,"d":"2.21"},1.77,null,{"v":0.27,"d":"0.2700"},6.48]
[219,"ZA04BAY0042010102232","炎可宁片","国产","薄膜衣片","每片重0.36g(相当于饮片1.14g)","四川省三星堆制药有限公司","每片重0.36g(相当于饮片1.14g)×24片/盒",24,"聚氯乙烯固体药用硬片、药品包装用铝箔包装","片","国药准字Z22022444","四川省","ZA04BAY0042010102232",23.04,"每片重0.36g(相当于饮片1.14g)",0.96,24,"江苏省","ZA04BAY0042010102232",23.04,"每片重0.36g(相当于饮片1.14g)",0.96,24,"辽宁省","ZA04BAY0042010102232",23.04,0.96,"https://tps.ybj.hunan.gov.cn/tps-local/XMHXgroupYPCZ/M00/9D/C8/rBIBUGiRk1WASKmoABRgtNylcDs565.jpg","https://tps.ybj.hunan.gov.cn/tps-local/XMHXgroupYPCZ/M00/9D/C8/rBIBUGiRk2KAMkpDAAZqaVjfkfA692.jpg","https://tps.ybj.hunan.gov.cn/tps-local/XMHXgroupYPCZ/M00/9D/C8/rBIBUGiRk22AfnZiAAeIvfFgXg8386.jpg","每片重0.36g(相当于饮片1.14g)",24,10.08,"https://tps.ybj.hunan.gov.cn/tps-local/XMHXgroupYPCZ/M00/9D/C8/rBIBUGiRlF6AVJRsAAbaxmnYY8E623.pdf",9,12,"四川省三星堆制药有限公司",23.04,{"$nulls":3},{"v":0.96,"d":"0.9600"},23.04]
[220,"ZA15BAQ0417010102232","清脑降压片","国产","糖衣片","片芯重0.36g","四川省三星堆制药有限公司","片芯重0.36g×24片/盒",24,"药用PVC硬片/药品包装用PTP","片","国药准字Z22022738","四川省","ZA15BAQ0417010102232",7.92,"片芯重0.36g",0.33,24,"重庆市","ZA15BAQ0417010102232",7.92,"片芯重0.36g",0.33,24,"云南省","ZA15BAQ0417010102232",7.92,0.33,"https://tps.ybj.hunan.gov.cn/tps-local/XMHXgroupYPCZ/M00/9D/C9/rBIBUGiRlO2AD2HDAAo3eFkZbO0660.jpg","https://tps.ybj.hunan.gov.cn/tps-local/XMHXgroupYPCZ/M00/9D/C9/rBIBUGiRlP-AOXe2AAuE8-ABoII841.jpg","https://tps.ybj.hunan.gov.cn/tps-local/XMHXgroupYPCZ/M00/9D/C9/rBIBUGiRlQuAbWpcAApAo_yypus368.jpg","片芯重0.36g",24,4.95,"https://tps.ybj.hunan.gov.cn/tps-local/XMHXgroupYPCZ/M00/9D/CA/rBIBUGiRluyAPMZ5AAoWPVOYfAU327.pdf",12,18,"四川省三星堆制药有限公司",7.92,7.25,{"v":5.8,"d":"5.80"},null,{"v":0.33,"d":"0.3300"},7.92]
[221,"ZA14BAD0045010102153","大山楂颗粒","国产","颗粒剂","每袋装15g","四川省三星堆制药有限公司","每袋装15g×10袋/盒",10,"药用复合膜","袋","国药准字Z51020424","广西壮族自治区","ZA14BAD0045010102153",19.18,"每袋装15g",1.918,10,"江苏省","ZA14BAD0045010102153",19.18,"每袋装15g",1.918,10,"江西省","ZA14BAD0045010102153",19.18,1.918,"https://tps.ybj.hunan.gov.cn/tps-local/XMHXgroupYPCZ/M00/9D/CB/rBIBUGiRlz6AEC2LAAcAFLUep1U939.jpg","https://tps.ybj.hunan.gov.cn/tps-local/XMHXgroupYPCZ/M00/9D/CB/rBIBUGiRl06AEcqWAAmIQKTkl_Q628.jpg","https://tps.ybj.hunan.gov.cn/tps-local/XMHXgroupYPCZ/M00/9D/CB/rBIBUGiRl2SAbLPHAAf0Veu-LAU496.jpg","每袋装15g",10,3.84,"https://tps.ybj.hunan.gov.cn/tps-local/XMHXgroupYPCZ/M00/9D/CB/rBIBUGiRl-yAYyN6AAdsoOIboKk511.pdf",1,3,"四川省三星堆制药有限公司",19.18,9.96,{"v":7.968,"d":"7.97"},null,{"v":1.918,"d":"1.9180"},19.18]
[222,"ZA14BAD0045010202153","大山楂颗粒","国产","颗粒剂","每袋装15g","四川省三星堆制药有限公司","每袋装15g×20袋",20,"药用复合膜","袋","国药准字Z51020424","广西壮族自治区","ZA14BAD0045010202153",38.36,"每袋装15g",1.918,20,"江西省","ZA14BAD0045010202153",38.36,"每袋装15g",1.918,20,"云南省","ZA14BAD0045010202153",38.36,1.918,"https://tps.ybj.hunan.gov.cn/tps-local/XMHXgroupYPCZ/M00/9D/CC/rBIBUGiRmJaAYKOlAAV7gQTkbRs991.jpg","https://tps.ybj.hunan.gov.cn/tps-local/XMHXgroupYPCZ/M00/9D/CC/rBIBUGiRmJmAQrqJAAcAWkFmGic712.jpg","https://tps.ybj.hunan.gov.cn/tps-local/XMHXgroupYPCZ/M00/9D/CC/rBIBUGiRmKGAfK90AAY1R-5w0EE551.jpg","每袋装15g",20,3.84,"https://tps.ybj.hunan.gov.cn/tps-local/XMHXgroupYPCZ/M00/9D/CD/rBIBUGiRmSyAUpYXAAXXIaScc-o259.pdf",1,3,"四川省三星堆制药有限公司",38.36,9.96,{"v":7.968,"d":"7.97"},null,{"v":1.918,"d":"1.9180"},38.36]
[223,"ZA01BAY0521010102153","银翘解毒颗粒","国产","颗粒剂","每袋装15g","四川省三星堆制药有限公司","每袋装15g×10袋/盒",10,"无","袋","国药准字Z51020509","四川省","ZA01BAY0521010102153",22.18,"每袋装15g",2.218,10,"吉林省","ZA01BAY0521010102153",22.18,"每袋装15g",2.218,10,"贵州省","ZA01BAY0521010102153",22.18,2.218,"https://tps.ybj.hunan.gov.cn/tps-local/XMHXgroupYPCZ/M00/9D/CD/rBIBUGiRmtGAQVVfABLzlZRWS8Y601.jpg","https://tps.ybj.hunan.gov.cn/tps-local/XMHXgroupYPCZ/M00/9D/CE/rBIBUGiRmteAbN--AAR9K8iJAME914.jpg","https://tps.ybj.hunan.gov.cn/tps-local/XMHXgroupYPCZ/M00/9D/CE/rBIBUGiRmtuAINc7AATv5AiTzGs305.jpg","每袋装15g",10,6.65,"https://tps.ybj.hunan.gov.cn/tps-local/XMHXgroupYPCZ/M00/9D/CE/rBIBUGiRm3iAGej-AAmr5zTB-qE354.pdf",3,3,"四川省三星堆制药有限公司",22.18,{"v":14.4,"d":"14.40"},11.52,null,{"v":2.218,"d":"2.2180"},22.18]
[224,"ZA06BBJ0662010102153","桔梗冬花片","国产","糖衣片","/","四川省三星堆制药有限公司","100片/瓶",100,"口服固体药用高密度聚乙烯瓶","片","国药准字Z51020515","四川省","ZA06BBJ0662010102153",11.76,"/",0.1176,100,"云南省","ZA06BBJ0662010102153",11.76,"/",0.1176,100,"贵州省","ZA06BBJ0662010102153",11.76,0.1176,"https://tps.ybj.hunan.gov.cn/tps-local/XMHXgroupYPCZ/M00/9D/CE/rBIBUGiRnLCADYBVAAkS32bTp-o613.jpg","https://tps.ybj.hunan.gov.cn/tps-local/XMHXgroupYPCZ/M00/9D/CE/rBIBUGiRnLqAPuQbAAeRjhtwJF0077.jpg","https://tps.ybj.hunan.gov.cn/tps-local/XMHXgroupYPCZ/M00/9D/CE/rBIBUGiRnMCAHnpKAAYhTO8driU034.jpg","/",100,2.47,"https://tps.ybj.hunan.gov.cn/tps-local/XMHXgroupYPCZ/M00/9D/CF/rBIBUGiRnYmAGk8kAAsWLMX60wI063.pdf",18,24,"四川省三星堆制药有限公司",11.76,{"$nulls":3},0.1176,11.76]
[225,"ZA04CDF0441010102153","复方黄连素片","国产","糖衣片","每片含盐酸小檗碱30mg","四川省三星堆制药有限公司","每片含盐酸小檗碱30mg×100片/瓶",100,"口服固体药用高密度聚乙烯","片","国药准字Z51020427","云南省","ZA04CDF0441010102153",18.5,"每片含盐酸小檗碱30mg",0.185,100,"贵州省","ZA04CDF0441010102153",18.5,"每片含盐酸小檗碱30mg",0.185,100,"江苏省","ZA04CDF0441010102153",18.5,0.185,"https://tps.ybj.hunan.gov.cn/tps-local/XMHXgroupYPCZ/M00/9D/CF/rBIBUGiRnuGABIblAATcxkUJQIo215.jpg","https://tps.ybj.hunan.gov.cn/tps-local/XMHXgroupYPCZ/M00/9D/D0/rBIBUGiRnuSATmL1AATszskt5wE283.jpg","https://tps.ybj.hunan.gov.cn/tps-local/XMHXgroupYPCZ/M00/9D/D0/rBIBUGiRnvGAIlgbAAb6EkbTx70965.jpg","每片含盐酸小檗碱30mg",100,2.22,"https://tps.ybj.hunan.gov.cn/tps-local/XMHXgroupYPCZ/M00/9D/D0/rBIBUGiRn2yAGFtQAAesOC3jEaw231.pdf",12,12,"四川省三星堆制药有限公司",18.5,{"v":14.9,"d":"14.90"},11.92,null,{"v":0.185,"d":"0.1850"},18.5]
[226,"ZA12BAF0354010204178","复方丹参片","国产","片剂(糖衣片)","每片心重0.27g(相当于饮片0.6g)","山东昊福药业集团制药有限公司","每片心重0.27g(相当于饮片0.6g)×60片/瓶",60,"药用高密度聚乙烯瓶","片","国药准字Z37020443","广东省","ZA12BAF0354010204178",28.9,"每片心重0.27g(相当于饮片0.6g)",0.4817,60,"广西壮族自治区","ZA12BAF0354010204178",28.9,"每片心重0.27g(相当于饮片0.6g)",0.4817,60,"江苏省","ZA12BAF0354010204178",12,0.2,"https://tps.ybj.hunan.gov.cn/tps-local/XMHXgroupYPCZ/M00/9D/CD/rBIBUGiRmY2ABxnRAA5KiUk9bfQ190.pdf","https://tps.ybj.hunan.gov.cn/tps-local/XMHXgroupYPCZ/M00/9D/CD/rBIBUGiRma-AcFifAAbd1DO2zGs860.jpg","https://tps.ybj.hunan.gov.cn/tps-local/XMHXgroupYPCZ/M00/9D/CD/rBIBUGiRmd-AOdVoAAgCUAu1NPk325.pdf","每片心重0.27g(相当于饮片0.6g)",60,1.8,"https://tps.ybj.hunan.gov.cn/tps-local/XMHXgroupYPCZ/M00/9D/CD/rBIBUGiRmjGAQDSIAAiT7Pb5OS4812.pdf",9,9,"山东昊福药业集团制药有限公司",12,{"v":2.9988,"d":"3.00"},{"v":2.39904,"d":"2.40"},null,{"v":0.2,"d":"0.2000"},12]
[227,"ZF03AAX0793010300975","玄麦甘桔颗粒","国产","颗粒剂","每袋装10克","太极集团重庆中药二厂有限公司","每袋装10克×20袋",20,"铝塑复合袋包装","袋","国药准字Z50020444","新疆维吾尔自治区","ZF03AAX0793010300975",28,"每袋装10克",1.4,20,"江西省","ZF03AAX0793010300975",28,"每袋装10克",1.4,20,"广东省","ZF03AAX0793010300975",28,1.4,"https://tps.ybj.hunan.gov.cn/tps-local/XMHXgroupYPCZ/M00/9D/CE/rBIBUGiRm7mAF8XNAAIolC7DxQQ257.jpg","https://tps.ybj.hunan.gov.cn/tps-local/XMHXgroupYPCZ/M00/9D/CE/rBIBUGiRm7yAT0_xAAI3HUVfaOc567.jpg","https://tps.ybj.hunan.gov.cn/tps-local/XMHXgroupYPCZ/M00/9D/CE/rBIBUGiRm7-AajJYAAKOnSlGzp8599.jpg","每袋装10克",20,4.9,"https://tps.ybj.hunan.gov.cn/tps-local/XMHXgroupYPCZ/M00/9D/CE/rBIBUGiRnLyANuyAAAMtOCIJceY499.jpg",3,4,"太极集团重庆中药二厂有限公司",28,{"v":4.9875,"d":"4.99"},3.99,null,{"v":1.14,"d":"1.1400"},22.8]
[228,"ZA13AAX0179020100975","逍遥丸(浓缩丸)","国产","丸剂","每3丸重1.24克(每3丸相当于饮片3克)","太极集团重庆中药二厂有限公司","每3丸重1.24克(每3丸相当于饮片3克)×90丸/盒",90,"药用高密度聚乙烯瓶包装","丸","国药准字Z50020438","重庆市","ZA13AAX0179020100975",34.61,"每3丸重1.24克(每3丸相当于饮片3克)",0.3846,90,"浙江省","ZA13AAX0179020100975",34.61,"每3丸重1.24克(每3丸相当于饮片3克)",0.3846,90,"江西省","ZA13AAX0179020100975",34.61,0.3846,"https://tps.ybj.hunan.gov.cn/tps-local/XMHXgroupYPCZ/M00/9D/D2/rBIBUGiRooiAKPFCAALiuWTKPck619.jpg","https://tps.ybj.hunan.gov.cn/tps-local/XMHXgroupYPCZ/M00/9D/D2/rBIBUGiRoouAfGvdAAKMNOKFjZU769.jpg","https://tps.ybj.hunan.gov.cn/tps-local/XMHXgroupYPCZ/M00/9D/D3/rBIBUGiRpAeADeJVAA-Be_DBDmY874.jpg","每3丸重1.24克(每3丸相当于饮片3克)",90,3.46,"https://tps.ybj.hunan.gov.cn/tps-local/XMHXgroupYPCZ/M00/9D/D2/rBIBUGiRoluAB8tsAAcEwwsa4yg650.jpg",9,9,"太极集团重庆中药二厂有限公司",34.61,{"v":5.67466666666667,"d":"5.67"},{"v":4.53973333333333,"d":"4.54"},null,{"v":0.384555555555556,"d":"0.3846"},34.61]
[229,"ZA09CAL0259030205043","六味地黄胶囊","国产","胶囊剂","每粒装0.3g","达嘉维康生物制药有限公司","每粒装0.3g×36粒/盒",36,"聚氯乙烯固体药用硬片、药用铝箔泡罩包装","粒","国药准字Z43020326","陕西省","ZA09CAL0259030205043",32.83,"每粒装0.3g",0.9119,36,"黑龙江省","ZA09CAL0259030205043",32.83,"每粒装0.3g",0.9119,36,"广西壮族自治区","ZA09CAL0259030205043",32.83,0.9119,"https://tps.ybj.hunan.gov.cn/tps-local/XMHXgroupYPCZ/M00/9D/D1/rBIBUGiRoRWABSzDAAMXeUaSWTQ524.jpg","https://tps.ybj.hunan.gov.cn/tps-local/XMHXgroupYPCZ/M00/9D/D1/rBIBUGiRoR-AHCZbAALwoEGEHQI925.jpg","https://tps.ybj.hunan.gov.cn/tps-local/XMHXgroupYPCZ/M00/9D/D1/rBIBUGiRoSyAe_NgAAMAGaNJ1v4078.jpg","每粒装0.3g",36,1.82,"https://tps.ybj.hunan.gov.cn/tps-local/XMHXgroupYPCZ/M00/9D/D1/rBIBUGiRoaGAXBKxAAREUqQukcA554.jpg",2,2,"达嘉维康生物制药有限公司",32.83,{"v":3,"d":"3.00"},{"v":2.4,"d":"2.40"},null,{"v":0.911944444444444,"d":"0.9119"},32.83]
[230,"ZA14BAH0245010405378","化积颗粒","国产","颗粒剂","每袋装2克","江西药都仁和制药有限公司","每袋装2克×6袋/盒",6,"复合膜袋","袋","国药准字Z20050340","浙江省","ZA14BAH0245010405378",84,"每袋装2克",14,6,"重庆市","ZA14BAH0245010405378",84,"每袋装2克",14,6,"黑龙江省","ZA14BAH0245010405378",84,14,"https://tps.ybj.hunan.gov.cn/tps-local/XMHXgroupYPCZ/M00/9E/6E/rBIBUGiUR9uAcJIaAAOy4V3SIS8384.jpg","https://tps.ybj.hunan.gov.cn/tps-local/XMHXgroupYPCZ/M00/9E/6E/rBIBUGiUR-GAZz14AAMXcz0EB5U928.jpg","https://tps.ybj.hunan.gov.cn/tps-local/XMHXgroupYPCZ/M00/9E/6E/rBIBUGiUR_2ADvZpAAOmw_NVKzk415.jpg","每袋装2克",6,56,"https://tps.ybj.hunan.gov.cn/tps-local/XMHXgroupYPCZ/M00/9E/6E/rBIBUGiUR5CAPn28AAQJSFl72WE091.pdf",2,6,"江西药都仁和制药有限公司",84,{"v":39,"d":"39.00"},{"v":31.2,"d":"31.20"},null,{"v":7.8,"d":"7.8000"},46.8]
[231,"ZA09FAR0053010281049","人参养荣丸","国产","丸剂(水蜜丸)","每袋装6克","石家庄御和堂药业股份有限公司","每袋装6克×20袋/盒",20,"药用复合膜","袋","国药准字Z20194085","黑龙江省","ZA09FAR0053010281049",328,"每袋装6克",16.4,20,"安徽省","ZA09FAR0053010281049",328,"每袋装6克",16.4,20,"湖北省","ZA09FAR0053010281049",328,16.4,"https://tps.ybj.hunan.gov.cn/tps-local/XMHXgroupYPCZ/M00/9D/D7/rBIBUGiRqBaAQa4cAAU_pO9tYMc936.jpg","https://tps.ybj.hunan.gov.cn/tps-local/XMHXgroupYPCZ/M00/9D/D7/rBIBUGiRqCiALFzjAARU6LZtDRI562.jpg","https://tps.ybj.hunan.gov.cn/tps-local/XMHXgroupYPCZ/M00/9D/D7/rBIBUGiRqEuAK7XwAARu7A1qeQA428.jpg","每袋装6克",20,24.6,"https://tps.ybj.hunan.gov.cn/tps-local/XMHXgroupYPCZ/M00/9D/D8/rBIBUGiRqcyAbBNCAAcrQN1vZGw642.jpg",1,2,"石家庄御和堂药业股份有限公司",328,10.53,{"v":8.424,"d":"8.42"},null,{"v":5.616,"d":"5.6160"},112.32]
[232,"ZA09FAR0053010381049","人参养荣丸","国产","丸剂(水蜜丸)","每袋装6克","石家庄御和堂药业股份有限公司","每袋装6克×4袋/盒",4,"药用复合膜","袋","国药准字Z20194085","湖北省","ZA09FAR0053010381049",65.6,"每袋装6克",16.4,4,"辽宁省","ZA09FAR0053010381049",65.6,"每袋装6克",16.4,4,"内蒙古自治区","ZA09FAR0053010381049",65.6,16.4,"https://tps.ybj.hunan.gov.cn/tps-local/XMHXgroupYPCZ/M00/9D/E0/rBIBUGiRtFqAXlsUAAUTwfGwVKc720.jpg","https://tps.ybj.hunan.gov.cn/tps-local/XMHXgroupYPCZ/M00/9D/E1/rBIBUGiRtMuABl6SAAY6RevCwxI247.jpg","https://tps.ybj.hunan.gov.cn/tps-local/XMHXgroupYPCZ/M00/9D/DF/rBIBUGiRs7aAFPhIAAVK8OCwi5M965.jpg","每袋装6克",4,24.6,"https://tps.ybj.hunan.gov.cn/tps-local/XMHXgroupYPCZ/M00/9D/E1/rBIBUGiRtTGANAKdAAgZmqNsAxE242.jpg",1,2,"石家庄御和堂药业股份有限公司",65.6,10.53,{"v":8.424,"d":"8.42"},null,{"v":5.616,"d":"5.6160"},22.46]
[233,"ZA13BAW0101020203594","胃康灵颗粒","国产","颗粒剂","每袋装1.6g","柳河长隆制药有限公司","每袋装1.6g×10袋/盒",10,"药用复合膜","袋","国药准字Z20090016","广西壮族自治区","ZA13BAW0101020203594",28,"每袋装1.6g",2.8,10,"江苏省","ZA13BAW0101020203594",28,"每袋装1.6g",2.8,10,"江西省","ZA13BAW0101020203594",28,2.8,"https://tps.ybj.hunan.gov.cn/tps-local/XMHXgroupYPCZ/M00/9D/D9/rBIBUGiRqzCAT2esAAWB3LULJIk965.pdf","https://tps.ybj.hunan.gov.cn/tps-local/XMHXgroupYPCZ/M00/9D/D9/rBIBUGiRq2uAdGkxAAOsA59N9Ps916.pdf","https://tps.ybj.hunan.gov.cn/tps-local/XMHXgroupYPCZ/M00/9D/D9/rBIBUGiRq5aAMx0UAAPZpzrjGAo793.pdf","每袋装1.6g",10,8.4,"https://tps.ybj.hunan.gov.cn/tps-local/XMHXgroupYPCZ/M00/9D/D9/rBIBUGiRq8uAfRATABLLGRSMjEo095.jpg",3,3,"柳河长隆制药有限公司",28,{"v":31.5,"d":"31.50"},{"v":25.2,"d":"25.20"},null,{"v":2.8,"d":"2.8000"},28]
[234,"ZA04BAB0189010105729","板蓝根颗粒","国产","颗粒剂","每袋装10g(相当于饮片14g)","云南植物药业有限公司","每袋装10g(相当于饮片14g)×20袋",20,"复膜袋","袋","国药准字Z53020572",null,"ZA04BAB0189010105729",15,"每袋装10g(相当于饮片14g)",0.75,20,"宁夏回族自治区","ZA04BAB0189010105729",15,"每袋装10g(相当于饮片14g)",0.75,20,"云南省","ZA04BAB0189010105729",15,0.75,"https://tps.ybj.hunan.gov.cn/tps-local/XMHXgroupYPCZ/M00/9D/D9/rBIBUGiRq8mAdZN_AAaBgy8UzS0110.jpg","https://tps.ybj.hunan.gov.cn/tps-local/XMHXgroupYPCZ/M00/9D/D9/rBIBUGiRq-6AMRrnAAisqIj6xsI283.jpg","https://tps.ybj.hunan.gov.cn/tps-local/XMHXgroupYPCZ/M00/9D/D9/rBIBUGiRrBKAJA0wAAoYc3kDA-4343.jpg","每袋装10g(相当于饮片14g)",20,2.06,"https://tps.ybj.hunan.gov.cn/tps-local/XMHXgroupYPCZ/M00/9D/D9/rBIBUGiRrEOAH089AAqXmZ3cHqo976.jpg",1.5,4,"云南植物药业有限公司",15,{"v":24.0625,"d":"24.06"},19.25,null,{"v":0.75,"d":"0.7500"},15]
[235,"ZA04CDF0441010105729","复方黄连素片","国产","片剂","每片含盐酸小檗碱30mg","云南植物药业有限公司","每片含盐酸小檗碱30mg×24片/盒",24,"铝塑","片","国药准字Z53020152","辽宁省","ZA04CDF0441010105729",12,"每片含盐酸小檗碱30mg",0.5,24,null,"ZA04CDF0441010105729",12,"每片含盐酸小檗碱30mg",0.5,24,"广西壮族自治区","ZA04CDF0441010105729",12,0.5,"https://tps.ybj.hunan.gov.cn/tps-local/XMHXgroupYPCZ/M00/9D/DA/rBIBUGiRrS-AC-fiAAWywevlteo004.jpg","https://tps.ybj.hunan.gov.cn/tps-local/XMHXgroupYPCZ/M00/9D/DA/rBIBUGiRrTiATja-AAW3AVAMabo241.jpg","https://tps.ybj.hunan.gov.cn/tps-local/XMHXgroupYPCZ/M00/9D/DA/rBIBUGiRrUCACCXwAAW37NSS8kY028.jpg","每片含盐酸小檗碱30mg",24,6,"https://tps.ybj.hunan.gov.cn/tps-local/XMHXgroupYPCZ/M00/9D/DA/rBIBUGiRrSGAY5paAAPpq7NxpYI848.jpg",12,12,"云南植物药业有限公司",12,{"v":14.9,"d":"14.90"},11.92,null,{"v":0.5,"d":"0.5000"},12]
[236,"ZA16BAK0244010105729","昆明山海棠片","国产","糖衣片","片芯重0.28g","云南植物药业有限公司","片芯重0.28g×100片/瓶",100,"塑料瓶","片","国药准字Z53020569","河北省","ZA16BAK0244010105729",19.8,"片芯重0.28g",0.198,100,"江苏省","ZA16BAK0244010105729",19.8,"片芯重0.28g",0.198,100,"贵州省","ZA16BAK0244010105729",19.8,0.198,"https://tps.ybj.hunan.gov.cn/tps-local/XMHXgroupYPCZ/M00/9D/DB/rBIBUGiRrc2AObh-AAV94QWM7KE447.jpg","https://tps.ybj.hunan.gov.cn/tps-local/XMHXgroupYPCZ/M00/9D/DB/rBIBUGiRrduAMg67AAaeoBfnBtg271.jpg","https://tps.ybj.hunan.gov.cn/tps-local/XMHXgroupYPCZ/M00/9D/DB/rBIBUGiRreSADSUYAAVtI9ziMX4015.jpg","片芯重0.28g",100,1.19,"https://tps.ybj.hunan.gov.cn/tps-local/XMHXgroupYPCZ/M00/9D/DB/rBIBUGiRrjiAczIkAAcaisjjlRc589.jpg",6,6,"云南植物药业有限公司",19.8,4.08,{"v":3.264,"d":"3.26"},null,{"v":0.198,"d":"0.1980"},19.8]
[237,"ZA08BAX0372010100150","小儿腹泻散","国产","散剂","每袋装2g","北京顺鑫祥云药业有限责任公司","每袋装2g×10袋/盒",10,"复合膜袋装","袋","国药准字Z11020050","广东省","ZA08BAX0372010100150",66,"每袋装2g",6.6,10,"黑龙江省","ZA08BAX0372010100150",66,"每袋装2g",6.6,10,"安徽省","ZA08BAX0372010100150",66,6.6,"https://tps.ybj.hunan.gov.cn/tps-local/XMHXgroupYPCZ/M00/9D/D9/rBIBUGiRq72ABbp7AAak2MPmDVw971.pdf","https://tps.ybj.hunan.gov.cn/tps-local/XMHXgroupYPCZ/M00/9D/D9/rBIBUGiRrAGAMzGGAAZ4-L0d-H4778.pdf","https://tps.ybj.hunan.gov.cn/tps-local/XMHXgroupYPCZ/M00/9D/D9/rBIBUGiRrI2AYdIEAAMB63U92Sk594.pdf","每袋装2g",10,34.65,"https://tps.ybj.hunan.gov.cn/tps-local/XMHXgroupYPCZ/M00/9D/DA/rBIBUGiRrYaAE5b0AAOucJfMxaI480.pdf",1.5,9,"北京顺鑫祥云药业有限责任公司",66,{"$nulls":3},{"v":6.6,"d":"6.6000"},66]
[238,"ZA06CAS0325010200411","蛇胆川贝液","国产","糖浆剂","每支装10ml","广州白云山潘高寿药业股份有限公司","每支装10ml×10支/盒",10,"塑料瓶或玻璃瓶","支","国药准字Z44022397","广东省","ZA06CAS0325010200411",21.74,"每支装10ml",2.174,10,"新疆维吾尔自治区","ZA06CAS0325010200411",21.74,"每支装10ml",2.174,10,"海南省","ZA06CAS0325010200411",21.74,2.174,"https://tps.ybj.hunan.gov.cn/tps-local/XMHXgroupYPCZ/M00/9D/D9/rBIBUGiRrFOAOXlPABPkIcqR_Yo858.pdf","https://tps.ybj.hunan.gov.cn/tps-local/XMHXgroupYPCZ/M00/9D/DB/rBIBUGiRrpGAWxZ_AAmOv67YN5E149.pdf","https://tps.ybj.hunan.gov.cn/tps-local/XMHXgroupYPCZ/M00/9D/DA/rBIBUGiRrVaAFTAGAAjnQ-X8swQ983.pdf","每支装10ml",10,4.35,"https://tps.ybj.hunan.gov.cn/tps-local/XMHXgroupYPCZ/M00/9D/DB/rBIBUGiRrbaAWhlzAAlATwDIwJw995.pdf",2,2,"广州白云山潘高寿药业股份有限公司",21.74,{"v":22.2,"d":"22.20"},17.76,null,{"v":2.174,"d":"2.1740"},21.74]
[239,"ZA15GAT0073010102251","天麻片","国产","糖衣片","/","四川依科制药有限公司","100片/瓶",100,"固体药用塑料瓶","片","国药准字Z20020118","江西省","ZA15GAT0073010102251",26.8,"/",0.268,100,"广西壮族自治区","ZA15GAT0073010102251",26.8,"/",0.268,100,"贵州省","ZA15GAT0073010102251",26.8,0.268,"https://tps.ybj.hunan.gov.cn/tps-local/XMHXgroupYPCZ/M00/9D/D9/rBIBUGiRq1eAR5jwAAJjvHZXBWI588.pdf","https://tps.ybj.hunan.gov.cn/tps-local/XMHXgroupYPCZ/M00/9D/D9/rBIBUGiRq36AJqYuAAK0aBofHnI433.pdf","https://tps.ybj.hunan.gov.cn/tps-local/XMHXgroupYPCZ/M00/9D/D9/rBIBUGiRq56AOlqKAAKQyrcljUQ691.pdf","/",100,4.02,"https://tps.ybj.hunan.gov.cn/tps-local/XMHXgroupYPCZ/M00/9D/D9/rBIBUGiRq9eAF-TNAAVrBhQEbjo468.pdf",12,18,"四川依科制药有限公司",26.8,8.25,{"v":6.6,"d":"6.60"},null,{"v":0.268,"d":"0.2680"},26.8]
[240,"ZA09BAG0398010102251","归脾丸","国产","水蜜丸","60g","四川依科制药有限公司","60g×1瓶",1,"固体药用塑料瓶","瓶","国药准字Z20054462","江西省","ZA09BAG0398010102251",69.8,"60g",69.8,1,"广西壮族自治区","ZA09BAG0398010102251",69.8,"60g",69.8,1,"黑龙江省","ZA09BAG0398010102251",69.8,69.8,"https://tps.ybj.hunan.gov.cn/tps-local/XMHXgroupYPCZ/M00/9D/E3/rBIBUGiRtqCARhKXAAJS94yVdRQ912.pdf","https://tps.ybj.hunan.gov.cn/tps-local/XMHXgroupYPCZ/M00/9D/E3/rBIBUGiRtr6AOvGuAAKWm3baoQY220.pdf","https://tps.ybj.hunan.gov.cn/tps-local/XMHXgroupYPCZ/M00/9D/E3/rBIBUGiRtwqAMbV_AAK59s7JdHc398.pdf","60g",1,20.94,"https://tps.ybj.hunan.gov.cn/tps-local/XMHXgroupYPCZ/M00/9D/E3/rBIBUGiRt3iAJkK8AAYgHETuLfQ062.pdf",0.3,0.3,"四川依科制药有限公司",69.8,23.14,{"v":18.512,"d":"18.51"},null,{"v":61.7066666666667,"d":"61.7067"},61.71]
[241,"ZA09AAC0070050102251","参苓白术散","国产","散剂","3克/袋","四川依科制药有限公司","3克/袋×36袋/盒",36,"药用复合膜","袋","国药准字Z20053020","湖南省","ZA09AAC0070020102251",29.8,"3克/袋",2.4833,12,"陕西省","ZA09AAC0070020102251",29.8,"3克/袋",2.4833,12,"内蒙古自治区","ZA09AAC0070020102251",29.8,2.4833,"https://tps.ybj.hunan.gov.cn/tps-local/XMHXgroupYPCZ/M00/9D/DF/rBIBUGiRssKANiAYAAJ6Tem9Tno127.jpg","https://tps.ybj.hunan.gov.cn/tps-local/XMHXgroupYPCZ/M00/9D/DF/rBIBUGiRsvyAbNPvAAKrIbthHgo114.jpg","https://tps.ybj.hunan.gov.cn/tps-local/XMHXgroupYPCZ/M00/9D/DF/rBIBUGiRs3aAHk2RAALML_vEfAE192.jpg","3克/袋",12,16.14,"https://tps.ybj.hunan.gov.cn/tps-local/XMHXgroupYPCZ/M00/9D/E0/rBIBUGiRs7eAP_J1AAOd9o77rqI146.pdf",4,9,"四川依科制药有限公司",89.4,{"v":162.4025,"d":"162.40"},{"v":129.922,"d":"129.92"},null,{"v":2.48333333333333,"d":"2.4833"},89.4]
[242,"ZA05BAX0157010203070","香砂养胃丸(浓缩丸)","国产","丸剂(浓缩丸)","每8丸相当于饮片3克","河南济世药业有限公司","每8丸相当于饮片3克×240丸/瓶",240,"塑料瓶","丸","国药准字Z41020151","河北省","ZA05BAX0157010203070",21.98,"每8丸相当于饮片3克",0.0916,240,"辽宁省","ZA05BAX0157010203070",21.98,"每8丸相当于饮片3克",0.0916,240,"安徽省","ZA05BAX0157010203070",21.98,0.0916,"https://tps.ybj.hunan.gov.cn/tps-local/XMHXgroupYPCZ/M00/9E/BC/rBIBUGiVoNeAH0H1AAJaLqeU5xU102.jpg","https://tps.ybj.hunan.gov.cn/tps-local/XMHXgroupYPCZ/M00/9E/BD/rBIBUGiVoR6AOR4xAAIqbRS_2RU489.jpg","https://tps.ybj.hunan.gov.cn/tps-local/XMHXgroupYPCZ/M00/9E/BD/rBIBUGiVoSeAV_vVAAKGA4kZFxQ841.jpg","每8丸相当于饮片3克",240,2.2,"https://tps.ybj.hunan.gov.cn/tps-local/XMHXgroupYPCZ/M00/9E/BD/rBIBUGiVoe2AUsyCAAx2Wgj1zb4809.jpg",24,24,"河南省济源市济世药业有限公司",21.98,{"v":25.6,"d":"25.60"},20.48,null,{"v":0.0915833333333333,"d":"0.0916"},21.98]
[243,"ZA09AAB0472010203070","补中益气丸(浓缩丸)","国产","丸剂(浓缩丸)","每8丸相当于原生药3克","河南济世药业有限公司","每8丸相当于原生药3克×240丸/瓶",240,"塑料瓶","丸","国药准字Z41020009","河北省","ZA09AAB0472010203070",21.98,"每8丸相当于原生药3克",0.0916,240,"辽宁省","ZA09AAB0472010203070",21.98,"每8丸相当于原生药3克",0.0916,240,"安徽省","ZA09AAB0472010203070",21.98,0.0916,"https://tps.ybj.hunan.gov.cn/tps-local/XMHXgroupYPCZ/M00/9E/BD/rBIBUGiVovCAd0LFAAJdhta1WVY053.jpg","https://tps.ybj.hunan.gov.cn/tps-local/XMHXgroupYPCZ/M00/9E/BD/rBIBUGiVovmAbd_iAAIkEng0vT0917.jpg","https://tps.ybj.hunan.gov.cn/tps-local/XMHXgroupYPCZ/M00/9E/BD/rBIBUGiVowKABXdyAAJ9bEQ5Jto177.jpg","每8丸相当于原生药3克",240,2.47,"https://tps.ybj.hunan.gov.cn/tps-local/XMHXgroupYPCZ/M00/9E/BD/rBIBUGiVouiALXR4AAZq_tjQSHM984.jpg",24,30,"河南省济源市济世药业有限公司",21.98,{"v":16.6111111111111,"d":"16.61"},{"v":13.2888888888889,"d":"13.29"},null,{"v":0.0915833333333333,"d":"0.0916"},21.98]
[244,"ZA09ABJ0136010203070","健脾丸(浓缩丸)","国产","丸剂(浓缩丸)","每8丸相当于原生药3克","河南济世药业有限公司","每8丸相当于原生药3克×240丸/瓶",240,"塑料瓶","丸","国药准字Z41020007","河北省","ZA09ABJ0136010203070",21.98,"每8丸相当于原生药3克",0.0916,240,"辽宁省","ZA09ABJ0136010203070",21.98,"每8丸相当于原生药3克",0.0916,240,"安徽省","ZA09ABJ0136010203070",21.98,0.0916,"https://tps.ybj.hunan.gov.cn/tps-local/XMHXgroupYPCZ/M00/9E/BE/rBIBUGiVpP-AdZiAAAJZAFLaHSo133.jpg","https://tps.ybj.hunan.gov.cn/tps-local/XMHXgroupYPCZ/M00/9E/BE/rBIBUGiVpPGAZpteAAIlfE8FEtI920.jpg","https://tps.ybj.hunan.gov.cn/tps-local/XMHXgroupYPCZ/M00/9E/BD/rBIBUGiVpOqAKKzQAAKMO-QpwZ4616.jpg","每8丸相当于原生药3克",240,2.2,"https://tps.ybj.hunan.gov.cn/tps-local/XMHXgroupYPCZ/M00/9E/BE/rBIBUGiVpQ6Aeu5QAAvDOW0rFcQ841.jpg",24,24,"河南省济源市济世药业有限公司",21.98,{"v":16.9,"d":"16.90"},13.52,null,{"v":0.0915833333333333,"d":"0.0916"},21.98]
[245,"ZA09BAB0047010203070","八珍丸(浓缩丸)","国产","丸剂(浓缩丸)","每8丸相当于原生药3克","河南济世药业有限公司","每8丸相当于原生药3克×240丸/瓶",240,"口服固体药用高密度聚乙烯瓶","丸","国药准字Z41020011","河北省","ZA09BAB0047010203070",29.59,"每8丸相当于原生药3克",0.1233,240,"辽宁省","ZA09BAB0047010203070",29.59,"每8丸相当于原生药3克",0.1233,240,"安徽省","ZA09BAB0047010203070",29.59,0.1233,"https://tps.ybj.hunan.gov.cn/tps-local/XMHXgroupYPCZ/M00/9E/BE/rBIBUGiVpZmATyyJAAIfUYXfxCo997.jpg","https://tps.ybj.hunan.gov.cn/tps-local/XMHXgroupYPCZ/M00/9E/BE/rBIBUGiVpaWAPiIxAAIXQyVuxv8248.jpg","https://tps.ybj.hunan.gov.cn/tps-local/XMHXgroupYPCZ/M00/9E/BE/rBIBUGiVpbqAZZi2AAJSlJBB03w027.jpg","每8丸相当于原生药3克",240,2.96,"https://tps.ybj.hunan.gov.cn/tps-local/XMHXgroupYPCZ/M00/9E/BF/rBIBUGiVpemABWT3AAs2Dul_q4k297.jpg",24,24,"河南省济源市济世药业有限公司",29.59,13.35,10.68,null,{"v":0.123291666666667,"d":"0.1233"},29.59]
[246,"ZA09BAG0398020203070","归脾丸(浓缩丸)","国产","丸剂(浓缩丸)","每8丸相当于饮片3克","河南济世药业有限公司","每8丸相当于饮片3克×240丸/瓶",240,"塑料瓶","丸","国药准字Z41020008","河北省","ZA09BAG0398020203070",21.98,"每8丸相当于饮片3克",0.0916,240,"辽宁省","ZA09BAG0398020203070",21.98,"每8丸相当于饮片3克",0.0916,240,"安徽省","ZA09BAG0398020203070",21.98,0.0916,"https://tps.ybj.hunan.gov.cn/tps-local/XMHXgroupYPCZ/M00/9E/BF/rBIBUGiVpo2AQI9KAAJZ3G3lrhY232.jpg","https://tps.ybj.hunan.gov.cn/tps-local/XMHXgroupYPCZ/M00/9E/C0/rBIBUGiVppqAdFe9AAIpx7xZ6Ss057.jpg","https://tps.ybj.hunan.gov.cn/tps-local/XMHXgroupYPCZ/M00/9E/C0/rBIBUGiVpqaAEf2xAAJ8rZE9jqY900.jpg","每8丸相当于饮片3克",240,2.47,"https://tps.ybj.hunan.gov.cn/tps-local/XMHXgroupYPCZ/M00/9E/C0/rBIBUGiVprSAKgr7AAYDgCzqEtA314.jpg",24,30,"河南省济源市济世药业有限公司",21.98,23.14,{"v":18.512,"d":"18.51"},null,{"v":0.0915833333333333,"d":"0.0916"},21.98]
[247,"ZA09CCQ0124010203070","杞菊地黄丸(浓缩丸)","国产","丸剂(浓缩丸)","每8丸相当于原药材3克","河南济世药业有限公司","每8丸相当于原药材3克×240丸/瓶",240,"塑料瓶","丸","国药准字Z41020145","河北省","ZA09CCQ0124010203070",21.98,"每8丸相当于原药材3克",0.0916,240,"辽宁省","ZA09CCQ0124010203070",21.98,"每8丸相当于原药材3克",0.0916,240,"安徽省","ZA09CCQ0124010203070",21.98,0.0916,"https://tps.ybj.hunan.gov.cn/tps-local/XMHXgroupYPCZ/M00/9E/C0/rBIBUGiVp0iAWstuAAJcRW2R1tA153.jpg","https://tps.ybj.hunan.gov.cn/tps-local/XMHXgroupYPCZ/M00/9E/C0/rBIBUGiVp1SAdO16AAIlgnfbulc747.jpg","https://tps.ybj.hunan.gov.cn/tps-local/XMHXgroupYPCZ/M00/9E/C0/rBIBUGiVp2GAJUslAAKFZGJuNcY590.jpg","每8丸相当于原药材3克",240,2.2,"https://tps.ybj.hunan.gov.cn/tps-local/XMHXgroupYPCZ/M00/9E/C0/rBIBUGiVp4iAVMc_AAsRRKe7t6g140.jpg",24,24,"河南省济源市济世药业有限公司",21.98,{"v":15.8333333333333,"d":"15.83"},{"v":12.6666666666667,"d":"12.67"},null,{"v":0.0915833333333333,"d":"0.0916"},21.98]
[248,"ZA09DBG0448010203070","桂附地黄丸(浓缩丸)","国产","丸剂(浓缩丸)","每8丸相当于原生药3克","河南济世药业有限公司","每8丸相当于原生药3克×240丸/瓶",240,"塑料瓶","丸","国药准字Z41020004","河北省","ZA09DBG0448010203070",21.98,"每8丸相当于原生药3克",0.0916,240,"辽宁省","ZA09DBG0448010203070",21.98,"每8丸相当于原生药3克",0.0916,240,"安徽省","ZA09DBG0448010203070",21.98,0.0916,"https://tps.ybj.hunan.gov.cn/tps-local/XMHXgroupYPCZ/M00/9E/C0/rBIBUGiVp_CATbWuAAJh5aDSguw973.jpg","https://tps.ybj.hunan.gov.cn/tps-local/XMHXgroupYPCZ/M00/9E/C1/rBIBUGiVp_uAcGUpAAIt3rdbDz0626.jpg","https://tps.ybj.hunan.gov.cn/tps-local/XMHXgroupYPCZ/M00/9E/C1/rBIBUGiVqAWAELBWAAKNQA4Z7Sw372.jpg","每8丸相当于原生药3克",240,2.2,"https://tps.ybj.hunan.gov.cn/tps-local/XMHXgroupYPCZ/M00/9E/C1/rBIBUGiVqCiAc7aBAAzXXbYkrO8889.jpg",24,24,"河南省济源市济世药业有限公司",21.98,{"v":35.6,"d":"35.60"},28.48,null,{"v":0.0915833333333333,"d":"0.0916"},21.98]
[249,"ZA06BBX0548030105376","小儿止咳糖浆","国产","糖浆剂","每瓶装100毫升","江西青春康源制药有限公司","每瓶装100毫升×1瓶/盒",1,"口服液体药用聚酯瓶","瓶","国药准字Z36020188","黑龙江省","ZA06BBX0548030105376",24.42,"每瓶装100毫升",24.42,1,"安徽省","ZA06BBX0548030105376",24.42,"每瓶装100毫升",24.42,1,"四川省","ZA06BBX0548030105376",24.42,24.42,"https://tps.ybj.hunan.gov.cn/tps-local/XMHXgroupYPCZ/M00/9D/DF/rBIBUGiRs4mAGaYKAAG-9hfK2RI859.pdf","https://tps.ybj.hunan.gov.cn/tps-local/XMHXgroupYPCZ/M00/9D/DF/rBIBUGiRs4-AR6KUAAHSeIWACmA859.pdf","https://tps.ybj.hunan.gov.cn/tps-local/XMHXgroupYPCZ/M00/9D/DF/rBIBUGiRs5eAfYjHAAIAZ8HFuUA417.pdf","每瓶装100毫升",1,6.72,"https://tps.ybj.hunan.gov.cn/tps-local/XMHXgroupYPCZ/M00/9D/E0/rBIBUGiRs7eAJ0xUAAK7ke8A6-4199.jpg",0.15,0.4,"江西青春康源制药有限公司",24.42,{"v":39.6,"d":"39.60"},31.68,null,{"v":24.42,"d":"24.4200"},24.42]
[250,"ZA04BAX0475010100150","小儿清解颗粒","国产","颗粒剂","每袋重10g","北京顺鑫祥云药业有限责任公司","每袋重10g×6袋/盒",6,"复合膜袋装","袋","国药准字Z11020051","广东省","ZA04BAX0475010100150",45.6,"每袋重10g",7.6,6,"江苏省","ZA04BAX0475010100150",45.6,"每袋重10g",7.6,6,"黑龙江省","ZA04BAX0475010100150",45.6,7.6,"https://tps.ybj.hunan.gov.cn/tps-local/XMHXgroupYPCZ/M00/9D/DF/rBIBUGiRs7aAE3FqAAVa9BnC5uE943.pdf","https://tps.ybj.hunan.gov.cn/tps-local/XMHXgroupYPCZ/M00/9D/E0/rBIBUGiRtECAdJh7AAHxtya1RkQ181.pdf","https://tps.ybj.hunan.gov.cn/tps-local/XMHXgroupYPCZ/M00/9D/E3/rBIBUGiRt9SAf0KsAAI4FFwD52Y739.pdf","每袋重10g",6,22.8,"https://tps.ybj.hunan.gov.cn/tps-local/XMHXgroupYPCZ/M00/9D/E3/rBIBUGiRto6AX3EDAAIkvtK76PA011.pdf",1.5,4.5,"北京顺鑫祥云药业有限责任公司",45.6,{"v":14.9,"d":"14.90"},11.92,null,{"v":3.97333333333333,"d":"3.9733"},23.84]
[251,"ZG01AAD0043020205339","大七厘丸","国产","丸剂(水丸)","每丸重0.2g","江西津大制药有限公司","每丸重0.2g×24丸/盒",24,"铝塑","丸","国药准字Z20123102","北京市","ZG01AAD0043020205339",69.97,"每丸重0.2g",2.9154,24,"江苏省","ZG01AAD0043020205339",69.97,"每丸重0.2g",2.9154,24,"安徽省","ZG01AAD0043020205339",69.97,2.9154,"https://tps.ybj.hunan.gov.cn/tps-local/XMHXgroupYPCZ/M00/9D/E7/rBIBUGiRv06Af7TZAARMaZ-Hzj4893.pdf","https://tps.ybj.hunan.gov.cn/tps-local/XMHXgroupYPCZ/M00/9D/E7/rBIBUGiRv1KAU3oCAAYwXbWhXFI495.pdf","https://tps.ybj.hunan.gov.cn/tps-local/XMHXgroupYPCZ/M00/9D/E8/rBIBUGiRv3yAY2j9AARKva_CtiQ263.pdf","每丸重0.2g",24,55.39,"https://tps.ybj.hunan.gov.cn/tps-local/XMHXgroupYPCZ/M00/9D/E6/rBIBUGiRvhyAFcJ4AAo_0Kqh4jY343.pdf",8,30,"江西津大制药有限公司",69.97,{"$nulls":3},{"v":2.91541666666667,"d":"2.9154"},69.97]
[252,"ZA13AAY0700020201539","越鞠丸","国产","丸剂(水丸)","50g/瓶","雷允上药业集团有限公司","50g/瓶×1瓶/盒",1,"塑料瓶装","瓶","国药准字Z32020903","广西壮族自治区","ZA13AAY0700020201539",148,"50g/瓶",148,1,"海南省","ZA13AAY0700020201539",148,"50g/瓶",148,1,"黑龙江省","ZA13AAY0700020201539",148,148,"https://tps.ybj.hunan.gov.cn/tps-local/XMHXgroupYPCZ/M00/9D/FB/rBIBUGiR3Y2APqQUAAMxdO00pps347.pdf","https://tps.ybj.hunan.gov.cn/tps-local/XMHXgroupYPCZ/M00/9D/FB/rBIBUGiR3YaAHcTWAAL4N3f1Eow302.pdf","https://tps.ybj.hunan.gov.cn/tps-local/XMHXgroupYPCZ/M00/9D/FB/rBIBUGiR3YmARI53AALL3SqwUuU995.pdf","50g/瓶",1,44.4,"https://tps.ybj.hunan.gov.cn/tps-local/XMHXgroupYPCZ/M00/9D/FA/rBIBUGiR3LWAEt3yABuECE7lZas593.pdf",0.24,0.36,"雷允上药业集团有限公司",148,37.25,{"v":29.8,"d":"29.80"},null,{"v":99.3333333333333,"d":"99.3333"},99.33]
[253,"ZG02AAS0733010102953","舒筋活血片","国产","片剂","每片重0.3g","山西旺龙药业集团有限公司","每片重0.3g×72片/盒",72,"铝塑","片","国药准字Z14020640","辽宁省","ZG02AAS0733010102953",22.32,"每片重0.3g",0.31,72,"黑龙江省","ZG02AAS0733010102953",22.32,"每片重0.3g",0.31,72,"山东省","ZG02AAS0733010102953",22.32,0.31,"https://tps.ybj.hunan.gov.cn/tps-local/XMHXgroupYPCZ/M00/9E/29/rBIBUGiS98eAe9pJAAH-x4ZuY-g102.pdf","https://tps.ybj.hunan.gov.cn/tps-local/XMHXgroupYPCZ/M00/9E/29/rBIBUGiS982ACiUqAAC6pqtmT88581.pdf","https://tps.ybj.hunan.gov.cn/tps-local/XMHXgroupYPCZ/M00/9E/29/rBIBUGiS99KAR6fmAAUR8RtiXrk388.pdf","每片重0.3g",72,4.65,"https://tps.ybj.hunan.gov.cn/tps-local/XMHXgroupYPCZ/M00/9E/2B/rBIBUGiS_MSASDoQAAO84fAcrEg761.pdf",15,15,"山西旺龙药业集团有限公司",22.32,{"v":19.6,"d":"19.60"},15.68,null,{"v":0.31,"d":"0.3100"},22.32]
[254,"ZA14BAB0245010105392","保和丸","国产","丸剂(大蜜丸)","每丸重9g","江西众源药业有限公司","每丸重9g×10丸/盒",10,"塑壳","丸","国药准字Z36020664","江西省","ZA14BAB0245010105392",76,"每丸重9g",7.6,10,"湖北省","ZA14BAB0245010105392",76,"每丸重9g",7.6,10,"广西壮族自治区","ZA14BAB0245010105392",76,7.6,"https://tps.ybj.hunan.gov.cn/tps-local/XMHXgroupYPCZ/M00/9E/09/rBIBUGiSrtSACPAJAAULAQVmVmI491.jpg","https://tps.ybj.hunan.gov.cn/tps-local/XMHXgroupYPCZ/M00/9E/09/rBIBUGiSrtiAWsRlAAV8L6bP54E629.jpg","https://tps.ybj.hunan.gov.cn/tps-local/XMHXgroupYPCZ/M00/9E/09/rBIBUGiSrxiAJzM9AAYmCaZGdUQ941.jpg","每丸重9g",10,22.8,"https://tps.ybj.hunan.gov.cn/tps-local/XMHXgroupYPCZ/M00/9E/09/rBIBUGiSryaAATlQAAM6KJ50sps012.jpg",2,4,"江西众源药业有限公司",76,24.75,{"v":19.8,"d":"19.80"},null,{"v":6.6,"d":"6.6000"},66]
[255,"ZA06AAT0247010105392","通宣理肺丸","国产","丸剂(大蜜丸)","每丸重6g","江西众源药业有限公司","每丸重6g×10丸/盒",10,"塑壳","丸","国药准字Z36020728","江西省","ZA06AAT0247010105392",78.8,"每丸重6g",7.88,10,"湖北省","ZA06AAT0247010105392",78.8,"每丸重6g",7.88,10,"广西壮族自治区","ZA06AAT0247010105392",78.8,7.88,"https://tps.ybj.hunan.gov.cn/tps-local/XMHXgroupYPCZ/M00/9E/09/rBIBUGiSsGGAHgFjAATWppzEdf8739.jpg","https://tps.ybj.hunan.gov.cn/tps-local/XMHXgroupYPCZ/M00/9E/0A/rBIBUGiSsJCAbybdAAUAY6dkPfY850.jpg","https://tps.ybj.hunan.gov.cn/tps-local/XMHXgroupYPCZ/M00/9E/09/rBIBUGiSsHmAAXzVAAYwFCbxy1Y799.jpg","每丸重6g",10,39.4,"https://tps.ybj.hunan.gov.cn/tps-local/XMHXgroupYPCZ/M00/9E/0A/rBIBUGiSsJqAAysxAAMEyxH8b3g032.jpg",4,6,"江西众源药业有限公司",78.8,{"v":31.125,"d":"31.13"},{"v":24.9,"d":"24.90"},null,{"v":4.98,"d":"4.9800"},49.8]
[256,"ZA06CAJ0692010105392","橘红丸","国产","丸剂(大蜜丸)","每丸重6g","江西众源药业有限公司","每丸重6g×10丸/盒",10,"塑壳","丸","国药准字Z36020658","江西省","ZA06CAJ0692010105392",64.8,"每丸重6g",6.48,10,"湖北省","ZA06CAJ0692010105392",64.8,"每丸重6g",6.48,10,"广西壮族自治区","ZA06CAJ0692010105392",64.8,6.48,"https://tps.ybj.hunan.gov.cn/tps-local/XMHXgroupYPCZ/M00/9E/0A/rBIBUGiSsXWAeRhqAAUcI16oj4s650.jpg","https://tps.ybj.hunan.gov.cn/tps-local/XMHXgroupYPCZ/M00/9E/0A/rBIBUGiSsXaALEFCAAVLcKi2eI4962.jpg","https://tps.ybj.hunan.gov.cn/tps-local/XMHXgroupYPCZ/M00/9E/0A/rBIBUGiSsX2ALRGSAAYN2SMJGBQ478.jpg","每丸重6g",10,25.92,"https://tps.ybj.hunan.gov.cn/tps-local/XMHXgroupYPCZ/M00/9E/0A/rBIBUGiSsROAJtRlAALSIwLglG8662.jpg",4,4,"江西众源药业有限公司",64.8,{"v":28.8,"d":"28.80"},23.04,null,{"v":5.76,"d":"5.7600"},57.6]
[257,"ZA09BAB0047010105392","八珍丸","国产","大蜜丸","每丸重9g","江西众源药业有限公司","每丸重9g×10丸/盒",10,"塑壳封蜡","丸","国药准字Z20063098","江西省","ZA09BAB0047010105392",70.8,"每丸重9g",7.08,10,"湖北省","ZA09BAB0047010105392",70.8,"每丸重9g",7.08,10,"广西壮族自治区","ZA09BAB0047010105392",70.8,7.08,"https://tps.ybj.hunan.gov.cn/tps-local/XMHXgroupYPCZ/M00/9E/0B/rBIBUGiSsliAIDqHAATEwX42u_k186.jpg","https://tps.ybj.hunan.gov.cn/tps-local/XMHXgroupYPCZ/M00/9E/0B/rBIBUGiSsl2AdIKzAAUWsXRJk3g251.jpg","https://tps.ybj.hunan.gov.cn/tps-local/XMHXgroupYPCZ/M00/9E/0B/rBIBUGiSsmWAIxc2AAYgI4CGcA0703.jpg","每丸重9g",10,14.16,"https://tps.ybj.hunan.gov.cn/tps-local/XMHXgroupYPCZ/M00/9E/0B/rBIBUGiSsnaADpw7AAMEQbX_aLE120.jpg",2,2,"江西众源药业有限公司",70.8,13.35,10.68,null,{"v":5.34,"d":"5.3400"},53.4]
[258,"ZA07AAA0061020101343","安宫牛黄丸","国产","大蜜丸","每丸重3g(体外培育牛黄、人工麝香)","沈阳红药集团股份有限公司","每丸重3g(体外培育牛黄、人工麝香)×1丸/盒",1,"聚乙烯中药丸球壳","丸","国药准字Z21020627","广西壮族自治区","ZA07AAA0061020101343",298,"每丸重3g(体外培育牛黄、人工麝香)",298,1,"贵州省","ZA07AAA0061020101343",298,"每丸重3g(体外培育牛黄、人工麝香)",298,1,"江西省","ZA07AAA0061020101343",298,298,"https://tps.ybj.hunan.gov.cn/tps-local/XMHXgroupYPCZ/M00/9E/05/rBIBUGiSpjiAKTL5AAlrD3K8yY0397.jpg","https://tps.ybj.hunan.gov.cn/tps-local/XMHXgroupYPCZ/M00/9E/05/rBIBUGiSpm6ATLdBAAwsObjo8mo123.jpg","https://tps.ybj.hunan.gov.cn/tps-local/XMHXgroupYPCZ/M00/9E/06/rBIBUGiSpquAOrsBAApCNvn2O5w594.jpg","每丸重3g(体外培育牛黄、人工麝香)",1,298,"https://tps.ybj.hunan.gov.cn/tps-local/XMHXgroupYPCZ/M00/9E/06/rBIBUGiSpt6AUgWtAAVtsKBJqRA023.pdf",1,1,"沈阳红药集团股份有限公司",298,{"v":598,"d":"598.00"},{"v":478.4,"d":"478.40"},null,{"v":298,"d":"298.0000"},298]
[259,"ZH01AAF0497010103135","复方硫黄乳膏","国产","软膏剂","每盒装250g","河南龙亭药业有限公司","每盒装250g×1盒",1,"固体药用高密度聚乙烯瓶","盒","国药准字Z41022272","江苏省","ZH01AAF0497010103135",36.9,"每盒装250g",36.9,1,"四川省","ZH01AAF0497010103135",36.9,"每盒装250g",36.9,1,"广西壮族自治区","ZH01AAF0497010103135",36.9,36.9,"https://tps.ybj.hunan.gov.cn/tps-local/XMHXgroupYPCZ/M00/9E/69/rBIBUGiUPVWATZFiAAfoqBbLOOI180.pdf","https://tps.ybj.hunan.gov.cn/tps-local/XMHXgroupYPCZ/M00/9E/6A/rBIBUGiUPhaAczHeAAg5H9ULwF0770.pdf","https://tps.ybj.hunan.gov.cn/tps-local/XMHXgroupYPCZ/M00/9E/6A/rBIBUGiUPe2AZ9spAAu8A_3maBI071.pdf","每盒装250g",1,2952,"https://tps.ybj.hunan.gov.cn/tps-local/XMHXgroupYPCZ/M00/9E/6A/rBIBUGiUPyaAGDCzAANfHoE-4UM935.jpg",40,120,"河南龙亭药业有限公司",36.9,{"v":4.5768,"d":"4.58"},{"v":3.66144,"d":"3.66"},null,{"v":0.045768,"d":"0.0458"},0.05]
[260,"ZG02AAS0733010303193","舒筋活血片","国产","片剂","每片重0.3g","乐氏同仁三门峡制药有限公司","每片重0.3g×60片/盒",60,"药品包装用PTP铝箔、药用PVC硬片","片","国药准字Z41021984","海南省","ZG02AAS0733010303193",28.2,"每片重0.3g",0.47,60,"广西壮族自治区","ZG02AAS0733010303193",28.2,"每片重0.3g",0.47,60,"陕西省","ZG02AAS0733010303193",28.2,0.47,"https://tps.ybj.hunan.gov.cn/tps-local/XMHXgroupYPCZ/M00/9E/27/rBIBUGiS9RWAL0xGAA3ZwNeae_I885.jpg","https://tps.ybj.hunan.gov.cn/tps-local/XMHXgroupYPCZ/M00/9E/27/rBIBUGiS9TOABtGoABBVDu4Qn_4166.jpg","https://tps.ybj.hunan.gov.cn/tps-local/XMHXgroupYPCZ/M00/9E/27/rBIBUGiS9aSACoJ2AA8ltByJ9_Q479.jpg","每片重0.3g",60,7.05,"https://tps.ybj.hunan.gov.cn/tps-local/XMHXgroupYPCZ/M00/9E/27/rBIBUGiS9d-AG0MYAAZ3KuouJwU427.jpg",15,15,"乐氏同仁三门峡制药有限公司",28.2,{"v":19.6,"d":"19.60"},15.68,null,{"v":0.47,"d":"0.4700"},28.2]
[261,"ZA17AAJ0222010103193","降脂灵片","国产","糖衣片","片芯重0.30g","乐氏同仁三门峡制药有限公司","片芯重0.30g×60片/盒",60,"药品包装用PTP铝箔、药用PVC硬片","片","国药准字Z41021186","广西壮族自治区","ZA17AAJ0222010103193",66.6,"片芯重0.30g",1.11,60,"江西省","ZA17AAJ0222010403193",49.95,"片芯重0.30g",1.11,45,"海南省","ZA17AAJ0222010403193",49.95,1.11,"https://tps.ybj.hunan.gov.cn/tps-local/XMHXgroupYPCZ/M00/9E/29/rBIBUGiS-R2AZ6YaAA7afm3Exn4968.jpg","https://tps.ybj.hunan.gov.cn/tps-local/XMHXgroupYPCZ/M00/9E/2A/rBIBUGiS-YyAHwwCAA2DQzyAly0866.jpg","https://tps.ybj.hunan.gov.cn/tps-local/XMHXgroupYPCZ/M00/9E/2A/rBIBUGiS-bWARvz9AA1b0DUs0Cw137.jpg","片芯重0.30g",45,16.65,"https://tps.ybj.hunan.gov.cn/tps-local/XMHXgroupYPCZ/M00/9E/2A/rBIBUGiS-dCAG7E-AAUYP47ATBY332.jpg",15,15,"乐氏同仁三门峡制药有限公司",66.6,{"v":14,"d":"14.00"},{"v":11.2,"d":"11.20"},null,{"v":0.746666666666667,"d":"0.7467"},44.8]
[262,"ZA17AAJ0222010403193","降脂灵片","国产","糖衣片","片芯重0.30g","乐氏同仁三门峡制药有限公司","片芯重0.30g×45片/盒",45,"药品包装用PTP铝箔、药用PVC硬片","片","国药准字Z41021186","广西壮族自治区","ZA17AAJ0222010403193",49.95,"片芯重0.30g",1.11,45,"海南省","ZA17AAJ0222010403193",49.95,"片芯重0.30g",1.11,45,"江西省","ZA17AAJ0222010403193",49.95,1.11,"https://tps.ybj.hunan.gov.cn/tps-local/XMHXgroupYPCZ/M00/9E/29/rBIBUGiS-GSAe57pAA7afm3Exn4447.jpg","https://tps.ybj.hunan.gov.cn/tps-local/XMHXgroupYPCZ/M00/9E/29/rBIBUGiS-JaACi4HAA1b0DUs0Cw348.jpg","https://tps.ybj.hunan.gov.cn/tps-local/XMHXgroupYPCZ/M00/9E/29/rBIBUGiS-LyAOmMzAA2DQzyAly0574.jpg","片芯重0.30g",45,16.65,"https://tps.ybj.hunan.gov.cn/tps-local/XMHXgroupYPCZ/M00/9E/29/rBIBUGiS-FKANSA2AAUYP47ATBY674.jpg",15,15,"乐氏同仁三门峡制药有限公司",49.95,{"v":14,"d":"14.00"},{"v":11.2,"d":"11.20"},null,{"v":0.746666666666667,"d":"0.7467"},33.6]
[263,"ZA17AAJ0222020103193","降脂灵片","国产","片剂(糖衣片)","片心重0.30克","乐氏同仁三门峡制药有限公司","片心重0.30克×225片/盒",225,"口服固体药用高密度聚乙烯瓶包装","片","国药准字Z41021186","广西壮族自治区","ZA17AAJ0222020103193",249.75,"片心重0.30克",1.11,225,"海南省","ZA17AAJ0222020103193",249.75,"片心重0.30克",1.11,225,"江西省","ZA17AAJ0222020103193",249.75,1.11,"https://tps.ybj.hunan.gov.cn/tps-local/XMHXgroupYPCZ/M00/9E/2A/rBIBUGiS-oiAOV3TAA7afm3Exn4897.jpg","https://tps.ybj.hunan.gov.cn/tps-local/XMHXgroupYPCZ/M00/9E/2A/rBIBUGiS-rCAeDT6AA1b0DUs0Cw787.jpg","https://tps.ybj.hunan.gov.cn/tps-local/XMHXgroupYPCZ/M00/9E/2A/rBIBUGiS-teASZ9QAA2DQzyAly0036.jpg","片心重0.30克",225,16.65,"https://tps.ybj.hunan.gov.cn/tps-local/XMHXgroupYPCZ/M00/9E/2A/rBIBUGiS-mKAAwAnAA0gElHEe68556.jpg",15,15,"乐氏同仁三门峡制药有限公司",249.75,{"v":14,"d":"14.00"},{"v":11.2,"d":"11.20"},null,{"v":0.746666666666667,"d":"0.7467"},168]
[264,"ZA04CDG0171010103193","葛根芩连颗粒","国产","颗粒剂","6g","乐氏同仁三门峡制药有限公司","6g×10袋/盒",10,"药品包装用复合膜袋","袋","国药准字Z10980051","广西壮族自治区","ZA04CDG0171010103193",83,"6g",8.3,10,"海南省","ZA04CDG0171010103193",83,"6g",8.3,10,"江西省","ZA04CDG0171010103193",83,8.3,"https://tps.ybj.hunan.gov.cn/tps-local/XMHXgroupYPCZ/M00/9E/28/rBIBUGiS9o-AL0gEAA3Ebtw6J4I324.jpg","https://tps.ybj.hunan.gov.cn/tps-local/XMHXgroupYPCZ/M00/9E/28/rBIBUGiS9sWAWLXgAA2KyplawAk670.jpg","https://tps.ybj.hunan.gov.cn/tps-local/XMHXgroupYPCZ/M00/9E/28/rBIBUGiS9uiANNXHAA3MvbbNo_0015.jpg","6g",10,24.9,"https://tps.ybj.hunan.gov.cn/tps-local/XMHXgroupYPCZ/M00/9E/28/rBIBUGiS9w6AIyK7AAhtQWpyZlg347.jpg",3,3,"乐氏同仁三门峡制药有限公司",83,{"$nulls":3},{"v":8.3,"d":"8.3000"},83]
[265,"ZA04CDG0171020103193","葛根芩连颗粒","国产","颗粒剂","每袋装6g","乐氏同仁三门峡制药有限公司","每袋装6g×6袋/盒",6,"聚酯/镀铝聚酯/聚乙烯药用复合膜包装","袋","国药准字Z10980051","江西省","ZA04CDG0171020103193",49.8,"每袋装6g",8.3,6,"广西壮族自治区","ZA04CDG0171020103193",49.8,"每袋装6g",8.3,6,"海南省","ZA04CDG0171020103193",49.8,8.3,"https://tps.ybj.hunan.gov.cn/tps-local/XMHXgroupYPCZ/M00/9E/28/rBIBUGiS92aAEE8sAA3MvbbNo_0009.jpg","https://tps.ybj.hunan.gov.cn/tps-local/XMHXgroupYPCZ/M00/9E/28/rBIBUGiS94yACJ8GAA3Ebtw6J4I465.jpg","https://tps.ybj.hunan.gov.cn/tps-local/XMHXgroupYPCZ/M00/9E/29/rBIBUGiS99GAdA8EAA2KyplawAk578.jpg","每袋装6g",6,24.9,"https://tps.ybj.hunan.gov.cn/tps-local/XMHXgroupYPCZ/M00/9E/29/rBIBUGiS9-qAfHnZAAhtQWpyZlg983.jpg",3,3,"乐氏同仁三门峡制药有限公司",49.8,{"$nulls":3},{"v":8.3,"d":"8.3000"},49.8]
[266,"ZA01BAY0526020100409","银翘解毒液","国产","合剂","每支装10ml","广州诺金制药有限公司","每支装10ml×12支/盒",12,"口服液瓶","支","国药准字Z20053840","黑龙江省","ZA01BAY0526020100409",48.26,"每支装10ml",4.0217,12,"江西省","ZA01BAY0526020100409",48.26,"每支装10ml",4.0217,12,"辽宁省","ZA01BAY0526020100409",48.26,4.0217,"https://tps.ybj.hunan.gov.cn/tps-local/XMHXgroupYPCZ/M00/9E/C7/rBIBUGiVspGAcNN3AAH-l_qrkHo844.pdf","https://tps.ybj.hunan.gov.cn/tps-local/XMHXgroupYPCZ/M00/9E/C7/rBIBUGiVspWAf3_XAAGn-pG2FBE222.pdf","https://tps.ybj.hunan.gov.cn/tps-local/XMHXgroupYPCZ/M00/9E/C7/rBIBUGiVspiAGnwvAAIDyDM6pXc132.pdf","每支装10ml",12,20.11,"https://tps.ybj.hunan.gov.cn/tps-local/XMHXgroupYPCZ/M00/9E/C7/rBIBUGiVss6AR_DeAAoBnnkOpk0136.jpg",4,6,"广州诺金制药有限公司",48.26,23.94,{"v":19.152,"d":"19.15"},null,3.8304,45.96]
[267,"ZA03AAS0046010100409","三黄片","国产","片剂","0.3g","广州诺金制药有限公司","0.3g×40片/盒",40,"铝塑泡罩","片","国药准字Z20044135","辽宁省","ZA03AAS0046010100409",39,"0.3g",0.975,40,"贵州省","ZA03AAS0046010100409",39,"0.3g",0.975,40,"广西壮族自治区","ZA03AAS0046010100409",39,0.975,"https://tps.ybj.hunan.gov.cn/tps-local/XMHXgroupYPCZ/M00/9E/C7/rBIBUGiVsiiAIVWfAAIPNoik_8w169.pdf","https://tps.ybj.hunan.gov.cn/tps-local/XMHXgroupYPCZ/M00/9E/C7/rBIBUGiVsjCATdcUAAHqJJ5C5Ac831.pdf","https://tps.ybj.hunan.gov.cn/tps-local/XMHXgroupYPCZ/M00/9E/C7/rBIBUGiVsjWARS-BAAH-HWb6SMA070.pdf","0.3g",40,7.8,"https://tps.ybj.hunan.gov.cn/tps-local/XMHXgroupYPCZ/M00/9E/C5/rBIBUGiVrrGAVmIcAAoeO4Wwu54172.jpg",8,8,"广州诺金制药有限公司",39,{"v":23.2666666666667,"d":"23.27"},{"v":18.6133333333333,"d":"18.61"},null,{"v":0.975,"d":"0.9750"},39]
[268,"ZA06AAX0744030101948","杏苏止咳糖浆","国产","糖浆剂","每瓶装240ml","武汉贝参药业股份有限公司","每瓶装240ml×1瓶",1,"口服液体药用聚酯瓶","瓶","国药准字Z42020525","北京市","ZA06AAX0744030101948",24.98,"每瓶装240ml",24.98,1,"广西壮族自治区","ZA06AAX0744030101948",24.98,"每瓶装240ml",24.98,1,"江苏省","ZA06AAX0744030101948",24.98,24.98,"https://tps.ybj.hunan.gov.cn/tps-local/XMHXgroupYPCZ/M00/9E/10/rBIBUGiSvQSAKj96AAmWd86tO-s266.pdf","https://tps.ybj.hunan.gov.cn/tps-local/XMHXgroupYPCZ/M00/9E/12/rBIBUGiSwQKAR8yXABn0Xvi40C4184.pdf","https://tps.ybj.hunan.gov.cn/tps-local/XMHXgroupYPCZ/M00/9E/12/rBIBUGiSwQmAWHphAAo0-HAHG5Y284.pdf","每瓶装240ml",1,3.12,"https://tps.ybj.hunan.gov.cn/tps-local/XMHXgroupYPCZ/M00/9E/11/rBIBUGiSvYCAalBsAA7qAI3dO7I687.jpg",0.1,0.15,"武汉贝参药业股份有限公司",24.98,{"v":11.175,"d":"11.18"},8.94,null,{"v":24.98,"d":"24.9800"},24.98]
[269,"ZA04AAX0765020105690","熊胆酒","国产","酒剂","500ml","瑞丽彩云南集团药业有限公司","500ml×1瓶/盒",1,"钠钙玻璃瓶","瓶","国药准字Z20026435","江苏省","ZA04AAX0765020105690",698,"500ml",698,1,"贵州省","ZA04AAX0765020105690",698,"500ml",698,1,"广西壮族自治区","ZA04AAX0765020105690",698,698,"https://tps.ybj.hunan.gov.cn/tps-local/XMHXgroupYPCZ/M00/9E/11/rBIBUGiSvUeAFcttAALUIhqxI2U283.jpg","https://tps.ybj.hunan.gov.cn/tps-local/XMHXgroupYPCZ/M00/9E/11/rBIBUGiSvXuAFdSHAAHg33seycI633.jpg","https://tps.ybj.hunan.gov.cn/tps-local/XMHXgroupYPCZ/M00/9E/11/rBIBUGiSvlyAQ9JWAAJkj8OsftQ793.pdf","500ml",1,55.84,"https://tps.ybj.hunan.gov.cn/tps-local/XMHXgroupYPCZ/M00/9E/11/rBIBUGiSveSAal0IAA_H9vIv4VA616.pdf",0.04,0.12,"瑞丽彩云南集团药业有限公司",698,{"$nulls":3},{"v":698,"d":"698.0000"},698]
[270,"ZA07AAN0194020101343","牛黄清心丸(局方)","国产","大蜜丸","每丸重3g(体外培育牛黄、人工麝香)","沈阳红药集团股份有限公司","每丸重3g(体外培育牛黄、人工麝香)×6丸/盒",6,"聚乙烯中药丸球壳","丸","国药准字Z21020648","广西壮族自治区","ZA07AAN0194020101343",298,"每丸重3g(体外培育牛黄、人工麝香)",49.6667,6,"贵州省","ZA07AAN0194020101343",298,"每丸重3g(体外培育牛黄、人工麝香)",49.6667,6,"江西省","ZA07AAN0194020101343",298,49.6667,"https://tps.ybj.hunan.gov.cn/tps-local/XMHXgroupYPCZ/M00/9E/13/rBIBUGiSwxuACOtxAAjDreAH1j0674.jpg","https://tps.ybj.hunan.gov.cn/tps-local/XMHXgroupYPCZ/M00/9E/13/rBIBUGiSw4GAA3LJAAxVIRv2hd0862.jpg","https://tps.ybj.hunan.gov.cn/tps-local/XMHXgroupYPCZ/M00/9E/13/rBIBUGiSw9CADO3lAAoznwGPe7M720.jpg","每丸重3g(体外培育牛黄、人工麝香)",6,49.67,"https://tps.ybj.hunan.gov.cn/tps-local/XMHXgroupYPCZ/M00/9E/13/rBIBUGiSxAaAP-SyAAq6mhfIoNs362.pdf",1,1,"沈阳红药集团股份有限公司",298,165.66,{"v":132.528,"d":"132.53"},null,{"v":49.6666666666667,"d":"49.6667"},298]
[271,"ZA06BBK0161010200582","克咳片","国产","片剂(薄膜衣片)","每片重0.54g","中山市恒生药业有限公司","每片重0.54g×16片/盒",16,"铝塑泡罩","片","国药准字Z20050690","贵州省","ZA06BBK0161010200582",26,"每片重0.54g",1.625,16,"江西省","ZA06BBK0161010200582",26,"每片重0.54g",1.625,16,"辽宁省","ZA06BBK0161010200582",26,1.625,"https://tps.ybj.hunan.gov.cn/tps-local/XMHXgroupYPCZ/M00/9E/14/rBIBUGiSxIWAQqsPAAPrmcHXktg989.jpg","https://tps.ybj.hunan.gov.cn/tps-local/XMHXgroupYPCZ/M00/9E/14/rBIBUGiSxMGAWXTaAALYImr_2Bk943.jpg","https://tps.ybj.hunan.gov.cn/tps-local/XMHXgroupYPCZ/M00/9E/14/rBIBUGiSxO2AE6NwAAUb7J16xRo497.jpg","每片重0.54g",16,6.5,"https://tps.ybj.hunan.gov.cn/tps-local/XMHXgroupYPCZ/M00/9E/14/rBIBUGiSxQiAEiguAAu-CW3syo0018.jpg",4,4,"中山市恒生药业有限公司",26,14.94,{"v":11.952,"d":"11.95"},null,{"v":1.625,"d":"1.6250"},26]
[272,"ZB01CAZ0299010101343","痔疮外洗药","国产","散剂","50g","沈阳红药集团股份有限公司","50g×1袋/盒",1,"药用复合膜","袋","国药准字Z21021859","广西壮族自治区","ZB01CAZ0299010101343",78,"50g",78,1,"贵州省","ZB01CAZ0299010101343",78,"50g",78,1,"江西省","ZB01CAZ0299010101343",78,78,"https://tps.ybj.hunan.gov.cn/tps-local/XMHXgroupYPCZ/M00/9E/15/rBIBUGiSxz6AKmvDAAcc_ihqMos328.jpg","https://tps.ybj.hunan.gov.cn/tps-local/XMHXgroupYPCZ/M00/9E/15/rBIBUGiSx42AFV9LAAvZciEiqPk691.jpg","https://tps.ybj.hunan.gov.cn/tps-local/XMHXgroupYPCZ/M00/9E/15/rBIBUGiSx7SAE3VSAAonwhlFSls062.jpg","50g",1,78,"https://tps.ybj.hunan.gov.cn/tps-local/XMHXgroupYPCZ/M00/9E/15/rBIBUGiSx9eAH7aTAAP2bCInELk608.pdf",1,1,"沈阳红药集团股份有限公司",78,{"$nulls":3},{"v":78,"d":"78.0000"},78]
[273,"ZA06AAT0247020101343","通宣理肺丸","国产","水蜜丸","每100丸重10g(每瓶装49g)","沈阳红药集团股份有限公司","每100丸重10g(每瓶装49g)×1瓶/盒",1,"聚乙烯瓶","瓶","国药准字Z21021425","广西壮族自治区","ZA06AAT0247020101343",39.2,"每100丸重10g(每瓶装49g)",39.2,1,"贵州省","ZA06AAT0247020101343",39.2,"每100丸重10g(每瓶装49g)",39.2,1,"江西省","ZA06AAT0247020101343",39.2,39.2,"https://tps.ybj.hunan.gov.cn/tps-local/XMHXgroupYPCZ/M00/9E/16/rBIBUGiSyW-AU1MyAAj_4tCNcAw570.jpg","https://tps.ybj.hunan.gov.cn/tps-local/XMHXgroupYPCZ/M00/9E/16/rBIBUGiSybSACs_GAAxWKNyH_F4641.jpg","https://tps.ybj.hunan.gov.cn/tps-local/XMHXgroupYPCZ/M00/9E/16/rBIBUGiSycGAfvnUAAoCIZTE84A468.jpg","每100丸重10g(每瓶装49g)",1,14.11,"https://tps.ybj.hunan.gov.cn/tps-local/XMHXgroupYPCZ/M00/9E/16/rBIBUGiSyhGAR34uAAyeayANTBc949.pdf",0.29,0.43,"沈阳红药集团股份有限公司",39.2,{"v":31.125,"d":"31.13"},{"v":24.9,"d":"24.90"},null,{"v":39.2,"d":"39.2000"},39.2]
[274,"ZA04AAN0132010102952","牛黄上清丸","国产","大蜜丸","每丸重6g(人工牛黄)","山西辅仁恒峰药业有限公司","每丸重6g(人工牛黄)×10丸/盒",10,"聚氯乙烯固体药用硬片/药用铝箔","丸","国药准字Z20194139","重庆市","ZA04AAN0132010102952",94.32,"每丸重6g(人工牛黄)",9.432,10,"黑龙江省","ZA04AAN0132010102952",94.32,"每丸重6g(人工牛黄)",9.432,10,"广东省","ZA04AAN0132010102952",94.32,9.432,"https://tps.ybj.hunan.gov.cn/tps-local/XMHXgroupYPCZ/M00/9E/3D/rBIBUGiTGOWAZgD3AAU7PorXgTg438.pdf","https://tps.ybj.hunan.gov.cn/tps-local/XMHXgroupYPCZ/M00/9E/3D/rBIBUGiTGReAcKGDAAU7PorXgTg053.pdf","https://tps.ybj.hunan.gov.cn/tps-local/XMHXgroupYPCZ/M00/9E/41/rBIBUGiTIEWAUa-hAAcniPqJcfw429.pdf","每丸重6g(人工牛黄)",10,14.15,"https://tps.ybj.hunan.gov.cn/tps-local/XMHXgroupYPCZ/M00/9E/41/rBIBUGiTILOAP58RAAU5B5lniw0428.pdf",1,2,"山西辅仁恒峰药业有限公司",94.32,{"v":32.9,"d":"32.90"},26.32,null,{"v":9.432,"d":"9.4320"},94.32]
[275,"ZA16CAL0465010201092","雷公藤多苷片","国产","片剂","10mg","辽宁鑫善源药业有限公司","10mg×50片/瓶",50,"高密度聚氯乙烯瓶","片","国药准字Z21020993","内蒙古自治区","ZA16CAL0465010201092",21.3,"10mg",0.426,50,"广西壮族自治区","ZA16CAL0465010201092",21.3,"10mg",0.426,50,"湖北省","ZA16CAL0465010201092",21.3,0.426,"https://tps.ybj.hunan.gov.cn/tps-local/XMHXgroupYPCZ/M00/9E/1F/rBIBUGiS5PiAJuMgAAJEcAbWRxc041.jpg","https://tps.ybj.hunan.gov.cn/tps-local/XMHXgroupYPCZ/M00/9E/1F/rBIBUGiS5S-AVe0hABJ-vmUPV1Y838.pdf","https://tps.ybj.hunan.gov.cn/tps-local/XMHXgroupYPCZ/M00/9E/1F/rBIBUGiS5YaAVS5aAAKDMKfOAw8461.jpg","10mg",50,2.98,"https://tps.ybj.hunan.gov.cn/tps-local/XMHXgroupYPCZ/M00/9E/20/rBIBUGiS5eKAMsnmAAN4-eZYCuU307.pdf",6,8,"辽宁鑫善源药业有限公司",21.3,2.75,{"v":2.2,"d":"2.20"},null,{"v":0.314285714285714,"d":"0.3143"},15.71]
[276,"ZA16CAL0465010401092","雷公藤多苷片","国产","片剂","10mg","辽宁鑫善源药业有限公司","10mg×100片/瓶",100,"高密度聚氯乙烯瓶","片","国药准字Z21020993","辽宁省","ZA16CAL0465010401092",41.54,"10mg",0.4154,100,"湖北省","ZA16CAL0465010401092",41.54,"10mg",0.4154,100,"内蒙古自治区","ZA16CAL0465010401092",42.6,0.426,"https://tps.ybj.hunan.gov.cn/tps-local/XMHXgroupYPCZ/M00/9E/21/rBIBUGiS6A-AF_CuAAF2MZL_WRA346.pdf","https://tps.ybj.hunan.gov.cn/tps-local/XMHXgroupYPCZ/M00/9E/22/rBIBUGiS6KmADwJrAAKDMKfOAw8808.jpg","https://tps.ybj.hunan.gov.cn/tps-local/XMHXgroupYPCZ/M00/9E/22/rBIBUGiS6RCAOLFPAAJWWprS8aU827.pdf","10mg",100,2.91,"https://tps.ybj.hunan.gov.cn/tps-local/XMHXgroupYPCZ/M00/9E/22/rBIBUGiS6SiAKcspAAN4-eZYCuU121.pdf",6,8,"辽宁鑫善源药业有限公司",41.54,2.75,{"v":2.2,"d":"2.20"},null,{"v":0.314285714285714,"d":"0.3143"},31.43]
[277,"ZD03AAB0052030103407","八珍益母丸","国产","水蜜丸","6g/袋","蜀中药业(吉林)有限公司","6g/袋×12袋/盒",12,"药用复合膜防潮袋","袋","国药准字Z22022266","广西壮族自治区","ZD03AAB0052030103407",49.8,"6g/袋",4.15,12,"贵州省","ZD03AAB0052030103407",49.8,"6g/袋",4.15,12,"黑龙江省","ZD03AAB0052030103407",49.8,4.15,"https://tps.ybj.hunan.gov.cn/tps-local/XMHXgroupYPCZ/M00/9E/25/rBIBUGiS8HCAUkALAAVpM8RN-3I553.pdf","https://tps.ybj.hunan.gov.cn/tps-local/XMHXgroupYPCZ/M00/9E/25/rBIBUGiS8keAFaGEAALDFCqsnq0013.pdf","https://tps.ybj.hunan.gov.cn/tps-local/XMHXgroupYPCZ/M00/9E/26/rBIBUGiS80CAJ7S3AALA3RkkKqw626.pdf","6g/袋",12,8.3,"https://tps.ybj.hunan.gov.cn/tps-local/XMHXgroupYPCZ/M00/9E/26/rBIBUGiS87GAePUnAAIilxFURuU892.pdf",2,2,"蜀中药业（吉林）有限公司",49.8,{"v":16.6675,"d":"16.67"},{"v":13.334,"d":"13.33"},null,{"v":4.15,"d":"4.1500"},49.8]
[278,"ZA01BAY0525010103407","银翘解毒丸","国产","浓缩蜜丸","每丸重3g","蜀中药业(吉林)有限公司","每丸重3g×12丸/盒",12,"铝箔PVC泡罩","丸","国药准字Z22021926","广西壮族自治区","ZA01BAY0525010103407",57.6,"每丸重3g",4.8,12,"贵州省","ZA01BAY0525010103407",57.6,"每丸重3g",4.8,12,"黑龙江省","ZA01BAY0525010103407",57.6,4.8,"https://tps.ybj.hunan.gov.cn/tps-local/XMHXgroupYPCZ/M00/9E/26/rBIBUGiS9BuAOgwsAAWBIOePL1U169.pdf","https://tps.ybj.hunan.gov.cn/tps-local/XMHXgroupYPCZ/M00/9E/26/rBIBUGiS9I6AVhtOAALM3s-OdSA370.pdf","https://tps.ybj.hunan.gov.cn/tps-local/XMHXgroupYPCZ/M00/9E/26/rBIBUGiS9LKAaeSpAALPU1DKVmI278.pdf","每丸重3g",12,12,"https://tps.ybj.hunan.gov.cn/tps-local/XMHXgroupYPCZ/M00/9E/27/rBIBUGiS9TWAHc_CAAIOPRNLCyg866.pdf",2,3,"蜀中药业（吉林）有限公司",57.6,20.75,{"v":16.6,"d":"16.60"},null,{"v":4.8,"d":"4.8000"},57.6]
[279,"ZA09AAC0070020103407","参苓白术散","国产","散剂","6g/袋","蜀中药业(吉林)有限公司","6g/袋×9袋/盒",9,"药用复合膜防潮袋封装","袋","国药准字Z22021829","广西壮族自治区","ZA09AAC0070020103407",39.6,"6g/袋",4.4,9,"贵州省","ZA09AAC0070020103407",39.6,"6g/袋",4.4,9,"黑龙江省","ZA09AAC0070020103407",39.6,4.4,"https://tps.ybj.hunan.gov.cn/tps-local/XMHXgroupYPCZ/M00/9E/28/rBIBUGiS9wqAGFOtAAViSy3dKy0624.pdf","https://tps.ybj.hunan.gov.cn/tps-local/XMHXgroupYPCZ/M00/9E/28/rBIBUGiS91SAddfgAALGfYE5PY0104.pdf","https://tps.ybj.hunan.gov.cn/tps-local/XMHXgroupYPCZ/M00/9E/28/rBIBUGiS926ASTQNAALBwsa45oc961.pdf","6g/袋",9,14.3,"https://tps.ybj.hunan.gov.cn/tps-local/XMHXgroupYPCZ/M00/9E/28/rBIBUGiS95KATL6cAAIu5ubKiss795.pdf",2,4.5,"蜀中药业（吉林）有限公司",39.6,{"v":162.4025,"d":"162.40"},{"v":129.922,"d":"129.92"},null,{"v":4.4,"d":"4.4000"},39.6]
[280,"ZA09AAC0070010103193","参苓白术散","国产","散剂","每袋装6g","乐氏同仁三门峡制药有限公司","每袋装6g×10袋/盒",10,"药品包装用复合膜包装","袋","国药准字Z41021205","广西壮族自治区","ZA09AAC0070010103193",80,"每袋装6g",8,10,"海南省","ZA09AAC0070020103193",240,"每袋装6克",8,30,"江西省","ZA09AAC0070010103193",80,8,"https://tps.ybj.hunan.gov.cn/tps-local/XMHXgroupYPCZ/M00/9E/4B/rBIBUGiT7SeACCjWAAx4ZUbSScQ513.jpg","https://tps.ybj.hunan.gov.cn/tps-local/XMHXgroupYPCZ/M00/9E/4B/rBIBUGiT7VGAfUrCAA46wlKGtRw750.jpg","https://tps.ybj.hunan.gov.cn/tps-local/XMHXgroupYPCZ/M00/9E/4B/rBIBUGiT7dOAFnOiAA3jOUlE2No047.jpg","每袋装6g",10,24,"https://tps.ybj.hunan.gov.cn/tps-local/XMHXgroupYPCZ/M00/9E/4C/rBIBUGiT7mCAOrIyAAjRAVEJaj8956.jpg",3,3,"乐氏同仁三门峡制药有限公司",80,{"v":162.4025,"d":"162.40"},{"v":129.922,"d":"129.92"},null,{"v":8,"d":"8.0000"},80]
[281,"ZA09AAC0070020103193","参苓白术散","国产","散剂","每袋装6克","乐氏同仁三门峡制药有限公司","每袋装6克×30袋/盒",30,"聚酯/镀铝聚酯/聚乙烯药用复合膜包装","袋","国药准字Z41021205","广西壮族自治区","ZA09AAC0070020103193",240,"每袋装6克",8,30,"海南省","ZA09AAC0070020103193",240,"每袋装6克",8,30,"江西省","ZA09AAC0070020103193",240,8,"https://tps.ybj.hunan.gov.cn/tps-local/XMHXgroupYPCZ/M00/9E/4C/rBIBUGiT72WAKmLiAAx4ZUbSScQ380.jpg","https://tps.ybj.hunan.gov.cn/tps-local/XMHXgroupYPCZ/M00/9E/4C/rBIBUGiT73CAEUmmAA46wlKGtRw662.jpg","https://tps.ybj.hunan.gov.cn/tps-local/XMHXgroupYPCZ/M00/9E/4C/rBIBUGiT73WAB11cAA3jOUlE2No439.jpg","每袋装6克",30,24,"https://tps.ybj.hunan.gov.cn/tps-local/XMHXgroupYPCZ/M00/9E/4C/rBIBUGiT7w6AEs59AAjRAVEJaj8864.jpg",3,3,"乐氏同仁三门峡制药有限公司",240,{"v":162.4025,"d":"162.40"},{"v":129.922,"d":"129.92"},null,{"v":8,"d":"8.0000"},240]
[282,"ZA14AAJ0168010303193","健胃消食片","国产","片剂","0.5g","乐氏同仁三门峡制药有限公司","0.5g×48片/盒",48,"药品包装用PTP铝箔、药用PVC硬片","片","国药准字Z41021983","广西壮族自治区","ZA14AAJ0168010303193",23.52,"0.5g",0.49,48,"海南省","ZA14AAJ0168010303193",23.52,"0.5g",0.49,48,"江西省","ZA14AAJ0168010303193",23.52,0.49,"https://tps.ybj.hunan.gov.cn/tps-local/XMHXgroupYPCZ/M00/9E/4C/rBIBUGiT77CAeoamAA9ccc-PwPw902.jpg","https://tps.ybj.hunan.gov.cn/tps-local/XMHXgroupYPCZ/M00/9E/4C/rBIBUGiT7-GANB1gAA6n_Uatff0040.jpg","https://tps.ybj.hunan.gov.cn/tps-local/XMHXgroupYPCZ/M00/9E/4C/rBIBUGiT7_-AL5lvAA8nWRMZd24068.jpg","0.5g",48,7.35,"https://tps.ybj.hunan.gov.cn/tps-local/XMHXgroupYPCZ/M00/9E/4C/rBIBUGiT8DaAWw7eAAXHRm0l_jY082.jpg",12,18,"乐氏同仁三门峡制药有限公司",23.52,{"v":7.8,"d":"7.80"},6.24,null,{"v":0.416,"d":"0.4160"},19.97]
[283,"ZA14AAJ0168010403193","健胃消食片","国产","片剂","0.5g","乐氏同仁三门峡制药有限公司","0.5g×60片/盒",60,"药品包装用PTP铝箔、药用PVC硬片","片","国药准字Z41021983","广西壮族自治区","ZA14AAJ0168010403193",29.4,"0.5g",0.49,60,"江西省","ZA14AAJ0168010403193",29.4,"0.5g",0.49,60,"海南省","ZA14AAJ0168010403193",29.4,0.49,"https://tps.ybj.hunan.gov.cn/tps-local/XMHXgroupYPCZ/M00/9E/4C/rBIBUGiT8IuASRjDAA9ccc-PwPw438.jpg","https://tps.ybj.hunan.gov.cn/tps-local/XMHXgroupYPCZ/M00/9E/4C/rBIBUGiT8LOAM4sCAA8nWRMZd24329.jpg","https://tps.ybj.hunan.gov.cn/tps-local/XMHXgroupYPCZ/M00/9E/4C/rBIBUGiT8NKAN1kGAA6n_Uatff0851.jpg","0.5g",60,7.35,"https://tps.ybj.hunan.gov.cn/tps-local/XMHXgroupYPCZ/M00/9E/4C/rBIBUGiT8HWAQehsAAXHRm0l_jY457.jpg",12,18,"乐氏同仁三门峡制药有限公司",29.4,{"v":7.8,"d":"7.80"},6.24,null,{"v":0.416,"d":"0.4160"},24.96]
[284,"ZA14AAJ0168020103193","健胃消食片","国产","片剂","每片重0.5克","乐氏同仁三门峡制药有限公司","每片重0.5克×72片/盒",72,"药品包装用PTP铝箔、药用PVC硬片","片","国药准字Z41021983","广西壮族自治区","ZA14AAJ0168020103193",35.28,"每片重0.5克",0.49,72,"江西省","ZA14AAJ0168020103193",35.28,"每片重0.5克",0.49,72,"海南省","ZA14AAJ0168020103193",35.28,0.49,"https://tps.ybj.hunan.gov.cn/tps-local/XMHXgroupYPCZ/M00/9E/4C/rBIBUGiT8SiAEwehAA9ccc-PwPw194.jpg","https://tps.ybj.hunan.gov.cn/tps-local/XMHXgroupYPCZ/M00/9E/4C/rBIBUGiT8U6AKqJoAA8nWRMZd24134.jpg","https://tps.ybj.hunan.gov.cn/tps-local/XMHXgroupYPCZ/M00/9E/4C/rBIBUGiT8W6AJSwTAA6n_Uatff0874.jpg","每片重0.5克",72,7.35,"https://tps.ybj.hunan.gov.cn/tps-local/XMHXgroupYPCZ/M00/9E/4C/rBIBUGiT8aWALvGfAAXBYOxLooI684.jpg",12,18,"乐氏同仁三门峡制药有限公司",35.28,{"v":7.8,"d":"7.80"},6.24,null,{"v":0.416,"d":"0.4160"},29.95]
[285,"ZA10BAH0371010202033","活力苏口服液","国产","合剂","每支装10ml","成都华神科技集团股份有限公司制药厂","每支装10ml×10支/盒",10,"钠钙玻璃管制口服液体瓶","支","国药准字Z51020209","云南省","ZA10BAH0371010202033",34.92,"每支装10ml",3.492,10,"河北省","ZA10BAH0371010202033",34.92,"每支装10ml",3.492,10,"山东省","ZA10BAH0371010202033",34.92,3.492,"https://tps.ybj.hunan.gov.cn/tps-local/XMHXgroupYPCZ/M00/9E/D4/rBIBUGiVzvqAYBVrAAMEsr7Hjv0102.jpg","https://tps.ybj.hunan.gov.cn/tps-local/XMHXgroupYPCZ/M00/9E/D4/rBIBUGiVzv2ARvVUAALZ_cU26Us009.jpg","https://tps.ybj.hunan.gov.cn/tps-local/XMHXgroupYPCZ/M00/9E/D4/rBIBUGiVzwCAFSqvAANc46plLS0907.jpg","每支装10ml",10,3.49,"https://tps.ybj.hunan.gov.cn/tps-local/XMHXgroupYPCZ/M00/9E/D6/rBIBUGiV0iiAIkEUAARonLmtBhg049.jpg",1,1,"成都华神科技集团股份有限公司制药厂",34.92,{"v":3.5,"d":"3.50"},{"v":2.8,"d":"2.80"},null,{"v":2.8,"d":"2.8000"},28]
[286,"ZH01AAB0180020105150","斑秃丸","国产","大蜜丸","每丸重9g","广西万通制药有限公司","每丸重9g×10丸/盒",10,"内包装材质为药用铝箔/聚氯乙烯固体药用硬片","丸","国药准字Z45020680","安徽省","ZH01AAB0180020105150",100,"每丸重9g",10,10,"广西壮族自治区","ZH01AAB0180020105150",100,"每丸重9g",10,10,"贵州省","ZH01AAB0180020105150",100,10,"https://tps.ybj.hunan.gov.cn/tps-local/XMHXgroupYPCZ/M00/9E/2F/rBIBUGiTA1-AEf8nAAOIcFlY8Tw205.pdf","https://tps.ybj.hunan.gov.cn/tps-local/XMHXgroupYPCZ/M00/9E/2F/rBIBUGiTA2SANUKwAAnv1dWnw7Q751.pdf","https://tps.ybj.hunan.gov.cn/tps-local/XMHXgroupYPCZ/M00/9E/2F/rBIBUGiTA2iACzVFAANMTw6kRkw991.pdf","每丸重9g",10,30,"https://tps.ybj.hunan.gov.cn/tps-local/XMHXgroupYPCZ/M00/9E/2F/rBIBUGiTA-KAHIFzAB_n5P7HkrI191.pdf",3,3,"广西万通制药有限公司",100,{"v":33.675,"d":"33.68"},26.94,null,{"v":8.98,"d":"8.9800"},89.8]
[287,"ZD01BAY0318020200489","益母草颗粒","国产","颗粒剂","每袋装15g","白云山和记黄埔莱达制药(汕头)有限公司,广州白云山和记黄埔中药有限公司","每袋装15g×12袋/盒",12,"复合膜袋","袋","国药准字Z44021689","辽宁省","ZD01BAY0318020200489",25.51,"每袋装15g",2.1258,12,"云南省","ZD01BAY0318020200489",25.51,"每袋装15g",2.1258,12,"陕西省","ZD01BAY0318020200489",25.51,2.1258,"https://tps.ybj.hunan.gov.cn/tps-local/XMHXgroupYPCZ/M00/9E/7B/rBIBUGiUYQKAbEdAAAEDlcz1Bag244.jpg","https://tps.ybj.hunan.gov.cn/tps-local/XMHXgroupYPCZ/M00/9E/7C/rBIBUGiUYR-AQiQ6AAFKA23IrF8112.jpg","https://tps.ybj.hunan.gov.cn/tps-local/XMHXgroupYPCZ/M00/9E/7C/rBIBUGiUYSyADXnFAAEQWz_Iz_s576.jpg","每袋装15g",12,4.25,"https://tps.ybj.hunan.gov.cn/tps-local/XMHXgroupYPCZ/M00/9E/7C/rBIBUGiUYdiAJ-nRAAEICFfPofI230.jpg",2,2,"白云山和记黄埔莱达制药（汕头）有限公司",25.51,{"v":20,"d":"20.00"},{"v":16,"d":"16.00"},null,{"v":2.12583333333333,"d":"2.1258"},25.51]
[288,"ZA15FAY0130010102661","养血生发胶囊","国产","胶囊剂","每粒装0.5g","河北唐威药业有限公司","每粒装0.5g×30粒/盒",30,"铝塑","粒","国药准字Z13021310","湖北省","ZA15FAY0130010102661",30,"每粒装0.5g",1,30,"贵州省","ZA15FAY0130010102661",30,"每粒装0.5g",1,30,"宁夏回族自治区","ZA15FAY0130010102661",30,1,"https://tps.ybj.hunan.gov.cn/tps-local/XMHXgroupYPCZ/M00/9E/36/rBIBUGiTDq6AdEZ8AAEsZuO5NrY197.pdf","https://tps.ybj.hunan.gov.cn/tps-local/XMHXgroupYPCZ/M00/9E/37/rBIBUGiTEBSAAx28AAH7DRuagqw605.pdf","https://tps.ybj.hunan.gov.cn/tps-local/XMHXgroupYPCZ/M00/9E/36/rBIBUGiTDt6AdJXyAAGSEj2ziYE551.pdf","每粒装0.5g",30,8,"https://tps.ybj.hunan.gov.cn/tps-local/XMHXgroupYPCZ/M00/9E/36/rBIBUGiTD6SAT04nAAO7ReB_apY472.jpg",8,8,"河北唐威药业有限公司",30,{"$nulls":3},{"v":1,"d":"1.0000"},30]
[289,"ZA04BAB0189020202661","板蓝根颗粒","国产","颗粒剂","每袋装10g(相当于饮片14克)","河北唐威药业有限公司","每袋装10g(相当于饮片14克)×10袋/盒",10,"复合膜","袋","国药准字Z13022387","山东省","ZA04BAB0189020202661",18.18,"每袋装10g(相当于饮片14克)",1.818,10,"湖北省","ZA04BAB0189020202661",18.18,"每袋装10g(相当于饮片14克)",1.818,10,"吉林省","ZA04BAB0189020202661",18.18,1.818,"https://tps.ybj.hunan.gov.cn/tps-local/XMHXgroupYPCZ/M00/9E/38/rBIBUGiTEu6ABaQfAATKR2DUsOw834.pdf","https://tps.ybj.hunan.gov.cn/tps-local/XMHXgroupYPCZ/M00/9E/38/rBIBUGiTEv-AJXTcAAP_YxYr_Wc040.pdf","https://tps.ybj.hunan.gov.cn/tps-local/XMHXgroupYPCZ/M00/9E/38/rBIBUGiTEw2APzxfAAO1mS1Ql98627.pdf","每袋装10g(相当于饮片14克)",10,5,"https://tps.ybj.hunan.gov.cn/tps-local/XMHXgroupYPCZ/M00/9E/39/rBIBUGiTE3-AWQ6NAAQm3OmMPg0284.jpg",1.5,4,"河北唐威药业有限公司",18.18,{"v":24.0625,"d":"24.06"},19.25,null,{"v":1.818,"d":"1.8180"},18.18]
[290,"ZA04BAB0189010102967","板蓝根颗粒","国产","颗粒剂","10g","山西辅仁恒峰药业有限公司","10g×10袋/盒",10,"药用复合膜袋","袋","国药准字Z14020898","重庆市","ZA04BAB0189010102967",15.73,"10g",1.573,10,"黑龙江省","ZA04BAB0189010102967",15.73,"10g",1.573,10,"江西省","ZA04BAB0189010102967",15.73,1.573,"https://tps.ybj.hunan.gov.cn/tps-local/XMHXgroupYPCZ/M00/9E/4C/rBIBUGiT8LKAOcK-AAXJ2uF8aFI862.pdf","https://tps.ybj.hunan.gov.cn/tps-local/XMHXgroupYPCZ/M00/9E/4C/rBIBUGiT8T6AfZRsAA0JsZBudks413.pdf","https://tps.ybj.hunan.gov.cn/tps-local/XMHXgroupYPCZ/M00/9E/4C/rBIBUGiT8YuAVV1-AAhyPo7QTCI971.pdf","10g",10,4.33,"https://tps.ybj.hunan.gov.cn/tps-local/XMHXgroupYPCZ/M00/9E/4E/rBIBUGiT9a-AZXPLAAcuAsz9Ja8141.jpg",1.5,4,"山西辅仁恒峰药业有限公司",15.73,{"v":24.0625,"d":"24.06"},19.25,null,{"v":1.573,"d":"1.5730"},15.73]
[291,"ZA04BAB0189010202967","板蓝根颗粒","国产","颗粒剂","每袋装10g","山西辅仁恒峰药业有限公司","每袋装10g×20袋/包",20,"药用复合膜袋","袋","国药准字Z14020898","重庆市","ZA04BAB0189010202967",31.47,"每袋装10g",1.5735,20,"黑龙江省","ZA04BAB0189010202967",31.47,"每袋装10g",1.5735,20,"江西省","ZA04BAB0189010202967",31.47,1.5735,"https://tps.ybj.hunan.gov.cn/tps-local/XMHXgroupYPCZ/M00/9E/55/rBIBUGiUBvCAYA5zAAWlqNTSpyQ234.pdf","https://tps.ybj.hunan.gov.cn/tps-local/XMHXgroupYPCZ/M00/9E/55/rBIBUGiUByyAEYxYAA0JsZBudks368.pdf","https://tps.ybj.hunan.gov.cn/tps-local/XMHXgroupYPCZ/M00/9E/55/rBIBUGiUB-CAY2fZAAhyPo7QTCI549.pdf","每袋装10g",20,4.33,"https://tps.ybj.hunan.gov.cn/tps-local/XMHXgroupYPCZ/M00/9E/55/rBIBUGiUB_eAHsdQAAV6KZalU_s532.pdf",1.5,4,"山西辅仁恒峰药业有限公司",31.47,{"v":24.0625,"d":"24.06"},19.25,null,1.5735,31.47]
[292,"ZA06CAJ0692010102952","橘红丸","国产","大蜜丸","每丸重6g","山西辅仁恒峰药业有限公司","每丸重6g×10丸/盒",10,"聚氯乙烯固体药用硬片/药用铝箔","丸","国药准字Z20194098","重庆市","ZA06CAJ0692010102952",39.65,"每丸重6g",3.965,10,"黑龙江省","ZA06CAJ0692010102952",39.65,"每丸重6g",3.965,10,"广东省","ZA06CAJ0692010102952",39.65,3.965,"https://tps.ybj.hunan.gov.cn/tps-local/XMHXgroupYPCZ/M00/9E/43/rBIBUGiTIpCAW0eLAAf2Op4raYQ455.pdf","https://tps.ybj.hunan.gov.cn/tps-local/XMHXgroupYPCZ/M00/9E/43/rBIBUGiTIzKAcDurAAUVXecHFik725.pdf","https://tps.ybj.hunan.gov.cn/tps-local/XMHXgroupYPCZ/M00/9E/43/rBIBUGiTI16AJz6gAAfJfkAbTY8041.pdf","每丸重6g",10,11.9,"https://tps.ybj.hunan.gov.cn/tps-local/XMHXgroupYPCZ/M00/9E/43/rBIBUGiTI8mAWNdlAAdueRGzaII887.pdf",2,4,"山西辅仁恒峰药业有限公司",39.65,{"v":28.8,"d":"28.80"},23.04,null,{"v":3.965,"d":"3.9650"},39.65]
[293,"ZA09ABJ0136010102952","健脾丸","国产","大蜜丸","每丸重9g","山西辅仁恒峰药业有限公司","每丸重9g×10丸/盒",10,"聚氯乙烯固体药用硬片/药用铝箔","丸","国药准字Z20194095","重庆市","ZA09ABJ0136010102952",71.38,"每丸重9g",7.138,10,"黑龙江省","ZA09ABJ0136010102952",71.38,"每丸重9g",7.138,10,"广东省","ZA09ABJ0136010102952",71.38,7.138,"https://tps.ybj.hunan.gov.cn/tps-local/XMHXgroupYPCZ/M00/9E/43/rBIBUGiTJCqAJGVWAAYbAAmMLV4489.pdf","https://tps.ybj.hunan.gov.cn/tps-local/XMHXgroupYPCZ/M00/9E/43/rBIBUGiTJGyAUfmZAAaGPW8g7eA071.pdf","https://tps.ybj.hunan.gov.cn/tps-local/XMHXgroupYPCZ/M00/9E/43/rBIBUGiTJKmAH7TDAAmT9q9ScKQ589.pdf","每丸重9g",10,10.71,"https://tps.ybj.hunan.gov.cn/tps-local/XMHXgroupYPCZ/M00/9E/44/rBIBUGiTJRyAIQMjAAXrGFvtFLY317.pdf",1,2,"山西辅仁恒峰药业有限公司",71.38,{"v":16.9,"d":"16.90"},13.52,null,{"v":7.138,"d":"7.1380"},71.38]
[294,"ZA09CAL0264040102952","六味地黄丸","国产","大蜜丸","每丸重9g","山西辅仁恒峰药业有限公司","每丸重9g×10丸/盒",10,"聚氯乙烯固体药用硬片/药用铝箔","丸","国药准字Z20204095","重庆市","ZA09CAL0264040102952",55.55,"每丸重9g",5.555,10,"黑龙江省","ZA09CAL0264040102952",55.55,"每丸重9g",5.555,10,"广东省","ZA09CAL0264040102952",55.55,5.555,"https://tps.ybj.hunan.gov.cn/tps-local/XMHXgroupYPCZ/M00/9E/44/rBIBUGiTJ8-Abr1XAAULdnVTrKo697.pdf","https://tps.ybj.hunan.gov.cn/tps-local/XMHXgroupYPCZ/M00/9E/44/rBIBUGiTJ-WALyPtAAQ-ZR4Pnec265.pdf","https://tps.ybj.hunan.gov.cn/tps-local/XMHXgroupYPCZ/M00/9E/44/rBIBUGiTJ_GARJP3AAjC3I94CFo753.pdf","每丸重9g",10,8.33,"https://tps.ybj.hunan.gov.cn/tps-local/XMHXgroupYPCZ/M00/9E/44/rBIBUGiTKC6ACl02AAbKtaFFbj4616.pdf",1,2,"山西辅仁恒峰药业有限公司",55.55,{"v":16.1666666666667,"d":"16.17"},{"v":12.9333333333333,"d":"12.93"},null,{"v":5.555,"d":"5.5550"},55.55]
[295,"ZA15GAX0565010102952","小活络丸","国产","大蜜丸","每丸重3g","山西辅仁恒峰药业有限公司","每丸重3g×10丸/盒",10,"聚氯乙烯固体药用硬片/药用铝箔","丸","国药准字Z20204059","重庆市","ZA09CAL0264040102952",72.63,"每丸重9g",7.263,10,"黑龙江省","ZA15GAX0565010102952",72.63,"每丸重3g",7.263,10,"海南省","ZA15GAX0565010102952",72.63,7.263,"https://tps.ybj.hunan.gov.cn/tps-local/XMHXgroupYPCZ/M00/9E/44/rBIBUGiTKLKAPiv3AAR_CFbXcTk764.pdf","https://tps.ybj.hunan.gov.cn/tps-local/XMHXgroupYPCZ/M00/9E/44/rBIBUGiTKO-AYbiUAAYhT__3_PY333.pdf","https://tps.ybj.hunan.gov.cn/tps-local/XMHXgroupYPCZ/M00/9E/45/rBIBUGiTKnaAfRqbAAeXYWne3Wg323.pdf","每丸重3g",10,10.89,"https://tps.ybj.hunan.gov.cn/tps-local/XMHXgroupYPCZ/M00/9E/45/rBIBUGiTKqiAcUDHAAVObEm_YIY573.pdf",1,2,"山西辅仁恒峰药业有限公司",72.63,{"v":34,"d":"34.00"},{"v":27.2,"d":"27.20"},null,{"v":7.263,"d":"7.2630"},72.63]
[296,"ZA04BAB0189030201738","板蓝根颗粒","国产","颗粒剂","每袋装10克","江苏华天宝药业有限公司","每袋装10克×20袋/包",20,"药用复合膜","袋","国药准字Z32020393","江苏省","ZA04BAB0189030201738",33,"每袋装10克",1.65,20,"重庆市","ZA04BAB0189030201738",33,"每袋装10克",1.65,20,"陕西省","ZA04BAB0189030201738",33,1.65,"https://tps.ybj.hunan.gov.cn/tps-local/XMHXgroupYPCZ/M00/9E/4D/rBIBUGiT9I6AAaTSAAWcZGVJc6A629.pdf","https://tps.ybj.hunan.gov.cn/tps-local/XMHXgroupYPCZ/M00/9E/4D/rBIBUGiT9MeAYHW_ABhqdJ-CAiI971.pdf","https://tps.ybj.hunan.gov.cn/tps-local/XMHXgroupYPCZ/M00/9E/4D/rBIBUGiT9SGAPo4zAAWxZY9KjzE528.pdf","每袋装10克",20,4.54,"https://tps.ybj.hunan.gov.cn/tps-local/XMHXgroupYPCZ/M00/9E/4E/rBIBUGiT9bKAGeVDAAPHUdzymPU528.pdf",1.5,4,"江苏华天宝药业有限公司",33,{"v":24.0625,"d":"24.06"},19.25,null,{"v":1.65,"d":"1.6500"},33]
[297,"ZA09DBJ0389010105615","金匮肾气丸","国产","大蜜丸","每丸重6g","昆明中药厂有限公司","每丸重6g×10丸/盒",10,"铝塑泡罩","丸","国药准字Z53021293","湖北省","ZA09DBJ0389010105615",21.5,"每丸重6g",2.15,10,"江苏省","ZA09DBJ0389010105615",21.5,"每丸重6g",2.15,10,"江西省","ZA09DBJ0389010105615",21.5,2.15,"https://tps.ybj.hunan.gov.cn/tps-local/XMHXgroupYPCZ/M00/9E/9B/rBIBUGiVTKCATGr9AAdf0FWFXlU330.pdf","https://tps.ybj.hunan.gov.cn/tps-local/XMHXgroupYPCZ/M00/9E/9A/rBIBUGiVRwOAL5ZYAAwjEedt1Ro257.pdf","https://tps.ybj.hunan.gov.cn/tps-local/XMHXgroupYPCZ/M00/9E/9A/rBIBUGiVRzKAPuzkAAiOX3DuTwc265.pdf","每丸重6g",10,4.3,"https://tps.ybj.hunan.gov.cn/tps-local/XMHXgroupYPCZ/M00/9E/9B/rBIBUGiVS3-AIuK_AAx-70abEuU806.jpg",2,2,"昆明中药厂有限公司",21.5,{"v":9.5,"d":"9.50"},{"v":7.6,"d":"7.60"},null,{"v":2.15,"d":"2.1500"},21.5]
[298,"ZA14AAX0368010103105","小儿复方鸡内金散","国产","散剂","每袋装2g","河南兴源制药有限公司","每袋装2g×12袋/盒",12,"药用复合膜","袋","国药准字Z41020268","广西壮族自治区","ZA14AAX0368010103105",15.9,"每袋装2g",1.325,12,"江西省","ZA14AAX0368010103105",15.9,"每袋装2g",1.325,12,"重庆市","ZA14AAX0368010103105",15.9,1.325,"https://tps.ybj.hunan.gov.cn/tps-local/XMHXgroupYPCZ/M00/9E/4E/rBIBUGiT9ZSAbaJnAAT4_7L2w4g106.pdf","https://tps.ybj.hunan.gov.cn/tps-local/XMHXgroupYPCZ/M00/9E/4E/rBIBUGiT9buAWyS4AAUPNLquZOg866.jpg","https://tps.ybj.hunan.gov.cn/tps-local/XMHXgroupYPCZ/M00/9E/4E/rBIBUGiT9dyAMdiXAATM8itP2lE729.jpg","每袋装2g",12,1.82,"https://tps.ybj.hunan.gov.cn/tps-local/XMHXgroupYPCZ/M00/9E/4E/rBIBUGiT9leAMe_lAAKm-rbGBik463.jpg",0.75,2,"河南兴源制药有限公司",15.9,{"v":1,"d":"1.00"},{"v":0.8,"d":"0.80"},null,{"v":0.581818181818182,"d":"0.5818"},6.98]
[299,"ZA04CCL0073010103105","利胆片","国产","糖衣片","无","河南兴源制药有限公司","无×100片/瓶",100,"药用高密度聚乙烯瓶","片","国药准字Z41020264","辽宁省","ZA04CCL0073010103105",39.8,"无",0.398,100,"山东省","ZA04CCL0073010103105",39.8,"无",0.398,100,"江西省","ZA04CCL0073010103105",39.8,0.398,"https://tps.ybj.hunan.gov.cn/tps-local/XMHXgroupYPCZ/M00/9E/4F/rBIBUGiT9wmAaYlxAAZfpDibOOY308.jpg","https://tps.ybj.hunan.gov.cn/tps-local/XMHXgroupYPCZ/M00/9E/4F/rBIBUGiT92GADtIpABIRD2x_Rec402.jpg","https://tps.ybj.hunan.gov.cn/tps-local/XMHXgroupYPCZ/M00/9E/4F/rBIBUGiT95uARQK3AAdXUFGGDw8591.jpg","无",100,9.55,"https://tps.ybj.hunan.gov.cn/tps-local/XMHXgroupYPCZ/M00/9E/4F/rBIBUGiT9umASkqxAAiVWIEgB7A989.jpg",18,30,"河南兴源制药有限公司",39.8,{"v":16.6,"d":"16.60"},13.28,null,{"v":0.398,"d":"0.3980"},39.8]
[300,"ZA06CAN0133010100074","牛黄蛇胆川贝滴丸","国产","滴丸剂","35mg","北京康而福药业有限责任公司","35mg×60丸/盒",60,"药用铝箔聚氯乙烯固体药用硬片泡罩包装","丸","国药准字Z10980040","内蒙古自治区","ZA06CAN0133010100074",49.8,"35mg",0.83,60,"黑龙江省","ZA06CAN0133010100074",49.8,"35mg",0.83,60,"山东省","ZA06CAN0133010100074",49.8,0.83,"https://tps.ybj.hunan.gov.cn/tps-local/XMHXgroupYPCZ/M00/9E/56/rBIBUGiUCaSATyuxAAR2pAzb06g279.pdf","https://tps.ybj.hunan.gov.cn/tps-local/XMHXgroupYPCZ/M00/9E/57/rBIBUGiUDBKAQWvQAARsnIlg3GU143.pdf","https://tps.ybj.hunan.gov.cn/tps-local/XMHXgroupYPCZ/M00/9E/57/rBIBUGiUDACABDnCAAdRls6T6mo716.pdf","35mg",60,24.9,"https://tps.ybj.hunan.gov.cn/tps-local/XMHXgroupYPCZ/M00/9E/57/rBIBUGiUDF6AYeVFABZWHpypTxE872.jpg",30,30,"北京康而福药业有限责任公司",49.8,{"v":24.9,"d":"24.90"},19.92,null,{"v":0.664,"d":"0.6640"},39.84]
[301,"ZA04CAY0499010100798","银黄颗粒","国产","颗粒剂","每袋装4g","上海信仁中药制药有限公司","每袋装4g×16袋/盒",16,"复合膜包装","袋","国药准字Z31020106","安徽省","ZA04CAY0499010100798",14,"每袋装4g",0.875,16,"广西壮族自治区","ZA04CAY0499010100798",45.8,"每袋装4g",2.8625,16,"重庆市","ZA04CAY0499010100798",14,0.875,"https://tps.ybj.hunan.gov.cn/tps-local/XMHXgroupYPCZ/M00/9E/9B/rBIBUGiVTmSAEKrUAAGz82kSnbY637.jpg","https://tps.ybj.hunan.gov.cn/tps-local/XMHXgroupYPCZ/M00/9E/A1/rBIBUGiVW6KAaZ89AAIYPF4rQ6w189.jpg","https://tps.ybj.hunan.gov.cn/tps-local/XMHXgroupYPCZ/M00/9E/A1/rBIBUGiVXKuARKWmAAIatf7CO4g443.jpg","每袋装4g",16,1.95,"https://tps.ybj.hunan.gov.cn/tps-local/XMHXgroupYPCZ/M00/9E/A2/rBIBUGiVXPiAGFykAAuAjvv0ZsI773.pdf",2,4,"上海信仁中药制药有限公司",10.4,{"v":32.5,"d":"32.50"},{"v":26,"d":"26.00"},null,{"v":0.65,"d":"0.6500"},10.4]
[302,"ZA02BAS0551020102110","十滴水","国产","酊剂","100ml","四川天德制药有限公司","100ml×1瓶",1,"钠钙玻璃模制药瓶","瓶","国药准字Z51020156","江西省","ZA02BAS0551020102110",3.2,"100ml",3.2,1,"贵州省","ZA02BAS0551020102110",3.2,"100ml",3.2,1,"广西壮族自治区","ZA02BAS0551020102110",3.2,3.2,"https://tps.ybj.hunan.gov.cn/tps-local/XMHXgroupYPCZ/M00/9E/5D/rBIBUGiUGDmAI5xDAAFsBe5v3s4509.pdf","https://tps.ybj.hunan.gov.cn/tps-local/XMHXgroupYPCZ/M00/9E/5D/rBIBUGiUGD2Ac-QlAAZR7D2IqBw236.pdf","https://tps.ybj.hunan.gov.cn/tps-local/XMHXgroupYPCZ/M00/9E/5D/rBIBUGiUGECAa1piAAXzdjJIFKQ350.pdf","100ml",1,0.11,"https://tps.ybj.hunan.gov.cn/tps-local/XMHXgroupYPCZ/M00/9E/5D/rBIBUGiUGF2AfvyvAAI6M_w6L10864.pdf",0.02,0.05,"四川天德制药有限公司",3.2,{"v":0.5985,"d":"0.60"},{"v":0.4788,"d":"0.48"},null,{"v":3.2,"d":"3.2000"},3.2]
[303,"ZA02BAS0551010102110","十滴水","国产","酊剂","500ml","四川天德制药有限公司","500ml×1瓶",1,"黄料玻璃药瓶","瓶","国药准字Z51020156","广西壮族自治区","ZA02BAS0551010102110",15.9,"500ml",15.9,1,"贵州省","ZA02BAS0551010102110",15.9,"500ml",15.9,1,"江西省","ZA02BAS0551010102110",15.9,15.9,"https://tps.ybj.hunan.gov.cn/tps-local/XMHXgroupYPCZ/M00/9E/7D/rBIBUGiUY1KACzaiAAW9ZeVnBOI213.pdf","https://tps.ybj.hunan.gov.cn/tps-local/XMHXgroupYPCZ/M00/9E/7D/rBIBUGiUY2KAUsEUAAZbAEfajfo648.pdf","https://tps.ybj.hunan.gov.cn/tps-local/XMHXgroupYPCZ/M00/9E/7D/rBIBUGiUY1qAft6tAAFprFDOfeA372.pdf","500ml",1,0.16,"https://tps.ybj.hunan.gov.cn/tps-local/XMHXgroupYPCZ/M00/9E/7D/rBIBUGiUYxSAHLOlAAI6JsitD_Y049.pdf",0.01,0.01,"四川天德制药有限公司",15.9,{"v":0.5985,"d":"0.60"},{"v":0.4788,"d":"0.48"},null,{"v":15.9,"d":"15.9000"},15.9]
[304,"ZA10EAZ0373010403456","朱砂安神丸","国产","大蜜丸","每丸重9g","吉林省鑫辉药业有限公司","每丸重9g×6丸/盒",6,"铝塑包装","丸","国药准字Z22025941","江西省","ZA10EAZ0373010403456",66,"每丸重9g",11,6,"重庆市","ZA10EAZ0373010403456",66,"每丸重9g",11,6,"广东省","ZA10EAZ0373010403456",66,11,"https://tps.ybj.hunan.gov.cn/tps-local/XMHXgroupYPCZ/M00/9E/68/rBIBUGiUOi2AP-aCAAb8cqu9BwY096.jpg","https://tps.ybj.hunan.gov.cn/tps-local/XMHXgroupYPCZ/M00/9E/68/rBIBUGiUOk-AB_lgAAmwm8aK68A311.jpg","https://tps.ybj.hunan.gov.cn/tps-local/XMHXgroupYPCZ/M00/9E/69/rBIBUGiUOpuAcpTEAAIUZNtvrAw876.jpg","每丸重9g",6,16.5,"https://tps.ybj.hunan.gov.cn/tps-local/XMHXgroupYPCZ/M00/9E/69/rBIBUGiUOtKAPovIAALMfOs0Ovo954.pdf",1,2,"吉林省鑫辉药业有限公司",66,14.85,11.88,null,{"v":7.92,"d":"7.9200"},47.52]
[305,"ZA16AAM0167020203456","木瓜丸","国产","浓缩丸","每10丸重1.8g","吉林省鑫辉药业有限公司","每10丸重1.8g×300丸/盒",300,"药用复合膜(袋)","丸","国药准字Z22024616","广西壮族自治区","ZA16AAM0167020203456",95,"每10丸重1.8g",0.3167,300,"江西省","ZA16AAM0167020203456",95,"每10丸重1.8g",0.3167,300,"重庆市","ZA16AAM0167020203456",95,0.3167,"https://tps.ybj.hunan.gov.cn/tps-local/XMHXgroupYPCZ/M00/9E/69/rBIBUGiUO0-ARdk2AAdm9rxNKnc470.jpg","https://tps.ybj.hunan.gov.cn/tps-local/XMHXgroupYPCZ/M00/9E/69/rBIBUGiUO3mAIIQbAAbXc760Qd4640.jpg","https://tps.ybj.hunan.gov.cn/tps-local/XMHXgroupYPCZ/M00/9E/69/rBIBUGiUO6GAYSDhAAkqbdL1lmc484.jpg","每10丸重1.8g",300,9.5,"https://tps.ybj.hunan.gov.cn/tps-local/XMHXgroupYPCZ/M00/9E/69/rBIBUGiUO8CAd91XAADhZB3de2w731.pdf",30,30,"吉林省鑫辉药业有限公司",95,{"v":4.8,"d":"4.80"},3.84,null,{"v":0.128,"d":"0.1280"},38.4]
[306,"ZA16HAZ0440010103456","壮腰健肾丸","国产","丸剂(大蜜丸)","每丸重5.6克","吉林省鑫辉药业有限公司","每丸重5.6克×6丸/盒",6,"铝塑","丸","国药准字Z22024623","广东省","ZA16HAZ0440010103456",33,"每丸重5.6克",5.5,6,"江西省","ZA16HAZ0440010103456",33,"每丸重5.6克",5.5,6,"重庆市","ZA16HAZ0440010103456",33,5.5,"https://tps.ybj.hunan.gov.cn/tps-local/XMHXgroupYPCZ/M00/9E/69/rBIBUGiUPVWAXIpMAAHahilaKoU167.jpg","https://tps.ybj.hunan.gov.cn/tps-local/XMHXgroupYPCZ/M00/9E/69/rBIBUGiUPVKARZVxAAarq-HjC28425.jpg","https://tps.ybj.hunan.gov.cn/tps-local/XMHXgroupYPCZ/M00/9E/69/rBIBUGiUPXWAPNj1AAm1P2VQvoE593.jpg","每丸重5.6克",6,13.75,"https://tps.ybj.hunan.gov.cn/tps-local/XMHXgroupYPCZ/M00/9E/6A/rBIBUGiUPZSAJnh8AAMib0ftu1w810.pdf",2,3,"吉林省鑫辉药业有限公司",33,{"v":28.1666666666667,"d":"28.17"},{"v":22.5333333333333,"d":"22.53"},null,{"v":5.5,"d":"5.5000"},33]
[307,"ZA04BAB0189010101078","板蓝根颗粒","国产","颗粒剂","每袋装10克","康普药业股份有限公司","每袋装10克×20袋/包",20,"聚酯/镀铝聚酯/聚乙烯药用复合膜","袋","国药准字Z21020473","广东省","ZA04BAB0189010101078",36.36,"每袋装10克",1.818,20,"贵州省","ZA04BAB0189010101078",36.36,"每袋装10克",1.818,20,"黑龙江省","ZA04BAB0189010101078",36.36,1.818,"https://tps.ybj.hunan.gov.cn/tps-local/XMHXgroupYPCZ/M00/9E/71/rBIBUGiUTDuAQKyTAAFmsHvpAi8016.pdf","https://tps.ybj.hunan.gov.cn/tps-local/XMHXgroupYPCZ/M00/9E/71/rBIBUGiUTHeAe_MhAAFhpPvDyEA275.pdf","https://tps.ybj.hunan.gov.cn/tps-local/XMHXgroupYPCZ/M00/9E/74/rBIBUGiUVEiAcK00AAKLoomiAUo558.pdf","每袋装10克",20,5,"https://tps.ybj.hunan.gov.cn/tps-local/XMHXgroupYPCZ/M00/9E/71/rBIBUGiUTL-Abh_CABH_803Nw4o053.pdf",1.5,4,"康普药业股份有限公司",36.36,{"v":24.0625,"d":"24.06"},19.25,null,{"v":1.818,"d":"1.8180"},36.36]
[308,"ZA01BAG0110010103105","感冒咳嗽颗粒","国产","颗粒剂","每袋重10g(相当于原药材8.2g)","河南兴源制药有限公司","每袋重10g(相当于原药材8.2g)×9袋/盒",9,"药用复合膜","袋","国药准字Z41020274","山东省","ZA01BAG0110010103105",39.8,"每袋重10g(相当于原药材8.2g)",4.4222,9,"广西壮族自治区","ZA01BAG0110010103105",39.8,"每袋重10g(相当于原药材8.2g)",4.4222,9,"江西省","ZA01BAG0110010103105",39.8,4.4222,"https://tps.ybj.hunan.gov.cn/tps-local/XMHXgroupYPCZ/M00/9E/71/rBIBUGiUS_2AEaMUABIeiy8jdT4709.jpg","https://tps.ybj.hunan.gov.cn/tps-local/XMHXgroupYPCZ/M00/9E/71/rBIBUGiUTD6ASmcpAAVP2K0KFbQ610.jpg","https://tps.ybj.hunan.gov.cn/tps-local/XMHXgroupYPCZ/M00/9E/71/rBIBUGiUTH6AKFPUAAdXUFGGDw8623.jpg","每袋重10g(相当于原药材8.2g)",9,8.84,"https://tps.ybj.hunan.gov.cn/tps-local/XMHXgroupYPCZ/M00/9E/71/rBIBUGiUTM2Ae8amABR08HPzVrM315.jpg",1,3,"河南兴源制药有限公司",39.8,6.25,{"v":5,"d":"5.00"},null,{"v":2.5,"d":"2.5000"},22.5]
[309,"ZA01AAG0120010102380","感冒清热颗粒","国产","颗粒剂","12g","陕西华西制药股份有限公司","12g×6袋/盒",6,"复合膜袋装","袋","国药准字Z19983113","陕西省","ZA01AAG0120010102380",14.1,"12g",2.35,6,"内蒙古自治区","ZA01AAG0120010102380",14.1,"12g",2.35,6,"四川省","ZA01AAG0120010102380",14.1,2.35,"https://tps.ybj.hunan.gov.cn/tps-local/XMHXgroupYPCZ/M00/9E/D9/rBIBUGiWlDKAFpHQACEojYzw0mA591.jpg","https://tps.ybj.hunan.gov.cn/tps-local/XMHXgroupYPCZ/M00/9E/D9/rBIBUGiWlHSAS0N2AAyRa56HpfA860.jpg","https://tps.ybj.hunan.gov.cn/tps-local/XMHXgroupYPCZ/M00/9E/D9/rBIBUGiWlKiAS2bzACyoX9yREPo446.jpg","12g",6,4.7,"https://tps.ybj.hunan.gov.cn/tps-local/XMHXgroupYPCZ/M00/9E/D9/rBIBUGiWlUuAQnPhAAeAzVI6gMY249.jpg",2,2,"陕西华西制药股份有限公司",14.1,{"v":9,"d":"9.00"},{"v":7.2,"d":"7.20"},null,{"v":2.35,"d":"2.3500"},14.1]
[310,"ZA03AAS0046020705095","三黄片","国产","片剂(薄膜衣片)","----","广西胜合制药有限公司","-",100,"口服固体药用高密度聚乙烯瓶","片","国药准字Z45020958","广西壮族自治区","ZA03AAS0046030305095",12,"无",0.5,24,"陕西省","ZA03AAS0046030305095",12,"无",0.5,24,"新疆维吾尔自治区","ZA03AAS0046030305095",12,0.5,"https://tps.ybj.hunan.gov.cn/tps-local/XMHXgroupYPCZ/M00/9E/97/rBIBUGiUo3KAGoDwABNVKSbjZfE021.jpg","https://tps.ybj.hunan.gov.cn/tps-local/XMHXgroupYPCZ/M00/9E/97/rBIBUGiUo9WAGvtQAAU2MN6MuLw145.jpg","https://tps.ybj.hunan.gov.cn/tps-local/XMHXgroupYPCZ/M00/9E/97/rBIBUGiUo-yAG1iNAAV97I2Yp1k196.jpg","无",24,4,"https://tps.ybj.hunan.gov.cn/tps-local/XMHXgroupYPCZ/M00/9E/97/rBIBUGiUrfiAPUi5AAeR87GGXJY021.jpg",8,8,"广西胜合制药有限公司",50,{"v":23.2666666666667,"d":"23.27"},{"v":18.6133333333333,"d":"18.61"},null,{"v":0.5,"d":"0.5000"},50]
[311,"ZA12FAZ0142030102377","正心泰颗粒","国产","颗粒剂","每袋装10g","陕西华龙制药有限公司","每袋装10g×6袋/盒",6,"复合膜袋装","袋","国药准字Z19991091","河北省","ZA12FAZ0142030102377",39.2,"每袋装10g",6.5333,6,"江西省","ZA12FAZ0142030102377",39.2,"每袋装10g",6.5333,6,"云南省","ZA12FAZ0142030102377",39.2,6.5333,"https://tps.ybj.hunan.gov.cn/tps-local/XMHXgroupYPCZ/M00/9E/97/rBIBUGiUrlOAS0zgAAiCFpnz5Ng164.jpg","https://tps.ybj.hunan.gov.cn/tps-local/XMHXgroupYPCZ/M00/9E/97/rBIBUGiUrqyAfedDAAf6HYpy-mM403.jpg","https://tps.ybj.hunan.gov.cn/tps-local/XMHXgroupYPCZ/M00/9E/97/rBIBUGiUrraAPBslAAS04bV7j9g658.jpg","每袋装10g",6,19.6,"https://tps.ybj.hunan.gov.cn/tps-local/XMHXgroupYPCZ/M00/9E/97/rBIBUGiUrxKAalzaAAPbvvuvZHw153.jpg",3,3,"陕西华龙制药有限公司",39.2,{"v":19.6,"d":"19.60"},15.68,null,{"v":5.22666666666667,"d":"5.2267"},31.36]
[312,"ZA09FAQ0217020202446","强肝片","国产","薄膜衣片","每片重0.5g","陕西孙思邈高新制药有限公司","每片重0.5g×12片/盒",12,"铝塑包装","片","国药准字Z20060401","陕西省","ZA09FAQ0217020202446",32.48,"每片重0.5g",2.7067,12,"黑龙江省","ZA09FAQ0217020202446",32.48,"每片重0.5g",2.7067,12,"江西省","ZA09FAQ0217020202446",32.48,2.7067,"https://tps.ybj.hunan.gov.cn/tps-local/XMHXgroupYPCZ/M00/9E/C4/rBIBUGiVrd-ALJemAA4Kqlaul2A341.jpg","https://tps.ybj.hunan.gov.cn/tps-local/XMHXgroupYPCZ/M00/9E/C4/rBIBUGiVrfGAHWFEAA0UPn8u4Ow548.jpg","https://tps.ybj.hunan.gov.cn/tps-local/XMHXgroupYPCZ/M00/9E/C4/rBIBUGiVreeAAfk1AAu0nW0ZrTo590.jpg","每片重0.5g",12,21.65,"https://tps.ybj.hunan.gov.cn/tps-local/XMHXgroupYPCZ/M00/9E/C4/rBIBUGiVrkeATpUPAAVyqlJTrgY826.jpg",8,8,"陕西孙思邈高新制药有限公司",32.48,{"v":20.8,"d":"20.80"},16.64,null,{"v":2.08,"d":"2.0800"},24.96]
[313,"ZA04AAY0212010302446","一清颗粒","国产","颗粒剂","每袋装7.5g","陕西孙思邈高新制药有限公司","每袋装7.5g×6袋/盒",6,"铝塑复合膜","袋","国药准字Z20053154","陕西省","ZA04AAY0212010302446",32.6,"每袋装7.5g",5.4333,6,"黑龙江省","ZA04AAY0212010302446",32.6,"每袋装7.5g",5.4333,6,"江西省","ZA04AAY0212010302446",32.6,5.4333,"https://tps.ybj.hunan.gov.cn/tps-local/XMHXgroupYPCZ/M00/9E/C5/rBIBUGiVr3uAPgwLAA0wz0nSkTk685.jpg","https://tps.ybj.hunan.gov.cn/tps-local/XMHXgroupYPCZ/M00/9E/C5/rBIBUGiVr4-AMe0yAA2I7JRJdXk228.jpg","https://tps.ybj.hunan.gov.cn/tps-local/XMHXgroupYPCZ/M00/9E/C5/rBIBUGiVr4-AUS6DAAxnxJN66IQ826.jpg","每袋装7.5g",6,19.02,"https://tps.ybj.hunan.gov.cn/tps-local/XMHXgroupYPCZ/M00/9E/C5/rBIBUGiVr2GAA7ESAAsIeolYaHg177.jpg",3.5,3.5,"陕西孙思邈高新制药有限公司",32.6,{"v":28.2916666666667,"d":"28.29"},{"v":22.6333333333333,"d":"22.63"},null,{"v":5.43333333333333,"d":"5.4333"},32.6]
[314,"ZA01BAX0377010105379","小儿感冒颗粒","国产","颗粒剂","每袋装12克","江西新远健药业有限公司","每袋装12克×6袋/盒",6,"复合膜袋","袋","国药准字Z20054623","广西壮族自治区","ZA01BAX0377010105379",13.8,"每袋装12克",2.3,6,"河北省","ZA01BAX0377010105379",13.8,"每袋装12克",2.3,6,"陕西省","ZA01BAX0377010105379",13.8,2.3,"https://tps.ybj.hunan.gov.cn/tps-local/XMHXgroupYPCZ/M00/9E/9F/rBIBUGiVVduAaF2yAANvUdgdW3g024.pdf","https://tps.ybj.hunan.gov.cn/tps-local/XMHXgroupYPCZ/M00/9E/9F/rBIBUGiVVlCAWPYAAAL92HVbkjc354.pdf","https://tps.ybj.hunan.gov.cn/tps-local/XMHXgroupYPCZ/M00/9E/9F/rBIBUGiVVpmAZQ8qAAIodmVImqM171.pdf","每袋装12克",6,5.75,"https://tps.ybj.hunan.gov.cn/tps-local/XMHXgroupYPCZ/M00/9E/9F/rBIBUGiVV0mAPyvWAAY1UDJFMTo482.pdf",1,4,"江西新远健药业有限公司",13.8,{"v":19.1666666666667,"d":"19.17"},{"v":15.3333333333333,"d":"15.33"},null,{"v":2.3,"d":"2.3000"},13.8]
[315,"ZA01BAX0377010305379","小儿感冒颗粒","国产","颗粒剂","每袋装12克","江西新远健药业有限公司","每袋装12克×10袋/盒",10,"复合膜袋","袋","国药准字Z20054623","广西壮族自治区","ZA01BAX0377010305379",23,"每袋装12克",2.3,10,"河北省","ZA01BAX0377010305379",23,"每袋装12克",2.3,10,"吉林省","ZA01BAX0377010305379",23,2.3,"https://tps.ybj.hunan.gov.cn/tps-local/XMHXgroupYPCZ/M00/9E/A0/rBIBUGiVWD-AOKneAANL-Jf0H30713.pdf","https://tps.ybj.hunan.gov.cn/tps-local/XMHXgroupYPCZ/M00/9E/A0/rBIBUGiVWG2AdQ8RAAL_ZrW9KP4813.pdf","https://tps.ybj.hunan.gov.cn/tps-local/XMHXgroupYPCZ/M00/9E/A0/rBIBUGiVWMGAR9v3AAJDC-iH7ls904.pdf","每袋装12克",10,5.75,"https://tps.ybj.hunan.gov.cn/tps-local/XMHXgroupYPCZ/M00/9E/A0/rBIBUGiVWOmAcS9uAAY1UDJFMTo599.pdf",1,4,"江西新远健药业有限公司",23,{"v":19.1666666666667,"d":"19.17"},{"v":15.3333333333333,"d":"15.33"},null,{"v":2.3,"d":"2.3000"},23]
[316,"ZA02AAH0436010105385","藿香正气胶囊","国产","胶囊剂","每粒装0.3克","江西新远健药业有限公司","每粒装0.3克×12粒/盒",12,"铝塑板","粒","国药准字Z20054729","广西壮族自治区","ZA02AAH0436010105385",6.8,"每粒装0.3克",0.5667,12,"吉林省","ZA02AAH0436010105385",6.8,"每粒装0.3克",0.5667,12,"陕西省","ZA02AAH0436010105385",6.8,0.5667,"https://tps.ybj.hunan.gov.cn/tps-local/XMHXgroupYPCZ/M00/9E/A0/rBIBUGiVWSSAaIgxAANfEpwAJ9k516.pdf","https://tps.ybj.hunan.gov.cn/tps-local/XMHXgroupYPCZ/M00/9E/A1/rBIBUGiVWVqARYS1AAJAo0ijCRM487.pdf","https://tps.ybj.hunan.gov.cn/tps-local/XMHXgroupYPCZ/M00/9E/A1/rBIBUGiVWauAPpZZAAI0_-L6wn8638.pdf","每粒装0.3克",12,4.53,"https://tps.ybj.hunan.gov.cn/tps-local/XMHXgroupYPCZ/M00/9E/A1/rBIBUGiVWdiAbN9hAAkArLW-k-o341.jpg",8,8,"江西新远健药业有限公司",6.8,{"v":3.16666666666667,"d":"3.17"},{"v":2.53333333333333,"d":"2.53"},null,{"v":0.316666666666667,"d":"0.3167"},3.8]
[317,"ZA09BAW0368010104357","维血宁合剂","国产","合剂","每瓶装180ml","中峘本草制药有限公司","每瓶装180ml×1瓶/盒",1,"口服液体药用聚酯瓶装","瓶","国药准字Z34020804","广西壮族自治区","ZA09BAW0368010104357",69.2,"每瓶装180ml",69.2,1,"安徽省","ZA09BAW0368010104357",260,"每瓶装180ml",260,1,"吉林省","ZA09BAW0368010104357",260,260,"https://tps.ybj.hunan.gov.cn/tps-local/XMHXgroupYPCZ/M00/9E/A0/rBIBUGiVWNWADZizAAEOn_z6iVk255.pdf","https://tps.ybj.hunan.gov.cn/tps-local/XMHXgroupYPCZ/M00/9E/A0/rBIBUGiVWPCAE_KmAAW_MLyk8yA744.jpg","https://tps.ybj.hunan.gov.cn/tps-local/XMHXgroupYPCZ/M00/9E/A1/rBIBUGiVWViAP0hPAAcgiG2q7ig633.jpg","每瓶装180ml",1,31.83,"https://tps.ybj.hunan.gov.cn/tps-local/XMHXgroupYPCZ/M00/9E/A1/rBIBUGiVWmaAD1wDAAFU7q-lfjM184.pdf",0.42,0.5,"海南盈达润泽药业有限公司",69.2,{"v":65.5875,"d":"65.59"},52.47,null,{"v":69.2,"d":"69.2000"},69.2]
[318,"ZA06EAG0303010105318","固本咳喘胶囊","国产","硬胶囊","每粒装0.4g","江西新远健药业有限公司","每粒装0.4g×24粒/盒",24,"铝塑包装","粒","国药准字Z20080448","广西壮族自治区","ZA06EAG0303010105318",13.33,"每粒装0.4g",0.5554,24,"河北省","ZA06EAG0303010105318",13.33,"每粒装0.4g",0.5554,24,"黑龙江省","ZA06EAG0303010105318",13.33,0.5554,"https://tps.ybj.hunan.gov.cn/tps-local/XMHXgroupYPCZ/M00/9E/A1/rBIBUGiVWvGASllWAANNmXODZbM588.pdf","https://tps.ybj.hunan.gov.cn/tps-local/XMHXgroupYPCZ/M00/9E/A1/rBIBUGiVWvaARCo7AAMW6gyEjUM113.pdf","https://tps.ybj.hunan.gov.cn/tps-local/XMHXgroupYPCZ/M00/9E/A1/rBIBUGiVXA6AaXNyAALKCbY28U0806.pdf","每粒装0.4g",24,5,"https://tps.ybj.hunan.gov.cn/tps-local/XMHXgroupYPCZ/M00/9E/A2/rBIBUGiVXM-ASb36AArA0YlGwUg515.jpg",9,9,"江西新远健药业有限公司",13.33,{"v":14.505,"d":"14.51"},{"v":11.604,"d":"11.60"},null,{"v":0.555416666666667,"d":"0.5554"},13.33]
[319,"ZG01AAY0663030205943","愈伤灵胶囊","国产","胶囊剂","毎粒装0.3g","青海省格拉丹东药业有限公司","毎粒装0.3g×36粒/盒",36,"药用pvc.硬片。铝箔包装","粒","国药准字Z63020189","贵州省","ZG01AAY0663030205943",51.6,"毎粒装0.3g",1.4333,36,"宁夏回族自治区","ZG01AAY0663030205943",51.6,"毎粒装0.3g",1.4333,36,"海南省","ZG01AAY0663030205943",51.6,1.4333,"https://tps.ybj.hunan.gov.cn/tps-local/XMHXgroupYPCZ/M00/9E/A7/rBIBUGiVZW2AUT8sAAH21R97_4w967.pdf","https://tps.ybj.hunan.gov.cn/tps-local/XMHXgroupYPCZ/M00/9E/A7/rBIBUGiVZZqAHQcvAAhvzr-oe5Y262.pdf","https://tps.ybj.hunan.gov.cn/tps-local/XMHXgroupYPCZ/M00/9E/A7/rBIBUGiVZdKAUGY4AAv7Cu4jVnM323.pdf","毎粒装0.3g",36,19.35,"https://tps.ybj.hunan.gov.cn/tps-local/XMHXgroupYPCZ/M00/9E/A7/rBIBUGiVZhSAPhSkAAYjGu8mTa8655.pdf",12,15,"青海省格拉丹东药业有限公司",51.6,19.35,15.48,null,{"v":1.14666666666667,"d":"1.1467"},41.28]
[320,"ZI01AAA0107010105943","安神丸","国产","水丸","每丸重0.3g","青海省格拉丹东药业有限公司","每丸重0.3g×24丸/盒",24,"药用PVC硬片、铝箔包装","丸","国药准字Z63020153","陕西省","ZI01AAA0107010105943",63.36,"每丸重0.3g",2.64,24,"辽宁省","ZI01AAA0107010105943",63.36,"每丸重0.3g",2.64,24,"海南省","ZI01AAA0107010105943",63.36,2.64,"https://tps.ybj.hunan.gov.cn/tps-local/XMHXgroupYPCZ/M00/9E/A5/rBIBUGiVYv6AOqIgAAIC_fYFUFo322.pdf","https://tps.ybj.hunan.gov.cn/tps-local/XMHXgroupYPCZ/M00/9E/A5/rBIBUGiVYyKAEeJ7AAJeBZSDvXo428.pdf","https://tps.ybj.hunan.gov.cn/tps-local/XMHXgroupYPCZ/M00/9E/A6/rBIBUGiVY7CAWy7JAAJC6cpj9CM611.pdf","每丸重0.3g",24,13.2,"https://tps.ybj.hunan.gov.cn/tps-local/XMHXgroupYPCZ/M00/9E/A6/rBIBUGiVY9GANAOXAAfSSRmqxZs070.pdf",4,6,"青海省格拉丹东药业有限公司",63.36,{"v":7.33333333333333,"d":"7.33"},{"v":5.86666666666667,"d":"5.87"},null,{"v":1.17333333333333,"d":"1.1733"},28.16]
[321,"ZG01AAY0663020105943","愈伤灵胶囊","国产","胶囊剂","每粒装0.3g","青海省格拉丹东药业有限公司","每粒装0.3g×30粒/盒",30,"药品PVC硬片,铝箔","粒","国药准字Z63020189","辽宁省","ZG01AAY0663020105943",43.29,"每粒装0.3g",1.443,30,"重庆市","ZG01AAY0663020105943",43,"每粒装0.3g",1.4333,30,"贵州省","ZG01AAY0663020105943",43,1.4333,"https://tps.ybj.hunan.gov.cn/tps-local/XMHXgroupYPCZ/M00/9E/A6/rBIBUGiVZFqAQC1DAAZal5sPGU8634.pdf","https://tps.ybj.hunan.gov.cn/tps-local/XMHXgroupYPCZ/M00/9E/A6/rBIBUGiVZI-AZspNAAbnYYd7u2g930.pdf","https://tps.ybj.hunan.gov.cn/tps-local/XMHXgroupYPCZ/M00/9E/A6/rBIBUGiVZK6AYSyfAAWQpM75wAs764.pdf","每粒装0.3g",30,19.35,"https://tps.ybj.hunan.gov.cn/tps-local/XMHXgroupYPCZ/M00/9E/A6/rBIBUGiVZMiAL-gIAADrL6Ah1Ns690.pdf",12,15,"青海省格拉丹东药业有限公司",43,19.35,15.48,null,{"v":1.14666666666667,"d":"1.1467"},34.4]
[322,"ZA01CAX0333030705095","小柴胡颗粒","国产","颗粒剂","每袋装10g","恒拓集团南宁仁盛制药有限公司","每袋装10g×18袋/盒",18,"双向拉伸聚丙烯/真空镀铝流延聚丙烯药品包装用复合膜(即BOPP/镀铝CPP复合膜)","袋","国药准字Z45020935","黑龙江省","ZA01CAX0333030705095",18,"每袋装10g",1,18,"广西壮族自治区","ZA01CAX0333010205095",10,"每袋装10g",1,10,"辽宁省","ZA01CAX0333010205095",10,1,"https://tps.ybj.hunan.gov.cn/tps-local/XMHXgroupYPCZ/M00/9E/A2/rBIBUGiVXPaAazn7AAKLdrRYrJ8916.jpg","https://tps.ybj.hunan.gov.cn/tps-local/XMHXgroupYPCZ/M00/9E/A2/rBIBUGiVXseARS-1AAH97VVDNXk965.pdf","https://tps.ybj.hunan.gov.cn/tps-local/XMHXgroupYPCZ/M00/9E/A2/rBIBUGiVXv2AMtplAAH_p-8GraI067.pdf","每袋装10g",10,4.5,"https://tps.ybj.hunan.gov.cn/tps-local/XMHXgroupYPCZ/M00/9E/A2/rBIBUGiVXx2ATvgjAANlDduyrRk989.jpg",3,6,"恒拓集团南宁仁盛制药有限公司",18,37.26,{"v":29.808,"d":"29.81"},null,{"v":1,"d":"1.0000"},18]
[323,"ZF02AAT0226020105318","通窍鼻炎片","国产","片剂(薄膜衣)","每片重0.33g(相当于饮片1.1g)","江西新远健药业有限公司","每片重0.33g(相当于饮片1.1g)×48片/盒",48,"铝塑包装","片","国药准字Z20054318","广西壮族自治区","ZF02AAT0226020105318",31.05,"每片重0.33g(相当于饮片1.1g)",0.6469,48,"海南省","ZF02AAT0226020105318",31.05,"每片重0.33g(相当于饮片1.1g)",0.6469,48,"新疆维吾尔自治区","ZF02AAT0226020105318",31.05,0.6469,"https://tps.ybj.hunan.gov.cn/tps-local/XMHXgroupYPCZ/M00/9E/A2/rBIBUGiVXhaAWMiWAAO_JCd3XPU230.pdf","https://tps.ybj.hunan.gov.cn/tps-local/XMHXgroupYPCZ/M00/9E/A2/rBIBUGiVXi2ACPW8AAJ4wXNR1fY324.pdf","https://tps.ybj.hunan.gov.cn/tps-local/XMHXgroupYPCZ/M00/9E/A2/rBIBUGiVXkSAS65QAAMrRC8VaME449.pdf","每片重0.33g(相当于饮片1.1g)",48,11.64,"https://tps.ybj.hunan.gov.cn/tps-local/XMHXgroupYPCZ/M00/9E/A2/rBIBUGiVXouAXsSQAAHFY-jEJX4081.png",15,21,"江西新远健药业有限公司",31.05,{"v":27,"d":"27.00"},{"v":21.6,"d":"21.60"},null,{"v":0.646875,"d":"0.6469"},31.05]
[324,"ZA02AAH0436010305385","藿香正气胶囊","国产","胶囊剂","每粒装0.3克","江西新远健药业有限公司","每粒装0.3克×24粒/盒",24,"铝塑板","粒","国药准字Z20054729","广西壮族自治区","ZA02AAH0436010305385",13.6,"每粒装0.3克",0.5667,24,"江西省","ZA02AAH0436010305385",13.6,"每粒装0.3克",0.5667,24,"新疆维吾尔自治区","ZA02AAH0436010305385",13.6,0.5667,"https://tps.ybj.hunan.gov.cn/tps-local/XMHXgroupYPCZ/M00/9E/A3/rBIBUGiVYBGAYGGPAAOqdWM2r_w069.pdf","https://tps.ybj.hunan.gov.cn/tps-local/XMHXgroupYPCZ/M00/9E/A3/rBIBUGiVYB6ACAO4AAP8qfaYWaw330.pdf","https://tps.ybj.hunan.gov.cn/tps-local/XMHXgroupYPCZ/M00/9E/A3/rBIBUGiVYCqAHJyVAAMhhKqPmno613.pdf","每粒装0.3克",24,4.53,"https://tps.ybj.hunan.gov.cn/tps-local/XMHXgroupYPCZ/M00/9E/A3/rBIBUGiVYG-AaIy-AAYwmmSdx8U203.jpg",8,8,"江西新远健药业有限公司",13.6,{"v":3.16666666666667,"d":"3.17"},{"v":2.53333333333333,"d":"2.53"},null,{"v":0.316666666666667,"d":"0.3167"},7.6]
[325,"ZA04CDF0441010205374","复方黄连素片","国产","糖衣片","每片含盐酸小檗碱30mg","广西十万山制药有限公司","每片含盐酸小檗碱30mg×24片/盒",24,"聚氯乙烯固体药用硬片和药品包装用铝箔","片","国药准字Z36021387","广西壮族自治区","ZA04CDF0441010205374",6.72,"每片含盐酸小檗碱30mg",0.28,24,"贵州省","ZA04CDF0441010105374",28,"每片含盐酸小檗碱30mg",0.28,100,"海南省","ZA04CDF0441010105374",28,0.28,"https://tps.ybj.hunan.gov.cn/tps-local/XMHXgroupYPCZ/M00/9E/A4/rBIBUGiVYTKAQUfhAAIjp-T5eD4680.pdf","https://tps.ybj.hunan.gov.cn/tps-local/XMHXgroupYPCZ/M00/9E/A4/rBIBUGiVYW-AJ9udAAISPonB2-o233.pdf","https://tps.ybj.hunan.gov.cn/tps-local/XMHXgroupYPCZ/M00/9E/A4/rBIBUGiVYb6AaDA1AAHfQxIEl5A111.pdf","每片含盐酸小檗碱30mg",100,3.36,"https://tps.ybj.hunan.gov.cn/tps-local/XMHXgroupYPCZ/M00/9E/A4/rBIBUGiVYeOAGhsTAAimejSSD2E902.pdf",12,12,"广西十万山制药有限公司",6.72,{"v":14.9,"d":"14.90"},11.92,null,{"v":0.28,"d":"0.2800"},6.72]
[326,"ZA09CCQ0122010101864","杞菊地黄口服液","国产","合剂","每支装10ml","湖北太子药业有限公司","每支装10ml×10支/盒",10,"钠钙玻璃管制口服液体瓶","支","国药准字Z42020334","北京市","ZA09CCQ0122010101864",86.1,"每支装10ml",8.61,10,"江苏省","ZA09CCQ0122010101864",86.1,"每支装10ml",8.61,10,"黑龙江省","ZA09CCQ0122010101864",86.1,8.61,"https://tps.ybj.hunan.gov.cn/tps-local/XMHXgroupYPCZ/M00/9E/A7/rBIBUGiVZw2AYjVkAALDSjJp8jE934.pdf","https://tps.ybj.hunan.gov.cn/tps-local/XMHXgroupYPCZ/M00/9E/A7/rBIBUGiVZx6ABaYGAASt-Etg9UY942.pdf","https://tps.ybj.hunan.gov.cn/tps-local/XMHXgroupYPCZ/M00/9E/A7/rBIBUGiVZyqAV59aAARtEHnzqm4742.pdf","每支装10ml",10,17.22,"https://tps.ybj.hunan.gov.cn/tps-local/XMHXgroupYPCZ/M00/9E/A7/rBIBUGiVZvWAWYWdAAYOYxaRqfI628.pdf",2,2,"湖北太子药业有限公司",86.1,{"v":25.2,"d":"25.20"},20.16,null,{"v":8.61,"d":"8.6100"},86.1]
[327,"ZA01BAY0526030100290","银翘解毒液","国产","合剂","每支装10ml","广东众生药业股份有限公司","每支装10ml×6支/盒",6,"钠钙玻璃管制口服液体瓶","支","国药准字Z44023758","广西壮族自治区","ZA01BAY0526030100290",28.73,"每支装10ml",4.7883,6,"贵州省","ZA01BAY0526030100290",28.73,"每支装10ml",4.7883,6,"黑龙江省","ZA01BAY0526030100290",28.73,4.7883,"https://tps.ybj.hunan.gov.cn/tps-local/XMHXgroupYPCZ/M00/9E/A9/rBIBUGiVbbqAfp72AAH75om41H8555.jpg","https://tps.ybj.hunan.gov.cn/tps-local/XMHXgroupYPCZ/M00/9E/A9/rBIBUGiVbb6AO53AAAIsEC6q4oQ075.jpg","https://tps.ybj.hunan.gov.cn/tps-local/XMHXgroupYPCZ/M00/9E/A9/rBIBUGiVbdCAGcdbAAzoj5IsZYc669.jpg","每支装10ml",6,23.94,"https://tps.ybj.hunan.gov.cn/tps-local/XMHXgroupYPCZ/M00/9E/A9/rBIBUGiVbh2AZtBDAASPEieQTKM909.jpg",4,6,"广东众生药业股份有限公司",28.73,23.94,{"v":19.152,"d":"19.15"},null,3.8304,22.98]
[328,"ZA01BAW0054010205095","维C银翘片","国产","片剂(糖衣片)","每片含维生素C49.5mg、对乙酰氨基酚105mg、马来酸氯苯那敏1.05mg","广西十万山制药有限公司","每片含维生素C49.5mg、对乙酰氨基酚105mg、马来酸氯苯那敏1.05mg×24片/盒",24,"聚氯乙烯固体药用硬片和药品包装用铝箔(即药品包装用PVC和铝箔)","片","国药准字Z45020953","广西壮族自治区","ZA01BAW0054010205095",13.23,"每片含维生素C49.5mg、对乙酰氨基酚105mg、马来酸氯苯那敏1.05mg",0.5513,24,"贵州省","ZA01BAW0054010205095",13.23,"每片含维生素C49.5mg、对乙酰氨基酚105mg、马来酸氯苯那敏1.05mg",0.5513,24,"江西省","ZA01BAW0054010205095",13.23,0.5513,"https://tps.ybj.hunan.gov.cn/tps-local/XMHXgroupYPCZ/M00/9E/AE/rBIBUGiVfbmAflL7AAImLf3C3u0112.pdf","https://tps.ybj.hunan.gov.cn/tps-local/XMHXgroupYPCZ/M00/9E/AE/rBIBUGiVfdCACk_oAAHke8rYemI502.pdf","https://tps.ybj.hunan.gov.cn/tps-local/XMHXgroupYPCZ/M00/9E/AE/rBIBUGiVfeaAatN0AAG1vnLDZws265.pdf","每片含维生素C49.5mg、对乙酰氨基酚105mg、马来酸氯苯那敏1.05mg",24,3.31,"https://tps.ybj.hunan.gov.cn/tps-local/XMHXgroupYPCZ/M00/9E/AE/rBIBUGiVfiaADpdQAAO5rr-3VvQ231.png",6,6,"广西十万山制药有限公司",13.23,2.15,1.72,null,{"v":0.286666666666667,"d":"0.2867"},6.88]
[329,"ZZ01AAZ0318010103633","痔痛宁气雾剂","国产","气雾剂","每瓶内容物重14g,含药液10.5g。每瓶200揿,每揿70mg","黑龙江省福乐康药业有限公司","每瓶内容物重14g,含药液10.5g。每瓶200揿,每揿70mg×1瓶/盒",1,"药用铝罐","瓶","国药准字B20050006","湖北省","ZZ01AAZ0318010103633",112,"每瓶内容物重14g,含药液10.5g。每瓶200揿,每揿70mg",112,1,"黑龙江省","ZZ01AAZ0318010103633",112,"每瓶内容物重14g,含药液10.5g。每瓶200揿,每揿70mg",112,1,"广西壮族自治区","ZZ01AAZ0318010103633",112,112,"https://tps.ybj.hunan.gov.cn/tps-local/XMHXgroupYPCZ/M00/9E/BC/rBIBUGiVoF2AFIk9AAPTfUkcUhI910.pdf","https://tps.ybj.hunan.gov.cn/tps-local/XMHXgroupYPCZ/M00/9E/BC/rBIBUGiVoLWAOJUGAAWcaQ6kYMg539.pdf","https://tps.ybj.hunan.gov.cn/tps-local/XMHXgroupYPCZ/M00/9E/BC/rBIBUGiVoNeAUxyXAAjyuos_bHc145.pdf","每瓶内容物重14g,含药液10.5g。每瓶200揿,每揿70mg",1,15.68,"https://tps.ybj.hunan.gov.cn/tps-local/XMHXgroupYPCZ/M00/9E/BD/rBIBUGiVoSOAQvsIAAaZI2QdOgI291.pdf",0.07,0.21,"黑龙江省福乐康药业有限公司",112,{"$nulls":3},{"v":112,"d":"112.0000"},112]
[330,"ZA09DBL0313010100862","龙鹿胶囊","国产","胶囊剂","每粒装0.2g","天津和治广平药业有限公司","每粒装0.2g×30粒/盒",30,"聚氯乙烯固体药用硬片/药用铝箔装","粒","国药准字Z20090161","贵州省","ZA09DBL0313010100862",76.29,"每粒装0.2g",2.543,30,"湖北省","ZA09DBL0313010100862",76.29,"每粒装0.2g",2.543,30,"四川省","ZA09DBL0313010100862",76.29,2.543,"https://tps.ybj.hunan.gov.cn/tps-local/XMHXgroupYPCZ/M00/9E/BE/rBIBUGiVpZmAU_0cAAIkpGjdm1c675.pdf","https://tps.ybj.hunan.gov.cn/tps-local/XMHXgroupYPCZ/M00/9E/BE/rBIBUGiVpdeAKesQAAL5mwcmkj0043.pdf","https://tps.ybj.hunan.gov.cn/tps-local/XMHXgroupYPCZ/M00/9E/BF/rBIBUGiVpiuAWNbzAAF7bmToBLE285.pdf","每粒装0.2g",30,30.52,"https://tps.ybj.hunan.gov.cn/tps-local/XMHXgroupYPCZ/M00/9E/C0/rBIBUGiVpqeACo9AAAKENJ9G2Io721.jpg",12,12,"天津和治广平药业有限公司",76.29,{"$nulls":3},{"v":2.543,"d":"2.5430"},76.29]
[331,"ZA02BAF0104010100379","风油精","国产","搽剂","每瓶装3ml","广州白云山医药集团股份有限公司白云山何济公制药厂","每瓶装3ml×1瓶",1,"玻璃瓶","瓶","国药准字Z44021847","广东省","ZA02BAF0104010100379",6,"每瓶装3ml",6,1,"江西省","ZA02BAF0104010100379",6,"每瓶装3ml",6,1,"海南省","ZA02BAF0104010100379",6,6,"https://tps.ybj.hunan.gov.cn/tps-local/XMHXgroupYPCZ/M00/9E/C0/rBIBUGiVp4-ACwhbABV4DnSV3Hk894.jpg","https://tps.ybj.hunan.gov.cn/tps-local/XMHXgroupYPCZ/M00/9E/C0/rBIBUGiVp82Ae1_OABU9FJkIc1c975.jpg","https://tps.ybj.hunan.gov.cn/tps-local/XMHXgroupYPCZ/M00/9E/C1/rBIBUGiVqDSAQ3WLABdJpyhFeuQ942.jpg","每瓶装3ml",1,0,"https://tps.ybj.hunan.gov.cn/tps-local/XMHXgroupYPCZ/M00/9E/C1/rBIBUGiVqFaANAcwAAtQX1InCqM234.jpg",0,0,"广州白云山医药集团股份有限公司白云山何济公制药厂",6,null,null,2,{"v":2,"d":"2.0000"},2]
[332,"ZA13AAM0074010200994","慢肝解郁胶囊","国产","胶囊剂(硬胶囊)","每粒装0.25g","重庆迪康中药制药有限公司","每粒装0.25g×36粒/盒",36,"药用铝箔/聚氯乙烯固体药用硬片包装","粒","国药准字Z50020041","安徽省","ZA13AAM0074010200994",36.8,"每粒装0.25g",1.0222,36,"贵州省","ZA13AAM0074010200994",36.8,"每粒装0.25g",1.0222,36,"黑龙江省","ZA13AAM0074010200994",36.8,1.0222,"https://tps.ybj.hunan.gov.cn/tps-local/XMHXgroupYPCZ/M00/9E/C3/rBIBUGiVrBGAesp-AAKIIxFh_hw804.pdf","https://tps.ybj.hunan.gov.cn/tps-local/XMHXgroupYPCZ/M00/9E/C3/rBIBUGiVrBeAdvrGAAxYsLMf8jY478.pdf","https://tps.ybj.hunan.gov.cn/tps-local/XMHXgroupYPCZ/M00/9E/C3/rBIBUGiVrCyAMDPLABKpbVYHZnI058.pdf","每粒装0.25g",36,12.27,"https://tps.ybj.hunan.gov.cn/tps-local/XMHXgroupYPCZ/M00/9E/C3/rBIBUGiVrDGAHAImABR8hJM2RGE243.pdf",12,12,"重庆迪康中药制药有限公司",36.8,{"$nulls":3},{"v":1.02222222222222,"d":"1.0222"},36.8]
[333,"ZA13AAY0700010200994","越鞠丸","国产","丸剂(水丸)","6g(每20丸重1g)","重庆迪康中药制药有限公司","6g(每20丸重1g)×9袋/盒",9,"聚酯/铝/聚乙烯药品包装用复合袋","袋","国药准字Z50020076","广西壮族自治区","ZA13AAY0700010200994",88.5,"6g(每20丸重1g)",9.8333,9,"浙江省","ZA13AAY0700010200994",88.5,"6g(每20丸重1g)",9.8333,9,"重庆市","ZA13AAY0700010200994",88.5,9.8333,"https://tps.ybj.hunan.gov.cn/tps-local/XMHXgroupYPCZ/M00/9E/C6/rBIBUGiVsBqAISXqABMv-TUYyhc744.pdf","https://tps.ybj.hunan.gov.cn/tps-local/XMHXgroupYPCZ/M00/9E/C6/rBIBUGiVsB2ADaNmABAG2LHwtNo752.pdf","https://tps.ybj.hunan.gov.cn/tps-local/XMHXgroupYPCZ/M00/9E/C6/rBIBUGiVsCmAYkx8ABCVvzJPtU0321.pdf","6g(每20丸重1g)",9,24.58,"https://tps.ybj.hunan.gov.cn/tps-local/XMHXgroupYPCZ/M00/9E/C6/rBIBUGiVsJqAehWeAApFOW_mgAc499.pdf",2,3,"重庆迪康中药制药有限公司",88.5,37.25,{"v":29.8,"d":"29.80"},null,{"v":9.83333333333333,"d":"9.8333"},88.5]
[334,"ZA04CBZ0341010200994","中华肝灵胶囊","国产","胶囊剂","每粒0.3g","重庆迪康中药制药有限公司","每粒0.3g×84粒/瓶",84,"口服固体药用高密度聚乙烯瓶","粒","国药准字Z50020034","广东省","ZA04CBZ0341010200994",178,"每粒0.3g",2.119,84,"贵州省","ZA04CBZ0341010200994",178,"每粒0.3g",2.119,84,"黑龙江省","ZA04CBZ0341010200994",178,2.119,"https://tps.ybj.hunan.gov.cn/tps-local/XMHXgroupYPCZ/M00/9E/C5/rBIBUGiVrtmAUN-jABET0szAPpw715.pdf","https://tps.ybj.hunan.gov.cn/tps-local/XMHXgroupYPCZ/M00/9E/C5/rBIBUGiVrt2AAlB6AAy9XyaIIGk210.pdf","https://tps.ybj.hunan.gov.cn/tps-local/XMHXgroupYPCZ/M00/9E/C5/rBIBUGiVruGAVwNsABCTgAm9DK0003.pdf","每粒0.3g",84,47.68,"https://tps.ybj.hunan.gov.cn/tps-local/XMHXgroupYPCZ/M00/9E/C5/rBIBUGiVr2CAeDhHAAe97aLQ26A818.pdf",21,24,"重庆迪康中药制药有限公司",178,{"$nulls":3},{"v":2.11904761904762,"d":"2.1190"},178]
[335,"ZE02AAM0144010203070","明目地黄丸(浓缩丸)","国产","丸剂(浓缩丸)","每8丸相当于原生药3克","河南济世药业有限公司","每8丸相当于原生药3克×240丸/瓶",240,"塑料瓶","丸","国药准字Z41020003","河北省","ZE02AAM0144010203070",21.98,"每8丸相当于原生药3克",0.0916,240,"辽宁省","ZE02AAM0144010203070",21.98,"每8丸相当于原生药3克",0.0916,240,"安徽省","ZE02AAM0144010203070",21.98,0.0916,"https://tps.ybj.hunan.gov.cn/tps-local/XMHXgroupYPCZ/M00/9E/C2/rBIBUGiVqiSAM6Y2AAJYozjOVpY582.jpg","https://tps.ybj.hunan.gov.cn/tps-local/XMHXgroupYPCZ/M00/9E/C2/rBIBUGiVqiyACJ2uAAIsAf6eEPE727.jpg","https://tps.ybj.hunan.gov.cn/tps-local/XMHXgroupYPCZ/M00/9E/C2/rBIBUGiVqjyAViJuAAKOB8f2GXo545.jpg","每8丸相当于原生药3克",240,2.47,"https://tps.ybj.hunan.gov.cn/tps-local/XMHXgroupYPCZ/M00/9E/C2/rBIBUGiVqluAPMfdAAuKLh71ai0100.jpg",24,30,"河南省济源市济世药业有限公司",21.98,{"v":11.6,"d":"11.60"},9.28,null,{"v":0.0915833333333333,"d":"0.0916"},21.98]
[336,"ZH01AAX0196020102295","消风止痒颗粒","国产","颗粒剂","每袋装6g","国药集团宜宾制药有限责任公司","每袋装6g×12袋/盒",12,"药用复合膜","袋","国药准字Z20055433","广西壮族自治区","ZH01AAX0196020102295",58.4,"每袋装6g",4.8667,12,"湖北省","ZH01AAX0196020102295",58.4,"每袋装6g",4.8667,12,"云南省","ZH01AAX0196020102295",58.4,4.8667,"https://tps.ybj.hunan.gov.cn/tps-local/XMHXgroupYPCZ/M00/9E/C3/rBIBUGiVquWAKitnACdUdOst9Tg279.jpg","https://tps.ybj.hunan.gov.cn/tps-local/XMHXgroupYPCZ/M00/9E/C3/rBIBUGiVqweAdt8EACZ4WINcGKo952.jpg","https://tps.ybj.hunan.gov.cn/tps-local/XMHXgroupYPCZ/M00/9E/C3/rBIBUGiVqyuANUTkACbUbh82ZBE479.jpg","每袋装6g",12,17.03,"https://tps.ybj.hunan.gov.cn/tps-local/XMHXgroupYPCZ/M00/9E/C3/rBIBUGiVrCKAA_X8AAeJ259thDY760.jpg",1,6,"国药集团宜宾制药有限责任公司",58.4,{"v":19.6875,"d":"19.69"},15.75,null,{"v":4.5,"d":"4.5000"},54]
[337,"ZB01DAJ0435010102135","金钱草颗粒","国产","颗粒剂","每袋装10g","成都迪康药业股份有限公司","每袋装10g×10袋",10,"药用复合膜袋","袋","国药准字Z20027654","广西壮族自治区","ZB01DAJ0435010102135",19.9,"每袋装10g",1.99,10,"贵州省","ZB01DAJ0435010102135",19.9,"每袋装10g",1.99,10,"黑龙江省","ZB01DAJ0435010102135",19.9,1.99,"https://tps.ybj.hunan.gov.cn/tps-local/XMHXgroupYPCZ/M00/9E/C7/rBIBUGiVspmAMMI-AA6hYK9q-wk882.pdf","https://tps.ybj.hunan.gov.cn/tps-local/XMHXgroupYPCZ/M00/9E/C7/rBIBUGiVsp-AegzaAAN-PfzYz9w523.pdf","https://tps.ybj.hunan.gov.cn/tps-local/XMHXgroupYPCZ/M00/9E/C7/rBIBUGiVsqOAN_B0AAhcYWrAZcM025.pdf","每袋装10g",10,5.97,"https://tps.ybj.hunan.gov.cn/tps-local/XMHXgroupYPCZ/M00/9E/C7/rBIBUGiVsweADxa6AAbHt6TG5lA480.pdf",3,3,"成都迪康药业股份有限公司",19.9,{"v":3.9,"d":"3.90"},3.12,null,{"v":1.04,"d":"1.0400"},10.4]
[338,"ZB01DAJ0435010302135","金钱草颗粒","国产","颗粒剂","每袋装10g","成都迪康药业股份有限公司","每袋装10g×20袋",20,"药用复合膜袋","袋","国药准字Z20027654","广西壮族自治区","ZB01DAJ0435010302135",39.8,"每袋装10g",1.99,20,"贵州省","ZB01DAJ0435010302135",39.8,"每袋装10g",1.99,20,"黑龙江省","ZB01DAJ0435010302135",39.8,1.99,"https://tps.ybj.hunan.gov.cn/tps-local/XMHXgroupYPCZ/M00/9E/C8/rBIBUGiVs6iAaY4OAA6hYK9q-wk796.pdf","https://tps.ybj.hunan.gov.cn/tps-local/XMHXgroupYPCZ/M00/9E/C8/rBIBUGiVs6uAanEBAAN-PfzYz9w217.pdf","https://tps.ybj.hunan.gov.cn/tps-local/XMHXgroupYPCZ/M00/9E/C8/rBIBUGiVs66AWAHAAAhcYWrAZcM021.pdf","每袋装10g",20,5.97,"https://tps.ybj.hunan.gov.cn/tps-local/XMHXgroupYPCZ/M00/9E/C8/rBIBUGiVs7OADWumAAdV2x2ZaF8864.pdf",3,3,"成都迪康药业股份有限公司",39.8,{"v":3.9,"d":"3.90"},3.12,null,{"v":1.04,"d":"1.0400"},20.8]
[339,"ZA04CCL0299010303070","龙胆泻肝丸(水丸)","国产","水丸","每袋装6克","河南济世药业有限公司","每袋装6克×14袋/盒",14,"双向拉伸聚丙烯/珠光双向拉伸聚丙烯药用复合膜袋","袋","国药准字Z41020022","广西壮族自治区","ZA04CCL0299010303070",29.8,"每袋装6克",2.1286,14,"黑龙江省","ZA04CCL0299010303070",29.8,"每袋装6克",2.1286,14,"新疆维吾尔自治区","ZA04CCL0299010303070",29.8,2.1286,"https://tps.ybj.hunan.gov.cn/tps-local/XMHXgroupYPCZ/M00/9E/CA/rBIBUGiVtjGAdehHAALhoYtpWjM325.jpg","https://tps.ybj.hunan.gov.cn/tps-local/XMHXgroupYPCZ/M00/9E/CA/rBIBUGiVtj6AeB-MAAI9uaNh1H4504.jpg","https://tps.ybj.hunan.gov.cn/tps-local/XMHXgroupYPCZ/M00/9E/CA/rBIBUGiVtkeAZHa3AAI8BQYo9HU865.jpg","每袋装6克",14,19.16,"https://tps.ybj.hunan.gov.cn/tps-local/XMHXgroupYPCZ/M00/9E/CB/rBIBUGiVtouAc-FjAAsmPdlrY0E599.jpg",6,12,"河南省济源市济世药业有限公司",29.8,{"v":8.988,"d":"8.99"},{"v":7.1904,"d":"7.19"},null,{"v":0.798933333333333,"d":"0.7989"},11.19]
[340,"ZA14BAK0011010303070","开胸顺气丸","国产","水丸","每袋装6克","河南济世药业有限公司","每袋装6克×14袋/盒",14,"双向拉伸聚丙烯/珠光双向拉伸聚丙烯药用复合膜袋","袋","国药准字Z41020215","广西壮族自治区","ZA14BAK0011010303070",29.8,"每袋装6克",2.1286,14,"新疆维吾尔自治区","ZA14BAK0011010303070",29.8,"每袋装6克",2.1286,14,"黑龙江省","ZA14BAK0011010303070",29.8,2.1286,"https://tps.ybj.hunan.gov.cn/tps-local/XMHXgroupYPCZ/M00/9E/CC/rBIBUGiVt5KAPcWlAAKYF77Ze2o929.jpg","https://tps.ybj.hunan.gov.cn/tps-local/XMHXgroupYPCZ/M00/9E/CC/rBIBUGiVt5yABzMxAAI6440rLfk927.jpg","https://tps.ybj.hunan.gov.cn/tps-local/XMHXgroupYPCZ/M00/9E/CD/rBIBUGiVt6OADroQAAI8ibGUKqI219.jpg","每袋装6克",14,22.35,"https://tps.ybj.hunan.gov.cn/tps-local/XMHXgroupYPCZ/M00/9E/CD/rBIBUGiVuIuAVsYoAAoYnZe7b0M315.jpg",3,18,"河南省济源市济世药业有限公司",29.8,{"v":6.965,"d":"6.97"},{"v":5.572,"d":"5.57"},null,{"v":0.530666666666667,"d":"0.5307"},7.43]
[341,"ZA02AAJ0044010103070","加味藿香正气丸","国产","水丸","每袋装6克","河南济世药业有限公司","每袋装6克×14袋/盒",14,"双向拉伸聚丙烯/珠光双向拉伸聚丙烯药用复合膜袋","袋","国药准字Z41020023","江西省","ZA02AAJ0044010103070",46.5,"每袋装6克",3.3214,14,"广西壮族自治区","ZA02AAJ0044010103070",46.5,"每袋装6克",3.3214,14,"黑龙江省","ZA02AAJ0044010103070",46.5,3.3214,"https://tps.ybj.hunan.gov.cn/tps-local/XMHXgroupYPCZ/M00/9E/CE/rBIBUGiVuUqAPaKrAAJALXGM9Lk377.jpg","https://tps.ybj.hunan.gov.cn/tps-local/XMHXgroupYPCZ/M00/9E/CE/rBIBUGiVuV6ACvvWAAKpbuuSsFE289.jpg","https://tps.ybj.hunan.gov.cn/tps-local/XMHXgroupYPCZ/M00/9E/CE/rBIBUGiVuWaAU67MAAJACxWdCl0260.jpg","每袋装6克",14,39.86,"https://tps.ybj.hunan.gov.cn/tps-local/XMHXgroupYPCZ/M00/9E/CE/rBIBUGiVuW6AZzixAAZFVhKdyVI408.jpg",12,12,"河南省济源市济世药业有限公司",46.5,{"v":19.6,"d":"19.60"},15.68,null,{"v":1.30666666666667,"d":"1.3067"},18.29]
[342,"ZA04AAN0130010105667","牛黄上清片","国产","片剂(糖衣片)","每片相当于原材料0.622g(人工牛黄)","云南龙发制药股份有限公司","每片相当于原材料0.622g(人工牛黄)×24片/盒",24,"铝塑包装","片","国药准字Z53020966","吉林省","ZA04AAN0130010105667",23.4,"每片相当于原材料0.622g(人工牛黄)",0.975,24,"广西壮族自治区","ZA04AAN0130010105667",23.4,"每片相当于原材料0.622g(人工牛黄)",0.975,24,"宁夏回族自治区","ZA04AAN0130010105667",23.4,0.975,"https://tps.ybj.hunan.gov.cn/tps-local/XMHXgroupYPCZ/M00/9E/CC/rBIBUGiVtyGAHswrAAKuFcAaLog414.jpg","https://tps.ybj.hunan.gov.cn/tps-local/XMHXgroupYPCZ/M00/9E/CC/rBIBUGiVt2KAGWl2AAKhXvnS-XA613.jpg","https://tps.ybj.hunan.gov.cn/tps-local/XMHXgroupYPCZ/M00/9E/CD/rBIBUGiVt6WAeuS_AANjY3LRZg0661.jpg","每片相当于原材料0.622g(人工牛黄)",24,7.8,"https://tps.ybj.hunan.gov.cn/tps-local/XMHXgroupYPCZ/M00/9E/CD/rBIBUGiVt76AbwhrAAOi4v9NqKk364.jpg",8,8,"云南龙发制药股份有限公司",23.4,37.34,{"v":29.872,"d":"29.87"},null,{"v":0.975,"d":"0.9750"},23.4]
[343,"ZA04AAN0130020105667","牛黄上清片","国产","片剂","每片相当于原材料0.622g","云南龙发制药股份有限公司","每片相当于原材料0.622g×48片/盒",48,"铝塑包装","片","国药准字Z53020966","辽宁省","ZA04AAN0130020105667",46.8,"每片相当于原材料0.622g",0.975,48,"宁夏回族自治区","ZA04AAN0130020105667",46.8,"每片相当于原材料0.622g",0.975,48,"陕西省","ZA04AAN0130020105667",46.8,0.975,"https://tps.ybj.hunan.gov.cn/tps-local/XMHXgroupYPCZ/M00/9E/CD/rBIBUGiVuH2AAV-OAAK_x7jW2bQ359.jpg","https://tps.ybj.hunan.gov.cn/tps-local/XMHXgroupYPCZ/M00/9E/CD/rBIBUGiVuJqARAW3AANjY3LRZg0436.jpg","https://tps.ybj.hunan.gov.cn/tps-local/XMHXgroupYPCZ/M00/9E/CE/rBIBUGiVuPiAdOdBAAKm81pVCbg325.jpg","每片相当于原材料0.622g",48,7.8,"https://tps.ybj.hunan.gov.cn/tps-local/XMHXgroupYPCZ/M00/9E/CE/rBIBUGiVuRaAUnT-AAKLFMlBw5M486.jpg",8,8,"云南龙发制药股份有限公司",46.8,37.34,{"v":29.872,"d":"29.87"},null,{"v":0.975,"d":"0.9750"},46.8]
[344,"ZA04CAQ0334010105667","清肺抑火片","国产","片剂","每片重0.6克","云南龙发制药股份有限公司","每片重0.6克×24片/盒",24,"铝塑包装","片","国药准字Z53020677","吉林省","ZA04CAQ0334010105667",23.4,"每片重0.6克",0.975,24,"辽宁省","ZA04CAQ0334010105667",23.4,"每片重0.6克",0.975,24,"陕西省","ZA04CAQ0334010105667",23.4,0.975,"https://tps.ybj.hunan.gov.cn/tps-local/XMHXgroupYPCZ/M00/9E/CE/rBIBUGiVudKAM-qLAAKph683hVc682.jpg","https://tps.ybj.hunan.gov.cn/tps-local/XMHXgroupYPCZ/M00/9E/CE/rBIBUGiVugWAI7-3AAKxRAo9lDI862.jpg","https://tps.ybj.hunan.gov.cn/tps-local/XMHXgroupYPCZ/M00/9E/CE/rBIBUGiVuliAK-UZAALD2RHiplk207.jpg","每片重0.6克",24,7.8,"https://tps.ybj.hunan.gov.cn/tps-local/XMHXgroupYPCZ/M00/9E/CE/rBIBUGiVuoKACk3cAAS4j6NZrgc550.jpg",8,8,"云南龙发制药股份有限公司",23.4,{"v":4,"d":"4.00"},{"v":3.2,"d":"3.20"},null,{"v":0.4,"d":"0.4000"},9.6]
[345,"ZA04CAQ0334020105667","清肺抑火片","国产","片剂","每片重0.6克","云南龙发制药股份有限公司","每片重0.6克×48片/盒",48,"铝塑包装","片","国药准字Z53020677","广西壮族自治区","ZA04CAQ0334020105667",46.8,"每片重0.6克",0.975,48,"陕西省","ZA04CAQ0334020105667",46.8,"每片重0.6克",0.975,48,"云南省","ZA04CAQ0334020105667",46.8,0.975,"https://tps.ybj.hunan.gov.cn/tps-local/XMHXgroupYPCZ/M00/9E/CF/rBIBUGiVuviAKJRzAALlrf2NzMc512.jpg","https://tps.ybj.hunan.gov.cn/tps-local/XMHXgroupYPCZ/M00/9E/CF/rBIBUGiVuzCABh3VAALD2RHiplk106.jpg","https://tps.ybj.hunan.gov.cn/tps-local/XMHXgroupYPCZ/M00/9E/CF/rBIBUGiVu1uAcmwXAAK6wi7Hwhg220.jpg","每片重0.6克",48,7.8,"https://tps.ybj.hunan.gov.cn/tps-local/XMHXgroupYPCZ/M00/9E/CF/rBIBUGiVu3yAcPkVAAPMVIfmJHQ315.jpg",8,8,"云南龙发制药股份有限公司",46.8,{"v":4,"d":"4.00"},{"v":3.2,"d":"3.20"},null,{"v":0.4,"d":"0.4000"},19.2]
[346,"ZA02AAH0437010105667","藿香正气颗粒","国产","颗粒剂","10g","云南龙发制药股份有限公司","10g×9袋/盒",9,"药品包装用复合膜装","袋","国药准字Z53020967","黑龙江省","ZA02AAH0437010105667",44.98,"10g",4.9978,9,"吉林省","ZA02AAH0437010105667",44.98,"10g",4.9978,9,"广西壮族自治区","ZA02AAH0437010105667",44.98,4.9978,"https://tps.ybj.hunan.gov.cn/tps-local/XMHXgroupYPCZ/M00/9E/CF/rBIBUGiVu-OAcJp1AALdzDxy7uw207.jpg","https://tps.ybj.hunan.gov.cn/tps-local/XMHXgroupYPCZ/M00/9E/CF/rBIBUGiVvBuAUOnMAAK-XEf91oA829.jpg","https://tps.ybj.hunan.gov.cn/tps-local/XMHXgroupYPCZ/M00/9E/CF/rBIBUGiVvHKAN4FVAAMmfWijRVc704.jpg","10g",9,10,"https://tps.ybj.hunan.gov.cn/tps-local/XMHXgroupYPCZ/M00/9E/CF/rBIBUGiVvIqAE7uPAAc80Zllbnw312.jpg",2,2,"云南龙发制药股份有限公司",44.98,5.96,{"v":4.768,"d":"4.77"},null,{"v":2.384,"d":"2.3840"},21.46]